Reality TV Rumble - The Big One 2.0 - Statistics

General Stats
  • This quiz has been taken 86 times
  • The average score is 4330 of 9243
Answer Stats
Hint Answer % Correct
AR 34 Aubrey Ares
100%
EOTB 3; MTB 3, 4; CA 5 Aubrey O'Day
100%
Survivor 32, 34, 38 Aubry Bracco
100%
Challenge 8, 10, 13-15, 17, 21, 22, 24-26, 29, 30, 32-37; RW 13; CvP 1 | RW 13; Challenge 8, 10, 13-15, 17, 21, 22, 24-26, 29, 30, 32, 33-37; CvP 1; CvS 2,3 CT Tamburello
100%
Survivor 32 Cydney Gillon
100%
MCJR 5 Cydney Sherman
100%
NZS 1 Dee Cambioso
100%
Bachelor CA 3 Dee Chan
100%
Challenge 33-35; Geordie Shore | Geordie Shore 17; Challenge 33-35 Dee Nguyen
100%
MC AUS 11 Dee Williams
100%
Challenge 13, 14, 16, 18, 20-22, 24-35, 38; RW 17; CvP 1, CvS 2 Johnny "Bananas" Devenanzio
100%
Survivor 1, 8; CA 4; BL 17 Richard Hatch
100%
AR 34 Rich Kuo
100%
MCJR 5 Syd Neuser
100%
Bachelor 24 Sydney Hightower
100%
Bachelor 25 Sydney Johnson
100%
EOTB 4 Sydney Langston
100%
EOTB UK 7 Sydney Longmuir
100%
BIP 6; Bachelor 23 | Bachelor 23; BIP 6 Sydney Lotuaco
100%
LI USA 4 Sydney Paight
100%
Survivor 41 Sydney Segal
100%
Challenge 19 Sydney Walker
100%
Survivor 18 Sydney Wheeler
100%
BB14 Wil Heauser
100%
HK 5 Wil Kocol
100%
AR 21 Will Chiola
100%
Shipwrecked BOI 2 Will Colin
100%
Endurance 6 Will Cuddy
100%
AR 34 Will Freeman
100%
Bachelorette 13 Will Gaskins
100%
RW 20 Will Gilbert
100%
RW 32 Will Groomes III
100%
MAFS 8 Will Guess
100%
Bachelorette 12 Will Haduch
100%
AR 32 Will Jardell
100%
BBCAN 6 Will Kenny
100%
BB2, 7 Will Kirby
100%
HK 9 Will Lustberg
100%
LI USA 3 Will Moncada
100%
Hunted 1 Will Muzika
100%
Bachelorette 9 Will Reese
100%
Survivor 30 Will Simms II
100%
Bachelorette 18 Will Urena
100%
Survivor 33 Will Wahl
100%
American Grit 2 Will Westwater
100%
BB5 Will Wikle
100%
AR 2 Wil Steger
100%
Bachelorette 2 Aaron
67%
BBUK 12 Aaron Allard-Morgan
67%
Apprentice 6 Aaron Altscher
67%
AR CAN 5 Aaron Baker
67%
RW2 Aaron Behle
67%
MC NZ 4 Aaron Brunet
67%
Bachelor 2 Aaron Buerge
67%
EOTB UK 6; Geordie Shore 8-16 | Geordie Shore 8-16; EOTB UK 6 Aaron Chalmers
67%
BIP 7, 8; Bachelorette 17 | Bachelorette 17; BIP 7, 8 Aaron Clancy
67%
AR 6 Aaron Crumbaugh
67%
LI AUS 2 Aaron Deacon Shaw
67%
12 Dates 1 Aaron Del Rosario
67%
LI UK 7 Aaron Francis
67%
BBUK 16 Aaron Frew
67%
EOTB UK 9 Aaron Gill
67%
AR 3 Aaron Goldschmidt
67%
MC AUS 2 Aaron Harvie
67%
HK 13 Aaron Lhamon
67%
Bachelorette 8 Aaron Martell
67%
EOTB UK 8 Aaron McLeod
67%
Survivor 39 Aaron Meredith
67%
LI USA 2 Aaron Owen
67%
Survivor 15 Aaron Reisberger
67%
LI UK 7 Aaron Simpson
67%
MCJR 7 Aaron Smith
67%
HK 16 Aaron Smock
67%
HK 3 Aaron Song
67%
Fboy Island 2 Aaron Spady
67%
MC AUS 1 | Utopia 1 Aaron Thomas
67%
Karma 1 Aaron Thomas Raye
67%
Endurance 1 Aaron Thornburg
67%
LI AUS 3 Aaron Waters
67%
Apprentice UK 16 Aaron Willis
67%
BB15 Aaryn Gries
67%
Bachelor UK 6 Abbey Carter
67%
AUS 6, 7 Abbey Holmes
67%
MC AUS 11 Abbey Rose
67%
AR 21 Abbie Ginsberg Nabel
67%
Geordie Shore 14-18, 20-22 Abbie Holborn
67%
AR 34 Abby Garrett
67%
MCJR 2 Abby Major
67%
Survivor 25, 31 Abi Maria Gomes
67%
DSAL 3 Abi Memoli
67%
Challenge 8, 9, 11, 14; RW 13 | Challenge All Stars 1; RW 13; Challenge 8,9,11,14 | RW 13; Challenge 8, 9, 11, 14; Challenge AS 1 Ace Amerson
67%
Survivor 17 Ace Gordon
67%
Fboy Island 2 AC Long
67%
MAFS UK 2 Adam
67%
MAFS UK 6 Adam Aveling
67%
MC AUS 3 Adam Bowen
67%
AR CAN 5 Adam Cavaleri
67%
Shipwrecked BOI 3 Adam Child
67%
LI UK 4, 6 Adam Collard
67%
Apprentice UK 8 Adam Corbally
67%
AR AUS 2 Adam Corowa
67%
AR 27 Adam Dingeman
67%
AR 25 Adam Dirks
67%
MAFS UK 2 Adam Donoghue
67%
Bachelorette 5 Adam Duvendeck
67%
LI AUS 2 Adam Farrugia
67%
Apprentice UK 5 Adam Freeman
67%
EOTB UK 2 Adam Gabriel
67%
Survivor 13 Adam Gentry
67%
BIP 4; Bachelorette 12 | Bachelorette 13; BIP 4 Adam Gottschalk
67%
Geordie Shore 17-20 Adam Guthrie
67%
Apprentice 4 Adam Israelov
67%
BB9 Adam Jasinki
67%
LI UK 2 Adam Jukes
67%
BBUK 13 Adam Kelly
67%
Challenge 9, 11, 15, 17, 18, 21 | RW 13; Challenge 9, 11, 15, 17, 18, 21 Adam King
67%
Survivor 33, 40 Adam Klein
67%
AR CAN 6 Adam Kovacs
67%
AYTO 1; Challenge 26 Adam Kuhm
67%
Challenge 26; AYTO 1 Adam Kuhn
67%
Challenge 5, 7, 11; RR 10 | RR 10, 14; Challenge 5, 7, 11 Adam Larson
67%
MC AUS 2 Adam Liaw
67%
HK 14 Adam Livow
67%
AR 6 Adam Malis
67%
LI UK 2 Adam Maxted
67%
MC AUS 8 Adam Mizzi
67%
NZS 2 Adam O'Brien
67%
EOTB UK 6 Adam Oukhellou
67%
AUS 4 Adam Parkin
67%
HK 19 Adam Pawlak
67%
BBCAN 7 Adam Pike
67%
BB13 Adam Poch
67%
MCJR 4 Adam Queens
67%
Challenge 21; RW 25 | RW 25; Challenge 21 Adam Royer
67%
Shipwrecked BOI 4 Adam Ryan
67%
AR 23 Adam Switzer
67%
MCJR 5 Adam Wadhwani
67%
MC 8 Adam Wong
67%
LI USA 3 Aimee Flores
67%
Floribama Shore Aimee Hall
67%
EOTB UK 5 Aimee Kimber
67%
AUS 4 Aimee Stanton
67%
Apprentice 6 Aimee Trottier
67%
Surf Girls Aimee Vogelgesang
67%
AUS 4, 7 AK Knight
67%
Circle 1 Alana Duval
67%
AR 32 Alana Folsom
67%
Bachelor AUS 1 Alana Gray
67%
MC NZ 3 Alana Harper
67%
MC AUS 3 Alana Lowes
67%
BIP 7; Bachelor 25 | Bachelor 25; BIP 7 Alana Milne
67%
LI USA 1 Alana Morrison
67%
AR AUS 1 Alana Munday
67%
LI USA 3 Alana Paolucci
67%
AR AUS 4 Alana Pappas
67%
Apprentice UK 12 Alana Spencer
67%
Bachelor AUS 2 Alana Wilkie
67%
Survivor 35 Alan Ball
67%
MAFS AUS 8 Alan Lister
67%
HK 15 Alan Parker
67%
Challenge 33 Alan Valdez
67%
BBCAN 1 Alec Beall
67%
Survivor 29 Alec Christy
67%
Bachelorette 19 Alec Garza
67%
AYTO 3 Alec Gonzalez
67%
Survivor 32 Alecia Holden
67%
MC 9 Alecia Winters
67%
Survivor 37 Alec Merlino
67%
Bachelorette 18 Alec Thompson
67%
AR AUS 5 Aleisha Groth
67%
Bachelor 1 Alexa
67%
Bachelor 24 Alexa Caves
67%
AR 7 Alex Ali
67%
MCJR 4 Alexander Cochran
67%
MCJR 1 Alexander Weiss
67%
Survivor 14 Alex Angarita
67%
SWAMD Alex Apple
67%
Apprentice UK 2 Alexa Tilley
67%
LI UK 3 Alex Beattie
67%
HK 21 Alex Belew
67%
Survivor 6 Alex Bell
67%
Bachelor 23 Alex Blumberg
67%
Bachelorette 13; BIP AUS 2 Alex Bordyukov
67%
LI UK 2 Alex Bowen
67%
AR 2 Alex Boylan
67%
Apprentice UK 7 Alex Britez Cabral
67%
Circle 4 Alex Brizard
67%
BBUK 17 Alex Cannon
67%
Endurance 5 Alex Carignan
67%
BB9 Alex Coladonato
67%
Apprentice 7 Alex Delgado
67%
Bachelor 23 Alex Dillon
67%
Apprentice UK 6 Alex Epstein
67%
Apprentice UK 14 Alex Finn
67%
AUS 9 Alex Frost
67%
MAFS AUS 1 Alex Garner
67%
LI UK 4 Alex George
67%
MC AUS 3 Alex Glasson
67%
RW 26 Alex Govere
67%
AR AUS 6 Alex Hill
67%
LI UK 6 Alexi Eraclides
67%
MAFS UK 6 Alexis Economou
67%
AYTO 6 Alexis Eddy
67%
EOTB 5 Alexis Garris
67%
MCJR 3 Alexis Higgins
67%
Survivor 16 Alexis Jones
67%
Ultimatum 1 Alexis Maloney
67%
Survivor 28 Alexis Maxwell
67%
EOTB 3 Alexis McNeal
67%
Bachelor UK 5 Alexis Medrano
67%
MAFS 15 Alexis Mitchell
67%
Bachelor 18 Alexis Morgado
67%
BIP 4; Bachelor 21 | Bachelor 21; BIP 4 Alexis Waters
67%
Bachelor 10 Alexis Young
67%
Mole 5 Alex Jacobs
67%
EOTB UK 4 Alex Kippen
67%
Circle 1 Alex Lake
67%
BBUK 12 Alex Lee
67%
HK 20 Alex Lenik
67%
EOTB UK 6 Alex Leslie
67%
AR 8 Alex Linz
67%
Geordie Shore 17-19 Alex MacPherson
67%
LLBC Alex Maffitt
67%
AR 27 Alex Manard
67%
Bachelor UK 6 Alex Marks
67%
Bachelor 1 Alex Michel
67%
LI UK 4 Alex Miller
67%
Apprentice UK 9 Alex Mills
67%
AR AUS 5 | Glee Project 1 Alex Newell
67%
BB 19 Alex Ow
67%
AYTO 2 Alex Phillips
67%
Endurance 3 Alex Reid
67%
AR 30 Alex Rossi
67%
Apprentice UK 16 Alex Short
67%
BBUK 3 Alex Sibley
67%
Challenge 15, RW 18 | RW 18; Challenge 14 Alex Smith
67%
EOTB UK 5 Alex Steward
67%
Bachelorette 14 Alex Templeman
67%
Apprentice 3 Alex Thomason
67%
Bachelorette 8 Alex Velez
67%
BBOTT Alex Willett
67%
Apprentice UK 4 Alex Wotherspoon
67%
BIP 4; Bachelorette 12 Alex Wotykiw
67%
Bachelorette 12; BIP 4 Alex Woytkiw
67%
Bachelor AUS 2 Aley Greenblo
67%
EOTB UK 9 Alicia Bradon
67%
Survivor 2, 8 Alicia Calaway
67%
Bachelor NZ 2 Alicia Cowan
67%
Bachelor 25 Alicia Holloway
67%
Bachelor UK 6 Alicia Oates
67%
Survivor 24 Alicia Rosa
67%
AYTO 5; EOTB 1; Challenge 31 | Challenge 31; AYTO 5; EOTB 1 | EOTB 1; AYTO 5; Challenge 31 Alicia Wright
67%
AR CAN 8 Ali Clark
67%
EOTB UK 3 Ali Drew
67%
Survivor 35 Ali Elliott
67%
Bachelor 14; Bachelorette 6 | Bachelorette 6; Bachelor 14 Ali Fedotowsky
67%
Mole 2 Ali Gorman
67%
Bachelor 22 Ali Harringotn
67%
BBCAN 6 Ali Martinez
67%
Bachelor AUS 1; Bachelorette AUS 4; BIP AUS 1 Ali Oetjen
67%
The Block NZ 2 Alisha Keall-Grant
67%
BBUK 3 Alison Hammond
67%
AR 5; BB 4, 7 | BB4, 7; AR 5 Alison Irwin
67%
American Grit 2 Alison Kempkey
67%
Mole 5 Ali Sonoma
67%
Survivor 37 Alison Raybould
67%
HK 14 Alison Rivera
67%
Bachelor CA 2 Alison Ruiz
67%
Bachelor 19 Alissa Giambrone
67%
MC AUS 14 Ali Stoner
67%
Glee Project 2 Ali Stroker
67%
Bachelorette 12 Ali Zahiri
67%
Shipwrecked BOI 2 Allen Brandie
67%
EOTB 4 Allie DiMeco
67%
EOTB 3; Instafamous Allie Kaplan
67%
Survivor 26 Allie Pohevitz
67%
AR 16 Allie Smith
67%
AR 25 Alli Forsythe
67%
RR 1 Allison Jones
67%
BB9 Allison Nichols
67%
BBCAN 2 Allison White
67%
AR 23 Ally Mello
67%
MC NZ 3 Al Markham
67%
MAFS AUS 9 Al Perkins
67%
AR 4 Al Rios
67%
Mole 2 Al Spielman
67%
MAFS AUS 5 Alycia Galbraith
67%
AR 26 Aly Dudek
67%
Bachelor 27 Aly Jacobs
67%
Bachelor NZ 1 Alysha Brown
67%
MAFS 14 Alyssa Ellman
67%
Bachelor 12 Alyssa Gill
67%
Circle 4 Alyssa Ljubicich
67%
BB 23; Challenge USA 1 | Challenge USA 1; BB 23 Alyssa Lopez
67%
AYTO 4 Alyssa Ortiz
67%
HK 21 Alyssa Osinga
67%
BB 24 Alyssa Snider
67%
DSAL 1 Alysse Joyner
67%
AR 4 Amanda Adams
67%
AR 14, 18 Amanda Blackledge
67%
AR AUS 5 Amanda Blanks
67%
HK 9 Amanda Colello
67%
BB4 Amanda Craig
67%
HK 6 Amanda Davenport
67%
Girls of Hedsor Hall Amanda Fabbri
67%
AYTO 3; Challenge 28-30, 32, 33, 37 | Challenge 28-30, 32, 33, 37; AYTO 3 Amanda Garcia
67%
HK 11 Amanda Giblin
67%
Bachelor 19 Amanda Goerlitz
67%
12 Dates 2 Amanda Grace Jenkins
67%
Bachelor 10 Amanda Hackney
67%
BB9 Amanda Hansen
67%
Bachelor AUS 2 Amanda Hatcher
67%
Bachelor NZ 2 Amanda Higgot
67%
Apprentice MS Amanda Hill
67%
AR CAN 3 Amanda Johnston
67%
Survivor 15, 16, 20 Amanda Kimmel
67%
Bachelor NZ 1 Amanda MacDonald
67%
BBUK 8 Amanda Marchant
67%
Bachelor 1 Amanda Marsh
67%
Bachelor 17 Amanda Meyer
67%
MAFS AUS 7 Amanda Micallef
67%
Joe Millionaire 2022 Amanda Pace
67%
Bachelor 12 Amanda Petterman
67%
Bachelor 12 Amanda Rantuccio
67%
MC 6, 12 Amanda Saab
67%
Utopia 1 Amanda Scott
67%
BIP 3, 4; Bachelor 20 | BIP 4; Bachelor 20 | Bachelor 20; BIP 3, 4 Amanda Stanton
67%
BB15 Amanda Zuckerman
67%
Bachelor 1 | Bachelor 3 Amber
67%
Bachelor 10 Amber Alchalabi
67%
Bachelor 25 Amber Andrews
67%
Bachelor 16 Amber Bacon
67%
LI UK 8 Amber Beckford
67%
BB16; Challenge 36-38 | Challenge 36-38; BB 16 Amber Borzotra
67%
MAFS 9 Amber Bowles
67%
LI UK 3 Amber Davies
67%
Bachelor AUS 2 Amber Gelinas
67%
LI UK 5 Amber Gill
67%
BIP 2; Bachelor 19, 20 | Bachelor 19, 20; BIP 2 | Bachelor 20 Amber James
67%
HK 19 Amber Lancaster
67%
Bachelor 5 Amber LaRoux
67%
AYTO 1 Amber Lee
67%
AR 7, 11; Survivor 2, 8, 40 | Survivor 2, 8, 40; AR 7, 11 Amber Mariano
67%
AYTO 8; Challenge 36 | Challenge 36; AYTO 8 Amber Martinez
67%
MAFS 7 Amber Martorana
67%
AUS 2 Amber Petty
67%
Love Is Blind 1 Amber Pike
67%
Joe Millionaire 2022 Amber S
67%
BB8 Amber Siyavus
67%
Bachelor 16 Amber Tierney
67%
Bachelor 2 Amber West
67%
Bachelor 22 Amber Wilkerson
67%
Bachelor CA 1 Amber Zubriski
67%
Survivor 9, 16 Ami Cusack
67%
AR 1 Amie Barsky
67%
Bachelor 3 | Bachelor AUS 1 Amy
67%
BBUK 8 Amy Alexander
67%
Apprentice UK 16 | Bachelor 1 Amy Anzel
67%
Bachelor 12 Amy Bean
67%
Shipwrecked BOI 2 Amy Blackburn
67%
BBUK 16 Amy Broadbent
67%
MC NZ 6 Amy Calway
67%
MAFS UK 6 Amy Christophers
67%
EOTB UK 3 Amy Cooke
67%
BB3 Amy Crews
67%
LI UK 7 Amy Day
67%
AR CAN 7 Amy De Domenico
67%
AR 25 Amy DeJong
67%
AR 23 Amy Diaz
67%
AR CAN 4 Amy Gassler
67%
LI UK 5 Amy Hart
67%
Apprentice 1 Amy Henry
67%
Bachelor 18 Amy Jokinen
67%
Bachelor 18 Amy Long
67%
MC AUS 7 Amy Luttrell
67%
Survivor 11 Amy O'Hara
67%
AUS 9 Amy Ong
67%
AR 21 Amy Purd
67%
MC AUS 6 Amy Shields
67%
Bachelor CA 1 Ana Calin
67%
BB 21; Challenge 38 | Challenge 38; BB 21 Analyse Talavera
67%
AR 1 Ana Robar
67%
MC NZ 3 Ana Schwarz
67%
Bachelor 18; Bachelorette 10 | Bachelorette 10; Bachelor 18 Andi Dorfman
67%
AR 17 Andie DeKroon
67%
MC NZ 3 Andrea Bathgate
67%
Survivor 22, 26, 34 Andrea Boehlke
67%
AR CAN 5 Andrea Cavaleri
67%
Utopia 1 Andrea Cox
67%
AR CAN 5 Andrea Croxen
67%
Bachelor CA 2 Andrea Driedger
67%
MC AUS 7 Andrea Farinha
67%
MC 7 Andrea Galan
67%
HK 5 Andrea Heinly
67%
Apprentice 5 Andrea Lake
67%
Karma 1 Andrea Munoz
67%
Bachelor 9 Andrea Shirley
67%
LI USA 3 Andre Brunelli
67%
RW1 Andre Comeau
67%
Joe Millionaire 2022 Andreea M.
67%
AR 3 Andre Plummer
67%
AYTO 5; EOTB 1 | EOTB 1; AYTO 5 Andre Siemers
67%
MC AUS 1 Andre Ursini
67%
Bachelorette 3 Andrew
67%
HK 1 Andrew Bonito
67%
Apprentice UK 13 Andrew Brady
67%
AYTO 7 Andrew Couture
67%
BBUK 18 Andrew Cruickshanks
67%
Shipwrecked BOI 4 Andrew Darling
67%
BBUK 1 Andrew Davidson
67%
MAFS AUS 9 Andrew Davis
67%
Fboy Island 1 Andrew Dietz
67%
BBUK 11 Andrew Edmonds
67%
Bachelor 3 Andrew Firestone
67%
HK 7 Andrew Forster
67%
BB12 | BBCAN 2 Andrew Gordon
67%
MC AUS 3 Andrew Henderson
67%
AR 3 Andrew Hyde
67%
LI USA 3 Andrew John Phillips
67%
MAFS AUS 4 Andrew Jones
67%
AR 13 Andrew Lappitt
67%
MCJR 8 Andrew Lee
67%
LI UK 8 Andrew Le Page
67%
Bachelorette 17 Andrew Milcovich
67%
BBCAN 6 Andrew Miller
67%
BBCAN 1 Andrew Monaghan
67%
HK 16 Andrew Pearce
67%
Bachelorette 10 Andrew Poole
67%
MC AUS 5 Andrew Prior
67%
Survivor 7, 31 Andrew Savage
67%
MC NZ 1 Andrew Soear
67%
BIP 8; Bachelorette 17 | Bachelorette 17; BIP 8 Andrew Spencer
67%
MC AUS 4 Andrew Strickland
67%
The Assistant Andrew Sturgis
67%
BBUK 17 Andrew Tate
67%
AR AUS 2 Andrew Thoday
67%
AUS 3 Andrew Torrens
67%
AUS 8 Andrew Ucles
67%
AR 20 Andrew Webber
67%
RW 23 Andrew Woods
67%
MCJR 3 Andrew Zappley
67%
MC AUS 4 Andy Allen
67%
MAFS AUS 3 Andy Ankers
67%
Bachelor 10 Andy Baldwin
67%
Bachelorette 2 Andy Chang
67%
MC NZ 3 Andy Currin
67%
UKS 1 Andy Fairfield
67%
AR 19 Andy Finch
67%
BB15 Andy Herren
67%
MAFS AUS 4 Andy Hills
67%
HK 6 Andy Husbands
67%
Apprentice UK 3 Andy Jackson
67%
Bachelorette 3 Andy LeRoy
67%
Apprentice 2 Andy Litinsky
67%
AUS 6, 9 Andy Meldrum
67%
LI USA 4 Andy Voyen
67%
The Block NZ 2 Andy Walker
67%
BBUK 17 Andy West
67%
Bachelor 1 | Bachelor 2 | Bachelor 3 Angela
67%
BIP 5, 6; Bachelor 21 | Bachelor 21; BIP 5, 6 Angela Amezcua
67%
Challenge 32; EOTB 1, 2 | EOTB 1, 2; Challenge 31; BGC 15 Angela Babicz
67%
Hunted 1 Angela Brinson
67%
Survivor 36 Angela Perkins
67%
Apprentice 6 Angela Ruggiero
67%
BB20; Challenge USA 1 | Challenge USA 1; BB 20 Angela Rummans
67%
Challenge 9; RR 13 | RR 13; Challenge 9 Angela Trimbur
67%
Tough As Nails 2 Angel Castillo
67%
LI AUS 2 Angel Ellis-Holley
67%
12 Dates 1 Angel Golphin
67%
Survivor 37 Angelina Keeley
67%
All Star Shore 1; Jersey Shore | Jersey Shore; All Star Shore 1 Angelina Pivarnick
67%
BBUK 10 Angel McKenzie
67%
MC 2 Angel Moore-Soukkay
67%
Challenge 15, RR 14 | RR 14; Challenge 15 Angel Turlington
67%
AR AUS 6 Angel Williams
67%
Mole 4 Angie Everhart
67%
Survivor 10 Angie Jakusz
67%
Survivor 25 Angie Layton
67%
Apprentice 3 Angie McKnight
67%
BB10 Angie Swindell
67%
BBCAN 8 Angie Tackie
67%
ANTM 2 Anna Bradfield
67%
The Assistant Anna Enger
67%
Bachelor AUS 1 Anna Heinrich
67%
AR CAN 6 Anna Holtby
67%
Survivor 32 Anna Khait
67%
BIP 5, 6; Bachelor 22 | Bachelor 22; BIP 5, 6 Annaliese Puccini
67%
Bachelor NZ 2 Anna Marshall
67%
LI AUS 2 Anna McEvoy
67%
Shipwrecked BOI 3 Anna Morris-Ord
67%
BBUK 1 Anna Nolan
67%
Endurance 5 Anna Nti Asare
67%
Bachelor 25; BIP 7 Anna redman
67%
BIP 7; Bachelor 25 Anna Redman
67%
MC 3 Anna Rossi
67%
Shipwrecked BOI 1 Anna Singlton
67%
Bachelor 16 Anna Snowball
67%
RW 32 Anna Stack
67%
LI UK 5 Anna Wakili
67%
Shipwrecked The Island Anna Watts
67%
MC AUS 7 Anna Webster
67%
MC 11 Anne Hicks
67%
AR CAN 4 Anne Morrone
67%
Challenge 2, 6; RR 5 | RR 5; Challenge 2, 6 Anne Wharton
67%
Bachelor 13 Ann Lueders
67%
Temptation Island 3 Anthony
67%
12 Dates 1 Anthony Assent
67%
AYTO 2; Challenge 29; EOTB 3 | Challenge 29, AYTO 2 | EOTB 3; AYTO 2; Challenge 29 Anthony Bartolotte
67%
AR 22 Anthony Battaglia
67%
Bachelorette 13 Anthony Battle
67%
MAFS AUS 9 Anthony Cincotta
67%
Challenge 27 Anthony Cuomo
67%
BBCAN 7 Anthony Douglas
67%
BBUK 6 Anthony Hutton
67%
AR CAN 7 Anthony Johnson
67%
Geordie Shore 21,22 Anthony Kennedy
67%
AR CAN 4 Anthony Libombe
67%
MAFS AUS 4 Anthony Manton
67%
AR 13 Anthony Marotta
67%
AYTO 6; EOTB 3 | EOTB 3; AYTO 6 Anthony Martin
67%
MCJR 6 Anthony Martino
67%
MC NZ 2 Anthony Mcentee
67%
MAFS UK 6 Anthony Poole
67%
Fboy Island 1 Anthony Reed
67%
Survivor 14 Anthony Robinson
67%
HK 11 Anthony Rodriquez
67%
AR 33 Anthony Sadler
67%
Bachelorette 7 Anthony Santucci
67%
CBB 2 Anthony Scaramucci
67%
Survivor 12, 27 Aras Baskauskas
67%
AR 12 Ari Bonias
67%
Endurance 5 Aric Manthey
67%
Bachelor 22; Bachelorette 8 Arie Luyendyk Jr.
67%
LI AUS 3 Ari Kumar
67%
BBUK 13 Arron Lowe
67%
Bachelor NZ 1 Art Green
67%
BBUK 18 Arthur Fulford
67%
AR 13 Arthur Jones
67%
AR 20, 31 Art Velez
67%
NZS 2 Arun Bolo
67%
BBUK 15 Ash Harrison
67%
Temptation Island 7 Ash Lamiroult
67%
Survivor 10 Ashlee Ashby
67%
Bachelor AUS 1 Ashlee Crabbe
67%
RW 24 Ashlee Feldman
67%
Bachelor 17; BIP 1 AshLee Frazier
67%
Bachelor 12 Ashlee Williss
67%
MC AUS 7 Ashleigh Bareham
67%
BBUK 15 Ashleigh Coyle
67%
EOTB UK 4 Ashleigh Defty
67%
AYTO 1 Ashleigh Feaster
67%
BBUK 13 Ashleigh Hughes
67%
Bachelor 14 Ashleigh Hunt
67%
AR AUS 3 Ashleigh Jende
67%
AR AUS 5 Ashleigh Lawrence
67%
BBCAN 3 Ashleigh Wood
67%
Challenge 33; EOTBUK 1, 2, 5 | EOTB UK 1, 2, 5; Challenge 33 Ashley Cain
67%
AR CAN 4 Ashley Callingbull-Burnham
67%
EOTB 4; RW 29 | RW 29 Ashley Ceasar
67%
AR 23 Ashley Covert
67%
MAFS 3 Ashley Doherty
67%
BP 1; Bachelor 14 | Bachelor 14; BP 1 Ashley Elmore
67%
Temptation Island 5 Ashley Goldson
67%
AR 26 Ashley Gordon
67%
Endurance 1 Ashley Gudzak
67%
AYTO 2 Ashley Hall
67%
Bachelor 17 Ashley Harper
67%
Bachelor 15; Bachelorette 7 | Bachelorette 7; Bachelor 15 Ashley Hebert
67%
Temptation Island 5 Ashley Howland
67%
BIP 2, 3; Bachelor 19; BWG | Bachelor 19; BIP 2, 3, BWG Ashley Iaconetti
67%
BB14 Ashley Iocco
67%
MAFS AUS 5 Ashley Irvin
67%
AR 28 Ashley Jenkins
67%
MCJR 7 Ashley Johnson
67%
Challenge 23, 29; RW 26; CvP 1 | CvP 1; Challenge 23, 29; RW 26 | RW 26; Challenge 23, 29; CvP 1 Ashley Kelsey
67%
RW 23 Ashley Lindley
67%
Bachelor 22 Ashley Luebke
67%
Bachelor CA 3 Ashley Lukow
67%
Survivor 15 Ashley Massaro
67%
MC AUS 8 Ashley McConnell
67%
EOTB UK 11; CBB UK 10 Ashley McKenzie
67%
SWAMD Ashley Mercer
67%
MC 9 Ashley Mincey
67%
Challenge 28-30, 32-37; RW 29; CvP 1 | CvP 1, CvS 2, 3; Challenge 28-30, 32-37; RW 29 | RW 29; Challenge 28-30, 32-37; CvP 1; CvS 2, 3 Ashley Mitchell
67%
DSAL 1 Ashley M Lands
67%
HK 15, 17 Ashley Nickell
67%
Survivor 35 Ashley Nolan
67%
Bachelor 17 Ashley Palenkas
67%
MAFS 5 Ashley Petta
67%
Bachelor 18 Ashley Poe
67%
Temptation Island 7 Ashley Rodriguez
67%
BIP 2; Bachelor 19 | Bachelor 19; BIP 2 Ashley Salter
67%
HK 13 Ashley Sherman
67%
Bachelor 15 Ashley Spivey
67%
Survivor 19 Ashley Trainer
67%
EOTB UK 11 Ashley Tyler
67%
Survivor 22 Ashley Underwood
67%
Shipwrecked The Island Ashlie Robinson
67%
RW 19; Challenge 16 Ashli Robson
67%
AR AUS 4 Ash Ruscoe
67%
AR 8 Austin Black
67%
Survivor 12 Austin Carty
67%
Ultimate Surfer 1 Austin Clouse
67%
BBCAN 9 Austin Dookwah
67%
MAFS 10 Austin Hurd
67%
BB17 Austin Matelson
67%
AYTO 3 Austin Sheets
67%
Fboy Island 2 Austin Sikora
67%
Bachelorette 17 Austin Tinsley
67%
BB2 Autumn Daly
67%
HK 7 Autumn Lewis
67%
MC 11 Autumn Moretti
67%
HK 20 Ava Harren
67%
Circle 3 Ava Marie Capra
67%
MC AUS 7 Ava Stangherlin
67%
MC 7 Barbara Savage
67%
NZS 1 Barb Raos
67%
Survivor 1 BB Anderson
67%
BBUK 5 Becki Seddii
67%
Challenge 5; RW 1; RWHC 1 | RW1; Challenge 5 Becky Blasband
67%
BB17 Becky Burgess
67%
BBUK 13 Becky Hannon
67%
Survivor 13 Becky Lee
67%
MC 3 Becky Reams
67%
EOTB UK 8 Becky Taylor
67%
MC NZ 5 Bec Stanley
67%
Bachelorette 3 Ben
67%
MC AUS 10 Ben Borsht
67%
MCJR 7 Ben Brown
67%
Survivor 19 Ben Browning
67%
Bachelorette 7 Ben Castoriano
67%
HK 4 Ben Caylor
67%
Shipwrecked BOI 2 Ben Chesney
67%
Apprentice UK 5 Ben Clarke
67%
Shipwrecked BOI 2 Ben Cochrane
67%
The Block NZ 1 Ben Crawford
67%
Challenge USA 1; Survivor 35, 40 | Survivor 35; 40; Challenge USA 1 Ben Driebergen
67%
BBUK 11 Ben Duncan
67%
Bachelor 16; Bachelorette 7 | Bachelorette 7; Bachelor 16 Ben Flajnik
67%
LI AUS 3 Ben Giobbi
67%
Bachelor 20; Bachelorette 11; BWG | Bachelorette 11; Bachelor 20; BWG Ben Higgins
67%
MC AUS 9 Benjamin Bullock
67%
HK 7, 17 Benjamin Knack
67%
AUS 10 Benjamin Law
67%
MAFS UK 3 Ben Jardine
67%
Apprentice UK 1 Ben Leary
67%
Shipwrecked BOI 2 Ben Lunt
67%
MC AUS 6 Ben Macdonald
67%
MC AUS 4, 12 Ben Milbourne
67%
MC NZ 3 Ben Monroe
67%
AUS 4 Ben Morgan
67%
Apprentice 3 Ben Olswanger
67%
LI UK 1 Ben Porter
67%
Survivor 21 Benry Henry
67%
Endurance 6 Ben Scheuer
67%
BIP 1; Bachelorette 9 | Bachelorette 9; BIP 1 Ben Scott
67%
MC NZ 6 Ben Sheehan
67%
Bachelorette 16 Ben Smith
67%
Apprentice UK 2 Ben Stanberry
67%
MC 2 Ben Starr
67%
MC AUS 11 Ben Trobbiani
67%
MC AUS 9; 12 Ben Ungermann
67%
HK 5, 17 Ben Walanka
67%
MCJR 6 Ben Watkins
67%
AUS 9 Ben Watson
67%
AUS 2 Ben Wynn
67%
BIP 4; Bachelorette 11 | Bachelorette 11; BIP 4 Ben Zorn
67%
RW2 Beth Anthony
67%
AR 22 Beth Bandimere
67%
BBCAN 9 Beth Bieda
67%
AR 8 Beth Bransen
67%
MC 4 Beth Kirby
67%
MAFS AUS 8 Beth Moore
67%
Shipwrecked BOI 5 Beth Spiby
67%
Challenge 2, 5, 6, 10, 11, 13, 14, All Stars 1,3; RW 2 | Challenge All Stars 1, 3; RW 2; Challenge 2,5,6,8,11,13,15; RWHC 2 | RW2; Challenge 2, 5, 6, 10, 11, 13, 15; Challenge AS 1, 3 Beth Stolarczyk
67%
HK 12 Beth Taylor
67%
AR 10 Bilal Abdul-Mani
67%
AR 19 Bill Alden
67%
AR 1, 11 Bill Bartek
67%
Circle 1 Bill Cranley
67%
AR 8 Bill Gaghan
67%
BBUK 8 Billi Bhatti
67%
MC AUS 7, 14 Billie McKay
67%
AR 13 Bill Kahler
67%
Mole 2 Bill McDaniel
67%
Survivor 24 Bill Posley
67%
Apprentice 1 Bill Rancic
67%
AR 19 Bill Smith
67%
MC 7 Bill Travers
67%
Bachelorette 1 Billy
67%
LI UK 8 Billy Brown
67%
Challenge AUS Billy Dib
67%
LLBC Billy Estevez
67%
AR 8 Billy Gaghan
67%
Survivor 13 Billy Garcia
67%
MC AUS 3 Billy Law
67%
Geordie Shore 14 Billy Phillips
67%
EOTB 3; WHATA Billy Reilich
67%
MAFS AUS 6 Billy Vincent
67%
Survivor 37 Bi Nguyen
67%
BIP 4; Bachelorette 13 | Bachelorette 13; BIP 4 Blake Elarbee
67%
Bachelor AUS 2 Blake Garvey
67%
BIP 6; Bachelorette 14 | Bachelorette 14, 6 Blake Horstmann
67%
All Star Shore 1; BIP 6; Bachelorette 14 Blake Horstsmann
67%
Glee Project 2 Blake Jenner
67%
BP 2; Bachelorette 7 | Bachelorette 7; BP 2 Blake Julian
67%
Bachelorette 13 Blake Killpack
67%
BIP 7; Bachelorette 16 | Bachelorette 16; BIP 7 Blake Monar
67%
Bachelorette 16, 17 Blake Moynes
67%
AR 2 Blake Mycoskie
67%
MCJR 8 Blake Schmidt
67%
Survivor 11 Blake Towsly
67%
MC AUS 11 Blake Werner
67%
LI AUS 2 Blake Williamson
67%
AR 5 Bob Barron
67%
HK 4 Bobby Anderson
67%
EOTB UK 9 Bobby Ballard
67%
MAFS 7 Bobby Dodd
67%
BBCAN 3 Bobby Hlad
67%
Survivor 12 Bobby Mason
67%
Mole 5 Bobby O'Donnell
67%
PH 3 Bobby Ray
67%
Survivor 17 Bob Crowley
67%
Bachelor 4; Bachelorette 1 | Bachelorette 1 Bob Guiney
67%
AR CAN 2 Bob Hope
67%
Mole 2 Bob Paulhus
67%
Surf Girls Bonnie Campanella
67%
BBUK 7 Bonnie Holt
67%
HK 3 Bonnie Muirhead
67%
Survivor 14 Boo Bernis
67%
Bachelor 19 Bo Stanley
67%
Bachelorette 2 Brad
67%
Survivor 27, 34 Brad Culpepper
67%
Challenge 9-11, 13, 14, 17, 18, 20, 31, 32; All Stars 2, 3; RW 14 | Challenge All Stars 2; RW 14; Challenge 9-11,13,15,17,18,20,31,32 | RW 14; Challenge 9-11, 13, 14, 17, 18, 20, 31, 32; Challenge AS 2, 3 Brad Fiorenza
67%
EOTB UK 7 Brad Hayward
67%
AR 14 Brad Hunt
67%
Bachelorette 11 Bradley Cox
67%
Survivor 36 Bradley Kleihege
67%
Bachelorette 10 Bradley Wisk
67%
Shipwrecked BOI 5 Brad Mattinson
67%
LI UK 7 Brad McClelland
67%
Bachelorette 9 Brad McKinzie
67%
HK 3 Brad Miller
67%
NZS 2 Brad Norris
67%
Survivor 41 Brad Reese
67%
Bachelorette 5 Brad Seberhagen
67%
Bachelor CA 1 Brad Smith
67%
Survivor 13 Brad Virata
67%
Bachelor 11, 15 Brad Womack
67%
Bachelorette 13 Brady Ervin
67%
Survivor 9 Brady Finta
67%
Bachelorette 11 Brady Toops
67%
BIP 3; Bachelorette 9 | Bachelorette 9; BIP 3 Brandon Andreen
67%
Survivor 11 Brandon Bellinger
67%
AR CAN 4 Brandon Campeau
67%
AR 5 Brandon Davidson
67%
AYTO 8 Brandon Davis
67%
Bachelorette 16 Brandon Goss
67%
Bachelorette 19 Brandon Hall
67%
Survivor 23, 26 Brandon Hantz
67%
Endurance 1 Brandon Hendrix
67%
Bachelorette 12 Brandon Howell
67%
BIP 8; Bachelorette 18 | Bachelorette 18: BIP 8 Brandon Jones
67%
RW 27 Brandon Kane
67%
Bachelorette 18 Brandon Kieffer
67%
Bachelor LTYH Brandon Mills
67%
EOTB UK 4 Brandon Myers
67%
Challenge 19-21, 23, 25 Brandon Nelson
67%
Survivor 3 Brandon Quinton
67%
MAFS 10 Brandon Reid
67%
AR 23 Brandon Squyres
67%
DSAL 2 Brandon Stakemann
67%
Challenge 25; RW 27 | RW 27; Challenge 25 Brandon Swift
67%
AYTO 2; Challenge 27 | Challenge 28; AYTO 2 Brandon Tindel
67%
Bachelorette 17 Brandon Torres
67%
Joe Millionaire 2022 Breanna Hagen
67%
Survivor 21, 26 Brenda Lowe
67%
AR 1 Brenda Mehta
67%
HK 9 Brendan Heavey
67%
MC AUS 6 Brendan Langfield
67%
AR CAN 8 Brendan McDougall
67%
BIP 7; Bachelorette 16 | Bachelorette 16; BIP 7 Brendan Morais
67%
MC AUS 10, 12 Brendan Pang
67%
HK 14 Brendan Pelley
67%
Bachelorette 17 Brendan Scanzano
67%
Survivor 36 Brendan Shapiro
67%
Survivor 18 Brendan Synnott
67%
AR AUS 5 Brendon Crawley
67%
AR 20, 25; BB 12, 13 | BB12, 13; AR 20, 24 Brendon Villegas
67%
AR AUS 6 Bren Wilkinson
67%
HK 14, 18 Bret Hauser
67%
AR 31; Survivor 33 | Survivor 33; AR 31 Bret LaBelle
67%
HK 21 Brett Binninger-Schwartz
67%
AR CAN 1 Brett Burstein
67%
Apprentice UK 11 Brett Butler-Smythe
67%
MC AUS 8 Brett Carter
67%
Survivor 19 Brett Clouser
67%
AYTO 7 Brett Ferri
67%
MAFS AUS 8 Brett Helling
67%
MAFS 13 Brett Layton
67%
MAFS 11 Brett Lindsey
67%
MC AUS 10 Brett McGrath
67%
MC NZ 1 Brett McGregor
67%
BIP 3; Bachelorette 10 | Bachelorette 10; BIP 3 Brett Melnick
67%
BB20 Brett Robinson
67%
LI UK 7 Brett Stainiland
67%
LI USA 4 Bria Bryant
67%
SWAMD Bria Gleming
67%
AYTO 7 Bria Hamilton
67%
Bachelor 22 Bri Amaranthus
67%
Bachelorette 2 Brian
67%
AUS 9 Briana Goodchild
67%
Bachelor 21 Briana Guertler
67%
AYTO 2; Challenge 27, 30 | Challenge 28, 30; AYTO 2 Briana LaCuesta
67%
MAFS 12 Briana Myles
67%
HK 10 Briana Swanson
67%
Endurance 6 Briana Vega
67%
BBUK 8 Brian Belo
67%
Bachelorette 15 Brian Bowles
67%
AR CAN 3 Brian Boyd
67%
Bachelorette 1 Brian C.
67%
Survivor 11 Brian Corridan
67%
BBUK 2; UBB UK Brian Dowling
67%
Bachelorette 5 Brian Duke
67%
Bachelorette 1 Brian H.
67%
BB10 Brian Hart
67%
Survivor 5 Brian Heidik
67%
Bachelorette 9 Brian Jarosinski
67%
Bachelorette 1 Brian K.
67%
AR 15 Brian Kleinschmidt
67%
AUS 5 Brian Lake
67%
RR 7 Brian Lancaster
67%
Apprentice 4 Brian Mandelbaum
67%
Apprentice 3 Brian McDowell
67%
HK 10 Brian Merel
67%
Ultimate Surfer 1 Brianna Cope
67%
Girls of Hedsor Hall Brianna Frost Hogan
67%
THTH 3 Brianna Giscombe
67%
Challenge 27 Brianna Julig
67%
LI AUS 3 Brianna Marchant
67%
Challenge 18; RW 20 | RW 20; Challenge 18 Brianna Taylor
67%
Bachelor 27 Brianna Thorbourne
67%
Survivor 11 Brianna Varela
67%
MC 6 Brianna Watson
67%
Bachelorette 10 Brian Osborne
67%
AR 8 Brian Paolo
67%
Bachelorette 1 Brian S.
67%
HK 13 Brian Santos
67%
AR 7 Brian Smith
67%
Bachelorette 4 Brian Westendorf
67%
RW 29 Brian Williams Jr
67%
Bachelorette 4 Brian Winchester
67%
MC 10, 12 Bri Baker
67%
BIP 6; Bachelor 23 | Bachelor 23; BIP 6 Bri Barnes
67%
Survivor 28 Brice Johnston
67%
PH 3 Brie Campbell
67%
Shipwrecked BOI 3 Brie Doffing
67%
MC 8 Brien O'Brien
67%
MC 4 Bri Kozior
67%
Utopia 1 Bri Nguyen
67%
Bachelor 25 Bri Springs
67%
Bachelor LTYH Bri Strauss
67%
Bachelor CA 1 Britany Boutin
67%
BB 23 Britini D'Angelo
67%
Bachelor 15 Britnee Marks
67%
AR 31; BB 12, 14 | BB12, 14; AR 31 Britney Haynes
67%
AYTO 3; Challenge 30-32 | Challenge 30-32; AYTO 3 Britni Thornton
67%
Bachelor 22 Brittane Johnson
67%
AR 30 Brittany Austin
67%
AYTO 1; Challenge 26 | Challenge 26; AYTO 1 Brittany Baldassari
67%
Apprentice UK 16 Brittany Carter
67%
MC 7 Brittany Craig
67%
DSAL 1 Brittany Dawson
67%
Bachelor 21 Brittany Farrar
67%
Claim to Fame 1 Brittany Favre
67%
Bachelor 19 Brittany Fetkin
67%
AR 21 Brittany Fletcher
67%
BIP 8; Bachelor 25 | Bachelor 25; BIP 8 Brittany Galvin
67%
Moolah Beach Brittany Harris
67%
Challenge AUS; Bachelor AUS 6 Brittany Hockley
67%
BB 24 Brittany Hoopes
67%
BB16 Brittany Martinez
67%
Bachelor CA 3 Brittany Michalchuk
67%
AR 28 Brittany Oldehoff
67%
BB1 Brittany Petros
67%
BP 3 Brittany Taltos
67%
Bachelor 22 Brittany Taylor
67%
Bachelor CA 3 Brittany Wiebe
67%
Challenge 17; RW 20 | RW 20; Challenge 17 Brittini Sherrod
67%
BBCAN 3 Brittnee Blair
67%
AR 8 Brittney Rogers
67%
Bachelor 16 Brittney Schreiner
67%
Bachelor 3 | Bachelor 4 Brooke
67%
AR 25 Brooke Adams
67%
BBUK 19 Brooke Berry
67%
Challenge AUS; Bachelor AUS 6 Brooke Blurton
67%
Bachelor 17 Brooke Burchette
67%
AR 29 Brooke Camhi
67%
CvS 3 Brooke Hogan
67%
AR 13 Brooke Jackson
67%
AUS 3, 7; Challenge AUS | Challenge AUS; AUS Survivor 3,7 Brooke Jowett
67%
RW 18; Challenge 15, 17 Brooke LaBarbera
67%
Challenge 15, 17; RW 18 Brooke Labarbera
67%
Bachelor 2 Brooke Smith
67%
Survivor 11 Brooke Struck
67%
American Grit 1 Brooke Van Paris
67%
BBCAN 8 Brooke Warnock
67%
Survivor 9 Brook Geraghty
67%
Bachelorette 1 Brook Pemberton
67%
AR 17 Brook Roberts
67%
Circle 4 Bru Brubaker
67%
Survivor 12 Bruce Kanegai
67%
Bachelorette 13 Bryan Abasolo
67%
Endurance 3 Bryanah Bascon
67%
HK 13 Bryant Gallaher
67%
Circle 2 Bryant Woo
67%
Bachelorette 5 Bryan Vaderman
67%
Bachelorette 18 Bryan Witzmann
67%
MC AUS 9 Bryan Zhu
67%
LI USA 4 Bryce Fins
67%
Apprentice 5 Bryce Gahagan
67%
EOTB 5; THTH 1 Bryce Hirschberg
67%
MAFS AUS 2 Bryce Mohr
67%
MAFS AUS 8 Bryce Ruthven
67%
HK 20 Brynn Gibson
67%
BIP 3; Bachelor 20 Caila Quinn
67%
AR 16 Caite Upton
67%
Joe Millionaire 2022 Calah Jackson
67%
Survivor 27 Caleb Bankston
67%
LI USA 2 Caleb Corprew
67%
Endurance 6 Caleb Courtney
67%
Bachelorette 5 Caleb Kuhl
67%
The Block NZ 2 Caleb Pearson
67%
BB16; Survivor 32, 34 | Survivor 32, 34; BB 16 Caleb Reynolds
67%
Utopia 1 Cal Swangash
67%
BIP 6; Bachelorette 15 | Bachelorette 15; BIP 6 Cam Ayala
67%
AYTO 4 Cam Bruckman
67%
Challenge 9, 11; RW 14 | RW 14: Challenge 9, 11 Cameran Eubanks
67%
EOTB 3; Boy Band Cameron Armstrong
67%
AR 28 Cameron Benson
67%
Fboy Island 1 Cameron Brown
67%
BBUK 19 Cameron Cole
67%
MAFS AUS 8 Cameron Dunne
67%
Love Is Blind 1 Cameron Hamilton
67%
BB 19 Cameron Heard
67%
AYTO 4; EOTB 1 | EOTB 1; AYTO 4 Cameron Kolbo
67%
MAFS AUS 6 Cameron Merchant
67%
Glee Project 1 Cameron Mitchell
67%
MC NZ 2 Cameron Petley
67%
EOTB 4; Temptation Island Cameron Sikes
67%
HK 14 Cameron Spagnolo
67%
BBUK 4 Cameron Stout
67%
Endurance 5 Cameron Uranick
67%
THTH 2 Cam Holmes
67%
AYTO 7 Cam Viney
67%
American Grit 1 Cam Zagami
67%
Floribama Shore Candace Rice
67%
Survivor 18 Candace Smith
67%
Survivor 13, 20, 27 Candice Cody
67%
Bachelor 10 Candice DeCost
67%
Challenge 27 Candice Fowler
67%
BB15 Candice Stewart
67%
CvP 1 Candice Wiggins
67%
Bachelor 27 Cara Ammon
67%
AUS 8 Cara Athinson
67%
EOTB 3 Cara Cooper
67%
LI UK 2 Cara De La Hoyde
67%
Challenge 19-25, 27, 29-34; CvP 1 Cara Maria Sorbello
67%
AR 14, 18 Cara Rosenthal
67%
AUS 1 Caren Shaw
67%
Apprentice 6 Carey Sherrell
67%
Bachelor 2 Cari
67%
AR AUS 3 Carla Beazley
67%
American Grit 2 Carla Mireles
67%
Survivor 3 Carl Bilancione
67%
Survivor 37 Carl Boudreaux
67%
BIP 3; Bachelorette 10 | Bachelorette 10; BIP 3 Carl King
67%
Snowflake Mountain 1 Carl Lariviere
67%
BBUK 8 Carole Vincent
67%
AYTO 5 Carolina Duarte
67%
Survivor 18 Carolina Eastwood
67%
MAFS AUS 9 Carolina Santos
67%
BB8 Carol Journey
67%
AR 16 Carol Rosenfeld
67%
BBCAN 8 Carol Rosher
67%
HK 5 Carol Scott
67%
Joe Millionaire 2022 Carolyn Moore
67%
Survivor 30 Carolyn Rivera
67%
Bachelor 25 Carolyn Vallejo
67%
AR 33; LI 1; EOTB 5 | EOTB 5; LI 1; AR 33 | LI USA 1; AR 33; EOTB 5 Caro Viehweg
67%
MAFS UK 3 Carrie
67%
Apprentice MS Carrie Guggar
67%
MC AUS 2 Carrie Johnston
67%
HK 9 Carrie Keep
67%
CBB 3 Carson Kressley
67%
Survivor 25 Carter Williams
67%
Survivor 10 Caryn Grodel
67%
AYTO 5 Casandra Martinez
67%
BIP 2, 5; Bachelor 18 | Bachelor 18; BIP 2, 3 Cassandra Ferguson
67%
Survivor 14 Cassandra Franklin
67%
BBCAN 4, 5 Cassandra Shahinfar
67%
Bachelor 25 Cassandra Suarez
67%
BB1 Cassandra Waldron
67%
Survivor 43 Cassidy Clark
67%
LI AUS 1 Cassidy McGill
67%
Bachelor 26 Cassidy Timbrooks
67%
DSAL 1 Cate Lapera
67%
MC 8, 12 Cate Meade
67%
AR 19 Cathi Alden
67%
MAFS AUS 7 Cathy Evans
67%
Bachelor 1 Cathy Grimes
67%
ANTM 2 Catie Anderson
67%
Bachelor CA 3 Catie Fenn
67%
AR AUS 3 Cat O'Brien
67%
Bachelor 27 Cat Wong
67%
AR 33; Challenge USA 1 | Challenge USA 1; Amazing Race 33 Cayla Platt
67%
Survivor 33 CeCe Taylor
67%
AR AUS 6 Chace Tran
67%
Bachelorette 2 Chad
67%
HK 15 Chad Gelso
67%
MCJR 4 Chad Gibbs
67%
BIP 3; Bachelorette 12; EOTB 2 | Bachelorette 12; BIP 3; CBB UK 20; EOTB 2 | EOTB 2; Bachelorette 12; BIP 3; CBB UK 20 Chad Johnson
67%
LI USA 4 Chad Robinson
67%
12 Dates 1 Chad Savage
67%
AR 17 Chad Waltrip
67%
BBUK 8 Chanelle Haynes
67%
Circle 3 Chanel Marie Capra
67%
Shipwrecked BOI 3 Char Counsell
67%
Fboy Island 1 Charley Santos
67%
BBUK 8 Charley Uchea
67%
EOTB UK 11; LI UK 4 | LI UK 4; EOTB UK 11 Charlie Brake
67%
MC 6 Charlie Chapman
67%
BBUK 17 Charlie Doherty
67%
RW 14 Charlie Dordevich
67%
BBUK 10 Charlie Drummond
67%
LI UK 4 Charlie Frederick
67%
Shipwrecked BOI 1,2 Charlie Freeman
67%
Bachelorette 8 Charlie Grogan
67%
MCJR 5 Charlie Hans
67%
Survivor 17 Charlie Herschel
67%
Glee Project 2 Charlie Lubeck
67%
LI USA 3 Charlie Lynch
67%
Bachelorette 1 Charlie Maher
67%
Mole 1 Charlie McGowan
67%
HK 5 Charlie McKay
67%
Bachelor 7 Charlie O'Connell
67%
LI UK 8 Charlie Radnedge
67%
MC AUS 8 Charlie Sartori
67%
LI AUS 1 Charlie Taylor
67%
BBUK 14 Charlie Travers
67%
LI UK 4 Charlie Williams
67%
AR 8 Char Schroeder
67%
THTH 2 Chase de Moor
67%
BIP 6; Bachelorette 13; EOTB 1; Challenge 33 | Bachelorette 12; BIP 6; EOTB 1; Challenge 33 | Challenge 33; EOTB 1; Bachelorette 12 | EOTB 1; Bachelorette 12; BIP 6; Challenge 33 Chase McNary
67%
Survivor 21 Chase Rice
67%
Bachelorette 14 Chase Vergason
67%
Fboy Island 1 Chaun Williams
67%
Geordie Shore 14 Chelsea Barber
67%
BBCAN 7 Chelsea Bird
67%
Bachelor CA 3 Chelsea Brown
67%
MC AUS 3 Chelsea Fammartino
67%
AUS 8 Chelsea Hackett
67%
MC NZ 3 Chelsea Holmes
67%
AR AUS 6 Chelsea Keen
67%
Survivor 24 Chelsea Meissner
67%
Endurance 1 Chelsea Myers
67%
12 Dates 1 Chelsea Nichole
67%
Temptation Island 6 Chelsea Orcutt
67%
Buckhead Shore 1 Chelsea Prescott
67%
AR AUS 5 Chelsea Randall
67%
BIP 5; Bachelor 22 | Bachelor 22; BIP 5 Chelsea Roy
67%
MC 9 Chelsea Sargent
67%
BBUK 17 Chelsea Singh
67%
Survivor 36 Chelsea Townsend
67%
BIP 7; Bachelor 25 | Bachelor 25; BIP 7 Chelsea Vaughn
67%
Survivor 39 Chelsea Walker
67%
Bachelor 12 Chelsea Wanstrath
67%
MC NZ 3 Chelsea Winter
67%
AYTO 3 Chelsey Perkins
67%
BIP 2; Bachelor 18 | Bachelor 18; BIP 2 Chelsie Webster
67%
EOTB UK 7 Che McSorley
67%
AR 20 Cherie Gregg
67%
MCJR 7 Che Spiotta
67%
Challenge 18, 20, 23, 25; RW 21 | RW 21; Challenge 18, 20, 23, 25 Chet Cannon
67%
EOTB UK 4 Chet Johnson
67%
Survivor 16 Chet Welch
67%
AR 15 Cheyne Whitney
67%
AR 4 Chip Arndt Jr.
67%
AR 5 Chip McAllister
67%
AR 8 Chirstine Godlewski
67%
Bachelor UK 6 Chloe Adlerstein
67%
MC AUS 8 Chloe Bowles
67%
LI UK 7 Chloe Burrows
67%
MC AUS 10 Chloe Carroll
67%
LI UK 3 Chloe Crowhurst
67%
All Star Shore 1; Geordie Shore | EOTB UK 7; Geordie Shore 10-22; CBB UK 19 | Geordie Shore 10-22; CBB UK 19; EOTB 7; All Star Shore 1 Chloe Ferry
67%
EOTB UK 1 Chloe Goodman
67%
Rock the Cradle Chloe Lattanzi
67%
Moolah Beach Chloe Levenson
67%
Bachelor UK 5 Chloe Levitt-Collins
67%
Circle 2; THTH 1 | THTH 1; Circle 2 Chloe Veitch
67%
BBUK 16 Chloe Wilburn
67%
Bachelorette 2 Chris
67%
Bachelorette 19 Chris Austin
67%
Shipwrecked BOI 1 Chris Baddoo
67%
MC AUS 1, 12 Chris Badenoch
67%
BP 3 Chris Bain
67%
Apprentice UK 6 Chris Bates
67%
LI UK 1 Chris Baxter
67%
RW 11 Chris Beckman
67%
Bachelorette 4 Chris Bradshaw
67%
Shipwrecked BOI 1 Chris Brain
67%
BIP 1, 2, 6; Bachelorette 8, 10; BP 3 | BP 3; Bachelorette 8; BIP 1, 2, 6 | Bachelorette 8, 10; BP 3; BIP 1, 2, 6 Chris Bukowski
67%
Bachelorette 3 Chris C.
67%
HK 10 Chris Carrero
67%
MAFS 14 Chris Collette
67%
BIP 7; Bachelorette 16 | Bachelorette 16; BIP 7 Chris Conran
67%
Survivor 9 Chris Daugherty
67%
AR AUS 5 Chris Diloreto
67%
Bachelorette 7 Chris Drish
67%
American Grit 2 Chris Edom
67%
HK 12 Chris Eversole
67%
AR 4 Chris Garry
67%
Fboy Island 1 Chris Gillis
67%
AR 27 Chris Gordon
67%
Challenge 9; RR 12 | RR 12; Challenge 9 Chris Graebe
67%
LI AUS 3 Chris Graudins
67%
D&R 1 Chris Hahn
67%
AR 31; Survivor 33 | Survivor 33; AR 31 Chris Hammons
67%
Bachelorette 6 Chris Hasek-Watt
67%
LI UK 3 Chris Hughes
67%
MAFS AUS 8 Chris Jensen
67%
CBB 3 Chris Kattan
67%
CBB 3 Chris Kirkpatrick
67%
American Grit 1 Chris Krueger
67%
SWAMD Chris Lacerra
67%
Bachelorette 6 Chris Lambton
67%
Bachelor CA 3 Chris Leroux
67%
AR 2 Chris Luca
67%
Bachelorette 3 Chris M.
67%
Bachelorette 7 Chris Malhomme
67%
AR 30 Chris Marchant
67%
Challenge 5; RR 3 | RR 3; Challenge 5 Chris Melling
67%
HK 18 Chris Mendonca
67%
MAFS AUS 7 Chris Nicholls
67%
Survivor 36 Chris Noble
67%
Bachelorette 6 Chris Nordhorn
67%
HK 1 Chris North
67%
EOTB 1 Chris Pearson
67%
AR AUS 1 Chris Pselletes
67%
BIP 5; Bachelorette 14 | Bachelorette 14; BIP 5 Chris Randone
67%
Apprentice 2 Chris Russo
67%
Circle 1 Chris Sapphire
67%
AYTO 1 Chris Scali
67%
Apprentice 3 Chris Shelton
67%
Bachelorette 9 Chris Siegfried
67%
MC NZ 6 Chris Smith
67%
Bachelor 19; Bachelorette 10; DWTS 10; Worst Cooks 7 | Bachelorette 10; Bachelor 19; DWTS 20; Worst Cooks 7 Chris Soules
67%
Bachelorette 11 Chris Strandburg
67%
Bachelorette 18 Chris Sutton
67%
Survivor 35 Chrissy Hofbeck
67%
AUS 9 Chrissy Zaremba
67%
Survivor 7 Christa Hastie
67%
Endurance 2 Christa Scholtz
67%
Endurance 4 Chris Tavarez
67%
LI UK 5 Chris Taylor
67%
Challenge 8; RR 12 | RR 12; Challenge 8 Christena Pyle
67%
LI USA 1 Christen McAllister
67%
BIP 4, 5; Bachelor 21 | Bachelor 21; BIP 4, 5 Christen Whitney
67%
BB 23 Christian Birkenberger
67%
BIP 3; Bachelorette 12 | Bachelorette 12; BIP 3 Christian Bishop
67%
Challenge 4; RR 2 | RR 2; Challenge 3 Christian Breivik
67%
MC 2 Christian Collins
67%
BIP 6; Bachelorette 14 | Bachelorette 14; BIP 6 Christian Estrada
67%
MC 5, 12 Christian Green
67%
Survivor 37 Christian Hubicki
67%
Shipwrecked BOI 5 Christian James
67%
Endurance 1 Christian Justice
67%
LI USA 3 Christian Longnecker
67%
HK 11 Christian Rosati
67%
Bachelorette 17 Christian Smith
67%
MAFS AUS 2 Christie Jordee
67%
AR 5, 31 Christie Lee Woods
67%
BB 21 Christie Murphy
67%
AR AUS 3 Christie Orr
67%
AR 14 Christie Volkmer
67%
Bachelor 3 Christina
67%
MC AUS 5, 14 Christina Batista
67%
THTH 2 Christina Carmela
67%
Survivor 24 Christina Cha
67%
MAFS 11 Christina Croce
67%
AR 12, 18 Christina Hsu
67%
MC AUS 11 Christina Laker
67%
DSAL 1 Christina Lawrence
67%
AYTO 2; Challenge 27, 28 | Challenge 27, 28; AYTO 2 Christina LeBlanc
67%
HK 4 Christina Machamer
67%
Bachelor 27 Christina Mandrell
67%
Bachelor 14 ChristIna McCasland
67%
Challenge 6; RR 6 | RR 6; Challenge 6 Christina Pazsitzky
67%
Bachelor 1 Christina Stencil
67%
RW 13 Christina Trainor
67%
HK 10 Christina Wilson
67%
Hunted 1 Christina Zapolski
67%
Bachelor 4 Christine
67%
BB16 Christine Brecht
67%
Tough As Nails 3 Christine Connors
67%
MC 2 Christine Corley
67%
MC 3 Christine Ha
67%
HK 14 Christine Hazel
67%
MC NZ 1 Christine Hobbs
67%
BBCAN 4 Christine Kelsey
67%
Bachelor 18 Christine Llano
67%
Survivor 23 Christine Shields
67%
MC 5 Christine Silverstein
67%
Bachelor CA 2 Christine White
67%
Bachelor 2 Christi Weible
67%
AYTO 1 Chris Tolleson
67%
Bachelorette 14 Christon Staples
67%
MC AUS 14 Chris Tran
67%
Bachelorette 1 Chris Tunnessen
67%
Utopia 1 Chris Tuorto
67%
MC NZ 3 Chris Turner
67%
Bachelor 2 Christy
67%
AR 13 Christy Cook
67%
BIP 1; Bachelor 18 | Bachelor 18; BIP 1 Christy Hansen
67%
Survivor 6 Christy Smith
67%
Survivor 38 Chris Underwood
67%
Apprentice 4 Chris Valletta
67%
Endurance 3 Chris Vanderwier
67%
Bachelor LTYH Chris Watson
67%
Apprentice AUS 1 Chris Whiteside
67%
AR AUS 4 | MAFS 12 Chris Williams
67%
LI UK 1 Chris Williamson
67%
BBUK 15 Chris Wright
67%
BBCAN 8 Chris Wyllie
67%
Bachelor NZ 1 Chrystal Chenery
67%
EOTB UK 5; Geordie Shore 17 | Geordie Shore 17; EOTB 5 Chrysten Zenoni
67%
MCJR 8 Ciara Rogers
67%
Survivor 27, 31, 34 Ciera Eastin
67%
AR 27 Cindy Chac
67%
AR 19 Cindy Chiang
67%
AR 4 Cindy Duck
67%
Survivor 11 Cindy Hall
67%
Survivor 12, 16, 20, 34 Cirie Fields
67%
AR 17 Claire Champlin
67%
Bachelor 26 Claire Heilig
67%
AR 2 Claire Jinks
67%
AR 34; BB 23 | BB 23; AR 34 Claire Rehfuss
67%
BBUK 1 Claire Strutton
67%
AR AUS 6 Claire Thomas
67%
MC AUS 2 Claire Winton Burn
67%
Apprentice UK 4 Claire Young
67%
BIP 1, 2; Bachelor 18; Bachelorette 16; BWG | Bachelor 18; Bachelorette 16; BIP 1,2; BWG | Bachelorette 16; Bachelor 18; BIP 1, 2; BWG Clare Crawley
67%
American Grit 1 Clare Painter
67%
MAFS AUS 1 Clare Tamas
67%
MAFS AUS 2 Clare Verrall
67%
Survivor 18, 20, 23 Coach Wade
67%
Survivor 10 Coby Archa
67%
Floribama Shore Codi Butts
67%
Survivor 43 Cody Assenmacher
67%
MAFS AUS 9 Cody Bromley
67%
AR 32 Cody Buell
67%
BB16, 22 Cody Calafiore
67%
HK 19 Cody Candelario
67%
SWAMD Cody Dunlap
67%
MAFS 5 Cody Knapek
67%
Bachelorette 17 Cody Menk
67%
AR 30; BB 19 | BB 19; AR 30 Cody Nickson
67%
BIP 1; Bachelorette 10 | Bachelorette 10; BIP 1 Cody Sattler
67%
Survivor 2, 8, 20 Colby Donaldson
67%
Ultimatum 1 Colby Kissinger
67%
AR 28 Cole LaBrant
67%
Survivor 35 Cole Medders
67%
The Assistant Colin Blake
67%
Bachelorette 19 Colin Farrill
67%
AR 5, 31 Colin Guinn
67%
Challenge 6; RW 8 | RW 8; Challenge 6 Colin Mortensen
67%
MC AUS 6 Colin Sheppard
67%
HK 5 Colleen Cleek
67%
Survivor 1 Colleen Haskell
67%
Challenge 38; The Mole Germany Colleen Schneider
67%
BB 18; EOTB 2 | EOTB 2; BB 18 Corey Brooks
67%
HK 4 Corey Earling
67%
MCJR 4 Corey Gifft
67%
12 Dates 1; Challenge 37 | Challenge 37; 12 Dates of Christmas Corey Lay
67%
Temptation Island 6 Corey Sobczyk
67%
Bachelorette 11 Corey Stansell
67%
Bachelorette 2 Cory Higgins
67%
BBCAN 7 Cory Kennedy
67%
AR CAN 1 Cory Mitic
67%
RW3 Cory Murphy
67%
MCJR 3 Cory Nieves
67%
Bachelorette 11 Cory Shivar
67%
Challenge 27-32, 35-37; RW 29; EOTB 1; CvS 2 | CvS 2; Challenge 27-32, 35-37; RW 29; EOTB 1 | RW 29; Challenge 27-32, 35-37 Cory Wharton
67%
EOTB 2; WHATA Cory Zwierzynski
67%
AR CAN 8 Court Larabee
67%
Bachelor 3 Courtney
67%
AR CAN 6 Courtney Berglind
67%
LI USA 4 Courtney Boerner
67%
Shipwrecked BOI 5 Courtney Butcher
67%
AR CAN 6 Courtney Callens
67%
MC NZ 5 Courtney Crammond
67%
Bachelor 23 Courtney Curtis
67%
Shipwrecked BOI 1 Courtney Hayles
67%
MAFS 1 Courtney Hendrix
67%
MC 5 Courtney Lapresi
67%
Survivor 12 Courtney Marit
67%
Bachelor 24 Courtney Perry
67%
Circle 2 Courtney Revolution
67%
AR CAN 5 Courtney Roberts
67%
Bachelor 16 Courtney Robertston
67%
MC AUS 2 Courtney Roulston
67%
LI AUS 3 Courtney Stubbs
67%
Apprentice UK 12 Courtney Wood
67%
Survivor 15, 20 Courtney Yats
67%
AUS 1 Craig Abbot
67%
BBUK 6 Craig Coates
67%
AUS 3 Craig I'Anson
67%
MAFS AUS 3 Craig Keller
67%
LI UK 3 Craig Lawson
67%
Bachelorette 6; BP 1 Craig McKinnon
67%
BP 1; Bachelorette 6 Craig McKInnon
67%
Bachelorette 10 Craig Muhlbauer
67%
BBUK 1 Craig Phillips
67%
AR CAN 8 Craig Ramsay
67%
MAFS AUS 3 Craig Roach
67%
Bachelorette 6 Craig Robinson
67%
HK 4 Craig Schneider
67%
Mole 5 Craig Slike
67%
Apprentice 3 Craig Williams
67%
MC AUS 3 Craig Young
67%
Bachelor 15 Cristy Caserta
67%
Bachelor NZ 1 Cristy Johnson
67%
Survivor 17 Crystal Cox
67%
AR AUS 6 Crystal Tawil
67%
CvP 1, CvS 2, 3; Challenge 8, 10, 13-15, 17, 21, 22, 24-26, 29, 30, 32-37; RW 13 CT Tamburello
67%
AR 2 Cyndi Kalenberg
67%
HK 11 Cyndi Stanimirov
67%
BBUK 9 Dale Howard
67%
LI UK 7 Dale Mehmet
67%
Bachelorette 16 Dale Moss
67%
Shipwrecked BOI 3 Dale Robertson
67%
Survivor 29 Dale Wentworth
67%
AR 28 Dana Alexa Borriello
67%
HK 10, 17 Dana Cohen
67%
AR 16 Dana Davis
67%
AR CAN 3 Dana Hayward
67%
Survivor 25 Dana Lambert
67%
MC NZ 4 Dana Leaming
67%
Bachelor 2 Dana Norris
67%
BB4 Dana Varela
67%
Survivor 12 Dan Barry
67%
Apprentice 5 Dan Brody
67%
Apprentice UK 11 Dan Callaghan
67%
MC 6 Dan Collado
67%
EOTB UK 1 Dan Conn
67%
BIP 2; Bachelorette 9 | Bachelorette 9; BIP 2 Dan Cox
67%
MC AUS 13 Dan Dumbrell
67%
Shipwrecked BOI 4 Dan Evered
67%
Survivor 30 Dan Foley
67%
BB10, 14 Dan Gheesling
67%
Apprentice UK 6 Dan Harris
67%
AR 13 Dan Honig
67%
AUS 8 Dani Beale
67%
EOTB 5 Dani Cohen
67%
LI UK 4 Dani Dyer
67%
MC AUS 2 Daniel Aulsebrook
67%
BBUK 5 Daniel Bryan
67%
MC AUS 5 Daniel Churchill
67%
Circle 3 Daniel Cusimano
67%
BB 24 Daniel Durston
67%
BB8, 13, 22 Daniele Donato
67%
Apprentice UK 14 Daniel Elahi
67%
Bachelorette 11 Daniel Finney
67%
AR 21 Daniel Gale
67%
CvS 3 Daniel Gibson
67%
AR 30 Daniel Guiffreda
67%
MAFS AUS 9 Daniel Holmes
67%
MC AUS 5 Daniel Kelty
67%
MC AUS 14 Daniel Lamble
67%
Apprentice UK 10 Daniel Lassman
67%
EOTB UK 2 Danielle Abbott
67%
BBCAN 1 Danielle Alexander
67%
Bachelor NZ 1 Danielle Beston
67%
HK 11 Danielle Boorn
67%
EOTB 3 Danielle Clark
67%
Shipwrecked BOI 5 Danielle Collins
67%
MAFS 5 Danielle DeGroot
67%
MAFS 7 Danielle Dergmann-Dodd
67%
Survivor 12, 20 Danielle DiLorenzo
67%
MC AUS 3 Danielle Dixon
67%
DSAL 3 Danielle Hopson
67%
Bachelor 10 Danielle Imwalle
67%
Bachelor NZ 1 Danielle Le Gallaisz
67%
BBOTT Danielle Lickey
67%
AR 27 Danielle Littletonn
67%
BIP 4; Bachelor 21 | Bachelor 21; BIP 4 Danielle Lombard
67%
BIP 4, 8; Bachelor 21 | Bachelor 21; BIP 4, 8 Danielle Maltby
67%
Bachelor NZ 2 Danielle McGough
67%
BBUK 15 Danielle McMahon
67%
BB14 Danielle Murphree
67%
LI UK 1 Danielle Pyne
67%
BIP 1; Bachelor 18 Danielle Ranco
67%
BB3, 7 Danielle Reyes
67%
HK 10 Danielle Rimmer
67%
Bachelor 18; BIP 1 Danielle Ronco
67%
Love Is Blind 2 Danielle Ruhl
67%
Bachelor AUS 1 Danielle Sanby
67%
LI UK 3 Danielle Sellers
67%
Bachelor UK 5 Danielle Sheehan
67%
AR 9, 11 Danielle Turner
67%
Bachelor 10 Danielle Vallis
67%
AR AUS 3 Daniel Little
67%
Survivor 6 Daniel Lue
67%
LI UK 2 Daniel Lukakis
67%
BIP 3; Bachelorette 12 | BIP 4; Bachelorette 12 | Bachelorette 12; BIP 3, 4; BIP AUS 1, 2; EOTB 4 | EOTB 4; Bachelorette 12; BIP 3, 4; BIP AUS 1, 2 Daniel Maguire
67%
MC 5 Daniel McGuffey
67%
MAFS UK 6 Daniel McKee
67%
AR 22 Daniel Moss
67%
D&R 1 Daniel Perfetto
67%
Apprentice AUS 1 Daniel Phillips
67%
MC 8 Daniel Pontes-Macedo
67%
Survivor 42 Daniel Strunk
67%
Geordie Shore 4-5, BB Daniel Thomas-Tuck
67%
Bachelorette 18 Daniel Tully
67%
AYTO 7 Daniel Vilk
67%
Bachelor NZ 1 Dani Robinson
67%
Glee Project 2 Dani Shay
67%
AR 9 Dani Torchio
67%
MC AUS 3, 12 Dani Venn
67%
Survivor 17 Dan Kay
67%
AR CAN 5 Dan Kipnis
67%
Survivor 21 Dan Lembo
67%
AR 15 Dan McMillen
67%
BBUK 14 Dan Neal
67%
Survivor 11, 40 Danni Boatwright
67%
HK 15 Dannie Harrison
67%
EOTB UK 11 Danni Kedward
67%
Shipwrecked The Island Danni Mannix
67%
Shipwrecked BOI 4 Danny Balshaw
67%
LI UK 7 Danny Bibby
67%
Challenge 11; RR 13 | RR 13; Challenge 11 Danny Dias
67%
12 Dates 2 Danny Escalante
67%
Survivor 17 Danny "GC" Brown
67%
Apprentice UK 13 Danny Grant
67%
AR 20 Danny Horal
67%
Challenge 12, 14, 15, 18, 19, 23; RW 16 | RW 16; Challenge 12, 14, 15, 18, 19, 23 Danny Jamieson
67%
AR 2, 11 Danny Jimenez
67%
Apprentice 3 Danny Kastner
67%
Shipwrecked BOI 3 Danny Latimer
67%
Fboy Island 2 Danny Louisa
67%
Challenge USA 1; Survivor 41 | Survivor 41; Challenge USA 1 Danny McCray
67%
AR 23 Danny Merkey
67%
Tough As Nails 1 Danny Moody
67%
Bachelor LTYH Danny Padilla
67%
AYTO 8 Danny Prikazsky
67%
Challenge 5; RW 9 | RW 9; Challenge 5 Danny Roberts
67%
HK 5 Danny Veltri
67%
LI UK 5 Danny Williams
67%
BBUK 16 Danny Wisker
67%
MC 7 Dan Paustian
67%
AR 16 Dan Pious
67%
Survivor 37 Dan Rengering
67%
Challenge 4, 6, 10; RW 5 | RW 5; Challenge 4, 6, 10 Dan Renzi
67%
LI UK 5 Dan Rose
67%
HK 11 Dan Ryan
67%
Challenge 3, 5, 9; RR 5 Dan Seltzer
67%
RR 5; Challenge 3, 5, 9 Dan Setzler
67%
Survivor 39 Dan Spilo
67%
MC AUS 5 Dan Tuddenham
67%
Challenge 16, 20; RR 14 | RR 14; Challenge 16, 20 Dan Walsh
67%
Survivor 38 Dan "Wardog" DaSilva
67%
MAFS AUS 6 Dan Webb
67%
MC 5 Dan Wu
67%
MC 9 Darrick Krause
67%
Survivor 19 Dave Ball
67%
AR 20 Dave Brown Jr.
67%
AR 4 Dave Cottingham
67%
MAFS AUS 3 Dave Crisp
67%
Survivor 15 Dave Cruser
67%
MAFS 7 Dave Flaherty
67%
RR 12; Challenge 7 Dave Giuntoli
67%
Utopia 1 Dave Green
67%
AR 20 Dave Gregg
67%
AR 1 Dave Groark
67%
Challenge 7; RR 12 Dave Guintoli
67%
Survivor 6 Dave Johnson
67%
AR CAN 7 Dave Leduc
67%
AR 2 Dave Lepeska
67%
HK 6 Dave Levey
67%
NZS 2 Dave Lipanovic
67%
MC 3 Dave Mack
67%
Challenge 16; RW 20 | RW 20; Challenge 16 Dave Malinosky
67%
MC NZ 3 Dave McKinnon
67%
AR AUS 1 Dave Miller
67%
AR 22, 25 Dave O'Leary
67%
UKS 2 Dave Porter
67%
AR CAN 1, 7 Dave Schram
67%
AR 9 Dave Spiker
67%
BBUK 11 Dave Vaughan
67%
Bachelorette 11 | Bachelorette 3 | MAFS UK 5 David
67%
Apprentice UK 14 David Alden
67%
BB 21, 22; Challenge USA 1 | Challenge USA 1; BB 21, 22 David Alexander
67%
AR 8 David Alverson
67%
EOTB 5; Paradise Hotel 3 | PH 3; EOTB 5 David Barta
67%
Temptation Island 5 David Benavidez
67%
THTH 1 David Birtwistle
67%
Challenge 6, 7; RW 10 | RW 9; Challenge 5 David Broom
67%
Challenge 3, 8, 11; RW 7 | RW 7; Challenge 3, 8, 11 David Burns
67%
MAFS AUS 7 David Cannon
67%
AR 10, 11 David Conley Jr.
67%
AR 4 David Dean
67%
Challenge 6; RW 2 | RW2; Challenge 6 David Edwards
67%
AUS 6, 7 David Genat
67%
BB15 David Girton
67%
BP 1; Bachelorette 5 | Bachelorette 5; BP 1 David Good
67%
AUS 9 David Goodchild
67%
Apprentice 1 David Gould
67%
AUS 1 David Haas
67%
EOTB UK 5, 7 David Hawley
67%
AR 34 David Hernandez
67%
Bachelorette 8 David Homyk
67%
MC NZ 4 David Jamieson
67%
Apprentice 7 David Johnson
67%
Apprentice MS David Karandish
67%
BB4 David Lane
67%
RR 14 David Leach
67%
BP 3 David Mallet
67%
MC 3 David Martinez
67%
EOTB UK 11; CBB UK 14 David McIntosh
67%
MC 1 David Miller
67%
Survivor 22 David Murphy
67%
American Grit 1 David Neville
67%
MAFS 3 David Norton
67%
AUS 2 David Oldfield
67%
BBUK 8 David Parnaby
67%
BBUK 10 David Ramsden
67%
BIP 5; Bachelorette 14 | Bachelorette 14; BIP 5 David Ravitz
67%
Survivor 28 David Samson
67%
Bachelorette 17 David Scott
67%
AYTO 6 David Shad
67%
Challenge AUS; IAC AUS 8 David Subritzky
67%
Survivor 41 David Voce
67%
MC 7 David Williams
67%
Hunted 1 David Windecher
67%
Survivor 33, 38 David Wright
67%
Apprentice AUS 1 David Wyatt
67%
AUS 10 David Zaharakis
67%
Challenge 32, 33; BB 17, 18, 22; EOTB 5 Da'Vonne Rogers
67%
BBUK 7 Dawn Blake
67%
Survivor 23, 26 Dawn Meehan
67%
Apprentice MS Dawn Silvia
67%
Apprentice UK 15 Dean Ahmad
67%
AR 7 Deana Shane
67%
BBUK 13 Deana Uppal
67%
RW 31 Dean Bart-Plange
67%
Survivor 39 Dean Kowalski
67%
MC 10 Deanna Colon
67%
BBUK 2 Dean O'Loughlin
67%
LI UK 4 Dean Overson
67%
EOTB UK 7 Dean Ralph
67%
BIP 4, 6; Bachelorette 13; BWG | Bachelorette 13; BIP 4, 6; BWG Dean Unglert
67%
MAFS AUS 5 Dean Wells
67%
AR CAN 5 Deb Baker
67%
Survivor 2 Debb Eaton
67%
Survivor 18 Debbie Beebe
67%
AR 7 Debbie Cloyed
67%
Bachelor 5 Debbie Merkett
67%
Survivor 32, 34 Debbie Wanner
67%
LI USA 4 Deb Chubb
67%
AR AUS 5 Deb Wilson
67%
Survivor 6 Deena Bennett
67%
Jersey Shore Deena Nicole Cortese
67%
Bachelor 1 Denise
67%
Bachelor 12 Denise Hawthorne
67%
Survivor 15 Denise Martin
67%
Survivor 25, 40 Denise Stapley
67%
MC AUS 10 Denise Valdez
67%
AR 27 Denise Williams
67%
Bachelorette 6 Derek
67%
Apprentice 6 Derek Arteta
67%
Challenge 20, 23, 24; All Stars 2; RW 22 | Challenge All Stars 2; RW 22; Challenge 20, 23, 24, | RW 22; Challenge 20, 23, 24; Challenge AS 2 Derek Chavez
67%
BB 23 Derek Frazier
67%
BBCAN 6 Derek Kesseler
67%
MC AUS 11 Derek Lau
67%
BBUK 6 Derek Laud
67%
Challenge 15, 17; RR 14 | RR 14; Challenge 15, 17 Derek McCray
67%
BIP 4, 6; Bachelorette 12 | Bachelorette 12; BIP 4, 6 Derek Peth
67%
MCJR 4 Derek Quinn
67%
AR 3 Derek Riker
67%
MAFS 4 Derek Schwartz
67%
MAFS 10 Derek Sherman
67%
AR 34; BB 23; Challenge USA 1 | BB 23; Challenge USA 1; AR 34 | Challenge USA 1; BB 23; AR 34 Derek Xiao
67%
AYTO 5; Challenge 30, 32; EOTB 1 | Challenge 30, 32; AYTO 5; EOTB 1 | EOTB 1; AYTO 5; Challenge 30, 32 Derrick Henry
67%
Challenge 9-14, 16, 18, 20, 30, All Stars 1, 3; RR 13 | Challenge All Stars 1-3; RR 13; Challenge 9-14, 16, 28, 20, 30 | RR 13; Challenge 9-14, 16, 18, 20, 30; Challenge AS 1-3 Derrick Kosinski
67%
BB16 Derrick Levasseaur
67%
MC 6, 12 Derrick Peltz
67%
Bachelorette 6 Derrick Schuster
67%
Survivor 36 Desiree Afuye
67%
AR 9 Desiree Cifre
67%
Bachelor 17; Bachelorette 9 | Bachelorette 9; Bachelor 17 Desiree Hartsock
67%
Bachelor 9 Desiree Valentin
67%
Challenge USA 1; Survivor 35 | Survivor 35; Challenge USA 1 Desi Williams
67%
AUS 3 Des Quilty
67%
AR 30 Dessie Mitcheson
67%
RR 2 Devin Elston
67%
Bachelor 23 Devin Gooden
67%
Bachelorette 15 Devin Harris
67%
BB16 Devin Shepherd
67%
HK 16 Devin Simpson
67%
CvS 3; Challenge 28, 30-32, 36-38; AYTO 3; EOTB 3 Devin Walker
67%
AYTO 3; Challenge 27, 30-32, 36-38; CvS 3; EOTB 3 | Challenge 28, 30-32, 36-38; AYTO 3; EOTB 3; CvS 3 | EOTB 3; AYTO 3; Challenge 28, 30-32; 36-38 Devin Walker-Molaghan
67%
Bachelor 12 Devon Antin
67%
MC AUS 2 Devon Headland
67%
Survivor 35 Devon Pinto
67%
Snowflake Mountain 1 Devon Smith
67%
Challenge 23, 25; RW 21 | RW 21; Challenge 23, 25 Devyn Simone
67%
MC 7 Diana Bilow
67%
AR 27 Diana Bishop
67%
MC AUS 9 Diana Chan
67%
Bachelor AUS 2 Diana Dinu
67%
D&R 1 Diana Parsijani
67%
Bachelor 17 Diana Weeks Willardson
67%
BB5, 7 Diane Henry
67%
Survivor 3 Diane Ogden
67%
Bachelor 16 Dianna Martinez
67%
CBB 2 Dina Lohan
67%
Survivor 1 Dirk Been
67%
AR 8 DJ Paolo
67%
Buckhead Shore 1 DJ Simmons
67%
Survivor 36; Challenge USA 1 Domenick Abbate
67%
AR 34 Dom Jones
67%
LI UK 3 Dom Lever
67%
LI AUS 1 Dom Thomas
67%
AR 12 Donald Jerousek
67%
AR 6 Don St. Claire
67%
Survivor 14 Dreamz Herd
67%
Survivor 42 Drea Wheeler
67%
BBCAN 5 Dre Gwenaelle
67%
AYTO 1 Dre McCoy
67%
UKS 2 Drew Agger
67%
MAFS AUS 7 Drew Brauer
67%
Survivor 29 Drew Christy
67%
BB5 Drew Daniel
67%
AR 1, 11 Drew Feinberg
67%
Moolah Beach Drew Luna
67%
AR 3 Drew Riker
67%
HK 19 Drew Tingley
67%
Survivor 43 Dwight Moore
67%
Survivor 14 Earl Cole
67%
HK 7 Ed Battaglia
67%
Survivor 26 Eddie Fox
67%
MC 4 Eddie Jackson
67%
HK 15 Eddie Jaskowiak
67%
HK 3 Eddie Langley
67%
MCJR 5 Eddie Levine
67%
BBCAN 7 Eddie Lin
67%
BB1 Eddie McGee
67%
AYTO 5; Chaellenge 31 | Challenge 31; AYTO 5 Eddie Williams
67%
Challenge 37; Circle 1 | Circle 1 Ed Eason
67%
BP 3; Bachelorette 5 | Bachelorette 5; BP 3 Ed Swiderski
67%
BIP 7; Bachelorette 16 | Bachelorette 16; BIP 7 Ed Waisbrot
67%
Apprentice UK 7 Edward Hunter
67%
Bachelorette 18 Edward Naranjo
67%
EOTB 5 Eli Abreu
67%
Survivor 43 Elie Scott
67%
Karma 1 Eli Naidas
67%
Survivor 2 Elisabeth Hasselbeck
67%
MCJR 5 Elisabeth Wingo
67%
Shipwrecked BOI 2 Elisa McNally
67%
MC AUS 8 Elise Franciskovic
67%
MC 5 Elise Mayfield
67%
BIP 1; Bachelor 18 | Bachelor 18; BIP 1 Elise Mosca
67%
MC AUS 13 Elise Pulbrook
67%
HK 9, 17 Elise Wims
67%
AR 31; BB 15 | BB15; AR 31 Elissa Slater
67%
Bachelor 3 Elizabeth
67%
Survivor 39 Elizabeth Beisel
67%
HK 9 Elizabeth Bianchi
67%
MAFS 9 Elizabeth Bice
67%
MC 5 Elizabeth Cauvel
67%
Bachelor 26 Elizabeth Corrigan
67%
AR AUS 3 Elizabeth Grant
67%
Apprentice 2 Elizabeth Jarosz
67%
BP 1; Bachelor 14 | Bachelor 14; BP 1 Elizabeth Kitt
67%
Bachelor 14 Elizabeth Kreft
67%
MC NZ 5 Elizabeth Marshall
67%
Bachelor AUS 1 Elizabeth McMahon
67%
Survivor 37 Elizabeth Olson
67%
Tough As Nails 3 Elizabeth Rillera
67%
MAFS AUS 6 | MAFS AUS 7 Elizabeth Sobinoff
67%
LI USA 1 Elizabeth Weber
67%
Bachelor 21 Elizabeth Whitelaw
67%
BBUK 2 Elizabeth Woodcock
67%
BIP 8; Bachelor 26 | Bachelor 26; BIP 8 Eliza Isichei
67%
LI AUS 3 Eliza Kennedy
67%
AR 31; Survivor 9, 16 | Survivor 9, 16; AR 31 Eliza Orlins
67%
MC AUS 9 Eliza Wilson
67%
Shipwrecked BOI 2 Ella Bowman
67%
MAFS AUS 9 Ella Ding
67%
Apprentice UK 10 Ella Jade Bitton
67%
MC NZ 4 Ella Krauts
67%
BP 2; Bachelor 14 | Bachelor 14; BP 2 Ella Nolan
67%
AUS 3 El Rowland
67%
ANTM 1 Elyse Sewell
67%
Challenge 20, 25; RW 22 | RW 22; Challenge 20, 25 Emilee Fitzpatrick
67%
Hunted 1 Emiley Cox
67%
Bachelorette 10 Emil Schaffroth
67%
Bachelor 13 Emily
67%
EOTB 3 Emily Arreseigor
67%
Challenge 4, 5, 6; RR 2 | RR 2; Challenge 3, 5, 6 Emily Bailey
67%
AR 34 Emily Bushnell
67%
MCJR 6 Emily Chavez
67%
EOTB UK 2 Emily Colley
67%
BIP 3, 4; Bachelor 20 | Bachelor 20; BIP 3, 4 Emily Ferguson
67%
EOTB UK 1 Emily Gillard
67%
MC 9, 12 Emily Hallock
67%
Bachelor 14 Emily Harkins
67%
BBCAN 5 Emily Hawkin
67%
HK 20 Emily Hersh
67%
AR 1 Emily Hoyt
67%
EOTB UK 8 Emily Jane Wise
67%
HK 8 Emily Kutchins
67%
MC AUS 6 Emily Loo
67%
Bachelor 15; Bachelorette 8 | Bachelorette 8; Bachelor 15 Emily Maynard
67%
THTH 2 Emily Miller
67%
Bachelor 16 Emily O'Brien
67%
BBUK 8 Emily Parr
67%
Challenge 27 Emily Reese
67%
Bachelor NZ 2 Emily Rose
67%
EOTB 5; LI 1 | LI USA 1; EOTB 5 Emily Salch
67%
Challenge 20, 22, 24; RW 23; CvS 2 | CvS 2; Challenge 20, 22, 24; RW 23 | RW 23; Challenge 20, 22, 24; CvS 2 Emily Schromm
67%
Challenge AUS; IAC AUS 8 Emily Seebohm
67%
Bachelor AUS 1 Emily See-Winder
67%
AR AUS 3 Emily Trenberth
67%
Glee Project 1 Emily Vasquez
67%
LI AUS 3 Emily Ward
67%
Circle 4 Emma Bunton
67%
MC AUS 5 Emma Dean
67%
Shipwrecked BOI 5 Emma Fleming
67%
Bachelor AUS 2 Emma Foster
67%
BBUK 5 Emma Greenwood
67%
EOTB UK 1 Emma Jane Lang
67%
LI UK 2 Emma Jane Woodham
67%
BBUK 17 Emma Jensen
67%
Bachelor AUS 2 Emma Levitt
67%
Shipwrecked BOI 5 Emma Milton
67%
MC AUS 4 Emma O'Shaughnessy
67%
Bachelor AUS 1 Emma Rose
67%
AYTO 4 Emma Sweigard
67%
Challenge 37; Survivor Romania 1 Emy Alupei
67%
Apprentice 1 Ereka Vetrini
67%
Bachelorette 1 Eric
67%
Survivor 41 Eric Abraham
67%
Bachelor 13 Erica DeSimone
67%
Survivor 14 Erica Durousseau
67%
BBCAN 6 Erica Hill
67%
DSAL 3 Erica Pecore
67%
BP 2, 3; Bachelor 9 | Bachelor 9; BP 2, 3 Erica Rose
67%
BP 3 Erica Taltos
67%
Temptation Island 6 Erica Washington
67%
Challenge 12, 13, 15, 17, 20, 23, All Stars 1 Eric Banks
67%
Challenge All Stars 1; Challenge 12,13,15,20,23 Eric "Big Easy" Banks
67%
BIP 5; Bachelorette 13; BWG | Bachelorette 13; BIP 5; BWG Eric Bigger
67%
AR 30 Eric Guiffreda
67%
Bachelorette 3 Eric H.
67%
Survivor 38 Eric Hafemann
67%
LI USA 1 Eric Hall
67%
Bachelorette 10 Eric Hill
67%
MC 7 Eric Howard
67%
Bachelorette 19 Erich Schwer
67%
Challenge 6; RR 11 | RR 11; Challenge 6 Eric Jones
67%
AR 15 Ericka Dunlap
67%
BB6 Eric Littmann
67%
MC AUS 13 Eric Mao
67%
Challenge 1, 6, 9; RW 1 Eric Nies
67%
RW1; Challenge 1, 6, 9 Eric Niles
67%
BB3 Eric Ouellette
67%
Bachelorette 4 Eric Papachristos
67%
AR 15 Eric Paskel
67%
RW 24 Eric Patrick
67%
AR 9, 11 Eric Sanchez
67%
BB8 Eric Stein
67%
Bachelorette 3 Eric T.
67%
Survivor 41 Erika Casupanan
67%
Endurance 4 Erika Cook
67%
DSAL 3 Erika DeVito
67%
BB4, 7 Erika Landin
67%
Bachelor 23 Erika McNutt
67%
RR 4 Erika Roen
67%
AR 5 Erika Shay
67%
Bachelor 16 Erika Uhlig
67%
RW 23 Erika Wasilewski
67%
Survivor 19 Erik Cardona
67%
Survivor 15 Erik Huffman
67%
MAFS 12 Erik Lake
67%
Survivor 16, 26 Erik Reichenbach
67%
Mole 3 Erik von Detten
67%
Bachelor 2 | Bachelor AUS 1 Erin
67%
LI AUS 1; I'm a Celeb AUS 6 Erin Barnett
67%
MAFS AUS 2 Erin Batman
67%
Survivor 5 Erin Collins
67%
Apprentice 3 Erin Elmore
67%
Bachelor 11 Erin Gardner
67%
Bachelor 12 Erin Harper
67%
Bachelor NZ 2 Erin Higgins
67%
Bachelor 23 Erin Landry
67%
Survivor 18 Erinn Lobdell
67%
Bachelor 10 Erin Parker
67%
Temptation Island 6 Erin Smith
67%
Bachelor 12 Erin Storm
67%
AR 28 Erin White Robinson
67%
MC 2 Erryn Cobb
67%
AUS 6 ET Ettingshausen
67%
AYTO 6 Ethan Cohen
67%
AYTO 1 Ethan Diamond
67%
Bachelorette 19 Ethan Kang
67%
THTH 4 Ethan Smith
67%
AR 19; Survivor 3, 8, 40 | Survivor 3, 8, 40; AR 19 Ethan Zohn
67%
MCJR 8 Eva Kozar
67%
LI UK 6 Eva Zapico
67%
NZS 2 Eve Clarke
67%
LI UK 6 Eve Gale
67%
UKS 1 Eve Holding
67%
AR 3 Eve Madison
67%
Geordie Shore 14 Eve Shannon
67%
BBUK 16 f
67%
Apprentice UK 12 Frances Bishop
67%
LI UK 5 Francesca Allen
67%
AYTO 4 Francesca Duncan
67%
Snowflake Mountain 1 Francesca Geo
67%
Survivor 22, 26 Francesca Hogi
67%
Apprentice UK 16 Francesca Kennedy Wallbank
67%
Apprentice UK 9 Francesca MacDuff-Varley
67%
AR 29 Francesca Piccoli
67%
Shipwrecked BOI 2 Francesca Willi
67%
Bachelor 2 Frances Dinglasan
67%
HK 13 Frank Bilotti
67%
Apprentice UK 14 Frank Brooks
67%
HK 15 Frank Cala
67%
Bachelorette 7 Frank Carpenter
67%
AR 32 Frank Eaves
67%
BB14, 18 Frank Eudy
67%
Survivor 3 Frank Garrison
67%
Circle 4 Frank Grimsley
67%
HK 7 Fran Klier
67%
Apprentice 6 Frank Lombardi
67%
AR 1 Frank Mesa
67%
MC 3 Frank Mriando
67%
Bachelorette 6 Frank Neuschaefer
67%
Challenge 9, 15; RW 12 | RW 12; Challenge 9, 15 Frank Roessler
67%
Challenge 23-25; RW 26 | RW 26; Challenge 23-25 Frank Sweeney
67%
AR 9 Fran Lazarus
67%
Challenge 36; LI UK 3 | LI UK 3; CBB 22 Gabby Allen
67%
LI USA 4 Gabby Kiszk
67%
AR AUS 6 Gabby Mifsud
67%
Survivor 37 Gabby Pascuzzi
67%
Bachelor 26; Bachelorette 19 | Bachelorette 19; DWTS 31 Gabby Windey
67%
LLBC Gabi Andrews
67%
Bachelor 27 Gabi Elnicki
67%
Survivor 4 Gabriel Cade
67%
Bachelorette 17 Gabriel Everett
67%
AUS 2 Gabrielle Richens
67%
MC 8, 12 Gabriel Lewis
67%
Fboy Island 1 Garratt Powers
67%
Survivor 28 Garrett Adelstein
67%
Bachelorette 18 Garrett Aida
67%
Endurance 5 Garrett Manno
67%
12 Dates 1 Garrett Mercantal
67%
Fboy Island 1 Garrett Morosky
67%
AR 15 Garrett Paul
67%
Bachelorette 15 Garrett Powell
67%
Bachelorette 17 Garrett Schwartz
67%
HK 2 Garrett Telle
67%
Bachelorette 14 Garrett Yrigoyen
67%
AR 32 Gary Barnidge
67%
AR 17, 18 Gary Ervin
67%
Survivor 11 Gary Hogeboom
67%
BBCAN 1, 5 Gary Levy
67%
Apprentice UK 11 Gary Poulton
67%
AR 2 Gary Rosen
67%
Survivor 14 Gary Stritesky
67%
AR 15 Gary Tomljenovich
67%
AR 21 Gary Wojnar
67%
MCJR 1 Gavin Pola
67%
Temptation Island 5 Gavin Rocker
67%
AUS 8 Gavin Wanganeen
67%
Survivor 38 Gavin Whitson
67%
Apprentice UK 7 Gavin Winstanley
67%
MC AUS 10 Genene Dwyer
67%
Survivor 43 Geo Bustamante
67%
Shipwrecked BOI 1 Geoff Armstrong
67%
Shipwrecked BOI 4 Geri Masucci
67%
Apprentice UK 3 Gerri Blackwood
67%
THTH 3 Gerrie Labuschagne
67%
AUS 10 Gerry Geltch
67%
BB3 Gerry Lancaster
67%
BBUK 8 Gerry Stergiopoulos
67%
Survivor 17 Gillian Larson
67%
Temptation Island 7 Gillian Lieberman
67%
American Grit 2 Gill Morton
67%
HK 11 Gina Aloise
67%
EOTB UK 4 Gina Barrett
67%
Bachelor 9 Gina Clark
67%
Survivor 4 Gina Crews
67%
AR 3 Gina Diggins
67%
SWAMD Gina Lam
67%
HK 9 Gina Melcher
67%
MC AUS 10 Gina Ottaway
67%
BBUK 14 Gina Rio
67%
BBCAN 3 Graig Merritt
67%
Bachelorette 5 Greg Bilbro
67%
Survivor 1 Greg Buis
67%
Survivor 10 Gregg Carey
67%
Bachelorette 1 Gregg H.
67%
Bachelorette 17 Greg Grippo
67%
RW 20 Greg Halstead
67%
Geordie Shore 1 Greg Lake
67%
Bachelorette 4 Greg Matthew
67%
Fboy Island 1 Greg Metelus
67%
LI UK 5 Greg O'Shea
67%
AR 7 Greg Smith
67%
Bachelorette 1 Greg Todtman
67%
Survivor 42 Hai Giang
67%
Challenge 26; RW 29 | RW 29 Hailey Chivers
67%
BIP 8; Bachelor 26 | Bachelor 26; BIP 8 Hailey Malles
67%
Bachelor 21 Hailey Merkt
67%
BB20 Haleigh Broucher
67%
THTH 1 Haley Cureton
67%
BIP 3, 4, 6; Bachelor 20 | Bachelor 20; BIP 3, 4, 6 Haley Ferguson
67%
MAFS 12 Haley Harris
67%
EOTB 1 Haley Reed
67%
AR 32 Haley Williams
67%
Survivor 30, 34 Hali Ford
67%
AR CAN 1 Hal Johnson
67%
BBUK 18 Hannah Agboola
67%
Bachelor 23; Bachelorette 15; DWTS 28 | Bachelorette 15; Bachelor 23; DWTS 28 Hannah Brown
67%
BB 23 Hannah Chaddha
67%
LI UK 1 Hannah Elizabeth
67%
AYTO 5 Hannah Fugazzi
67%
BIP 6; Bachelor 23 | Bachelor 23; BIP 6 Hannah Godwin
67%
NZS 1 Hannah Gough
67%
Endurance 6 Hannah Gross
67%
Bachelor NZ 3 Hannah Howley
67%
American Grit 2 Hannah Koen
67%
Glee Project 1 Hannah McIalwain
67%
AUS 6 Hannah Pentreath
67%
AYTO 3 Hannah Rathbun
67%
Survivor 33 Hannah Shapiro
67%
MC NZ 6 Hayley Bilton
67%
Bachelor NZ 1 Hayley Blundell
67%
Bachelor 2 Hayley Crittenden
67%
AR AUS 4 Hayley Foruria
67%
LI UK 4; COTF 2 Hayley Hughes
67%
AR 26 Hayley Keel
67%
AUS 8, 10 Hayley Leake
67%
MAFS AUS 7 Hayley Vernon
67%
AR AUS 6 Heath Curry
67%
AUS 5 Heath Davies
67%
Bachelor 2 | Bachelor 3 | Bachelor 4 Heather
67%
Survivor 41 Heather Aldret
67%
RW1; Challenge 3 Heather B. Gardner
67%
ANTM 2 Heather Blumberg
67%
Mole 2 Heather Campbell
67%
Challenge 24; RW 25 | RW 25; Challenge 24 Heather Cooke
67%
Bachelor 2, 6 Heather Cranford
67%
MC AUS 8 Heather Day
67%
BBCAN 2 Heather Decksheimer
67%
MC 8 Heather Dombrosky
67%
Challenge 3; RW 1 Heather Gardner
67%
AR 3 Heather Mahar
67%
Challenge 22; RW 25 | RW 25; Challenge 23 Heather Marter
67%
Bachelor 23 Heather Martin
67%
American Grit 2 Heather Pincelli
67%
MAFS 4 Heather Seidel
67%
Bachelor 9 Heather Sneed
67%
HK 2 Heather West
67%
HK 16, 18 | HK 18 Heather Williams
67%
Apprentice 6 Heidi Androl
67%
Apprentice 1 Heidi Bressler
67%
Surf Girls Heidi Drazich
67%
AR 7 Heidi Heidel
67%
MAFS AUS 6 Heidi Latcham
67%
HK 16 Heidi Parent
67%
Survivor 6 Heidi Strobel
67%
AR 16 Heidi Wang
67%
BBUK 2 Helen Adams
67%
EOTB UK 4 Helen Briggs
67%
UKS 2 Helen Carney
67%
MC 3 Helene Leeds
67%
Survivor 5 Helen Glover
67%
Bachelor UK 5 Helen Hawkins
67%
BB15 Helen Kim
67%
Apprentice UK 7 Helen Milligan
67%
BBUK 15 Helen Wood
67%
MCJR 6 Henry Hummeldorf
67%
AUS 4, 7 Henry Nicholson
67%
MAFS 11 Henry Rodriguez
67%
Mole 1 Henry Wintz
67%
AR 30 Henry Zhang
67%
Shipwrecked BOI 5 Hollie Hobin
67%
Shipwrecked BOI 4 Hollie Tu
67%
HK 7 Holli Ugalde
67%
AR CAN 1 Holly Agostino
67%
BB 21 Holly Allen
67%
Challenge 5; RR 9 | RR 9; Challenge 5 Holly Brentson
67%
BP 2; Bachelor 12 | Bachelor 12; BP 2 Holly Durst
67%
AR AUS 5 Holly Edwards
67%
MAFS AUS 9 Holly Greenstein
67%
DSAL 1 Holly Gurbisz
67%
Geordie Shore 1-13, 17-19; COTF 3 Holly Hagan
67%
Survivor 21 Holly Hoffman
67%
Bachelor 16 Holly Johnson
67%
BB5 Holly King
67%
AR AUS 6 Holly MacAlpine
67%
Bachelor AUS 2 Holly Pearce
67%
Bachelor 5 Holly Reeder
67%
EOTB UK 3, 5 Holly Rickwood
67%
THTH 3 Holly Scarfone
67%
Challenge 3, 5, 8; RR 7 | RR 7; Challenge 3, 5, 8 Holly Shand
67%
AR 2 Hope Davis
67%
Survivor 26 Hope Driskill
67%
AYTO 3; Challenge 29, 30, 32, 33 | Challenge 29, 30, 32, 33; AYTO 3 Hunter Barfield
67%
Survivor 4 Hunter Ellis
67%
BIP 8; Bachelor 26 | Bachelor 26; BIP 8 Hunter Haag
67%
Bachelorette 15 Hunter Jones
67%
Bachelorette 17 Hunter Montgomery
67%
Ultimatum 1 Hunter Parr
67%
AR 8 Hunter Schroeder
67%
Bachelorette 6 Hunter Wagner
67%
MCJR 4 Ian Marcel Sanders
67%
Bachelorette 2 Ian McKee
67%
AR 3, 11 Ian Pollack
67%
Survivor 10 Ian Rosenberger
67%
Apprentice UK 4 Ian Stringer
67%
BB14, 22 Ian Terry
67%
Bachelorette 11 Ian Thomson
67%
LI USA 4 Isaiah Campbell
67%
AR 33 Isaiah Green-Jones
67%
LI USA 3 Isaiah Harmison
67%
THTH 3 Izzy Fairthorne
67%
BIP 3; Bachelor 20 | Bachelor 20; BIP 3 Izzy Goodkind
67%
NZS 1 Izzy Pearson
67%
BB17 Jace Agolli
67%
MAFS UK 4 Jack
67%
Circle 2 Jack Atkins
67%
LI UK 7 Jack Barlow
67%
Shipwrecked BOI 3 Jack Collins
67%
EOTB UK 6, 9 Jack Devlin
67%
LI UK 4 Jack Fincham
67%
MAFS UK 1 Jack Finn-Kelcey
67%
LI UK 4 Jack Fowler
67%
EOTB UK 6 Jack Fraser
67%
Bachelorette 1 Jack French
67%
BBUK 14 Jack Glenny
67%
MCJR 1 Jack Hoffman
67%
Bachelor 1 Jackie
67%
UKS 1 Jackie Carey
67%
Bachelor 20 Jackie Dion
67%
Apprentice UK 14 Jackie Fast
67%
HK 15 Jackie Fuchs
67%
AUS 5, 10 Jackie Glazier
67%
BP 2; Bachelor 15 | Bachelor 15 Jackie Gordon
67%
Bachelor 13 Jackie Hickley
67%
AR 26; BB 17 | BB17 Jackie Ibarra
67%
BBCAN 5 Jackie McCurrach
67%
BIP 1; Bachelor 17 | Bachelor 17; BIP 1 Jackie Parr
67%
AR CAN 2 Jackie Skinner
67%
Bachelor 10 Jackie Topelli
67%
BBUK 14 Jackie Travers
67%
Endurance 6 Jackie Wei
67%
Circle 3 Jacki Jing
67%
LI UK 8 Jack Keating
67%
MCJR 3 Jack Lembeck
67%
EOTB UK 1 Jack Lomax
67%
Bachelor LTYH Jack Mason
67%
BB 21 Jack Matthews
67%
BBUK 16 Jack McDermott
67%
MAFS AUS 9 Jack Millar
67%
AR AUS 5 Jack Newell
67%
Survivor 39 Jack Nichting
67%
BB4 Jack Owens
67%
Bachelorette 18 Jack Russell
67%
Karma 1 Jack Silver
67%
BBUK 17 Jackson Blyton
67%
AR AUS 5 Jackson Dening
67%
Survivor 42 Jackson Fox
67%
Bachelorette 8 Jackson Longnecker
67%
MAFS AUS 9 Jackson Lonie
67%
THTH 3 Jackson Mawhinney
67%
BB 21 Jackson Michie
67%
BIP 4; Bachelorette 13 | Bachelorette 13; BIP 4 Jack Stone
67%
MC NZ 5 Jack Tan
67%
Shipwrecked BOI 4 Jack Taylor
67%
Challenge AUS; AUS GT 5 Jack Vidgen
67%
Moolah Beach Jacob Capito
67%
Survivor 36 Jacob Derwin
67%
MAFS 12 Jacob Harter
67%
BB9 Jacob Heald
67%
BIP 8; Bachelorette 19 | Bachelorette 19; BIP 8 Jacob Rapini
67%
MC AUS 7 Jacqui Ackland
67%
Survivor 17 Jacquie Berg
67%
AUS 4, 7 Jacqui Patterson
67%
Bachelor 15 J Adams
67%
Survivor 15 Jaime Dugan
67%
AR 14, 18 Jaime Edmondson
67%
MC NZ 5 Jaimie Stodler
67%
BIP 4; Bachelor 21 | Bachelor 21; BIP 4 Jaimi King
67%
Survivor 5 Jake Billingsly
67%
Challenge 6; RR 4 | RR 4; Challenge 6 Jake Bronstein
67%
MC AUS 2 Jake Bujayer
67%
LI UK 7 Jake Cornish
67%
Ultimatum 1 Jake Cunningham
67%
MAFS AUS 8 Jake Edwards
67%
Bachelorette 14 Jake Enyeart
67%
MC 1 Jake Gandolfo
67%
AR AUS 5 Jake Henderson
67%
AR AUS 6 Jake O'Brien
67%
Bachelorette 12 Jake Patton
67%
BP 2; Bachelor 14; Bachelorette 5 | Bachelor 14; Bachelorette 5 BP 2; DWTS 10 | Bachelorette 5; Bachelor 14; BP 2; DWTS 10 Jake Pavelka
67%
Challenge 38; EOTB 4 | EOTB 4: Challenge 38 Jakk Maddox
67%
NZS 1 Jak Thomas
67%
Survivor 39 Jamal Shipman
67%
AR 23, 25, 31 Jamal Zadran
67%
Circle 3 James Andre Jefferson
67%
MC AUS 7 James Bell
67%
BIP 7, 8; Bachelorette 17 | Bachelorette 17; BIP 7, 8 James Bonsall
67%
AR 10 James Branaman
67%
Bachelorette 9 James Case
67%
Survivor 9 James "Chad" Crittenden
67%
Bachelorette 19 James Clarke
67%
Survivor 15, 16, 20 James Clement
67%
MC NZ 5 James Culleton
67%
AR 21 James Davis
67%
Apprentice 4 james Dillon
67%
AR 27 James Earl Corley
67%
Bachelorette 12 James Fuertes
67%
Shipwrecked BOI 1 James George
67%
Shipwrecked BOI 2 James Goldthorpe
67%
Shipwrecked BOI 2 James Green
67%
Apprentice UK 10 James Hill
67%
BB17 James Huling
67%
Survivor 43 James Jones
67%
LI UK 2 James Khan
67%
AR AUS 2 James Kingsbury
67%
Survivor 36 James Lim
67%
AR 21 James LoMenzo
67%
AR CAN 7 James Makokis
67%
CBB 1 James Maslow
67%
Apprentice UK 1 James Max
67%
LI USA 2 James McCool
67%
Apprentice UK 5 James McQuillan
67%
Survivor 10 James Miller
67%
EOTB UK 4 James Moore
67%
Shipwrecked BOI 1 James Mudie
67%
MC 4 James Nelson
67%
MAFS UK 1 James Ord-Hume
67%
Challenge 4, 6; RR 9 | RR 9; Challenge 4, 6 James Orlando
67%
THTH 4 James Pendergrass
67%
BB6, 7 James Rhine
67%
Bachelorette 12 James Spadafore
67%
UKS 1 James Stroud
67%
Apprentice 6 James Sun
67%
MAFS AUS 8 James Susler
67%
Bachelorette 12 James Taylor
67%
All Star Shore 1; Geordie Shore | Geordie Shore 1-10, BB, 20-22; All Star Shore 1 James Tindale
67%
AR 32; Challenge USA 1 | Challenge USA 1; Amazing Race 32 James Wallington
67%
Shipwrecked BOI 3 James Ward
67%
MAFS AUS 1 James Webster
67%
Apprentice 7 James Weir
67%
Apprentice UK 13 James White
67%
BB9 James Zinkand
67%
Bachelorette 13; BWG Jamey Kocan
67%
LI UK 8 Jamie Allen
67%
Challenge 27, 28 Jamie Banks
67%
HK 7 Jamie Bisoulis
67%
Bachelorette 1 Jamie Blyth
67%
Challenge 10; RW 14 | RW 14; Challenge 10 Jamie Chung
67%
LI UK 6 Jamie Clayton
67%
AR CAN 1 Jamie Cumberland
67%
Shipwrecked BOI 3 Jamie Davison-Lungley
67%
MC AUS 6 Jamie Fleming
67%
MAFS AUS 8 Jamie Gardner
67%
AR 20 Jamie Graetz
67%
HK 9 Jamie Gregorich
67%
AR 10 Jamie Hill
67%
Shipwrecked BOI 5 Jamie Hodge
67%
MC 10 Jamie Hough
67%
LI UK 3 Jamie Jewitt
67%
BB1 Jamie Kern
67%
RW 29 Jamie Larson
67%
Apprentice UK 6 Jamie Lester
67%
LI UK 6 Jamie McCann
67%
Challenge 4, 6, 11; RW 9 | RW 9; Challenge 3, 6, 11 Jamie Murray
67%
Survivor 11 Jamie Newton
67%
BP 3; Bachelor 16 | Bachelor 16; BP 3; MAFS 1 Jamie Otis
67%
MAFS 1 Jamie OtisHehner
67%
Bachelorette 18 Jamie Skaar
67%
MAFS 9 Jamie Thompson
67%
MC AUS 7 Jamie Ward
67%
Bachelor LTYH Jamie Weintraub
67%
Fboy Island 1 Jamie Wood
67%
BIP 6; Bachelor 23 | Bachelor 23; BIP 6 Jane Averbukh
67%
Shipwrecked BOI 2 Jane Barrie
67%
Survivor 21 Jane Bright
67%
AUS 1 Jane Dalton
67%
EOTB 2; BGC 11 Janelle Shanks
67%
Apprentice UK 8 Jane McEvoy
67%
Bachelor 26 Jane Paik
67%
Survivor 39 Janet Carbin
67%
Challenge 2; RW 7 | RW 7; Challenge 2 Janet Choi
67%
Survivor 6 Janet Koth
67%
Survivor 5 Jan Gentry
67%
AUS 6 Janine Allis
67%
AUS 4 Jarrad Seng
67%
BB5, 7 Jase Wirey
67%
Bachelor 21; BIP 4 Jasmine Brown
67%
BB 24 Jasmine Davis
67%
BIP 4; Bachelor 21 | Bachelor 21; EOTB 1 | EOTB 1; Bachelor 21 Jasmine Goode
67%
DSAL 3 Jasmine Jones
67%
Apprentice UK 14 Jasmine Kundra
67%
MAFS 8 Jasmine McGriff
67%
Bachelor 24 Jasmine Nguyen
67%
AYTO 8 Jasmine Olson
67%
AYTO 2 Jasmine Pendleton
67%
Challenge 21-25; All Stars 2; RW 22 | Challenge All Stars 2; RW 22; Challenge 21-25 | RW 22; Challenge 21-25; Challenge AS 2 Jasmine Reynaud
67%
AYTO 7 Jasmine Rodriguez
67%
MCJR 5 Jasmine Stewart
67%
Bachelorette 3 | Temptation Island 3 Jason
67%
Bachelorette 19 Jason Alabaster
67%
BBUK 17 Jason Burrill
67%
MAFS 1 Jason Carrion
67%
AR 23 Jason Case
67%
D&R 1 Jason Cohen
67%
Challenge 2; RW 6 | RW 6; Challenge 2 Jason Cornwell
67%
BBUK 5 Jason Cowan
67%
Apprentice 1 Jason Curis
67%
BB 19 Jason Dent
67%
HK 7 Jason Ellis
67%
MAFS AUS 8 Jason Engler
67%
Bachelorette 16 Jason Foster
67%
BB3 Jason Guy
67%
RW 30 Jason Hill
67%
MAFS UK 1 Jason Knowles
67%
Apprentice UK 9 Jason Leech
67%
Bachelorette 10 Jason Leep
67%
Survivor 39 Jason Linden
67%
Bachelor 13 | Bachelorette 4; Bachelor 13 Jason Mesnick
67%
BB17; BB OTT Jason Roy
67%
Survivor 16 Jason Siska
67%
Bachelorette 14 Jason Tartick
67%
HK 4 Jason Underwood
67%
EOTB 3 Jason Walsh
67%
MC 8 Jason Wang
67%
Bachelorette 6 Jason Whitehead
67%
AR 12 Jason Wildener
67%
HK 9, 12 Jason Zepaltas
67%
MC NZ 2 Jax Hamilton
67%
AUS 9 Jay Bruno
67%
Survivor 24 Jay Byars
67%
RW4 Jay Frank
67%
Geordie Shore 1-3, 6-7, BB Jay Gardner
67%
MC AUS 3 Jay Huxley
67%
BBUK 12 Jay McKray
67%
AR 21 Jaymes Vaughan
67%
Challenge 26; RW 29 | RW 29; Challenge 26 Jay Mitchell
67%
BBUK 17 Jayne Connery
67%
BBUK 7 Jayne Kitt
67%
UKS 1 Jayne Meyler
67%
BBCAN 10 Jay Northcott
67%
Bachelorette 6 Jay Resmini
67%
HK 7 Jay Santos
67%
Bachelorette 16 Jay Smith
67%
Challenge 35, 36, 38; Survivor 33; EOTB 2 | EOTB 2; Survivor 33; Challenge 35, 36, 38 | Survivor 33; Challenge 35, 36, 38; EOTB 2 Jay Starrett
67%
LI UK 8 Jay Younger
67%
AR 27 Jazmine Lewis
67%
LI UK 8 Jazmine Nichol
67%
EOTB 2 JD Harmon
67%
Apprentice UK 12 JD O'Brien
67%
Challenge 20, 23; RW 21 | RW 21; Challenge 20, 23 JD Ordonez
67%
Survivor 41 JD Robinson
67%
Bachelorette 14 Jean Blanc
67%
Survivor 43 Jeanine Zheng
67%
BB1 Jean Jordan
67%
Survivor 6 Jeanne Hebert
67%
Survivor 15 Jean-Robert Bellande
67%
Survivor 5 Jed Hildebrand
67%
BBCAN 9 Jedson Tavernier
67%
Bachelorette 15 Jed Wyatt
67%
Challenge 19 Jeff Barr
67%
AUS 1 Jeff Brown
67%
Bachelorette 17 Jeff Caravello
67%
LI USA 4 Jeff Christian
67%
AR AUS 1 Jeff Downes
67%
The Assistant Jeff Jimenez
67%
Survivor 25 Jeff Kent
67%
HK 1 Jeff LaPoff
67%
AR 26 Jeff Magree
67%
Bachelorette 7 Jeff Medolla
67%
Bachelorette 2 Jeff O'Quinn
67%
MC 8 Jeff Philbin
67%
Endurance 2 Jeff Phillips
67%
Bachelorette 1 Jeff Popovich
67%
Apprentice MS Jeff Rudell
67%
AR 16; BB 11, 13 | BB11, 13; AR 16 Jeff Schroeder
67%
AR 4 Jeff Strnad
67%
Survivor 2, 31, 34 Jeff Varner
67%
Apprentice UK 13 Jeff Wan
67%
AR 26; BB 17 | BB17 Jeff Weldon
67%
Survivor 10 Jeff Wilson
67%
Survivor 28 Jefra Bland
67%
BB9 Jen Diturno
67%
HK 4, 18 Jen Gavin
67%
AR 14, 18 Jen Hoffman
67%
AR 30 Jen Hudak
67%
BB8 Jen Johnson
67%
AR CAN 2 Jen King
67%
Girls of Hedsor Hall Jen Marden
67%
Bachelor 4 Jenn
67%
AUS 5 Jenna Austin
67%
Survivor 36 Jenna Bowman
67%
AYTO 8 Jenna Brown
67%
Bachelor 16 Jenna Burke
67%
Challenge 26-30, 32, 33, 35; RW 29; CvS 2 | CvS 2; Challenge 26-30, 32, 33, 35; RW 29 | RW 29; Challenge 26-30, 32, 33, 35; CvS 2 Jenna Compono
67%
BIP 5; Bachelor 22 | Bachelor 22 Jenna Cooper
67%
Surf Girls Jenna Grosshans
67%
MC 1 Jenna Hamiter
67%
Girls of Hedsor Hall Jenna Heiss
67%
Endurance 1, 2 Jenna Jimenez
67%
MCJR 3 Jenna Kloner
67%
Survivor 1, 8 Jenna Lewis
67%
AR 19; Survivor 3, 8 | Survivor 6, 8; AR 19 Jenna Morasca
67%
BB14 Jenn Arroyo
67%
Bachelor 24 Jenna Serrano
67%
AR 17 Jenna Sykes
67%
RW 31 Jenna Thomason
67%
Apprentice UK 8 Jenna Whittingham
67%
Survivor 30 Jenn Brown
67%
MC NZ 5 Jenn Clark
67%
Challenge 14, 16, 17, 19-21; RW 18 | RW 18; Challenge 14, 16, 17, 19-21 Jenn Grijalva
67%
Bachelor 11 Jenni Croft
67%
Shipwrecked BOI 1 Jenni Danns
67%
BBUK 7 Jennie Corner
67%
Joe Millionaire 2022 Jennie K.
67%
MC 2 Jennie Kelley
67%
Bachelor 3 Jennifer
67%
MC 2 Jennifer Behm
67%
Mole 1 Jennifer Biondi
67%
BBUK 9 Jennifer Clark
67%
Apprentice 2 Jennifer Crisafulli
67%
Bachelor 16 Jennifer Fritsch
67%
RW 32 Jennifer Geoghan
67%
Apprentice 6 Jennifer Hoffan
67%
AR 14 Jennifer Hopka
67%
Survivor 32 Jennifer Lanzetti
67%
Apprentice MS Jennifer Le
67%
Apprentice UK 4 Jennifer Maguire
67%
Apprentice 2 Jennifer Massey
67%
AR 12 Jennifer McCall
67%
Girls of Hedsor Hall Jennifer Morina
67%
Apprentice 4 Jennifer Murphy
67%
HK 9, 17 Jennifer Normant
67%
HK 13 Jennifer Salhoff
67%
BIP 3, 6; Bachelor 20 | Bachelor 20; BIP 3, 6 Jennifer Saviano
67%
Bachelor CA 2 Jennifer Selinger
67%
BB6 Jennifer Vasquez
67%
Apprentice 4 Jennifer Wallen
67%
AR 22, 25 Jennifer Wayne
67%
MC 8 Jennifer Williams
67%
Bachelor 9 Jennifer Wilson
67%
AR 19 Jennifer Young
67%
AYTO 2 Jenni Knapmiller
67%
AR 29; Challenge 35 | Challenge 35; AR 29 | MC AUS 14 Jenn Lee
67%
Survivor 10 Jenn Lyon
67%
Bachelor 4 Jenny
67%
Bachelor CA 2 Jenny Campion
67%
MC 8 Jenny Cavellier
67%
Apprentice UK 4 Jenny Celerier
67%
Bachelor 22 Jenny Delaney
67%
RW 29 Jenny Delich
67%
Bachelor 5 Jenny De Schiralli
67%
Apprentice UK 11 Jenny Garbis
67%
Survivor 13 Jenny Guzon-Bae
67%
Survivor 42 Jenny Kim
67%
MC AUS 10 Jenny Lam
67%
Bachelor 5 Jenny Matthews
67%
Bachelor UK 5 Jenny Nelson
67%
EOTB UK 6 Jenny Thompson
67%
Challenge 34, 35 Jenny West
67%
AR 26 Jenny Wu
67%
AR 12 Jen Parker
67%
Surf Girls Jen Pollack
67%
Bachelor 3; Bachelorette 3 | Bachelorette 3; Bachelor 3 Jen Schefft
67%
HK 3 Jen Yemola
67%
Bachelorette 4 Jeremy Anderson
67%
Challenge 8, 11; RR 12 | RR 12; Challenge 7, 11 Jeremy Blossom
67%
AR 19 Jeremy Cline
67%
Survivor 29, 31, 40 Jeremy Collins
67%
Survivor 37 Jeremy Crawford
67%
Fboy Island 2 Jeremy Edberg
67%
LI USA 3 Jeremy Hershberg
67%
Bachelorette 16 Jeremy Higgins
67%
HK 11 Jeremy Madden
67%
BB15 Jeremy McGuire
67%
AR 9 Jeremy Ryan
67%
Bachelor UK 5 Jerri Lee
67%
Survivor 2, 8, 20 Jerri Manthey
67%
AR 32 Jerry Eaves
67%
Bachelorette 3 Jerry Ferris
67%
RR 14 Jerry Jankowski
67%
BB10 Jerry MacDonald
67%
Survivor 18 Jerry Sims
67%
MC AUS 9 Jess Butler
67%
BP 1; Bachelorette 6 Jesse Beck
67%
Rock the Cradle Jesse Blaze Snider
67%
LI USA 4 Jesse Bray
67%
AR CAN 8 Jesse Cockney
67%
Bachelorette 4 Jesse Csincsak
67%
MCJR 4 Jesse Gunn
67%
AUS 9 Jesse Hansen
67%
MAFS AUS 4 Jesse Konstantinoff
67%
BIP 1; Bachelorette 5; BP 1 | BP 1; Bachelorette 5; BIP 1 | Bachelorette 5; BP 1; BIP 1 Jesse Kovacs
67%
BBCAN 6 Jesse Larson
67%
Survivor 43 Jesse Lopez
67%
Rock the Cradle Jesse Money
67%
AR CAN 3 Jesse Montani
67%
AR AUS 3 Jesse O'Brien
67%
Bachelor 5 Jesse Palmer
67%
MC 6 Jesse Romero
67%
Challenge 12 Jesse Stark
67%
LI UK 6 Jess Gale
67%
Bachelor 27 Jess Girod
67%
MC AUS 11 Jess Hall
67%
LI UK 1 Jess Hayes
67%
MC AUS 13 Jess Hodge
67%
AYTO 2 Jessica Andreatta
67%
MC AUS 7 Jessica Arnott
67%
Love Is Blind 1 Jessica Batten
67%
Bachelor 5 Jessica Bowlin
67%
HK 16 Jessica Boynton
67%
Challenge AUS; Bachelor AUS 7 Jessica Brody
67%
HK 1 Jessica Cabo
67%
Bachelor 22 Jessica Carroll
67%
MAFS 2 Jessica Castro
67%
Apprentice UK 12 Jessica Cunningham
67%
Survivor 14 Jessica DeBen
67%
Bachelor 10 Jessica Devallo
67%
AR 22, 25 Jessica Erck
67%
Survivor 33 Jessica "Figgy" Figueroa
67%
Survivor 13 Jessica "Flicka" Smitch
67%
BBCAN 10 Jessica Gowling
67%
AR 30; BB 19 | BB 19, AR 30 Jessica Graf
67%
The Royal World Jessica Heydel
67%
Bachelor 5 Jessica Holcomb
67%
Bachelor 9 Jessica Horner
67%
BB8 Jessica Hughbanks
67%
Bachelor CA 1 Jessica Jenei
67%
Survivor 35 Jessica Johnston
67%
Bachelor AUS 2 Jessica Jones
67%
Bachelor 11 Jessica Kiss
67%
Bachelor 5 Jessica Kyron
67%
HK 11 | Survivor 33 Jessica Lewis
67%
AR AUS 5 Jessica Matavao
67%
Challenge 24-26, 28; RW 28 | RW 28; Challenge 24-26, 28 Jessica McCain
67%
BB 21 Jessica Milagros
67%
Bachelor 20 Jessica Moser
67%
Survivor 37 Jessica Peet
67%
AYTO 1 Jessica Perez
67%
MAFS AUS 9 Jessica Seracino
67%
LI UK 3 Jessica Shears
67%
MCJR 2 Jessica Stephens
67%
AR 15 Jessica Stout
67%
MAFS 10 Jessica Studer
67%
AR 28 Jessica VerSteeg
67%
HK 12 Jessica Vogel
67%
Bachelor CA 3 Jessie Baker
67%
Survivor 3 Jessie Camacho
67%
Apprentice 1 Jessie Conenrs
67%
BB10, 11 Jessie Godderz
67%
BB15 Jessie Kowalski
67%
MC 4 Jessie Lysiak
67%
AR 29 Jessie Shields
67%
MC AUS 7 Jessie Spiby
67%
BP 1; Bachelor 14 Jessie Suldis
67%
Bachelor 14; BP 1 Jessie Sulidis
67%
LI AUS 2 Jessie Wynter
67%
MAFS AUS 6 Jessika Power
67%
EOTB UK 2, 5; CBB UK 21 Jess Impiazzi
67%
MC AUS 10, 12 Jess Liemantara
67%
Bachelor NZ 3 Jess Nutley
67%
Bachelor UK 5 Jess Quioque
67%
MC NZ 6 Jess Smith
67%
LI AUS 3 Jess Velkovski
67%
MAFS AUS 3 Jess Wardrop
67%
Endurance 4 Jeszie Geronimo
67%
HK 5 Ji-Hyun Cha
67%
Bachelor 1 Jill
67%
AR 3, 11 Jill Aquilino
67%
Survivor 21 Jill Behm
67%
BIP 8; Bachelor 26 | Bachelor 26; BIP 8 Jill Chin
67%
AR 17 Jill Haney
67%
Bachelor 19; BIP 2 Jillian Anderon
67%
BIP 2; Bachelor 19 Jillian Anderson
67%
HK 8, 18 Jillian Flathers
67%
Bachelor 13; Bachelorette 5 | Bachelorette 5; Bachelor 13 Jillian Harris
67%
BBCAN 1; AR CAN 4 Jillian MacLaughlin
67%
MCJR 8 Jillian maher
67%
AR CAN 4; BBCAN 1 Jillian McLaughlin
67%
DSAL 3 Jillian Pantaleo
67%
BB 19 Jillian Parker
67%
Challenge 11, 15, 19; RR 13 | RR 13; Challenge 11, 15, 19 Jillian Zoboroski
67%
Bachelor 15 Jill Ruskowksi
67%
Apprentice MS Jim Bozzini
67%
Apprentice UK 7 Jim Eastwood
67%
Survivor 11 Jim Lynch
67%
AR 5 Jim McCoy
67%
HK 6 Jim McGlin
67%
Mole 1 Jim Morrison
67%
HK 1 Jimmy Casey
67%
Survivor 21 Jimmy Johnson
67%
MC AUS 2 Jimmy Seervai
67%
Survivor 21 Jimmy Tarantino
67%
MCJR 3 Jimmy Warshawsky
67%
MC AUS 8 Jimmy Wong
67%
AR 25 Jim Raman
67%
Survivor 23 Jim Rice
67%
American Grit 1 Jim Vaglica
67%
UKS 1 JJ Adams
67%
BBUK 11 JJ Bird
67%
AR 20, 31 JJ Carrell
67%
AYTO 1; Challenge 26 | Challenge 26; AYTO 1 JJ Jacobs
67%
BIP 2; Bachelorette 11 | Bachelorette 11; BIP 2 JJ Lane III
67%
Bachelorette 10 JJ O'Brien
67%
MCJR 4 JJ O'Day
67%
HK 5 J Maxwell
67%
Shipwrecked BOI 1 Jo Armstrong
67%
BBUK 11 Jo Butler
67%
Apprentice UK 2 Jo Cameron
67%
Shipwrecked BOI 2 Jo Davis
67%
MC AUS 11 Joe Ahern
67%
BIP 5, 7; Bachelorette 14 | Bachelorette 14; BIP 5,7; DWTS 27 Joe Amabile
67%
Survivor 30, 31, 38 Joe Anglim
67%
EOTB UK 8 Joe Angus
67%
BB14 Joe Arvin
67%
BIP 2; Bachelorette 11 | Bachelorette 11; BIP 2 Joe Bailey
67%
AR 1, 11 Joe Baldassare
67%
BB8 Joe Barber
67%
Bachelorette 15 Joe Barsano
67%
Bachelorette 18 Joe Coleman
67%
EOTB UK 4 Joe Delaney
67%
Survivor 32 Joe Del Campo
67%
Survivor 18 Joe Dowdle
67%
LI UK 5 Joe Garrett
67%
Bachelorette 8 Joe Gendreau
67%
BBUK 14 Joe Glenny
67%
Survivor 16 Joel Anderson
67%
AUS 1 Joel Betts
67%
LI USA 4 Joel Bierwert
67%
AR CAN 4 Joel Ground
67%
Survivor 1 Joel Klug
67%
BBCAN 4 Joel Lefevre
67%
BBUK 16 Joel Williams
67%
EOTB UK 6 Joe McLean
67%
Survivor 35 Joe Mena
67%
Made in Staten Island Joe O'Toole
67%
BIP 7; Bachelorette 16 | Bachelorette 16; BIP 7 Joe Park
67%
RW 5 Joe Patane
67%
BBUK 18 Joe Quaranta
67%
AR 6 Joe Rashbaum
67%
HK 15 Joe Ricci
67%
Shipwrecked The Island Joe Richardson
67%
Shipwrecked BOI 2 Joe Ston
67%
AYTO 6; EOTB 1 | EOTB 1; AYTO 6 Joe Torgerson
67%
AR 16 Joe Wang
67%
AYTO 5 Joey Amoia
67%
AR 27 Joey Buttitta
67%
EOTB UK 2 Joey Chandler
67%
AR 30 Joey Chestnut
67%
AR 29 Joey Covino
67%
AYTO 1 Joey Dillon
67%
AR AUS 4 Joey Dinh
67%
All Star Shore 1; Only Way is Essex | EOTB UK 11; IAC… 13; CMC UK 14 Joey Essex
67%
AR 22, 25 Joey Garceffa
67%
Bachelorette 15 Joey Jones
67%
THTH 2 Joey Joy
67%
RW 20 Joey Kovar
67%
AR 20 Joey Lasalla
67%
CBB 2 Joey Lawrence
67%
AUS 8 Joey McCann
67%
D&R 1 Joey Roppo
67%
RW 22 Joey Rozmus
67%
Circle 1 Joey Sasso
67%
AR AUS 1 Joey Toutounji
67%
BB16 Joey Van Pelt
67%
BIP 8; Bachelorette 19 | Bachelorette 19; BIP 8 Joey Young
67%
LI UK 1 John Alberti
67%
Bachelorette 19 John Anderson
67%
MC AUS 7, 14 John Carasig
67%
Survivor 4 John Carrol
67%
AR AUS 3 John Charles
67%
Survivor 23, 26 John Cochran
67%
Survivor 27 John Cody
67%
Bachelorette 6 John Crivello
67%
UKS 2 John Dalzell
67%
RW 17; Challenge 13, 14, 16, 18, 20-22, 24-35, 38; Worst Cooks 19; CvP 1; CvS 2 John Devenanzio
67%
AUS 6, 7; Challenge AUS John Eastoe
67%
AR 22, 25 John Erck
67%
Survivor 19 John Fincher
67%
Circle 4 John Franklin
67%
Apprentice 3 John Gafford
67%
BIP 5; Bachelorette 14 | Bachelorette 14; BIP 5 John Graham
67%
Bachelorette 5 John Hardesty
67%
Survivor 37 John Hennigan
67%
Bachelorette 17 John Hersey
67%
AYTO 4 John Humphrey
67%
BBUK 11 John James Parton
67%
Endurance 4 John Kardian
67%
Survivor 9 John Keeney
67%
AR 9 John Lowe
67%
BBCAN 8 John Luke Kieper
67%
BB17 John McGuire
67%
Shipwrecked BOI 1,2 John Melvin
67%
Fboy Island 2 John MgBemena
67%
AYTO 2 John Moustis
67%
Bachelorette 6 John Nicols
67%
Challenge 12 Johnnie McBride
67%
MAFS AUS 8 Johnny Balbuziente
67%
CvP 1; CvS 2; Challenge 13, 14, 16, 18, 20-22, 24-35, 38; RW 17; Johnny Bananas Devenanzio
67%
BBCAN 3 Johnny Colatruglio
67%
BIP 8; Bachelorette 19 | Bachelorette 19; BIP 8 Johnny DePhillipo
67%
Challenge AUS; AUS Survivor 6,7 Johnny Eastoe
67%
MAFS 13 Johnny Lam
67%
HK 16 Johnny McDevitt
67%
All Star Shore 1: LI USA 2; Challenge 38 | Challenge 38; LI USA 2; All Star Shore 1 | LI USA 2; All Star Shore 1; Challenge 38 Johnny Middlebrooks
67%
BBCAN 6 Johnny Mulder
67%
Challenge 25, 26, 28; RW 28 | RW 28; Challenge 25, 26, 28 Johnny Reilly
67%
Survivor 9 John Palyok
67%
BIP 6; Bachelorette 15 | Bachelorette 15; BIP 6 John Paul Jones
67%
Bachelorette 5 John Presser
67%
Survivor 5 John Raymond
67%
MAFS AUS 4,5 John Roberston
67%
Survivor 29 John Rocker
67%
EOTB UK 7 John Speed
67%
Temptation Island 4 John Thurmond
67%
Apprentice 2 John Willenborg
67%
Bachelorette 8 John Wolfner
67%
RW 28 Joi Niemeyer
67%
MC AUS 10 Jo Kendray
67%
MAFS UK 4 Jonathan
67%
AR 6 Jonathan Baker
67%
CBB 2 Jonathan Bennett
67%
MC AUS 2 Jonathan Daddia
67%
BBUK 8 Jonathan Durden
67%
MAFS 6 Jonathan Francetic
67%
Bachelorette 12 Jonathan Hamilton
67%
Shipwrecked BOI 3 Jonathan Hewston
67%
BIP 2; Bachelorette 11 | Bachelorette 11; BIP 2 Jonathan Holloway
67%
AR 26 Jonathan Knight
67%
Endurance 4 Jonathan Lebowitz
67%
BBUK 7 Jonathan Leonard
67%
Survivor 10 Jonathan Libby
67%
Utopia 1 Jonathan Lovelace
67%
AYTO 8 Jonathan Monroe
67%
Bachelorette 6; BP 1 Jonathan Novack
67%
Survivor 13, 16, 25 Jonathan Penner
67%
Shipwrecked BOI 1 Jonathan Ross
67%
Bachelorette 15 Jonathan Saunders
67%
AR 17 Jonathan Schwartz
67%
BIP 4; Bachelorette 13 | Bachelorette 13; BIP 4 Jonathan Treece
67%
EOTB 5; World of Dance 3 Jonathan Troncoso
67%
MAFS AUS 4 Jonathan Troughton
67%
Bachelorette 9 Jonathan Vollinger
67%
BP 1; Bachelorette 6 Jonathan "Weatherman" Novack
67%
Endurance 6; Survivor 42 | Survivor 42; Endurance 7 Jonathan Young
67%
Challenge 1, 5, 10; RW 2 | RW2; Challenge 1, 6, 10 Jon Brennan
67%
AR 6 Jon Buehler
67%
LI UK 1 Jon Clark
67%
AR 4 Jon Corso
67%
Endurance 1 Jon Crocilla
67%
Bachelorette 7 Jon Ellsworth
67%
RR 5 Jon Holmes
67%
Survivor 7, 16 Jon "Jonny Fairplay" Dalton
67%
Bachelorette 4 Jon Konkel
67%
Survivor 29 Jon Misch
67%
MC 4 Jonny Blanchard
67%
UKS 2 Jonny Gibb
67%
LI UK 3; CBB UK 21 Jonny Mitchell
67%
BBUK 3 Jonny Regan
67%
MC NZ 5 Jon Odering
67%
BBCAN 2 Jon Pardy
67%
HK 11 Jon Scallion
67%
BBUK 4 Jon Tickle
67%
AR 4 Jon Weiss
67%
LI UK 4 Jordan Adefeyisan
67%
RW 32 Jordan Anderson
67%
Bachelor 19 Jordan Branch
67%
LI AUS 2 Jordan Cayless
67%
Bachelorette 16 Jordan Chapman
67%
EOTB UK 3, 4, 5; CBB UK 20 Jordan Davies
67%
LI UK 5 Jordan Hames
67%
Bachelorette 19 Jordan Helman
67%
MC 5 Jordan Kaminski
67%
BIP 5, 6; Bachelorette 14 | Bachelorette 14; BIP 5, 6 Jordan Kimball
67%
AR 16; BB 11, 13 | BB11, 13; AR 16 Jordan Lloyd
67%
Bachelorette 16 Jordan Manier
67%
BIP 5; Bachelor NZ; BWG | Bachelor NZ 2 Jordan Mauger
67%
LI USA 4 Jordan Morello
67%
BBCAN 3 Jordan Parhar
67%
AR 16 Jordan Pious
67%
Apprentice UK 9 Jordan Poulton
67%
LI UK 1 Jordan Ring
67%
Bachelorette 12 Jordan Rodgers
67%
MC 4 Jordan Roots
67%
AR AUS 5 Jordan Saisi
67%
HK 19 Jordan Savell
67%
AUS 9 Jordan Schmidt
67%
MC NZ 5 Jordan Shearer
67%
LI AUS 3 Jordan Tilli
67%
Bachelorette 19 Jordan Vandergriff
67%
LI UK 6 Jordan Waobikeze
67%
Challenge 24-26, 30, 34, 35, 38; All Stars 3 RW 28; CvP 1 | Challenge All Stars 3; RW 28; Challenge 24-26, 30, 34, 35, 38 | CvP 1; Challenge 24-26, 30, 34, 35, 38; All Stars 3 RW 28 | RW 28; Challenge 24-26, 30, 34, 35, 38; Challenge AS 3; CvP 1 Jordan Wiseley
67%
EOTB UK 7 Jordan Wright
67%
MAFS UK 6 Jordon Mundell
67%
Endurance 6 Jordyn Barbato
67%
Challenge 11; RW 3 | RW3; Challenge 11 Jo Rhodes
67%
HK 18 Jose DeJesus
67%
NZS 2 Jose Maasdam
67%
BB 24 Joseph Abdin
67%
Challenge 36; AGT 14 Joseph Allen
67%
AR AUS 2 Joseph Caristo
67%
Shipwrecked BOI 3 Joseph Cooper
67%
MC 11 Joseph Manglicmot
67%
AR 9 Joseph Meadows
67%
HK 6 Joseph Tinnelly
67%
AR CAN 6 Joseph Truong
67%
Apprentice UK 11 Joseph Valente
67%
12 Dates 1 Jose Ramirez
67%
MAFS 13 Jose San Miguel
67%
RW 17 Jose Tapia
67%
Bachelorette 1 Josh
67%
AR 27 Josh Ahern
67%
Bachelorette 10 Josh Bauer
67%
Survivor 29 Josh Canfield
67%
MC AUS 1 Josh Catalano
67%
Shipwrecked BOI 5 Josh Christie
67%
MC AUS 9 Josh Clearihan
67%
RW 23 Josh Colon
67%
AR 4 Josh Cottingham
67%
Bachelorette 3 Josh Cox
67%
LI UK 4 Josh Denzel
67%
BBCAN 9 Josh Farnworth
67%
BB3 Josh Feinberg
67%
Challenge 5; RR 7 | RR 7; Challenge 5 Josh Florence
67%
LI USA 3 Josh Goldstein
67%
Bachelor LTYH Josh Hester
67%
NZS 2 Josh Hickford
67%
Utopia 1 Josh Johnston
67%
AR 21 Josh Kilmer-Purcell
67%
LI UK 6 Josh Krempton
67%
LI UK 8 Josh Le Grove
67%
LI UK 4 Josh Mair
67%
MC 3 Josh Marks
67%
BB 19; Challenge 33-37 | Challenge 33-37; BB 19 Josh Martinez
67%
Fboy Island 1 Josh McDonald
67%
AUS 9 Josh Millgate
67%
LI AUS 1 Josh Moss
67%
BIP 3; Bachelorette 10 | Bachelorette 10; BIP 3; CvS 2 | CvS 2; Bachelorette 10 Josh Murray
67%
BBCAN 10 Josh Nash
67%
HK 19 Josh Oakley
67%
LI AUS 2 Josh Packham
67%
MAFS AUS 7 Josh Pihlak
67%
BBUK 2 Josh Rafter
67%
MCJR 2 Josh Reisner
67%
EOTB UK 6, 7; LI UK 1 | LI UK 1; EOTB UK 6, 7 Josh Ritchie
67%
Shipwrecked BOI 3 Josh Rivers
67%
Bachelorette 11 Josh Seiter
67%
Apprentice 4 Josh Shaw
67%
BB1 Josh Souza
67%
HK 14, 17 Josh Trovato
67%
Bachelorette 17 Josh Tylerbest
67%
BIP 2; Bachelorette 11 | Bachelorette 11; BIP 2 Joshua Albers
67%
MAFS UK 6 Joshua Christie
67%
BB9 Joshuah Welch
67%
HK 3 Josh Wahler
67%
Bachelorette 5 Josh Yocam
67%
AR AUS 2 Jo Troy
67%
HK 12 Joy Parham-Thomas
67%
Apprentice UK 6 Joy Stefanicki
67%
Challenge 33 JP Andrade
67%
Survivor 13 JP Calderon
67%
HK 13 JP DeDominicis
67%
Survivor 35 JP Hilsabeck
67%
Bachelorette 7 JP Rosenbaum
67%
Survivor 28 J'Tia Taylor
67%
NZS 2 JT Muirhead
67%
Survivor 18, 20, 34 JT Thomas Jr
67%
BIP 2; Bachelor 19 | Bachelor 19; BIP 2 Juelia Kinney
67%
Survivor 38 Julia Carter
67%
MC 9 Julia Danno
67%
LI USA 2 Julia Hall
67%
MC AUS 1 Julia Jenkins
67%
Survivor 26 Julia Landauer
67%
BB17; Challenge 33 | Challenge 33; BB 17 Julia Nolan
67%
D&R 1 Julia Perfetto
67%
Bachelor LTYH Julia Rae
67%
AYTO 4 Julia Rose
67%
AR 12 Julia Ruiz
67%
Survivor 32 Julia Sokolowski
67%
MC AUS 4 Julia Taylor
67%
HK 3 Julia Williams
67%
Bachelor 4 Julie
67%
Survivor 9 Julie Berry
67%
Bachelor 13 Julie Dermotta
67%
Endurance 4 Julie Dubela
67%
Bachelor 5 Julie Durda
67%
RW1 Julie Gentry
67%
MC AUS 1, 14 Julie Goodwin
67%
Survivor 29 Julie McGee
67%
Survivor 38 Julie Rosenberg
67%
Challenge 4, 6, 8, 10, 11; RW 9 | RW 9; Challenge 3, 6, 10, 11 Julie Stoffer
67%
AR CAN 4 Julie Taylor
67%
BBCAN 9 Julie Vu
67%
Survivor 22 Julie Wolfe
67%
EOTB 1 June Robinson
67%
BB4 Jun Song
67%
HK 10 Justin Antiorio
67%
MC 6 Justin Banister
67%
RW 33 Justin Blu
67%
Bachelorette 19 Justin Budfuloski
67%
Karma 1 Justin Darrigo
67%
RW 8 Justin Deabler
67%
BBOTT Justin Duncan
67%
Survivor 43 Justine Brennan
67%
Challenge USA 1; Love Island 2 | LI USA 2; Challenge USA 1 Justine Ndiba
67%
MC AUS 1 Justine Schofield
67%
BBUK 4 Justine Sellman
67%
MAFS AUS 5 Justin Fischer
67%
BB4 Justin Giovinco
67%
BIP 8; Bachelorette 17 | Bachelorette 17; BIP 8 Justin Glaze
67%
MAFS 15 Justin Hall
67%
AR 15, 18 Justin Kanew
67%
LI AUS 1; I'm a Celeb AUS 5 Justin Lacko
67%
AUS 2 Justin Melvey
67%
MC AUS 13 Justin Narayan
67%
AYTO 8 Justin Palm
67%
BP 2; Bachelorette 6 | Bachelorette 6; BP 2 Justin Rego
67%
BIP 2; Bachelorette 11 | Bachelorette 11; BIP 2 Justin Reich
67%
AR 27 Justin Scheman
67%
BB2 Justin Sebik
67%
Bachelorette 2 Justin Sherrod
67%
AR 19 | BIP 8; Bachelorette 19 | Bachelorette 19 Justin Young
67%
Jersey Shore; Worst Cooks 7 Jwoww
67%
Temptation Island 4 Kady Krambeer
67%
BBCAN 6 Kaela Grant
67%
Bachelor CA 3 Kait Rich
67%
Bachelor 27 Kaity Biggar
67%
LI USA 3 Kam Mickens-Bennett
67%
AYTO 5; Challenge 31-34, 36; CvS 3 | Challenge 31-34, 36; AYTO 5; CvS 3 | CvS 3; Challenge 31-34, 36; AYTO 5 Kam Williams
67%
AR 10, 11 Kandice Pelletier
67%
Temptation Island 3 Kara
67%
Bachelor AUS 2 Kara Bramham
67%
Bachelor CA 1 Kara Henderson
67%
Survivor 37 Kara Kay
67%
BBUK 8 Kara-Louise Horne
67%
BB14 Kara Monaco
67%
Bachelor 19 Kara Wilson
67%
Apprentice UK 2 Karen Bremner
67%
BB1 Karen Fowler
67%
BB5 Karen Ganci
67%
AR 5 Karen Heins
67%
MAFS 11 Karen Landry
67%
Bachelor 5 Karen Lindsay
67%
Apprentice AUS 1 Karen Reid
67%
AR CAN 5 Karen Richards
67%
BBCAN 5 Karen Singbeil
67%
Bachelor 13 Kari Fajen
67%
AYTO 5 Kari Kowalski
67%
Bachelor 4 Karin
67%
AYTO 8 Kari Snow
67%
Bachelor AUS 2 Karla
67%
Survivor 43 Karla Cruz Godoy
67%
NZS 2 Karla Karaitiana
67%
Temptation Island 4 Karl Collins
67%
BIP 7; Bachelorette 17 | Bachelorette 17; BIP 7 Karl Smith
67%
Circle 1 Karyn Blanco
67%
MC NZ 1 Karyn Fisk
67%
AR 1 Karyn Jefferson
67%
Survivor 28, 31 Kass McQuillen
67%
AR 17 Kat Chang
67%
AUS 3 Kat Dumont
67%
BB 21; EOTB 5 | EOTB 5; BB 21 Kat Dunn
67%
MC AUS 3 Kate Bracks
67%
Bachelor 10 Kate Brockhouse
67%
Bachelor NZ 2 Kate Cameron
67%
AUS 3 Kate Campbell
67%
Shipwrecked The Island Kate Davies
67%
Survivor 24, 27 Kat Edorsson
67%
BIP 8; Bachelor 26 | Bachelor 26; BIP 8 Kate Gallivan
67%
Temptation Island 5 Kate Griffith
67%
MCJR 7 Kate Hendon
67%
MAFS AUS 9 Kate Laidlaw
67%
BBUK 3 Kate Lawler
67%
AR 12 Kate Lewis
67%
MC AUS 2 Kate Nugara
67%
Mole 1 Kate Pahls
67%
AR CAN 4 Kate Pan
67%
MC AUS 1 Kate Rodrigues
67%
MAFS 8 Kate Sisk
67%
12 Dates 1 Kate Steinberg
67%
MAFS UK 1 Kate Stewart
67%
AUS 9 Kate Tatham
67%
AUS 4 Kate Temby
67%
Apprentice UK 5 Kate Walsh
67%
Bachelor NZ 3 Katey Freestone
67%
LI USA 4 Kat Gibson
67%
Bachelor 18 Kat Hurd
67%
MC AUS 4 Kath von Witt
67%
AR AUS 6 Kathy Alexandra
67%
Mole 3 Kathy Griffin
67%
BB12 Kathy Hillis
67%
AR CAN 8 Kathy Hunter
67%
AR 3 Kathy Perez
67%
MC 4 Kathy Prieto
67%
Survivor 16 Kathy Sleckman
67%
Survivor 4, 8 Kathy Vavrick-O'Brien
67%
Bachelor 1 Katie
67%
AR 22 Katie Bichler
67%
Shipwrecked BOI 3 Katie Boomer
67%
Apprentice UK 10 Katie Bulmer-Cooke
67%
Buckhead Shore 1 Katie Canham
67%
Utopia 1 Katie Cercone
67%
EOTB UK 8 Katie Champ
67%
ANTM 1 Katie Cleary
67%
Survivor 27 Katie Collins
67%
MAFS 10 Katie Conrad
67%
Challenge All Stars1,2; RR 10; Challenge 6-9,11,12,15,17,18,20 Katie Cooley
67%
MC 7 Katie Dixon
67%
Challenge 7-9, 11, 12, 15, 17, 18, 20, All Stars 1, 2; RR 10 | RR 10; Challenge 7-9, 11, 12, 15, 18, 20; Challenge AS 1,2 Katie Doyle
67%
Survivor 10 Katie Gallagher
67%
Bachelor 5 Katie Gehart
67%
AUS 1 Katie Gold
67%
Survivor 25 Katie Hanson
67%
Apprentice UK 3 Katie Hopkins
67%
Bachelor 17 Katie Levans
67%
EOTB UK 9 Katie Mann
67%
HK 13 Katie McKeown
67%
Mole 2 Katie Mills
67%
BIP 6; Bachelor 23 | Bachelor 23; BIP 6 Katie Morton
67%
Shipwrecked BOI 1 Katie Rose
67%
LI UK 2 Katie Salmon
67%
AR 17 Katie Seamon
67%
Surf Girls Katie Thornton
67%
Bachelor 25 | Bachelorette 17; Bachelor 25 Katie Thurston
67%
Apprentice UK 8 Katie Wright
67%
Challenge 3; RW 4 | RW4; Challenge 3 Kat Ogden
67%
BBCAN 1 Kat Yee
67%
Joe Millionaire 2022 Katy Johnson
67%
THTH 2 Kayla Carter
67%
Ultimate Surfer 1 Kayla Durden
67%
AR 30 Kayla Fitzgerald
67%
Made in Staten Island Kayla Gonzalez
67%
AYTO 1 Kayla Lusby
67%
MCJR 3 Kayla Mitchell
67%
DSAL 3 Kayla Penoli
67%
THTH 4 Kayla Richart
67%
AYTO 7 Kayla Umagat
67%
BBUK 19 Kay Lovelle
67%
LI USA 3 Kay Taylor
67%
Bachelorette 3 Keith
67%
MAFS 8 Keith Dewar
67%
Survivor 2 Keith Famie
67%
HK 2 Keith Greene
67%
BB13 Keith Henderson
67%
AYTO 6 Keith Klebacher
67%
Bachelorette 2 Keith Kromanik
67%
MAFS 9 Keith Manley
67%
Survivor 29, 31 Keith Nale
67%
Survivor 38 Keith Sowell
67%
AR 25; Survivor 23 | Survivor 23, AR 25 Keith Tollefson
67%
Survivor 2 Kel Gleason
67%
Survivor 39 Kellee Kim
67%
AR 21 Kelley Carrington-French
67%
Bachelor 24 Kelley Flanagan
67%
Challenge 5; RW 9 | RW 9; Challenge 5 Kelley Limp
67%
Survivor 29, 31, 38 Kelley Wentworth
67%
AR 10 Kellie Patterson
67%
EOTB 3 Kellie Sweet
67%
AR 32 Kellie Wells-Brinkley
67%
AR AUS 6 Kelly Baildon
67%
AR 27 Kelly Berning
67%
Survivor 21 Kelly Bruno
67%
Love Is Blind 1 Kelly Chase
67%
AR 13 Kelly Crabb
67%
Survivor 17 Kelly Czarnecki
67%
Bachelor 17 Kelly Dutton
67%
Survivor 3 Kelly Goldsmith
67%
Bachelor 12 Kelly Hark
67%
MC NZ 4 Kelly Kaihea
67%
AR 7 Kelly McCorkle
67%
AR AUS 1 Kelly Miller
67%
Survivor 36 Kellyn Bechtold
67%
AR 4 Kelly Parks
67%
Apprentice 2 Kelly Perdew
67%
Survivor 30 Kelly Remington
67%
Survivor 19 Kelly Sharbaugh
67%
Survivor 21 Kelly Shinn
67%
Apprentice 7 Kelly Smith Beaty
67%
Bachelor 18 Kelly Travis
67%
Survivor 1, 31 Kelly Wiglesworth
67%
AR CAN 4 Kelly Xu
67%
MC NZ 1 Kelly Young
67%
AR 3 Ken Duphiney
67%
AR 13 Ken Greene
67%
Survivor 17 Ken Hoang
67%
Survivor 33 Ken McNickle
67%
AR 8 Kenneth Black
67%
AR CAN 5 Kenneth McAlpine
67%
HK 19 Kenneth McDuffie
67%
BBUK 10 Kenneth Tong
67%
Love Is Blind 1 Kenny Barnes
67%
BIP 7; Bachelorette 16 | Bachelorette 16; BIP 7 Kenny Braasch
67%
BBCAN 2 Kenny Brain
67%
Challenge 38 Kenny Clark
67%
BIP 5; Bachelorette 13 | Bachelorette 13 Kenny Layne
67%
MC 10 Kenny Palazzolo
67%
Challenge 12-16, 18, 19, 21 Kenny Santucci
67%
Survivor 5 Ken Stafford
67%
RW 11 Keri Evans
67%
AR 15 Keri Morrione
67%
Bachelor 3 Kerri
67%
AR 20 Kerri Paul
67%
MAFS AUS 8 Kerry Knight
67%
MC 6 Kerry Prince
67%
Bachelorette 3 Kevin
67%
Apprentice 2 Kevin Allen
67%
HK 20 Kevin Argueta
67%
Shipwrecked BOI 1 Kevin Bratherton
67%
BB11, 22 Kevin Campbell
67%
HK 6, 18 Kevin Cottle
67%
12 Dates 1 Kevin Drouin
67%
RW 10 Kevin Dunn
67%
BIP 6; Bachelorette 15 | Bachelorette 15; BIP 6 Kevin Fortenberry
67%
BBCAN 10 Kevin Jacobs
67%
AR 8 Kevin Kempskie
67%
BBCAN 3, 5 Kevin Martin
67%
AR 29 Kevin Ng
67%
AR 1, 11 Kevin O'Connor
67%
MC AUS 4 Kevin Perry
67%
RW1 Kevin Powell
67%
HK 15 Kevin Ridlon
67%
Shipwrecked BOI 4 Kevin Ryan
67%
BB 19 Kevin Schlehuber
67%
Apprentice UK 4 Kevin Shaw
67%
Fboy Island 1 Kevin Sun
67%
BIP 5; Bachelorette CA Kevin Wendt
67%
AR 17 Kevin Wu
67%
AUS 9; MC AUS 10, 12 Khanh Ong
67%
Circle 2 Khat Bell
67%
Bachelor UK 5 Khloe Evans
67%
Bachelor 1 Kim
67%
Challenge 17, 18; RW 20 | RW 20; Challenge 17, 18 Kimberly Alexander
67%
AR 8 Kimberly Black
67%
AR 10 Kimberly Chabolla
67%
Bachelor 15 Kimberly Coon
67%
Bachelor 25 Kimberly Courneya
67%
Apprentice UK 5 Kimberly Davis
67%
Girls of Hedsor Hall Kimberly Ferrari
67%
Bachelor 27 Kimberly Gutierrez
67%
RW 32 Kimberly Johansson
67%
BBUK 15 Kimberly Kisselovich
67%
HK 16 Kimberly Roth
67%
Bachelor 19 Kimberly Sherbach
67%
Bachelor 14 Kimberly Sullivan
67%
MC 10 Kimberly White
67%
Mole 3 Kim Coles
67%
Shipwrecked BOI 2 Kim Davidson
67%
AR 23 Kim DeJesus
67%
CvS 2 Kim Glass
67%
LI AUS 1 Kim Hartnett
67%
AR 33 Kim Holderness
67%
Bachelor 9 Kim Jackson
67%
Survivor 3 Kim Johnson
67%
Apprentice AUS 1 Kim Laurenson
67%
Bachelor 25 Kim Li
67%
AR 5 Kim McAllister
67%
HK 10 Kimmie Willis
67%
Survivor 2, 31 Kimmi Kappenberg
67%
Survivor 10 Kim Mullen
67%
Bachelor 11 Kim Orville
67%
Survivor 3 Kim Powers
67%
AR 1 Kim Smith
67%
Survivor 24, 40 Kim Spradlin
67%
Challenge 38; Prince Charming 3 Kim Traenka
67%
LI USA 3 Korey Gandy
67%
AR 28; 31 Korey Kuhl
67%
AR CAN 5 Korey Sam
67%
EOTB UK 12 Kori Sampson
67%
Floribama Shore Kortni Gilson
67%
DSAL 3 Kortni Montgomery
67%
LI AUS 1 Kory Grant
67%
Survivor 24 Kourtney Moon
67%
EOTB UK 12 Kris Boyson
67%
BBUK 10 Kris Donnelly
67%
AR 14, 18 Kris Klicka
67%
MC NZ 4 Kris Matthews
67%
AR 6 Kris Perkins
67%
MC 4 Krissi Biasiello
67%
AR 27 Krista DeBono
67%
Survivor 22 Krista Klumpp
67%
BB2 Krista Stegall
67%
Bachelor 3 Kristen
67%
BB12 Kristen Bitting
67%
AR CAN 1 Kristen Idiens
67%
Apprentice 3 Kristen Kirchner
67%
AR CAN 4 Kristen McKenzie
67%
DSAL 3 Kristen Panarella
67%
Temptation Island 6 Kristen Ramos
67%
MC AUS 10 Kristen Sheffield
67%
Utopia 1 Kristen Vanstrom
67%
RR 14 Kristen White
67%
Mole 5 Kristen Willeumier
67%
Bachelor 4 Kristi
67%
BIP 6 Kristian Haggerty
67%
Apprentice 4 Kristi Caudell
67%
AUS 3 Kristie Bennett
67%
Bachelor NZ 1 Kristie Leonard
67%
Apprentice 1 Kristi Frank
67%
AR 30 Kristi Leskinen
67%
Apprentice UK 3 Kristina Grimes
67%
Bachelor 1 Kristina Jenkins
67%
Survivor 22 Kristina Kell
67%
EOTB UK 4 Kristina Metcalf
67%
BIP 4, 6; Bachelor 21 | Bachelor 21; BIP 4, 6 Kristina Schulman
67%
MC AUS 7 Kristina Short
67%
HK 15 Kristin Barone
67%
Bachelor 5 Kristin Clearwater
67%
Bachelor 12 Kristine Heffelfinder
67%
MAFS 8 Kristine Killingsworth
67%
Apprentice 6 Kristine Lefebvre
67%
Endurance 5 Kristine Turner
67%
Bachelor 25 Kristin Hopkins
67%
AR CAN 3 Kristin Lumsden
67%
AR 6 Kristy Jensen
67%
Bachelor 17 Kristy Kaminski
67%
Bachelor 11; Labor of Love 1 Kristy Katzmann
67%
Bachelor 5 Kristy Romero
67%
BBOTT Kryssie Ridolfi
67%
BIP 5; Bachelor 22 | Bachelor 22; BIP 5 Krystal Nielson
67%
MAFS 15 Krysten Collins
67%
Love Is Blind 2 Kyle Abrams
67%
RW 11 Kyle Brandt
67%
BB 24 Kyle Capener
67%
Challenge 31-37; Geordie Shore | Geordie Shore 8-11, BB-13; Challenge 31-36 Kyle Christie
67%
Endurance 6 Kyle Curtis
67%
Bachelorette 8 Kyle Dillon
67%
LI USA 4 Kyle Fraser
67%
Bachelorette 6 Kyle Higgins
67%
Bachelorette 17 Kyle Howard
67%
Survivor 32 Kyle Jason
67%
MC AUS 11 Kyle Lyons
67%
LLBC Kyle Marve
67%
BBCAN 10 | BBCAN 9 Kyle Moore
67%
BBCAN 8 Kyle Rozendal
67%
Moolah Beach Kyle Searles
67%
Bachelorette 13 Kyle Sherwood
67%
BBCAN 2 Kyle Shore
67%
MCJR 7 Kyle Sisitsky
67%
EOTB UK 8 Kyle Walker
67%
Bachelorette 5 Kyle Yauch
67%
AR AUS 2 Kym Bouckaert
67%
AUS 2 Kym Johnson
67%
AR 25 Kym Perfetto
67%
HK 5 LA Limtiaco
67%
Survivor 26 Laura Alexander
67%
LI UK 4 Laura Anderson
67%
Bachelor CA 1 Laura Bateman
67%
AR 31; Survivor 27 | Survivor 27, AR 31 Laura Boneham
67%
BBUK 17 Laura Carter
67%
MC AUS 6, 12 Laura Cassai
67%
AUS 6 Laura Choong
67%
Bachelor AUS 1 Laura Clemesha
67%
LI UK 4 Laura Crane
67%
BB11 Laura Crosby
67%
Bachelor 20 Laura Esselman
67%
Bachelor CA 1 Laura F.
67%
Apprentice UK 8 Laura Hogg
67%
EOTB UK 8 Laura Louise
67%
BBUK 11 Laura McAdam
67%
Apprentice UK 6 Laura Moore
67%
Survivor 19, 27 Laura Morett
67%
Bachelor 9 Laura Morgan
67%
Bachelor 23 Laura Pellerito
67%
AR 26 Laura Pierson
67%
Shipwrecked BOI 1 Laura Pratt
67%
BBCAN 7 Laura Roberts
67%
EOTB UK 3 Laura Summers
67%
AR CAN 2 Laura Takahashi
67%
Challenge 23; RW 27 | RW 27; Challenge 23 Laura Waller
67%
AUS 8 Laura Wells
67%
BBUK 8 Laura Williams
67%
LI USA 2 Laurel Goldman
67%
Survivor 36 Laurel Johnson
67%
Bachelor 20 Laurel Russell
67%
Challenge 19-21, 25, 29, 34, 38; EOTB 4 | EOTB 4; Challenge 19-21, 25, 29, 34, 38 Laurel Stucky
67%
Bachelor 4 Lauren
67%
Survivor 39 Lauren Beck
67%
Bachelor AUS 2 Lauren Birdsall
67%
MAFS AUS 4 Lauren Bran
67%
AR 8 Lauren Bransen
67%
Bachelor 22 Lauren Burnham
67%
Bachelor 20 Lauren Bushnell
67%
BBUK 13 Lauren Carre
67%
Challenge 37; LI 2 | LI USA 2; Challenge 37 Lauren Coogan
67%
Endurance 6 Lauren Dixon
67%
Bachelor 22 Lauren Griffin
67%
Bachelor 18 Lauren Higginson
67%
BIP 3; Bachelor 20 | Bachelor 20; BIP 3 Lauren Himle
67%
AR AUS 6 Lauren Howells
67%
Shipwrecked BOI 3 Lauren Humphrey
67%
MAFS AUS 6 Lauren Huntriss
67%
Bachelor 21 Lauren Hussey
67%
BIP 2 Lauren Iaconetti
67%
Bachelor 22 Lauren Jarreau
67%
Bachelor 24 Lauren Jones
67%
AR CAN 7 Lauren Lavoie
67%
HK 19 Lauren Lawless
67%
Bachelor 25 Lauren Maddox
67%
Bachelor 17 Lauren Marchetti
67%
AR 10 Lauren Marcoccio
67%
Bachelor 15 Lauren Moore
67%
Survivor 38 Lauren O'Connell
67%
RW 29 Lauren Ondersma
67%
Ultimatum 1 Lauren Pounds
67%
LI UK 1 Lauren Richardson
67%
Apprentice UK 10 Lauren Riley
67%
Survivor 35 Lauren Rimmer
67%
AYTO 7 Lauren Roush
67%
Bachelor 22 Lauren Schleyer
67%
Bachelor AUS 2 Lauren Smith
67%
Bachelor 18 Lauren Solomon
67%
Love Is Blind 1 Lauren Speed
67%
Surf Girls Lauren Stinson
67%
Bachelor 13 Lauren Wanger
67%
LI UK 2 Lauren Whiteside
67%
BIP 3; Bachelor 20 Leah Block
67%
AR CAN 6 Leanne Larsen
67%
Survivor 9 LeAnn Slaby
67%
Survivor 9 Lea "Sarge" Masters
67%
BBUK 7 Lea Walker
67%
Bachelor 4 Lee-Ann
67%
AR 32 Leo Brown
67%
BIP 5; Bachelorette 14 | Bachelorette 14; BIP 5 Leo Dottavio
67%
MC NZ 6 Leo Fernandez
67%
AR 23, 25, 31; Challenge USA 1 | Challenge USA 1; AR 23, 24, 31 Leo Temory
67%
BBUK 8 Lesley Brain
67%
Bachelor 12 Lesley Geyer
67%
Bachelor 17; BWG Lesley Murphy
67%
BBUK 6 Lesley Sanderson
67%
Apprentice 5 Leslie Bourgeois
67%
MC 5 Leslie Gilliams
67%
LI USA 3 Leslie Golden
67%
Bachelor 17 Leslie Hughes
67%
AR 1 Leslie Kellner
67%
Survivor 15 Leslie Nease
67%
Endurance 6 Leslie Powell
67%
Apprentice MS Leslie Sanchez
67%
AYTO 7 Lewis Belt
67%
Apprentice UK 15 Lewis Ellis
67%
BBUK 19 Lewis Flanagan
67%
EOTB UK 4 Lewis Good
67%
BBUK 19 Lewis Gregory
67%
Bachelor 14 Lex McAllister
67%
Survivor 3, 8 Lex van den Berghe
67%
The Block NZ 1 Libby Crawford
67%
AR 26 Libby Simpson
67%
Survivor 36 Libby Vincek
67%
Survivor 7 Lillian Morris
67%
AR 14 Linda Cole
67%
MC AUS 13 Linda Dalrymple
67%
Tough As Nails 1 Linda Goodridge
67%
MC AUS 1 Linda Kowalski
67%
Bachelor 10 Linda Malek
67%
AR 5 Linda Ruiz
67%
Apprentice AUS 1 Linda Slade
67%
Survivor 3 Linda Spencer
67%
AR 8 Linda Weaver
67%
Bachelor 4 Lindsay
67%
Apprentice UK 10 Lindsay Booth
67%
AR 8 Lindsay Bransen
67%
Challenge 5; RW 7 | RW 7; Challenge 5 Lindsay Brien
67%
Survivor 43 Lindsay Carmine
67%
Bachelor 26 Lindsay Dobbs
67%
Survivor 42 Lindsay Dolashewich
67%
MC 9 Lindsay Haigh
67%
MCJR 6 Lindsay Hayes
67%
Bachelor 15 Lindsay Hill
67%
LLBC Lindsay Lohan
67%
Glee Project 1 Lindsay Pearce
67%
Apprentice UK 1 Lindsay Rogaard
67%
Bachelor 10 Lindsay Smith
67%
Bachelor 17 Lindsay Yenter
67%
Survivor 30 Lindsey Cascaddan
67%
MAFS 14 Lindsey Georgoulis
67%
Bachelor NZ 2 Lindsey Harbour
67%
Bachelor 11 Lindsey Hawkins
67%
CvP 1 Lindsey Jacobellis
67%
Survivor 28 Lindsey Ogle
67%
Survivor 3 Lindsey Richter
67%
BP 3; Bachelor 16 | Bachelor 16; BP 3 Lindzi Cox
67%
Challenge 36 Lio Rush
67%
BBUK 9 Lisa Appleton
67%
Bachelor 9 Lisa Blank
67%
EOTB 3 Lisa Coffey
67%
Circle 2 Lisa Delcampo
67%
MC AUS 10 Lisa Diep
67%
BB3 Lisa Donahue
67%
Bachelor 1 Lisa Gold
67%
Bachelor 13 Lisa Gonzalez
67%
AR 9 Lisa Hinds
67%
BBUK 7 Lisa Huo
67%
Bachelor AUS 2 Lisa Hyde
67%
BBUK 4 Lisa Jeynes
67%
Survivor 9 Lisa Keiffer
67%
HK 8 Lisa LaFranca
67%
Bachelor CA 3 Lisa Mancini
67%
Bachelor 15 Lisa Morrisey
67%
Mole 2 Lisa Noller
67%
Bachelor NZ 1 Lisa O'Loughlin
67%
AR 15 Lisa Paskel
67%
Bachelor 15 Lisa Pastrich
67%
Bachelor CA 2 Lisa Racz
67%
NZS 2 Lisa Stanger
67%
EOTB UK 12 Lisa Steele
67%
AR 25 Lisa Thomson
67%
AR 19 Lisa Tilley
67%
American Grit 1 Lisa Traugott
67%
BBUK 10 Lisa Wallace
67%
Survivor 25 Lisa Whelchel
67%
MCJR 8 Liya Chu
67%
Bachelor 3 Liz
67%
Mole 5 Liz Cain
67%
AR 19 Liz Canavan
67%
AR 29 Liz Espey
67%
Survivor 19 Liz Kim
67%
MC 10 Liz Linn
67%
Apprentice UK 6 Liz Locke
67%
Survivor 32 Liz Markhan
67%
BB17; Challenge 33 | Challenge 33; BB 17 Liz Nolan
67%
AUS 10 Liz Parnov
67%
Bachelor 21 Liz Sandoz
67%
Survivor 28 LJ McKansas
67%
AR 29 Logan Bauer
67%
Claim to Fame 1 Logan Crosby
67%
AR 27 Logan Fazio
67%
MCJR 2 Logan Guelff
67%
BIP 8; Bachelorette 19 | Bachelorette 19; BIP 8 Logan Palmer
67%
Challenge 37; Survivor Spain 13 Logan Sampedro
67%
Shipwrecked BOI 4 Lois Gray
67%
EOTB UK 2 Loren Green
67%
AR 6 Lori Harvey
67%
Bachelor 11 Lori Langley
67%
BB3 Lori Olson
67%
Bachelor 2 Lori Todd
67%
RW 10; Challenge 6 Lori Trespicio
67%
BB5 Lori Valenti
67%
AR 9 Lori Willems
67%
Shipwrecked BOI 1 Lou Gazeley
67%
HK 6 Louie Cordio
67%
AR 16 Louie Stravato
67%
CvP 1 Louie Vito
67%
Bachelor UK 6 Louis Bowden
67%
HK 4 Louis Petrozza
67%
Shipwrecked BOI 2 Louis Rennocks
67%
HK 8 Louis Repucci
67%
Geordie Shore 21,22 Louis Shaw
67%
NZS 1 Lou McClintock
67%
LI UK 5 Lucie Donlan
67%
MAFS UK 2 Lucie Penn
67%
BIP 1; Bachelor 18 | Bachelor 18; BIP 1 Lucy Aragon
67%
Shipwrecked BOI 2 Lucy Buchanan
67%
Shipwrecked BOI 2 Lucy Carr
67%
Survivor 33 Lucy Huang
67%
AR AUS 2 Lucy Pelosi
67%
Shipwrecked BOI 1 Lucy Roberts-Bakkioui
67%
MC AUS 5 Lucy Wallrock
67%
Rock the Cradle Lucy Walsh
67%
AR 34 Luis Colon
67%
EOTB 1 Luis Rivera
67%
Tough As Nails 1 Luis Yuli
67%
THTH 1 Lydia Clyma
67%
MC AUS 4 Lydia Guerrini
67%
AUS 5, 7 Lydia Lassila
67%
BBUK 13 Lydia Louisa
67%
Survivor 42 Lydia Meredith
67%
Survivor 11 Lydia Morales
67%
BB11 Lydia Tavera
67%
Bachelor CA 3 Lyndsey Gavin
67%
BIP 8; Bachelor 26 | Bachelor 26; BIP 8 Lyndsey Windham
67%
Bachelor 16 Lyndsie James
67%
AR 32 Maddison McKibbin
67%
BBCAN 4 Maddy Pavle
67%
BBCAN 6 Maddy Poplett
67%
Girls of Hedsor Hall Maddy Siedlick
67%
Bachelor 15 Madison Garton
67%
Bachelor 27 Madison Johnson
67%
Bachelor 24 Madison Prewett
67%
RW 30 Madison Walls
67%
THTH 1 Madison Wyborny
67%
D&R 1 Mady Bajor
67%
LI USA 4 Mady McLanahan
67%
Bachelor 20 Maegan Miller
67%
BB6 Maggie Ausburn
67%
Bachelor 18 Maggie Gantt
67%
Bachelor 25 Magi Tareke
67%
AR 20 Maiya Tanaka
67%
AYTO 6; EOTB 6 | EOTB 2; AYTO 6 Malcolm Drummer
67%
Survivor 25, 26, 34 Malcolm Freberg
67%
MC 4 Malcolm Green
67%
BIP 8; Bachelor 26 | Bachelor 26 Mara Agrait
67%
American Grit 1 Marc Lobliner
67%
BBUK 16 Marc O'Neill
67%
HK 19 Marc Quinones
67%
BBUK 10 Marcus Akin
67%
MC AUS 7 Marcus Cher
67%
AR 34 Marcus Craig
67%
BIP 1; Bachelorette 10 | Bachelorette 10; BIP 1 Marcus Grodd
67%
Bachelorette 17 Marcus Lathan
67%
Survivor 17 Marcus Lehman
67%
Bachelorette 2 Marcus Pierce
67%
AR 19 Marcus Pollard
67%
EOTB 1 Marcus Rosenzweig
67%
Apprentice 2 Maria Boren
67%
MCJR 6 Maria Dakis
67%
AYTO 7; DSAL 1,2 | DSAL 1, 2; AYTO 7 Maria Elizondo
67%
The Royal World Maria Gabrilella Diana
67%
AR 15 Maria Ho
67%
American Grit 1 Maria Kang
67%
Apprentice UK 15 Marianne Rawlins
67%
Apprentice UK 8 Maria O'Connor
67%
AR 6 Maria Sampogna
67%
HK 7 Maria Torrisi
67%
LI UK 5 Maria Wild
67%
BIP 7; Bachelor 25 | Bachelor 25; BIP 7 Mari Pepin
67%
Survivor 33 Mari Takahashi
67%
Bachelorette 3 Mark
67%
American Grit 1 Mark Bouquin
67%
BBUK 15 | Shipwrecked BOI 4 Mark Byron
67%
BBCAN 5 Mark Chrysler
67%
MCJR 5 Mark Coblentz
67%
Love Is Blind 1 Mark Cuevas
67%
Mole 4 Mark Curry
67%
BBCAN 7 Mark Drelich
67%
MAFS AUS 3 Mark Ellam
67%
MC NZ 1 Mark Harvey
67%
BBUK 12 Mark Henderson
67%
Bachelorette 5 Mark Huebner
67%
MAFS AUS 2 Mark Hughes
67%
MC 9 Mark Ingraham
67%
AR 20, 25 Mark Jackson
67%
BB 19, EOTB 3 | EOTB 3; BB19 Mark Jansen
67%
Mole 5 Mark Lambrecht
67%
Apprentice 4 Mark Lamkin
67%
Challenge 2, 6, 9, 11, 17, 22, All Stars 1, 3; RR 1 | Challenge All Stars 1, 3; RR 1; 2,6,9,11,17,22; Worst Cooks 24 | RR 1; Challenge 1, 6, 9, 11, 17, 22; Challenge AS 1, 3 Mark Long
67%
MAFS 14 Mark Maher
67%
CBB 1; CA 4 Mark McGrath
67%
Fboy Island 1 Mark Moran
67%
AR 14 Mark Munoz
67%
LI AUS 1 Mark O'Dare
67%
Survivor 23 Mark "Papa Bear" Caruso
67%
HK 15 Mark Paras
67%
MC 2 Mark Raffaeli
67%
The Assistant Mark Rogers
67%
AR 8 Mark Schroeder
67%
MAFS AUS 6 Mark Scrivens
67%
AUS 4, 7 Mark "Tarzan" Herlaar
67%
MC 8 Mark Togni
67%
Apprentice 4 Markus Garrison
67%
Shipwrecked BOI 4 Markus Hafner
67%
AUS 4, 9 Mark Wales
67%
Apprentice UK 10 Mark Wright
67%
AR 13 Mark Yturralde
67%
AR CAN 6 Mar Lyon
67%
Survivor 42 Maryanne Oketch
67%
Survivor 42 Marya Sherron
67%
LI UK 7 Mary Bedford
67%
AR 10, 11 Mary Conley
67%
Bachelor 4, 6 Mary Delgado
67%
AR 2 Mary Lenig
67%
BBUK 6 Mary O'Leary
67%
Bachelor AUS 2 Mary O'Neill
67%
Surf Girls Mary Osbourne
67%
HK 11 Mary Poehnelt
67%
Survivor 16 Mary Sartain
67%
MAFS AUS 5 Mathew Lockett
67%
AUS 5, 7 Mat Rogers
67%
Bachelorette 1 Matt
67%
Survivor 26 Matt Bischoff
67%
HK 4 Matt Bloch
67%
Fboy Island 1 Matt Chamberlin
67%
Bachelorette 7 Matt Colombo
67%
MC NZ 5 Matt Crammong
67%
AR 26 Matt Cucolo
67%
AR 22 Matt Davis
67%
BIP 6; Bachelorette 15 | Bachelorette 15; BIP 6 Matt Donald
67%
AUS 5 Matt Dyson
67%
Survivor 22 Matt Elrod
67%
AUS 6 Matt Farrelly
67%
MC 11 Matt Gagnon
67%
MC NZ 3 Matt Gilray
67%
AR CAN 3 Matt Giunta
67%
Bachelor 12 Matt Grant
67%
NZS 2 Matt Hancock
67%
AR 8 Matt Hanson
67%
HK 16 Matt Hearn
67%
Shipwrecked BOI 4 Matthew Agass
67%
Love Is Blind 1 Matthew Barnett
67%
MAFS AUS 6 Matthew Bennett
67%
MC AUS 2 Matthew Caldicott
67%
BBUK 16 Matthew Clarkson
67%
BB 19 Matthew Clines
67%
BBUK 15 Matthew Davies
67%
HK 20 Matthew Francis Johnson
67%
MAFS 9 Matthew Gwynne
67%
Bachelorette 2 Matthew Hickl
67%
MC AUS 7 Matthew Hopcraft
67%
LI UK 7 Matthew MacNabb
67%
Apprentice UK 1 Matthew Palmer
67%
Circle 3 Matthew Pappadia
67%
MCJR 7 | THTH 1 Matthew Smith
67%
Bachelorette 15 Matthew Spraggins
67%
Survivor 6 Matthew von Ertfelda
67%
LI AUS 2 Matthew Zukowski
67%
BB12 Matt Hoffman
67%
MC 9 Matt Houck
67%
MC AUS 4 Matt Howell
67%
AR 34 Mattie Lynch
67%
Challenge 33, 35 | Floribama Shore; Challenge 33, 35 Mattie Lynn Breaux
67%
Shipwrecked BOI 3 Matt Iovane
67%
Bachelor 25 Matt James
67%
MAFS UK 6 Matt Jameson
67%
Bachelorette 3 Matt L.
67%
Bachelorette 19 Matt Labagh
67%
AR 29 Matt Ladley
67%
MC AUS 14 Matt Landmark
67%
Bachelorette 3 Matt M.
67%
BB9 Matt McDonald
67%
BIP 4; Bachelorette 13 | Bachelorette 13; BIP 4 Matt Munson
67%
AR AUS 1 Matt Nunn
67%
Survivor 24 Matt Quinlan
67%
Bachelor LTYH Matt Ranudo
67%
CvS 2 Matt Rife
67%
AR 1 Matt Robar
67%
AUS 10 Matt Sharp
67%
RW 8 Matt Simon
67%
MC AUS 8 Matt Sinclair
67%
Challenge 7; RW 9 | RW 9; Challenge 7 Matt Smith
67%
AR 28 Matt Steffanina
67%
Hunted 1 Matt Sundberg
67%
AUS 3 Matt Tarrant
67%
AR 15 Matt Tomljenovich
67%
AR CAN 3 Max Altamuro
67%
AR 22 Max Bichler
67%
Survivor 30 Max Dawson
67%
Endurance 1, 2 Max DeLeo
67%
AYTO 8 Max Gentile
67%
MC 2 Max Kramer
67%
MC AUS 14 Max Krapivsky
67%
EOTB 3 Max Kurtzman
67%
Endurance 5 Max McFarland
67%
EOTB UK 7; LI UK 1 | LI UK 1; EOTB UK 7 Max Morley
67%
EOTB 2; Catching Kelce Maya Benberry
67%
AR 25 Maya Warren
67%
LLBC May Yassine
67%
RW 33 Meagan Melancon
67%
AR CAN 7 Meaghan Wright
67%
AR 7 Megan Baker
67%
LI UK 4; EOTB UK 12 Megan Barton Hanson
67%
EOTB UK 12; LI UK 4 Megan Barton-Hanson
67%
BIP 2; Bachelor 19 | Bachelor 19; BIP 2 Megan Bell
67%
AR CAN 5 Megan Burden
67%
EOTB UK 2 Megan Clark
67%
HK 20 Megan Gill
67%
Bachelor 24 Megan Hops
67%
Bachelor UK 5 Megan Jones
67%
AR 8 Megan Linz
67%
BB 19 Megan Lowder
67%
Challenge AUS; BACH AUS 1 Megan Marx
67%
EOTB UK 3, 4; CBB UK 17; Xfactor C 1 Megan McKenna
67%
EOTB 4 Megan Nash
67%
Bachelor 13 Megan Parris
67%
EOTB UK 11 Megan Rapley
67%
EOTB UK 3 Megan Rees
67%
MAFS UK 6 Megan Wolfe
67%
AR 22, 25 Meghan Camarena
67%
HK 14 Meghan Gill
67%
Bachelor CA 3 Meghan House
67%
Bachelor 15 Meghan Merritt
67%
AR 15 Meghan Rickey
67%
BB17 Meg Maley
67%
AUS 9 Mel Chiang
67%
AR AUS 1; CA AUS 4 Mel Greig
67%
Bachelor 1 | MAFS UK 2 Melissa
67%
Tough As Nails 1 Melissa Burns
67%
Bachelor 11 Melissa Buschel
67%
Apprentice UK 6 Melissa Cohen
67%
HK 8 Melissa Doney
67%
HK 3 Melissa Firpo
67%
Apprentice 4 Melissa Holovach
67%
Challenge 6; RW 9 | RW 9; Challenge 6 Melissa Howard
67%
MAFS AUS 6 Melissa Lucarelli
67%
MC AUS 1 Melissa Lutton
67%
Bachelor CA 1 Melissa Marie Peters
67%
The Assistant Melissa Ordway
67%
RW 5 Melissa Padron
67%
MAFS AUS 8 Melissa Rawson
67%
Challenge 31, 32, 35; EOTBUK 2, 5 | EOTB UK 2, 5; Challenge 31, 32, 35 Melissa Reeves
67%
Bachelor 13; DWTS 8 Melissa Rycroft
67%
BP 2; Bachelor 15 | Bachelor 15; BP 2 Melissa Schreiber
67%
MAFS AUS 5 Melissa Walsh
67%
AR CAN 6 Mellisa Hollingsworth
67%
AR 14, 18 Mel White
67%
MAFS 7 Mia Bally
67%
HK 18 Mia Castro
67%
Fboy Island 2 Mia Emani Jones
67%
MCJR 4 Mia Evans
67%
Survivor 9 Mia Galeotalanza
67%
MCJR 3 Mia Wurster
67%
Challenge 37; Survivor 33, 34 Michaela Bradshaw
67%
BIP 8; Bachelorette 17 | Bachelorette 17; BIP 8 Michael Allio
67%
Apprentice UK 13 Michaela Wain
67%
Bachelorette 13 Michael Black
67%
Mole 3 Michael Boatman
67%
MAFS AUS 6 Michael Brunelli
67%
BB 24 Michael Bruner
67%
Bachelorette 7 Michael Burns
67%
The Royal World Michael Campbell
67%
MC 3 Michael Chen
67%
BBUK 7 Michael Cheshire
67%
Claim to Fame 1 Michael Coleman
67%
Apprentice UK 8 Michael Copp
67%
BB5 Michael "Cowboy" Ellis
67%
AR 34 Michael Craig
67%
Shipwrecked BOI 3 Michael Cumberbatch
67%
Fboy Island 2 Michael Dakessian
67%
Endurance 4 Michael Delvecchio
67%
HK 12 Michael DeMarco
67%
BB6 Michael Donnellan
67%
HK 14 Michael Dussault
67%
Bachelorette 3 Michael Foster
67%
HK 12 Michael Gabriel
67%
BIP 2; Bachelorette 9; BWG | Bachelorette 9; BIP 2; BWG Michael Garofola
67%
MC NZ 4 Michael Gin
67%
EOTB UK 12 | MAFS AUS 7; EOTB UK 12 Michael Goonan
67%
EOTB UK 11; LI UK 5 | LI UK 5; EOTB UK 11 Michael Griffiths
67%
AYTO 5 Michael Halpern
67%
BBUK 9 | MAFS AUS 3 Michael Hughes
67%
AR 3 Michael Ilacqua
67%
Survivor 24 Michael Jefferson
67%
AYTO 6 Michael Johnson
67%
HK 11 Michael Langdon
67%
Apprentice 5 Michael Laungani
67%
MC NZ 2 Michael Lee
67%
MAFS 14 Michael Morency
67%
AR 14 Michael Munoz
67%
Bachelorette 8 Michael Nance
67%
AR 16 Michael Naylor
67%
MC 11 Michael Newman
67%
AR 33 Michael Norwood
67%
MAFS AUS 1 Michael O'Dea
67%
AR 29 Michael Rado
67%
Challenge 21; RW 25 | RW 25; Challenge 21 Michael Ross
67%
SWAMD Michael Schurr
67%
MC 10, 12 Michael Silverstein
67%
Survivor 2, 25 Michael Skupin
67%
Survivor 26 Michael Snow
67%
Apprentice UK 4 Michael Sophocles
67%
BP 2, 3; Bachelorette 5 | Bachelorette 5; BP 2, 3 Michael Stagliano
67%
BBCAN 8 Michael Stubley
67%
Apprentice 3 Michael Tarshi
67%
Bachelor LTYH | MC AUS 5 Michael Todd
67%
MAFS AUS 4 Michael Tomic
67%
Bachelorette 19 Michael Vaughan
67%
AR 25 Michael Ward
67%
AUS 10 Michael Warren
67%
MAFS 10 Michael Watson
67%
Glee Project 2 Michael Weisman
67%
MC AUS 3, 14 Michael Weldon
67%
American Grit 2 Michael Wilson Morgan
67%
HK 1 Michael Wray
67%
AR 17 Michael Wu
67%
Survivor 36 Michael Yerger
67%
LI USA 1 Michael Yi
67%
Hunted 1 Michele Domenick
67%
Challenge 37, 38; Survivor 32, 40 | Survivor 32, 40; Challenge 37, 38 Michele Fitzgerald
67%
Bachelor 11 Michele Leavy
67%
BB11 Michele Noonan
67%
Bachelor 12 Michele Romero
67%
AR CAN 2 Michel Forget
67%
MAFS UK 5 Michelle
67%
BBUK 5; UBB UK Michelle Bass
67%
Bachelor CA 1 Michelle Beilhartz
67%
MC NZ 2 Michelle Berry
67%
AR 34 Michelle Burgos
67%
Survivor 17 Michelle Chase
67%
AUS 9 Michelle Chiang
67%
BB10 Michelle Costa
67%
MC AUS 1 Michelle Darlington
67%
Bachelor 19 Michelle Davis
67%
Apprentice UK 2 Michelle Dewberry
67%
AUS 4, 7 Michelle Dougan
67%
Endurance 2 Michelle Durand
67%
AR 9 Michelle Garner
67%
AR 8 Michelle Godlewski
67%
Bachelor NZ 1 Michelle Honore
67%
Tough As Nails 1 Michelle Kiddy
67%
BP 1; Bachelor 14; BIP 1 | Bachelor 14; BP 1; BIP 1 Michelle Kujawa
67%
BIP 1; Bachelor 14; BP 1 Michelle Kyjawa
67%
MC AUS 9 Michelle Lukman
67%
BB4 Michelle Maradie
67%
MAFS AUS 4 Michelle Marsh
67%
BB 18 Michelle Meyer
67%
BIP 1; Bachelor 15; BP 2 | BP 2; Bachelor 15; BIP 1 | Bachelor 15; BP 2; BIP 1 Michelle Money
67%
AR 32 Michelle Newland
67%
Apprentice UK 12 Michelle Niziol
67%
Challenge 4; RR 3 | RR 3; Challenge 4 Michelle Parma
67%
Bachelor 12 Michelle Procopio
67%
Bachelor 21 Michelle Ramkissoon
67%
Circle 3 Michelle Rider
67%
Survivor 33 Michelle Schubert
67%
Apprentice 6 Michelle Sorro
67%
Survivor 7 Michelle Tesauro
67%
AR 25 Michelle Thomson
67%
HK 14, 17 Michelle Tribble
67%
AR AUS 2 Michelle Troy
67%
Bachelor CA 1 Michelle Vessey
67%
MC AUS 10 Michelle Walsh
67%
CvS 2 Michelle Waterson
67%
MAFS AUS 1 Michelle Worsley
67%
Survivor 14 Michelle Yi
67%
Bachelor 25 Michelle Young
67%
AR 15 Mika Combs
67%
AR AUS 4 Mikayla Foruria
67%
AYTO 4 Mikayla Thomas
67%
Survivor 23 Mikayla Wingle
67%
Bachelorette 1 Mike
67%
HK 12 Mike Aresta
67%
EOTB UK 12; LI UK 6 | LI UK 6 Mike Boateng
67%
Challenge 27 Mike Boise
67%
BB2, 7, 14 Mike Boogie Malin
67%
Survivor 19 Mike Borassi
67%
Bachelorette 10 Mike Campanelli
67%
AYTO 5 Mike Cerasani
67%
Survivor 22 Mike Chiesl
67%
AYTO 3; RW 32 | RW 32 Mike Crescenzo
67%
AR 26 Mike Dombrowski
67%
BB8 Mike Dutz
67%
RR 14 Mike Flatley
67%
MAFS AUS 6 Mike Gunner
67%
Survivor 30 Mike Halloway
67%
MC 3 Mike Hill
67%
LI USA 2 Mike Jenkerson
67%
BIP 6; Bachelorette 15 | Bachelorette 15; BIP 6 | Challenge 5; RW 4 | RW4; Challenge 5 Mike Johnson
67%
MC 1 Mike Kim
67%
Challenge 3, 5; RW 5 | RW 5; Challenge 3, 5 Mike Lambert
67%
Endurance 2 Mike Lavigne
67%
BB5 Mike Lubinski
67%
RW 23 Mike Manning
67%
Shipwrecked BOI 3 Mike McHale
67%
Challenge 5, 7-10; RW 10 | RW 10; Challenge 5, 7-10; DWTS 30 Mike Mizanin
67%
EOTB 5; LLBC 1 | LLBC; EOTB 5 Mike Mulderrig
67%
MC 8 Mike Newton
67%
Bachelorette 17 Mike Planeta
67%
Utopia 1 Mike Quinn
67%
Bachelorette 9 Mike R.
67%
Bachelorette 14 Mike Renner
67%
Tough As Nails 3 Mike Shaffer
67%
NZS 1 Mike Sparrow
67%
Bachelorette 5 Mike Steinberg
67%
LI UK 3 Mike Thalassitis
67%
Jersey Shore; CBB10 Mike "The Situation" Sorrentino
67%
Bachelorette 16 Mike Tobin
67%
Survivor 42 Mike Turner
67%
AR 14, 18; Survivor 37 | Survivor 37; AR 14, 18 Mike White
67%
Survivor 16 Mikey B Bortone
67%
Survivor 35 Mike Zahalsky
67%
LI UK 7 Millie Court
67%
LI AUS 1 Millie Fuller
67%
AR 4 Millie Smith
67%
HK 14, 17 Milly Medley
67%
Survivor 39 Missy Byrd
67%
Survivor 29 Missy Payne
67%
AR 25 Misti Raman
67%
Bachelor 4 Misty
67%
Survivor 12 Misty Giles
67%
AR 33 Moe Badger
67%
AYTO 7 Moe Elkhalil
67%
AR AUS 1 Mo El-Leissy
67%
LI UK 8 Mollie Salmon
67%
Surf Girls Molli Miller
67%
Survivor 39 Molly Byman
67%
MAFS 6 Molly Duff
67%
MCJR 8 Molly Leighninger
67%
Bachelor NZ 3 Molly Littlejohn
67%
LI UK 5 Molly-Mae Hague
67%
Bachelor 13 Molly Malaney
67%
MCJR 1 Molly Round
67%
AR 34 Molly Sinert
67%
LI UK 6 Molly Smith
67%
Joe Millionaire 2022 Monica Aksamit
67%
AR 4 Monica Ambrose
67%
BB2 Monica Bailey
67%
AR 9 Monica Cayce
67%
Survivor 24, 27 Monica Culpepper
67%
AR CAN 6 Monica Demian
67%
MC AUS 11 Monica Mignone
67%
Survivor 19, 31 Monica Padilla
67%
Bachelor 16 Monica Spannbauer
67%
MAFS AUS 3 Monica Vanderkley
67%
AUS 5 Monika Radulovic
67%
Bachelor 11 Morgan Becker
67%
MAFS 15 Morgan Bell
67%
EOTB UK 2 Morgan Evans
67%
AYTO 7 Morgan Fletcher
67%
Survivor 11 Morgan McDevitt
67%
Survivor 28 Morgan McLeod
67%
Survivor 36 Morgan Ricke
67%
AYTO 4 Morgan St. Pierre
67%
AR AUS 6 Morgan Trevethan
67%
BBOTT; EOTB 2; Challenge 33 | Challenge 33; BBOTT; EOTB 2 | EOTB 2; BBOTT; Challenge 33 Morgan Willett
67%
BBUK 5; UBB UK Nadia Almada
67%
MC NZ 2 Nadia Lim
67%
MAFS AUS 4 Nadia Stamp
67%
AR 21, 25; Survivor 29 | Survivor 29; AR 21, 24 Nadiya Anderson
67%
DSAL 1 Nadya Erazo
67%
BB5, 7 Nakomis Dedmon
67%
EOTB UK 9 Natalee Harris
67%
Survivor 37 Natalia Azoqa
67%
AR 33 Natalia Kumar
67%
Bachelor UK 5 Natalia Savelyeva
67%
AR 21, 25; Survivor 29, 40; Challenge 36 | Challenge 36; Survivor 29, 40; AR 21, 24 | Survivor 29, 40; AR 21, 24; Challenge 36 Natalie Anderson
67%
HK 9 Natalie Blake
67%
Survivor 16 Natalie Bolton
67%
BB5 Natalie Carroll
67%
Survivor 37 Natalie Cole
67%
BB9 Natalie Cunial
67%
Apprentice UK 11 Natalie Dean
67%
Bachelor CA 2 Natalie Elliott
67%
CBB 2 Natalie Eva Marie
67%
BP 1; Bachelor 13 | Bachelor 13; BP 1 Natalie Getz
67%
Apprentice UK 12 Natalie Hughes
67%
MCJR 2 Natalie Jawher
67%
Love Is Blind 2 Natalie Lee
67%
BB11 Natalie Martinez
67%
BB 18; Challenge 31-33 | Challenge 31-33; BB 18 Natalie Negrotti
67%
Challenge 33, 34; ANW Natalie "Ninja" Duran
67%
Apprentice UK 9 Natalie Panayi
67%
Geordie Shore 19-21 Natalie Phillips
67%
BBUK 17 Natalie Rowe
67%
Bachelor AUS 1 Natalie Sady
67%
AR CAN 2 Natalie Spooner
67%
Bachelor NZ 1 Natalie Stol
67%
Survivor 22 Natalie Tenerelli
67%
Bachelor 11 Natalie Velasco
67%
Survivor 19 Natalie White
67%
Apprentice UK 3 Natalie Wood
67%
LI UK 6 Natalie Zoppa
67%
MAFS 15 Nate Barnes
67%
NZS 1 Nate Davis
67%
MAFS 5 Nate Duhon
67%
Survivor 13 Nate Gonzalez
67%
AR 12 Nate Hagstrom
67%
Bachelorette 19 Nate Mitchell
67%
MCJR 4 Nate Murwaski
67%
Ultimatum 1 Nate Ruggles
67%
EOTB 2 Nate Sestok
67%
Challenge 28; AYTO 2 Nate Siebenmark
67%
Challenge 22; RW 26 | RW 26; Challenge 22 Nate Stodghill
67%
LI UK 8 Nathalia Campos
67%
American Grit 2 Nathalie Martin
67%
Bachelorette 8 Nathan Baake
67%
MC 7 Nathan Barnhouse
67%
Challenge 2, 7; RW 7 | RW 7; Challenge 2, 7 Nathan Blackburn
67%
BBUK 11 Nathan Dunn
67%
EOTB UK 12 | Geordie Shore 10-22 Nathan Henry
67%
AR AUS 1; CA AUS 2 Nathan Joliffe
67%
LI UK 3 Nathan Joseph
67%
Shipwrecked BOI 3 Nathan Lawler
67%
BB4 Nathan Marlow
67%
LI UK 2 Nathan Massey
67%
MCJR 3 Nathan Odom
67%
AYTO 2; Challenge 28 Nathan Siebenmark
67%
THTH 3 Nathan Soan Mingomezulu
67%
THTH 2 Nathan Webb
67%
AR 32 Nathan Worthington
67%
AR 17 Nat Strand
67%
Bachelorette 18 Nayte Olukoya
67%
Survivor 32 Neal Gottlieb
67%
MC 8 Necco Ceresani
67%
Challenge 2; RW 4 Neil Forrester
67%
BB9 Neil Garcia
67%
MCJR 7 Neko Masi
67%
12 Dates 2 Nicci Ramos
67%
AR 25 Nici Porter
67%
MAFS AUS 6 Nic Jovanovic
67%
BBUK 1; BBPanto; UBB UK Nick Bateman
67%
BIP 4; Bachelorette 12 | Bachelorette 12; BIP 4 Nick Benvenutti
67%
Challenge 17, 18; RW 20 | RW 20; Challenge 17, 18 | Survivor 2 Nick Brown
67%
UKS 1 Nick Carter
67%
AR 17 Nick DeCarlo
67%
MC 10 Nick DiGiovanni
67%
MC AUS 6 Nick Doyle
67%
AR AUS 4 Nick Evbuomwan
67%
MAFS AUS 4 Nick Furphy
67%
Challenge 9; RR 13 | RR 13; Challenge 9 Nick Haggart
67%
BBUK 16 Nick Henderson
67%
Apprentice UK 8 Nick Holzherr
67%
AUS 3, 7 Nick Iadanaza
67%
AR CAN 7 Nicki Lee
67%
THTH 4 Nick Kici
67%
AR 8 Nick Linz
67%
BB 21 Nick Maccarone
67%
Survivor 32 Nick Maiorano
67%
AR CAN 3 Nick Moti
67%
Bachelorette 9 Nick Mucci
67%
Geordie Shore 17 Nick Murdoch
67%
MC 6 Nick Nappi
67%
BBCAN 4 Nick Paquette
67%
MAFS 4 Nick Pendergrast
67%
HK 14, 17 Nick Peters Bond
67%
BIP 2; Bachelorette 7; BP 3 | BP 3; Bachelorette 7; BIP 2 | Bachelorette 7; BP 3; BIP 2 Nick Peterson
67%
Fboy Island 2 Nick Priola
67%
Bachelorette 9 Nick Roy
67%
Bachelorette 12 Nick Sharp
67%
Apprentice UK 16 Nick Showering
67%
AR 13 Nick Spangler
67%
BIP 5; Bachelorette 14 | Bachelorette 14; BIP 5 Nick Spetsas
67%
Survivor 12 Nick Stanbury
67%
BB8 Nick Starcevic
67%
Bachelorette 10 Nick Sutter
67%
Love Is Blind 2 Nick Thompson
67%
BB15 Nick Uhas
67%
Circle 3 Nick Uhlenhuth
67%
BIP 3; Bachelorette 10, 11; Bachelor 21 | Bachelor 21; Bachelorette 10, 11; BIP 3 | Bachelorette 10, 11; Bachelor 21; BIP 3; DWTS 24 Nick Viall
67%
Fboy Island 2 Nick Warfield
67%
Apprentice 1 Nick Warnock
67%
Shipwrecked BOI 3 Nick Weston
67%
Survivor 37, 40 Nick Wilson
67%
Apprentice AUS 1 Nicky Clarke
67%
DSAL 2 Nicky Curd
67%
EOTB UK 9 Nicky Hardy
67%
BBUK 8 Nicky Maxwell
67%
AR 12 Nicolas Fulks
67%
BB 21, 22 Nicole Anthony
67%
Challenge 34; EOTBUK 6 | EOTB UK 6; Challenge 34 Nicole Bass
67%
AYTO 4 Nicole Brown
67%
BBUK 9 Nicole Cammack
67%
Apprentice 7 Nicole Chiu
67%
Endurance 3 Nicole Clark
67%
Bachelor 10 Nicole Clary
67%
MC AUS 6 Nicole Cleave
67%
Apprentice 6 Nicole D'Ambrosio
67%
Survivor 7 Nicole Delma
67%
Bachelor CA 1 Nicole De Vries
67%
EOTB UK 7 Nicole Dutt
67%
AR CAN 2 Nicole Foster
67%
AR 31; BB 16, 18, 22 | BB16, 18, 22; AR 31 Nicole Franzel
67%
HK 21 Nicole Gomez
67%
MAFS AUS 3 Nicole Heir
67%
Bachelor NZ 2 Nicole Hunwick
67%
AR 23 Nicole Jasper
67%
BB 24 Nicole Layog
67%
BIP 6; Bachelor 23 | Bachelor 23; BIP 6 Nicole Lopez-Alvar
67%
Bachelor 13 Nicole Mah
67%
Bachelor 19 Nicole Meacham
67%
RW 10 Nicole Mitsch
67%
AR 5 Nicole O'Brian
67%
EOTB 5; THTH 1 | THTH 1; EOTB 5 Nicole O'Brien
67%
ANTM 1 Nicole Panattoni
67%
EOTB 5 Nicole Pisciotti
67%
Challenge 27, 28, 30, 31; EOTB 2 | EOTB 2; Challenge 27, 28, 30, 31 Nicole Ramos
67%
HK 12 Nicole Rutz
67%
BB2 Nicole Schaffrich
67%
MC AUS 11 Nicole Scott
67%
AYTO 6 Nicole Spiller
67%
Temptation Island 4 Nicole Tutwohl
67%
MC AUS 9 Nicole Wellington
67%
Mole 5 Nicole Williams
67%
Challenge 29, 31, 36; RW 30; EOTB 4 | EOTB 4; RW 30; Challenge 29, 31, 36 | RW 30; Challenge 29, 32, 36 Nicole Zanatta
67%
AUS 2 Nicolle Dickson
67%
BBCAN 8 Nico Vera
67%
Bachelor 18 Nikki Ferrell
67%
BBCAN 4; BBUK 7, 16; UBB UK | BBUK 7; 16; UBB UK; BBCAN 4 Nikki Grahame
67%
DSAL 1, 2 Nikki Hall
67%
Bachelor 13; BP 1 Nikki Kaapke
67%
Utopia 1 Nikki Noce
67%
MC NZ 5 Nikki Shearer
67%
AR AUS 4 Niko Pappas
67%
Fboy Island 2 Niko Pilalis
67%
Survivor 24 Nina Acosta
67%
Bachelor 23 Nina Bartula
67%
AR 34 Nina Duong
67%
D&R 1 Nina Parsijani
67%
Survivor 30 Nina Poersch
67%
AUS 9, 10 Nina Twine
67%
Bachelor NZ 3 Nina Weil
67%
Bachelor 12 Noelle Drake
67%
Survivor 43 Noelle Lambert
67%
LI UK 1 Omar Sultani
67%
Survivor 42 Omar Zaheer
67%
Survivor 7 Osten Taylor
67%
MAFS UK 5 Owen
67%
Survivor 43 Owen Knight
67%
Survivor 13, 16, 23, 34 Ozzy Lusth
67%
AYTO 5 Ozzy Morales
67%
Survivor 13, 16, 20, 40 Parvati Shallow
67%
LI USA 2 Pat Albasha
67%
Survivor 37 Pat Cusack
67%
AR 12 Pat Hendrickson
67%
AR 1 Pat Pierce
67%
Survivor 4 Patricia Jackson
67%
Survivor 35 Patrick Bolton
67%
Bachelorette 4 Patrick Carlson
67%
HK 10 Patrick Cassata
67%
Bachelorette 4 Patrick Duerrere
67%
Shipwrecked BOI 5 Patrick Greenway
67%
Mole 2 Patrick Guilfoyle
67%
EOTB UK 11 Patrick Hale
67%
MAFS AUS 8 Patrick Hayes Dwyer
67%
Bachelorette 10 Patrick Jagodzinski
67%
RR 13 Patrick Maloney
67%
MAFS AUS 5 Patrick Miller
67%
THTH 3 Patrick Mullen
67%
Buckhead Shore 1 Patrick Muresan
67%
AR 7 Patrick Vaughn
67%
HK 16 Pat Tortorello
67%
Bachelorette 1 Paul
67%
Bachelor 1 Paula
67%
BB 18, 19 Paul Abrahamian
67%
HK 5 Paula DaSilva
67%
Apprentice UK 5 Paula Jones
67%
AR 1 Paul Alessi
67%
Challenge 13, 15-17, 19-22, 24; RW 17 | RW 17; Challenge 13-15, 16, 17, 19-22, 24 Paula Meronek
67%
MC NZ 4 Paula Saengthian-ngam
67%
Bachelorette 4 Paul Brosseau
67%
Apprentice UK 3 Paul Callaghan
67%
BBUK 2 Paul Clarke
67%
AR AUS 6 Paul Farrell
67%
Mole 5 Paul Grassi
67%
Shipwrecked BOI 2 Paul Harris
67%
MC NZ 5 Paul Harrison
67%
BB 18; Challenge 32-34 | Challenge 32-34; BB 18; EOTB1 | EOTB 1; BB 18; Challenge 32-34 Paulie Calafiore
67%
Made in Staten Island Paulie Fusco
67%
HK 16 Paulie Giganti Jr.
67%
BBCAN 2 Paul Jackson
67%
Fboy Island 1 Paul Keating
67%
LI UK 4 Paul Knops
67%
AR CAN 5 Paul Mitskopoulos
67%
AR AUS 2 Paul Montgomery
67%
Apprentice AUS 1 Paul Natac
67%
HK 9 Paul Niedermann
67%
Apprentice UK 12 Paul Sullivan
67%
Apprentice UK 1 Paul Torrisi
67%
Apprentice UK 2 Paul Tulip
67%
Survivor 33 Paul Wachter
67%
Jersey Shore Pauly D
67%
AR 33 Penn Holderness
67%
BBUK 2 Penny Ellis
67%
Bachelor AUS 1 Penny Palman
67%
Survivor 5 Penny Ramsey
67%
BBUK 7 Pete Bennett
67%
MC AUS 13 Pete Campbell
67%
Challenge 19 Pete Connolly
67%
UKS 1 Pete Farrar
67%
MC AUS 9 Pete Morgan
67%
Survivor 32 Peter Baggenstos
67%
BBCAN 1 Peter Brown
67%
AUS 4 Peter Conte
67%
Bachelorette 1 Peter Dizdar
67%
AUS 3 Peter Fiegehen
67%
Bachelorette 16 Peter Giannikopoulos
67%
Survivor 4 Peter Harkey
67%
AR 10 Peter Harsch
67%
Bachelorette 18 Peter Izzo
67%
Bachelorette 13 Peter Kraus
67%
MC AUS 2 Peter Kritikides
67%
HK 19 Peter Martinez
67%
Bachelorette 12 Peter Medina
67%
Fboy Island 1,2 Peter Park
67%
RW 32 Peter Romeo
67%
MC AUS 3 Peter Vickery
67%
THTH 2 Peter Vigilante
67%
Bachelor 24; Bachelorette 15 | Bachelorette 15; Bachelor 24 Peter Weber
67%
AR CAN 2 Pete Schmalz
67%
The Block NZ 2 Pete Walker
67%
Survivor 25 Pete Yurkowski
67%
Bachelorette 17 Quartney Mixon
67%
AR 34 Quinton Peron
67%
MC AUS 6 Rachael Ciesiolka
67%
LI AUS 3 Rachael Evren
67%
BBUK 11 Rachael White
67%
Bachelor 1 | Bachelor 3 Rachel
67%
Survivor 33 Rachel Ako
67%
Bachelor UK 5 Rachel Boon
67%
Challenge 7; RW 10 | RW 10; Challenge 7 Rachel Braband
67%
AR 20 | HK 2 Rachel Brown
67%
Challenge 1; RW 3 | RW3; Challenge 1 Rachel Campos
67%
LI UK 1 Rachel Christie
67%
Bachelor 5 Rachel Clementi
67%
AUS 8 Rachel Downie
67%
Circle 4 Rachel Evans
67%
AR AUS 6 Rachel Farrell
67%
LI UK 2 Rachel Fenton
67%
LI UK 7 Rachel Finni
67%
Survivor 27 Rachel Foulger
67%
MAFS 13 Rachel Gordillo
67%
Apprentice UK 1 Rachel Groves
67%
BBUK 11 Rachel Ifon
67%
AR 17 Rachel Johnston
67%
AR 28 Rachel King
67%
Bachelor 25 Rachel Kirkconnell
67%
Bachelor 21; Bachelorette 13, BWG | Bachelorette 13; Bachelor 21; BWG Rachel Lindsay
67%
Endurance 3 Rachel Lofton
67%
LI USA 2 Rachel Lundell
67%
Bachelor UK 5 Rachel McMahon
67%
MC AUS 3 Rachel McSweeney
67%
Bachelor AUS 2 Rachel Miley-Smith
67%
Challenge 14, 15; RW 16 | RW 16; Challenge 14, 15 Rachel Moyal
67%
BB6 Rachel Plencner
67%
The Block NZ 1 Rachel Rasch
67%
Bachelor 26; Bachelorette 19 | Bachelorette 19 Rachel Recchia
67%
AR 20, 25, 31; BB 12, 13 | BB12, 13; AR 20, 24, 31 Rachel Reilly
67%
BBUK 9 Rachel Rice
67%
Challenge 6, 7, 9, 10, 16, 17, 22; RR 11 | RR 11; Challenge 6, 7, 9, 10, 16, 17, 22 Rachel Robinson
67%
AR 12 Rachel Rosales
67%
BB20 Rachel Swindler
67%
Bachelor 20 Rachel Tchen
67%
BP 3; Bachelor 16 | Bachelor 16; BP 3 Rachel Truehart
67%
Joe Millionaire 2022 Rachel Vinson
67%
Circle 3 Rachel Ward
67%
AR 8 Rachel Weaver
67%
Snowflake Mountain 1 Rae Hume
67%
Bachelor CA 2 Raelee Fedyna
67%
Ultimatum 1 Rae Williams
67%
12 Dates 1 Raf Terrell
67%
Bachelor 15 Raichel Goodyear
67%
MC 9 Ralph Degala
67%
HK 12 Ralph Johnson
67%
AR 20 Ralph Kelley
67%
Survivor 22 Ralph Kiser
67%
HK 1 Ralph Pagano
67%
Survivor 17, 20 Randy Bailey
67%
Challenge 9, 11; RW 14 | RW 14; Challenge 9, 11 Randy Barry
67%
HK 14 Randy Bell
67%
Bachelorette 8 Randy Lee Woyak
67%
Snowflake Mountain 1 Randy Wentworth
67%
HK 11 Ray Alongi
67%
AR 33; LI 1; EOTB 5 | EOTB 5; LI 1; AR 33 | LI USA 1; AR 33; EOTB 5 Ray Gantt
67%
AR 7 Ray Hosteau
67%
BBUK 4 Ray Shah
67%
MC AUS 9 Ray Silva
67%
AR 9 Ray Whitty
67%
Survivor 25 RC Saint-Amour
67%
Bachelor 15 Rebecca
67%
Survivor 13 Rebecca Bowman
67%
AR 6 Rebecca Cardon
67%
Shipwrecked BOI 3 Rebecca Collings
67%
LI UK 6 Rebecca Gormley
67%
Bachelor CA 1 Rebecca Harrison
67%
Apprentice 4 Rebecca Jarvis
67%
Apprentice UK 12 Rebecca Jeffery
67%
Bachelor 12 Rebecca LeBlanc
67%
Challenge 4; RW 7 | RW 7; Challenge 4 Rebecca Lord
67%
Bachelor UK 5 Rebecca Rock
67%
BBUK 9 Rebecca Shiner
67%
Apprentice UK 9 Rebecca Slater
67%
Bachelor NZ 2 Rebecca Trelease
67%
Geordie Shore 2-3 Rebecca Walker
67%
AR 8 Rebecca Weaver
67%
MAFS AUS 8 Rebecca Zemek
67%
BBUK 12 Rebeckah Vaughan
67%
Survivor 29 Reed Kelly
67%
AR AUS 6 Reem Chokr
67%
Survivor 38 Reem Daly
67%
MCJR 7 Reid Briggs
67%
BP 3; Bachelorette 5 | Bachelorette 5; BP 3 Reid Rosenthal
67%
MC AUS 7, 12 Reynold Poernomo
67%
Survivor 26 Reynold Toepfer
67%
BBCAN 8 Rianne Swanson
67%
Survivor 41 Ricard Foye
67%
MAFS UK 3 Richard
67%
Shipwrecked BOI 1 Richard Biedul
67%
The Block NZ 1 Richard Boobyer
67%
MC NZ 6 Richard Harris
67%
Apprentice AUS 1 Richard Henry
67%
American Grit 2 Richard Mallard
67%
HK 12 Richard Mancini
67%
Bachelorette 4 Richard Mathy
67%
BBUK 7 Richard Newman
67%
UKS 1 Richard Owen
67%
AR AUS 1 Richard Toutounji
67%
Apprentice UK 11 Richard Woods
67%
Bachelorette 2 Rick
67%
AR 27 Rick Chac
67%
Survivor 38 Rick Devens
67%
Temptation Island 5 Rick Fleur
67%
Bachelorette 18 Rick Leach
67%
Apprentice UK 14 Rick Monk
67%
Survivor 23 Rick Nelson
67%
Bachelor CA 2 Rileigh Perin
67%
BIP 7; Bachelorette 16 | Bachelorette 16; BIP 7 Riley Christian
67%
MCJR 3 Riley Hahn
67%
AR 32 Riley McKibbin
67%
Bachelor 9 Rita Ghazal
67%
Survivor 14 Rita Verreos
67%
AR CAN 4 Rita Yakibonge
67%
Survivor 35 Roark Luskin
67%
Bachelorette 1 Rob
67%
Challenge 23, 24; RW 27 | RW 27; Challenge 23, 24 Robb Schreiber
67%
Survivor 5 Robb Zbacnik
67%
Survivor 6, 8 Rob Cesternino
67%
Bachelorette 7 Rob Dahm
67%
AR 10 Rob Diaz
67%
AUS 1 Rob Dickson
67%
Bachelorette 2 Robert
67%
Survivor 4 Robert DeCanio
67%
Bachelorette 4 Robert Fair
67%
Apprentice UK 10 Robert Goodin
67%
BIP 1; Bachelorette 9 | Bachelorette 9; BIP 1 Robert Graham
67%
HK 5, 6 Robert Hesse
67%
MC NZ 2 Robert Jacobs
67%
BB4 Robert Roman
67%
THTH 2 Robert Von Tromp
67%
MAFS UK 6 Robert Voysey
67%
Apprentice 2 Rob Flanagan
67%
AR 21 Rob French
67%
AR 1 Rob Frisbee
67%
AR CAN 2 Rob Goodard
67%
Utopia 1 Rob Hospidor
67%
Bachelorette 13 Rob Howard
67%
Bachelor 12 Robin Canfield
67%
Challenge 9-11, 13, 15-17, 21, 22; RW 14 | RW 14; Challenge 9-11, 13, 15-17, 21, 22 Robin Hibbard
67%
ANTM 1 Robin Manning
67%
LI UK 3 Rob Lipsett
67%
AR 7, 11; Survivor 4, 8, 20, 22, 40 | Survivor 4, 8, 20, 22, 40; AR 7, 11 Rob Mariano
67%
HK 8 Rob McCue
67%
Mole 2 Rob Nelson
67%
AR 21 Rob Scheer
67%
EOTB 2 Rob Tini
67%
MC NZ 1 Rob Trathen
67%
HK 10, 17 Robyn Almodovar
67%
Bachelor 17 Robyn Howard
67%
Surf Girls Robyn Tassi-Curley
67%
Bachelor UK 6 Robyn Tollady
67%
AR 7 Rob Young
67%
HK 3 Rock Harper
67%
Survivor 42 Rocksroy Bailey
67%
Apprentice UK 5 Rocky Andrews
67%
Survivor 14 Rocky Reid
67%
Survivor 2 Rodger Bingham
67%
Survivor 30 Rodney Lavoie Jr.
67%
BIP 8; Bachelorette 18 Rodney Mathews
67%
Bachelorette 18; BIP 8 Rodney Matthews
67%
AR AUS 4 Rod Sattler-Jones
67%
Survivor 6 Roger Sexton
67%
BIP 8; Bachelorette 18 | Bachelorette 18; BIP 8 Romeo Alexander
67%
Survivor 42 Romeo Escobar
67%
CvS 2; DWTS 12 Romeo Miller
67%
Survivor 38 Ron Clark
67%
AR 12, 18 Ron Hsu
67%
AR 17 Ron Kellum
67%
AR 15 Ron Shalita
67%
Bachelorette 10 Ron Worrell
67%
AR 19 Ron Zeitz
67%
Survivor 9 Rory Freeman
67%
Apprentice UK 3 Rory Laing
67%
Shipwrecked BOI 1 Rory Nugent
67%
AR 31; Survivor 7, 8, 20, 27 | Survivor 7, 8, 20, 27; AR 31 Rupert Boneham
67%
AR 4 Russell Brown
67%
MAFS AUS 8 Russell Duance
67%
Survivor 19, 20, 22; AUS 5 Russell Hantz
67%
Bachelor LTYH Russell Johnson
67%
BB11 Russell Kairouz
67%
AR 2 Russell Kalenberg
67%
HK 8 Russell Kook
67%
Survivor 19 Russell Swan
67%
Bachelorette 1 Russell Woods
67%
Survivor 6 Ryan Aiken
67%
BBCAN 6 Ryan Ballantine
67%
BIP 3; Bachelorette 11 | Bachelorette 11; BIP 3 Ryan Beckett
67%
Bachelorette 8 Ryan Bowers
67%
MAFS 6 Ryan Buckley
67%
Bachelor 25 Ryan Claytor
67%
RW 21 Ryan Conklin
67%
MC 9 Ryan Cortez
67%
AR 21 | Apprentice MS Ryan Danz
67%
MAFS 2 Ryan DeNino
67%
AR 33 Ryan Ferguson
67%
Bachelorette 19 Ryan Fox
67%
Challenge AUS; MFS AUS 5 | EOTB 4; AI | MAFS AUS 5; Challenge AUS Ryan Gallagher
67%
Fboy Island 1 Ryan Garland
67%
BP 3; Bachelorette 4 | Bachelorette 4; BP 3 Ryan Hoag
67%
MAFS 13 Ryan Ignasiak
67%
Challenge 12, 15-17, 19 | Challenge All Stars 2; Challenge 12, 15-17, 19 Ryan Kehoe
67%
Challenge 23, 24, 26; RW 24 | RW 24; Challenge 23, 24, 26 Ryan Knight
67%
AR CAN 5 Ryan Lachapelle
67%
RW 24 Ryan Leslie
67%
Shipwrecked BOI 1 Ryan Lewis
67%
CBB 2 Ryan Lochte
67%
Bachelorette 2 Ryan M.
67%
AYTO 1 Ryan Malaty
67%
Bachelorette 11 Ryan McDill
67%
Survivor 43 Ryan Medrano
67%
Bachelorette 7 Ryan Miller
67%
Bachelorette 19 Ryan Mula
67%
Bachelor LTYH Ryan Neal
67%
Survivor 7 Ryan Opray
67%
MAFS 12 Ryan Oubre
67%
Bachelorette 7 Ryan Park
67%
Bachelorette 14 Ryan Peterson
67%
AR 7 Ryan Phillips
67%
BB9 Ryan Quicksall
67%
Bachelorette 2 Ryan R.
67%
MAFS 2 Ryan Ranellone
67%
LI AUS 3 Ryan Reid
67%
BBUK 17 Ryan Ruckledge
67%
Bachelorette 3 Ryan Sh.
67%
Survivor 7 Ryan Shoulders
67%
Bachelorette 3 Ryan Sm.
67%
Bachelorette 15 Ryan Spirko
67%
AR CAN 2 Ryan Steele
67%
Bachelorette 1 Ryan Sutter
67%
AR AUS 3 Ryan Thomas
67%
Survivor 35 Ryan Ulrich
67%
MC 3 Ryan Umane
67%
BBCAN 2 Sabrina Abbate
67%
HK 8 Sabrina Brimhall
67%
HK 6 Sabrina Gresset
67%
RW 31 Sabrina Kennedy
67%
Endurance 1 Sabrina Lloyd
67%
AR CAN 3 Sabrina Mercuri
67%
Apprentice UK 14 Sabrina Stocker
67%
Survivor 24 Sabrina Thompson
67%
Apprentice UK 1 Saira Khan
67%
Bachelorette 12 Sal DeJulio
67%
MC 9 Sal Maida
67%
Bachelor AUS 2 Sam Aghan
67%
MC 9, 12 Samantha Daily
67%
MC 3 Samantha De Silva
67%
MAFS AUS 8 Samantha Harvey
67%
Bachelor 26 Samantha Jeffries
67%
Girls of Hedsor Hall Samantha LaBonte
67%
Bachelor 16 Samantha Levey
67%
AYTO 7 Samantha McKinnon
67%
MAFS AUS 9 Samantha Moitzi
67%
Bachelor 20 Samantha Passmore
67%
BBCAN 7 Samantha Picco
67%
MAFS 3 Samantha Role
67%
BIP 2; Bachelor 19 | Bachelor 19; BIP 2 Samantha Steffen
67%
MAFS AUS 6 Sam Ball
67%
Geordie Shore 14 Sam Bentham
67%
Shipwrecked BOI 5 Sam Bhaumick
67%
Challenge 38; LI UK 4; EOTB 4 | EOTB 4; LIUK 4; Challenge 38 | LI UK 4; EOTB 4; Challenge 38 Sam Bird
67%
BB20 Sam Bledsoe
67%
MCJR 5 Sam Brock
67%
BBUK 7 Sam Brodie
67%
Shipwrecked BOI 1 Sam Bush
67%
MAFS AUS 8 Sam Carraro
67%
BBUK 18 Sam Chaloner
67%
MC AUS 1 Sam Ciaravolo
67%
MC AUS 4 Sam Davis
67%
MC NZ 5 Sam Dolbel
67%
AR CAN 7 Sam Effah
67%
EOTB UK 9 Sam Ellerington
67%
Bachelor 4 Samentha
67%
BBUK 14 Sam Evans
67%
Bachelor AUS 2 Sam Frost
67%
MC AUS 6 Sam Gant
67%
HK 20 Sam Garman
67%
AUS 4, 9 Sam Gash
67%
BBUK 17 Sam Giffen
67%
MC AUS 9 Sam Goodwin
67%
Geordie Shore 16-20 | LI UK 3 Sam Gowland
67%
AR 33 Sam Greiner
67%
MC 10 Sam Haaz
67%
AYTO 4 Sam Handler
67%
AR AUS 2 Sam Hay
67%
MC NZ 2 Sam henderson
67%
BBUK 6 Sam Heuston
67%
Survivor 43 Sami Layadi
67%
LI UK 7 Sam Jackson
67%
MCJR 2 Sam Karpinski
67%
BBUK 16 Sam Kay
67%
AR AUS 6 Sam Kimberley
67%
LI USA 4 Sam Kornse
67%
AR CAN 5 Sam Lambert
67%
EOTB UK 8 Sam Lonsdale
67%
BBUK 8 Sam Marchant
67%
MAFS UK 1 Sam McDonald
67%
Challenge 23; RW 26 | RW 26; Challenge 23 Sam McGinn
67%
AR 15 Sam McMillen
67%
Circle 1 Sammie Cimarelli
67%
Jersey Shore Sammi Sweetheart
67%
BBUK 11 Sam Pepper
67%
EOTB UK 7 Sam Reece
67%
MC 8 Sam Reiff-Pasarew
67%
AR AUS 1; AUS 6 | AUS 6 Sam Schoers
67%
EOTB UK 7 Sam Scott
67%
BB 21 Sam Smith
67%
Apprentice 1 Sam Solovey
67%
EOTB UK 6 Sam Stoddart
67%
MCJR 4 Sam Sy
67%
AR AUS 6 Sam Trenwith
67%
LI UK 8 Samuel Agbiji
67%
Apprentice UK 12 Samuel Boateng
67%
AUS 5 Samuel Hinton
67%
Apprentice UK 2 Samuel Judah
67%
Glee Project 1 Samuel Larson
67%
MCJR 2 Samuel Stromberg
67%
MC AUS 9 Samuel Whitehead
67%
AUS 3, 10 Sam Webb
67%
LI AUS 2 Sam Withers
67%
Survivor 7, 20, 34, 40; AUS 9 Sandra Diaz-Twine
67%
HK 12 Sandra Flores
67%
MC AUS 1 Sandra Moreno
67%
MAFS UK 2 Sara
67%
The Block NZ 1 Sarah Adams
67%
Bachelor AUS 1 Sarah Amey
67%
AUS 6 Sarah Ayles
67%
Endurance 3 Sarah Baker
67%
Bachelor CA 2 Sarah Barber
67%
HK 14 Sarah Baumert
67%
RW 5 Sarah Becker
67%
The Assistant Sarah Beckworth
67%
Apprentice MS Sarah Brennan
67%
Bachelor 7 Sarah Brice
67%
RW 15 Sarah Burke
67%
Tough As Nails 2 Sarah Burkett
67%
Apprentice UK 14 Sarah Byrne
67%
MC AUS 2 Sarah Carmichael
67%
MC AUS 10, 12 Sarah Clare
67%
Bachelor 24 Sarah Coffin
67%
Shipwrecked BOI 3 Sarah Collings
67%
Apprentice UK 10 Sarah Dales
67%
Survivor 25 Sarah Dawson
67%
Fboy Island 1 Sarah Emig
67%
MC 10 Sarah Faherty
67%
MC NZ 6 Sarah Glading
67%
EOTB UK 3 | Geordie Shore 14 Sarah Goodhart
67%
BBUK 16 Sarah Greenwood
67%
Challenge 7; RR 11 | RR 11; Challenge 7 Sarah Greyson
67%
Tough As Nails 3 Sarah Ham
67%
BIP 8; Bachelor 26 | Bachelor 26; BIP 8 Sarah Hamrick
67%
BBCAN 3 Sarah Hanlon
67%
Shipwrecked BOI 3 Sarah Henderson
67%
BIP 1, 3; Bachelor 17 | Bachelor 17; BIP 1, 3 Sarah Herron
67%
BB6 Sarah Hrejsa
67%
Survivor 4 Sarah Jones
67%
Challenge USA 1; Survivor 28, 34, 40 | Survivor 28, 34, 40; Challenge USA 1 Sarah Lacina
67%
MCJR 1 Sarah Lane
67%
Bachelor 15 Sarah Ledtke
67%
AR 13 Sarah Leshner
67%
Apprentice UK 13 Sarah Lynn
67%
AUS 10 Sarah Marschke
67%
RR 7 Sarah Martinez
67%
UKS 2 Sarah McCombie
67%
BBCAN 2 Sarah Miller
67%
BP 3; Bachelor 11 | Bachelor 11; BP 3 Sarah Newlon
67%
UKS 1 Sarah Odell
67%
HK 2 Sara Horowitz
67%
Bachelor 15 Sarah Powell
67%
RW 20 Sarah Ralston
67%
AR 10 Sarah Reinerstsen
67%
Challenge 18-25; 28; RW 21 | RW 21; Challenge 18-25; 28 Sarah Rice
67%
AR AUS 2; MAFS AUS 5 | MAFS AUS 5; AR AUS 2 Sarah Roza
67%
Bachelor 9 Sarah Schnare
67%
Shipwrecked BOI 3 Sarah Sole
67%
Bachelor UK 5 Sarah Stewart
67%
Bachelor 8 Sarah Stone
67%
AUS 4 Sarah Tillke
67%
MC AUS 9, 12 Sarah Tiong
67%
MC AUS 6, 14 Sarah Todd
67%
Bachelor 25 Sarah Trott
67%
BIP 4; Bachelor 21 | Bachelor 21; BIP 4 Sarah Vendal
67%
Bachelor NZ 2 Sarah Wallace
67%
AR CAN 7 Sarah Wells
67%
Bachelor NZ 3 Sarah Whales-Martin
67%
AR 30 Sarah Williams
67%
BBUK 13 Sara McLean
67%
Survivor 21 Sash Lenahan
67%
Survivor 32 Scot Pollard
67%
Bachelorette 15 Scott Andersen
67%
MC AUS 13 Scott Bagnell
67%
AR 9 Scott Braginton-Smith
67%
HK 12 Scott Commings
67%
Apprentice UK 11 Scott Curry
67%
BBOTT Scott Dennis
67%
AR 29 Scott Flanary
67%
AR 28 Scott Fowler
67%
HK 7 Scott Hawley
67%
Tough As Nails 2 Scott Henry
67%
RW 21 Scott Herman
67%
MC 3 Scott Little
67%
BB5 Scott Long
67%
BBUK 13 Scott Mason
67%
Apprentice UK 10 Scott McCulloch
67%
HK 18 Scott Popovic
67%
AR 25 Scott Strazzullo
67%
LI UK 2 Scott Thomas
67%
BBUK 4 Scott Turner
67%
BB4 Scott Weintraub
67%
MC AUS 6 Scott Yeoman
67%
Bachelorette 2 Sean
67%
MC AUS 6 Sean Baxter
67%
MAFS AUS 5 Sean Donnelly
67%
Challenge 1, 5; RW 6 | RW 6; Challenge 1, 5 Sean Duffy
67%
MAFS AUS 4 Sean Hollands
67%
Survivor 1 Sean Kenniff
67%
MCJR 2 Sean Le
67%
Challenge 34, 35; Shipwrecked | Shipwrecked BOI 5; Challenge 34 Sean Lineker
67%
Bachelor 17; Bachelorette 8; DWTS 16 | Bachelorette 8; Bachelor 17; DWTS 16 Sean Lowe
67%
AR CAN 7 Sean Miron
67%
EOTB UK 6 Sean Pratt
67%
Bachelorette 4 Sean Ramey
67%
Survivor 4 Sean Rector
67%
AR CAN 3 Sean Sweeney
67%
Circle 1 Sean Taylor
67%
MAFS AUS 5 Sean Thomsen
67%
MAFS 2 Sean Varricchio
67%
Apprentice 5 Sean Yazbeck
67%
MAFS AUS 7 Sebastian Guilhaus
67%
Survivor 36 Sebastian Noel
67%
HK 11 Sebastian Royo
67%
Apprentice UK 1 Sebastian Schrimpff
67%
THTH 4 Seb Melrose
67%
EOTB 2 Sha Carrell
67%
Apprentice UK 16 Shama Amin
67%
Survivor 19 Shambo Waters
67%
BBOTT Shane Chapman
67%
AUS 5, 7 Shane Gould
67%
AR AUS 2 Shane Haw
67%
Challenge 6, 8, 9, 12, 29, 31, 32; RR 11; CvS 3 | CvS 3; Challenge 6, 8, 9, 12, 29, 31, 32; RR 11 | RR 11, 14; Challenge 6, 8, 9, 12, 29, 31, 32; CvS 3 Shane Landrum
67%
BB14 Shane Meaney
67%
AR 23 Shane Partlow
67%
Survivor 12 Shane Powers
67%
Challenge 27, 30 Shane Raines
67%
AR AUS 5 Shane Wilson
67%
MCJR 7 Shannen Hosman
67%
LI UK 3 Shannen McGrath
67%
Bachelor 2 | Bachelor 3 Shannon
67%
Bachelor 13 Shannon Bair
67%
BB2 Shannon Dragoo
67%
AYTO 5; EOTB 3 | EOTB 3; AYTO 5 Shannon Duffy
67%
CBB 1 Shannon Elizabeth
67%
Survivor 21 Shannon Elkins
67%
AR 16 Shannon Foster
67%
12 Dates 1 Shannon Heitmeyer
67%
AUS 8 Shannon Lawson
67%
AR AUS 5 Shannon nay
67%
Bachelor 1 Shannon Oliver
67%
NZS 1 Shannon Quinn
67%
LI UK 7 Shannon Singh
67%
MC AUS 3 Shannon Smyth
67%
Challenge USA 1; Love Island 3 | LI USA 3; Challenge USA 1 Shannon St. Clair
67%
ANTM 1 Shannon Stewart
67%
Challenge USA 1; Survivor 41 | Survivor 41; Challenge USA 1 Shan Smith
67%
Bachelor CA 2 Sharan Garcha
67%
Bachelor NZ 2 Shari Flavall
67%
Moolah Beach Shari Lee
67%
Temptation Island 4 Shari Ligons
67%
LI UK 7 Sharon Gaffka
67%
Challenge 5; RW 4 | RW4; Challenge 5 Sharon Gitau
67%
AR 8 Sharon Godlewski
67%
MAFS AUS 4 Sharon Marsh
67%
Apprentice UK 2 Sharon McAllister
67%
BB9 Sharon Obermueller
67%
Bachelor 13 Sharon Staebell
67%
HK 4 Sharon Stewart
67%
THTH 1 Sharron Townsend
67%
BBCAN 4 Sharry Ash
67%
AUS 6, 10 Shaun Hampson
67%
MC 7 Shaun O'Neale
67%
Bachelorette 11 Shawn Booth
67%
Survivor 7 Shawn Cohen
67%
CvP 1 Shawne Merriman
67%
AR 16 Shawne Morgan
67%
Bachelorette 11 Shawn Evans
67%
CvS 2; DWTS 8; CA 7 Shawn Johnson
67%
Apprentice MS Shawn Killinger
67%
AR CAN 2 Shawn King
67%
AR 30 Shawn Marion
67%
Bachelor 16 Shawn Reynolds
67%
Challenge 9; RR 8 | RR 8; Challenge 9 Shawn Sealy
67%
THTH 4 Shawn Wells
67%
AUS 9 Shay Lajoie
67%
Love Is Blind 2 Shayne Jansen
67%
Bachelor 12 Shayne Lamas
67%
RR 6 Shayne McBride
67%
LI AUS 3 Shayne Tino
67%
MCJR 5; MC 12 Shayne Wells
67%
NZS 1 Shay Swain-Tapusoa
67%
AR 33 Sheri Cook
67%
AR 28 Sheri LaBrant
67%
Survivor 26 Sherri Biethman
67%
Bachelor AUS 1 Sherri Mathieson
67%
EOTB 5; LI 2 | LI USA 2; EOTB 5 Sher Suarez
67%
Survivor 30, 34 Sierra Dawn Thomas
67%
BIP 8; Bachelor 26 | Bachelor 26; BIP 8 Sierra Jackson
67%
Survivor 18 Sierra Reed
67%
Apprentice UK 3 | Bachelorette 5 Simon Ambrose
67%
AUS 6 Simon Black
67%
UKS 1 Simon Dunkley
67%
Shipwrecked BOI 5 Simone Collins
67%
HK 12 Simone Hammond
67%
AYTO 1; Challenge 26, 27, 30 | Challenge 26, 28, 30; AYTO 1 Simone Kelly
67%
MAFS AUS 2 Simone Lee Brennan
67%
Survivor 35 Simone Nguyen
67%
BBUK 18 Simone Reed
67%
BBUK 16 Simon Gross
67%
MAFS AUS 4 Simon McQuillan
67%
AUS 8, 10 Simon Mee
67%
EOTB 2; Teen Mom Simon Saran
67%
LI UK 3 Simon Searles
67%
RW 13 Simon Sherry-Wood
67%
Apprentice UK 4 Simon Smith
67%
MC AUS 11, 12 Simon Toohey
67%
BBCAN 3, 5 Sindy Nguyen
67%
Survivor 30 So Kim
67%
Survivor 28, 31 Spencer Bledsoe
67%
BB15 Spencer Clawson
67%
Survivor 18 Spencer Duhm
67%
Bachelor UK 5 Spencer Matthews
67%
Bachelorette 16 Spencer Roberston
67%
BBUK 3 Spencer Smith
67%
AR 33 Spencer Stone
67%
Bachelorette 19 Spencer Swies
67%
Bachelorette 18 Spencer Williams
67%
Bachelor 4 Stacey
67%
MC 3 Stacey Amagrande
67%
Bachelor 12 Stacey Elza
67%
Shipwrecked BOI 5 Stacey Freeman
67%
AYTO 3 Stacey Gurnevich
67%
Bachelor AUS 1 Stacey Lindall
67%
Bachelor AUS 2 Stacey-Louise
67%
Shipwrecked BOI 4 Stacey Masey
67%
Survivor 23 Stacey Powell
67%
Bachelor 15 Stacey Quirpel
67%
HK 7 Stacey Slichta
67%
Survivor 1 Stacey Stillman
67%
Apprentice 2 Stacie Jones Upchurch
67%
AR 20 Stacy Bowers
67%
Survivor 14 Stacy Kimball
67%
Bachelor CA 3 Stacy Rae
67%
Apprentice 2 Stacy Rotner
67%
Apprentice 5 Stacy Schneider
67%
AR 8 Stassi Schroeder
67%
The Assistant Stefani Fischer
67%
Apprentice 6 Stefani Schaeffer
67%
MAFS UK 4 Steph
67%
Bachelor 3 | MAFS UK 3 Stephanie
67%
Apprentice UK 16 Stephanie Affleck
67%
Apprentice 7 Stephanie Castagnier
67%
Bachelor CA 3 Stephanie Delaney
67%
Survivor 5 Stephanie Dill
67%
Survivor 36 Stephanie Gonzalez
67%
Bachelor 13 Stephanie Hogan
67%
Survivor 36 Stephanie Johnson
67%
AR 13 Stephanie Kacandes
67%
Bachelor NZ 3 Stephanie Lai
67%
LI UK 4 Stephanie Lam
67%
BBUK 9 Stephanie McMichael
67%
Bachelor 14 Stephanie Mueller
67%
Apprentice 3 Stephanie Myers
67%
BBCAN 10 Stephanie Paterson
67%
MAFS 8 Stephanie Sersen
67%
AR 17 Stephanie Smith
67%
Geordie Shore 16 Stephanie Snowdon
67%
Bachelor 10 Stephanie Tipper
67%
Survivor 22 Stephanie Valencia
67%
Bachelor 10 Stephanie Wilhite
67%
MC 9 Stephanie Willis
67%
Bachelor CA 1 Stephanie Wuethrich
67%
Survivor 13 Stephannie Favor
67%
BBUK 4 Steph Coldicott
67%
MC AUS 11 Steph De Sousa
67%
Mole 3 4; CA 1,6; I'm a Celebrity 2; CBB UK 7 Stephen Baldwin
67%
Challenge 33-35; SW; EOTBUK 3, 5; CBBUK 18 | EOTB UK 3, 5; CBB 18; Challenge 33-35 | Shipwrecked The Island; EOTB UK 3,5; CBB 18; Challenge 33-35 Stephen Bear
67%
Apprentice UK 8 Stephen Brady
67%
Challenge 27 Stephen Buell
67%
EOTB UK 3 Stephen Cochrane
67%
Bachelorette 7 Stephen D'Amico
67%
Survivor 18, 31 Stephen Fishbach
67%
Survivor 10, 11, 20 Stephenie LaGrossa
67%
Hunted 1 Stephen King
67%
MC 6, 12 Stephen Lee
67%
AYTO 4 Stephen McHugh
67%
RW 18 Stephen Nichols
67%
Bachelorette 5 Stephen Reich
67%
MC AUS 7 Stephen Rooney
67%
Challenge 5; RW 7 | RW 7; Challenge 5 Stephen Williams
67%
AR CAN 4 Steph LeClair
67%
AR AUS 6 Steph McGrath
67%
MC AUS 14 Steph Woon
67%
BB20 Steve Arienta
67%
LI UK 3 Steve Ball
67%
MAFS AUS 7 Steve Burley
67%
AR 4 Steve Carmody
67%
AR 14 Steve Cole
67%
AR 4 Steve Cottingham
67%
BBUK 11 Steve Gill
67%
MC NZ 1 Steve Juergens
67%
AUS 5, 10 Steve Khouw
67%
Bachelorette 6 Steve Kocsis
67%
AR 26 Steve Langton
67%
Challenge 7; All Stars 2; RR 10 | Challenge All Stars 2; RR 10; Challenge 7 | RR 10; Challenge 7; Challenge AS 2 Steve Meinke
67%
AR 4 Steve Meitz
67%
BB17 Steve Moses
67%
MAFS 14 Steve Moy
67%
AUS 6 Steven Bradbury
67%
12 Dates 1 Steven Cho
67%
Mole 1 Steven Cowles
67%
BB10 Steven Daigle
67%
THTH 3 Steven Ditter
67%
HK 20 Steven Glenn
67%
BBUK 15 Steven Goode
67%
MAFS UK 2 Steven Griffiths
67%
Challenge 9; RW 12 | RW 12; Challenge 9 Steven Hill
67%
Joe Millionaire 2022 Steven McBee
67%
HK 9 Steven Paluba
67%
MC AUS 6 Steven Peh
67%
Apprentice UK 10 Steven Ugoalah
67%
Bachelorette 10 Steven Woolworth
67%
HK 13 Steve Rosenthal
67%
AR AUS 2 Steve Scale
67%
AR 16 Steve Smith
67%
AUS 5 Steve Willis
67%
Survivor 22 Steve Wright
67%
AR AUS 2 Sue Bumback
67%
AUS 3 Sue Clarke
67%
BBUK 18 Sue Evans
67%
Survivor 1, 8 Sue Hawk
67%
Survivor 17, 20 Sugar Kiper
67%
Moolah Beach Summer Borden
67%
LI UK 8 Summer Botwe
67%
BBCAN 10 Summer Sayles
67%
Apprentice 5 Summer Zervos
67%
MC AUS 3 Sun Etheridge
67%
Bachelor 10 Susan Anderson
67%
Bachelor 11 Susan Coolidge
67%
MC NZ 1 Susan Drummond
67%
AR CAN 3 Susan Hayre
67%
HK 11 Susan Heaton Fierro
67%
Apprentice UK 7 Susan Ma
67%
MAFS AUS 4 Susan Rawlings
67%
Shipwrecked BOI 3 Susan Shaw
67%
AR 7 Susan Vaughn
67%
Joe Millionaire 2022 Suzan E.
67%
Challenge AUS Suzan Mutesi
67%
DSAL 1, 2 Suzi Baidya
67%
Bachelor 2 Suzi Reid
67%
Survivor 32, 34 Tai Trang
67%
Survivor 18 Taj Johnson
67%
RW2 Tami Akbar
67%
AR AUS 6 Tammy Chan
67%
Circle 1 Tammy Eason
67%
AR 8 Tammy Gaghan
67%
AR 14 Tammy Jih
67%
Apprentice 1 Tammy Lee
67%
Survivor 4 Tammy Leitner
67%
BIP 7; Bachelor 24 | Bachelor 24; BIP 7 Tammy Ly
67%
Apprentice 5 Tammy Trenta
67%
AR CAN 4 Tanya Muzzatti
67%
MC 3 Tanya Noble
67%
Survivor 5 Tanya Vance
67%
Tough As Nails 2 Tara Alverson
67%
AR 29 Tara Carr
67%
HK 21 Tara Ciannella
67%
Tough As Nails 1 Tara Davis
67%
Apprentice 3 Tara Dowdell
67%
Bachelor 9 Tara Durr
67%
Bachelor 19 Tara Eddings
67%
Bachelor 5 Tara Huckeby
67%
AR 2 Tara Lynch
67%
Challenge 5; RR 5 | RR 5; Challenge 5 Tara McDaniel
67%
AUS 4 Tara Pitt
67%
NZS 2 Tara Thorowgood
67%
Bachelor UK 6 Tara Walls
67%
MAFS AUS 7 Tash Herz
67%
MC AUS 6 Tash Shan
67%
Bachelor NZ 3 Taylar Saunders
67%
AR CAN 6 Taylor Callens
67%
MAFS 10 Taylor Dunklin
67%
AR 33 Taylor Green-Jones
67%
BB 24 Taylor Hale
67%
Survivor 33 Taylor Lee Stocker
67%
EOTB UK 6 Taylor Morgan
67%
BIP 4; Bachelor 21 | Bachelor 21; BIP 4 Taylor Nolan
67%
Made in Staten Island Taylor O'Toole
67%
AYTO 5; EOTB 1 | EOTB 1; AYTO 5 Taylor Selfridge
67%
Endurance 5 Taylor Sisco-McNulty
67%
Utopia 1 Taylor Vaughn
67%
MC 9 Taylor Waltmon
67%
MC 11 Tay Westberry
67%
Survivor 5 Ted Rogers Jr
67%
Survivor 3 Teresa Cooper
67%
AR AUS 2 Teresa Italiano
67%
AR 3, 11 Teri Pollack
67%
Shipwrecked BOI 2 Terri Jones
67%
AR 10 Terry Cosentino
67%
Survivor 12, 31 Terry Dietz
67%
MC 7 Terry Mueller
67%
LI UK 2 Terry Walsh
67%
HK 14, 18 T Gregoire
67%
Challenge 19-21, 24-26, 36 Theresa Gonzalez
67%
Apprentice AUS 1 Thomas Ben
67%
Challenge 26-28; RW 29 | RW 29; Challenge 26-28 Thomas Buell
67%
Temptation Island 6 Thomas Gipson
67%
BIP 7; Bachelorette 17 | Bachelorette 17; BIP 7 Thomas Jacobs
67%
MCJR 7 Thomas Reyna
67%
Apprentice UK 15 Thomas Skinner
67%
Bachelorette 15 Thomas Staton
67%
AR 17 Thomas Wolfard
67%
Bachelor 3 Tiffany
67%
AR 27 Tiffany Chantell Torres
67%
Bachelor 10 Tiffany Forester
67%
HK 10 Tiffany Johnson
67%
AR 15 Tiffany Michelle
67%
BB 23; Challenge USA 1 | Challenge USA 1; BB 23 Tiffany Mitchell
67%
HK 3 Tiffany Nagel
67%
EOTB UK 11; Flavor of Love 1, 2; CBB UK 17 Tiffany Pollard
67%
BB 18 Tiffany Rousso
67%
Survivor 41 Tiffany Seely
67%
Bachelor 12 Tiffany Thornburg
67%
AR AUS 6 Tiffany Turland
67%
Bachelor 10 Tiffany Warren
67%
MC AUS 11 Tim Bone
67%
Apprentice UK 1 Tim Campbell
67%
BBUK 3 Tim Culley
67%
BBCAN 4; BB AUS 10 Tim Dormer
67%
AUS 1 Tim Dugan
67%
AR CAN 1 Tim Hague Jr
67%
AR CAN 1 Tim Hague Sr.
67%
AR 30 Tim Janus
67%
AR 34 Tim Mann
67%
Bachelorette 7 Tim McCormack
67%
MC NZ 6 Tim Read
67%
Bachelor AUS 1 Tim Robards
67%
AR AUS 4 Tim Sattler-Jones
67%
Apprentice UK 9 Tim Stillwell
67%
AR 23 Tim Sweeney
67%
MC AUS 10 Tim Talam
67%
AR 25 Tim Tsao
67%
Apprentice 6 Tim Urban
67%
Bachelor CA 2 Tim Warmels
67%
AR 23 Tim Wiyninger
67%
Bachelor 3 Tina
67%
Challenge 7, 9, 10, 12, 13; All Stars 2, 3; RR 12 | Challenge All Stars 2; RR 12; Challenge 7,9,10,12,13 | RR 12; Challenge 7, 9, 10, 12, 13; Challenge 2, 3 Tina Barta
67%
Bachelor 1 Tina Chen
67%
AR 13 Tina Greene
67%
AR AUS 5 Tina Kuek
67%
Bachelor CA 1 Tina Petrick
67%
LI AUS 3 Tina Provis
67%
Survivor 12 Tina Scheer
67%
LI UK 2 Tina Stinnes
67%
BBCAN 9 Tina Thistle
67%
Survivor 2, 8, 27 Tina Wesson
67%
Bachelor 10 Tina Wu
67%
AYTO 7 Tomas Buenos
67%
BBUK 18 Tom Barber
67%
Survivor 3, 8 Tom Buchanan
67%
Apprentice UK 14 Tom Bunday
67%
Fboy Island 2 Tom Carnifax
67%
Apprentice UK 8 Tom Gearing
67%
CBB 2; CA 2 Tom Green
67%
The Block NZ 2 Tom Heaphy
67%
Shipwrecked BOI 4 Tom Jaconelli
67%
Survivor 39 Tom Laidlaw
67%
MC AUS 13 Tom Levick
67%
EOTB UK 8 Tom Litten
67%
Endurance 3 Tom Maden
67%
BBUK 1 Tom McDermott
67%
MC AUS 1 Tom Mosby
67%
EOTB UK 12 Tommy Baljet
67%
BB 21; Challenge 38 | Challenge 38; BB 21 Tommy Bracco
67%
AR 19 Tommy Czeschin
67%
LI UK 5 Tommy Fury
67%
AR 8 Tommy Linz
67%
MCJR 1 Tommy Peters
67%
MC AUS 13, 14 Tommy Pham
67%
Challenge 37; Survivor 39 | Survivor 39; Challenge 37 Tommy Sheehan
67%
HK 9 Tommy Stevens
67%
MC 6, 12 Tommy Walton
67%
BBUK 12 Tom O'Connell
67%
BBUK 10 Tom Oliver
67%
NZS 1 Tom Paterson
67%
HK 2 Tom Pauley
67%
Apprentice UK 7 Tom Pellereau
67%
BBCAN 1 Tom Plant
67%
LI UK 2 Tom Powell
67%
AR 10 Tom Rock
67%
MC AUS 3 Tom Rutledge
67%
12 Dates 2 Tom Seymour
67%
Shipwrecked BOI 3 Tom Turner
67%
LI UK 5 Tom Walker
67%
AR AUS 1 Tom Warriner
67%
Survivor 10, 20 Tom Westman
67%
AR AUS 4 Tom Wilkinson
67%
MAFS 4 Tom Wilson
67%
Shipwrecked BOI 5 Tom Wotton
67%
AR AUS 6 Toni Hilland
67%
AR 13 Toni Imbimbo
67%
AR 8 Tony Aiello
67%
LI UK 1 Tony Alberti
67%
MC 1 Tony Carbone
67%
HK 6 Tony D'Alessandro
67%
NZS 1 Tony Deane
67%
Bachelorette 11 Tony Harris
67%
AR 8 Tony Paolo
67%
BP 3; Bachelorette 8 | Bachelorette 8; BP 3 Tony Pieper
67%
MC NZ 3 Tony Price
67%
Challenge 27-32; RW 30; CvS 3 | CvS 3; Challenge 27-32; RW 30 | RW 30; Challenge 27-32; CvS 3 Tony Raines
67%
MC 2 Tony Scruggs
67%
American Grit 1 Tony Simmons
67%
AR 17 Tony Stovall
67%
Survivor 28, 34, 40 Tony Vlachos
67%
EOTB 1, 2 Tor'I Brooks
67%
AYTO 4; Challenge 30, 32, 34-38; CvS 2,3 | Challenge 30, 32, 34-38; AYTO 4; CvS 2,3 | CvS 2, 3; Challenge 30, 32, 34-38; AYTO 4 Tori Deal
67%
Challenge 15, 17, 20; RR 14 | RR 14; Challenge 15, 17, 20 Tori Hall
67%
Survivor 42 Tori Meehan
67%
BBUK 8 Tracey Barnard
67%
Mole 4 Tracey Gold
67%
MC NZ 1 Tracey Gunn
67%
MAFS AUS 5 Tracey Jewel
67%
MC NZ 2 Tracey Lee Hooten
67%
Bachelor CA 1 Tracy
67%
Challenge 37; LI Germany 2 Tracy Candela
67%
MC AUS 6,12 Tracy Collins
67%
Bachelor 19 Tracy Darakis
67%
MC 2 Tracy Kontos
67%
MC 1 Tracy Nailor
67%
AR AUS 1 Tracy Read
67%
Bachelor 23 Tracy Shapoff
67%
Survivor 16 Tracy Wolf
67%
LI UK 1 Travis Almond
67%
Survivor 9 Travis "BUBBA" Sampson
67%
AR 23 Travis Jasper
67%
Bachelor 8 Travis Lane Stork
67%
BB 23 Travis Long
67%
Bachelorette 8 Travis Pope
67%
Apprentice UK 3 Tre Azam
67%
BIP 7; Bachelorette 17 | Bachelorette 17; BIP 7 Tre Cooper
67%
LI USA 2 Tre Forte
67%
Bachelorette 2 Trever Kalan
67%
HK 8, 18 Trev McGrath
67%
MC AUS 1 Trevor Forster
67%
Bachelor LTYH Trevor Holmes
67%
Circle 4 Trevor St. Agathe
67%
AR 30 Trevor Wadleigh
67%
Endurance 1 Trevor Wilkins
67%
LI USA 4 Tre Watson
67%
Bachelorette 6 Ty Brown
67%
AYTO 2 Tyler Abron
67%
AR 26 Tyler Adams
67%
EOTB 4 Tyler Ash
67%
AR AUS 1 Tyler Atkins
67%
PH 3 Tyler Berta
67%
Endurance 2 Tyler Burkhalter
67%
Bachelorette 15 Tyler Cameron
67%
AYTO 6 Tyler Colon
67%
Bachelorette 16 Tyler Cottrill
67%
BB20, 22 Tyler Crispen
67%
LI UK 7 Tyler Cruickshank
67%
AR 10 Tyler Denk
67%
The Royal World Tyler Dooley
67%
Challenge 13, 15, 20, 21; All Stars 2,3; RW 17 | Challenge All Stars 2,3; RW 17; Challenge 13,15,20,21 | RW 17; Challenge 13, 15, 20, 21; Challenge AS 2, 3 Tyler Duckworth
67%
Glee Project 2 Tyler Ford
67%
Survivor 30 Tyler Fredrickson
67%
EOTB 3 Tyler Garrigus
67%
Bachelorette 15 Tyler Gwozdz
67%
AYTO 3 Tyler Johnson
67%
AR 9 Tyler Macniven
67%
Bachelorette 6 Tyler Morrow
67%
AYTO 4 Tyler Norman
67%
BIP 8; Bachelorette 19 | Bachelorette 19; BIP 8 Tyler Norris
67%
AR 28; 31 Tyler Oakley
67%
AYTO 5 Tyler O'Brien
67%
AYTO 2 Tyler Pratt
67%
LI USA 4 Tyler Radziszewski
67%
AR AUS 4 Tyler Roos
67%
Bachelorette 16 Tyler Smith
67%
Bachelorette 6 Tyler Vermette
67%
MC 5 Tyler Viars
67%
Challenge 20-22, 24; RW 23 | RW 23; Challenge 20-22, 24 Ty Ruff
67%
AR 13 Ty White
67%
LI USA 4 Val Bragg
67%
Survivor 29 Val Collins
67%
MC NZ 4 Vanessa Baxter
67%
MAFS AUS 4 Vanessa Belvedere
67%
Bachelor NZ 3 Vanessa Bingham
67%
BBCAN 8 Vanessa Clements
67%
Bachelor 27 Vanessa Dinh
67%
Bachelor 21 Vanessa Grimaldi
67%
HK 4 Vanessa Gunnell
67%
LI AUS 2 Vanessa Joli
67%
BBUK 6 Vanessa Layton-McIntosh
67%
AR 20 Vanessa Macias
67%
AR CAN 1 Vanessa Morgan
67%
MAFS 3 Vanessa Nelson
67%
BBUK 5 Vanessa Nimmo
67%
MAFS AUS 7 Vanessa Romito
67%
BB17 Vanessa Rousso
67%
HK 15 Vanessa Soltero
67%
All Star Shore 1; RP DR Vanessa Vanjie Mateo
67%
HK 6, 17 Van Hurd
67%
AR 32 Vic Newland
67%
AR 31; BB 18; Challenge 31 | BB 18; Challenge 31; AR 31 | Challenge 31; BB18; AR 31 Victor Arroyo
67%
BBUK 5; UBB UK Victor Ebuwa
67%
EOTB 1 Victoria Alario
67%
Survivor 38 Victoria Baamonde
67%
Bachelor UK 6 Victoria Bailey
67%
Bachelor UK 5 Victoria Ebel
67%
BBUK 13 Victoria Eisermann
67%
DSAL 1 Victoria Fryer
67%
AR 6 | BIP 8; Bachelor 24 | Bachelor 24, BIP 8 Victoria Fuller
67%
Mole 5 Victoria Garza
67%
AR 14 Victoria Hunt
67%
Bachelor 27 Victoria Jameson
67%
BBUK 17 Victoria Jensen
67%
MC NZ 6 Victoria Koszegi
67%
BIP 7; Bachelor 25 | Bachelor 25; BIP 7 Victoria Larson
67%
Bachelor 18 Victoria Lima
67%
BIP 7; Bachelor 24 | Bachelor 24; BIP 7 Victoria Paul
67%
BB16 Victoria Rafaeli
67%
MC 5 Victoria Scroggins
67%
HK 20 Victoria Sonora
67%
EOTB UK 11 Victoria Winterford
67%
BBCAN 9 Victoria Woghiren
67%
AYTO 4 Victoria Wyatt
67%
AR 14 Victor Jih
67%
RR 4 Vince Forcier
67%
Challenge 27, 28 Vince Gliatta
67%
Survivor 39 Vince Moua
67%
AR AUS 6 Vincent Chan
67%
Apprentice UK 7 Vincent Disneur
67%
MAFS 12 Vincent Morales
67%
Survivor 30 Vince Sly
67%
AR 9 Wanda Lopez-Rochford
67%
Survivor 10 Wanda Shirk
67%
Bachelorette 3 Wendell
67%
Survivor 36, 40 Wendell Holland
67%
Bachelor 1 Wendi Plotnik
67%
Mole 1 Wendi Wendt
67%
Survivor 38 Wendy Diaz
67%
Survivor 21 Wendy Jo DeSmidt-Kohlhoff
67%
HK 1 Wendy Liu
67%
HK 16 Wendy Mendez
67%
Challenge 12, 13, 18, 19, 22-24, 26, 28, 33-36; RW 16; All Stars 3 | Challenge All Stars 3; RW 16; Challenge 12,13,18,19,21-24;26,28, 33-36 | CvP 1; CvS 2, 3; Challenge 12,13,18,19,21-24,26,28,33-36; Challenge AS 3; RW 16 | RW 16; Challenge 12, 13, 18, 19, 22-24, 26, 28, 33-36; Challenge AS 3; CvP 1; CvS 2,3 Wes Bergmann
67%
AYTO 1 Wes Buckles
67%
BP 1; Bachelorette 5 | Bachelorette 5; BP 1 Wes Hayden
67%
Apprentice 2 Wes Moss
67%
Survivor 29 Wes Nale
67%
LI UK 4 Wes Nelson
67%
LI USA 3 Wes Ogsbury
67%
BB1 William Collins
67%
BP 2; Bachelorette 7 | Bachelorette 7; BP 2 William Holman
67%
BBCAN 5 William Laprise Desbiens
67%
Survivor 28, 31 Woo Hwang
67%
Survivor 41 Xander Hastings
67%
MC AUS 5 Xavier Doran
67%
MAFS AUS 2 Xavier Forsberg
67%
BB 23; Challenge USA 1 | Challenge USA 1; BB 23 Xavier Prather
67%
Moolah Beach Xavier Yepez
67%
Claim to Fame 1 X Lamar
67%
Survivor 21 Yve Rojas
67%
AR 3 Zach Behr
67%
Bachelorette 16 Zach Jackson
67%
MAFS 10 Zach Justice
67%
AR 28 Zach King
67%
AUS 5, 7 Zach Kozyrski
67%
Challenge 15; RW 17 | RW 17; Challenge 15 Zach Mann
67%
Challenge 23-26; 29, 31-34; RW 26; CvS 2 | CvS 2; Challenge 23-26; 29, 31-34; RW 26 | RW 26; Challenge 23-26, 29, 31-34; CvS 2 Zach Nichols
67%
BBCAN 3 Zach Oleynik
67%
BB16 Zach Rance
67%
Bachelor 27; Bachelorette 18 | Bachelorette 19; Bachelor 27 Zach Shallcross
67%
BB8 Zach Swerdzewski
67%
EOTB UK 8 Zach Tull
67%
HK 11 Zach Womack
67%
Survivor 42 Zach Wurtenberger
67%
MCJR 4 Zac Kara
67%
MAFS 13 Zack Freeman
67%
Bachelorette 9; BIP 1 Zack Kalter
67%
AR 19 Zac Sunderland
67%
AYTO 3 Zak Longo
67%
Survivor 25 Zane Knight
67%
EOTB UK 9 Zayn London
67%
Ultimate Surfer 1 Zeke Lau
67%
Survivor 33, 34 Zeke Smith
67%
LI UK 1 Zoe Basia Brown
67%
Apprentice UK 7 Zoe Beresford
67%
BBUK 15 Zoe Birkett
67%
LI AUS 3 Zoe Clish
67%
MAFS AUS 1 Zoe Hendrix
67%
BBUK 19 Zoe Jones
67%
MC AUS 8 Zoe Konikkos
67%
UKS 1 Zoe Lyons
67%
Bachelor AUS 2 Zoe O'Brien
67%
AYTO 6 Zoe Pugh
67%
Survivor 4 Zoe Zanidakis
67%
AR 34 Aastha Lal
33%
AR 21 Abba Abbattista
33%
RR 7 Abe Ingersoll
33%
MC 11 Abe Konick
33%
HK 21 Abe Sanchez
33%
BB5 Adria Klein
33%
UKS 1 Adrian Bauckham
33%
AR 16 Adrian Davis
33%
AR AUS 4 Adrienne Clarke
33%
MC 2 Adrien Nieto
33%
Endurance 5 Aeriel Miranda
33%
AR 13 Aja Benton
33%
LI UK 7 AJ Bunker
33%
BBCAN 1 AJ Burman
33%
MCJR 3 AJ Espinoza
33%
Bachelorette 16 AJ Jalawan
33%
Moolah Beach AJ Johnson
33%
MAFS 8 AJ Vollmoeller
33%
AR 33 Akbar Cook
33%
AR CAN 2 Alain Chanoine
33%
EOTB 5 Alain Lorenzo
33%
UKS 2 Alastair Brogan
33%
Survivor 23 Albert Destrade
33%
Ultimate Surfer 1 Alejandro Moreda
33%
HK 21 Alejandro Najar
33%
MC 7 Alejandro Toro
33%
MC 11, 12 Alejandro Valdvia
33%
Apprentice UK 12 Aleksandra King
33%
MAFS AUS 7 Aleksandra Markovic
33%
LI UK 4 Alexandra Cane
33%
BBUK 9 Alexandra De-Gale
33%
LI USA 1 Alexandra Stewart
33%
AYTO 2 Alexandria Kim
33%
12 Dates 1 Alexia Fullwood
33%
Survivor 21 Alina Wilson
33%
AYTO 6 Alivia Hunter
33%
Apprentice 5 Allie Jablon
33%
Bachelor NZ 3 Ally Thompson
33%
AR AUS 4 Amani Mawass
33%
AR 19 Amani Pollard
33%
MAFS 11 Amani Smith
33%
BB 24 Ameerah Jones
33%
Bachelor AUS 2 Anastasia
33%
Ultimate Surfer 1 Anastasia Ashley
33%
Bachelor 27 Anastasia Keramidas
33%
Challenge 24; RW 28 | RW 28; Challenge 24 Anastasia Miller
33%
AR AUS 1 Anastasia Natasa Drimousis
33%
AUS 6 Anastasia Woolmer
33%
MC AUS 8 Anastasia Zolotarev
33%
Challenge 6, 9, 11, 13, 14, 17, 21, 22, 24, 25, 27, 30, 35-38; All Stars 1; RW 11; CvS 2 | Challenge All Stars; RW 11; Challenge 6,9,11,13,14,17,21,25,27,30,35-38 | CvS 2; Challenge 6, 9, 11, 13, 14, 17, 21, 22, 24, 25, 27, 30, 35-38; All Stars 1; RW 11 | RW 11; Challenge 6, 9, 11, 13, 14, 17, 21, 22, 24, 25, 27, 30, 35-38; Challenge AS 1; CvS 2, 3 Aneesa Ferreira
33%
EOTB UK 9 Angelica Fomia
33%
Apprentice UK 13 Anisa Topan
33%
AUS 5 Anita Berkett
33%
Bachelor AUS 2 Anita Cusack
33%
AR 13 Anita Jones
33%
EOTB UK 2 Anita Kaushik
33%
Apprentice UK 5 Anita Shah
33%
AR AUS 6 Anja Gramueller-Southon
33%
AUS 10 Anjali Rao
33%
AUS 4 Anneliese Wilson
33%
Joe Millionaire 2022 Annie Jorgensen
33%
Endurance 2 Annie Kim
33%
Bachelor 23 Annie Reardon
33%
BB12 Annie Whittington
33%
LI UK 5 Anton Danyluk
33%
HK 8 Antonia Boregman
33%
LI USA 1 Anton Morrow
33%
BBUK 12 Anton Murphy
33%
HK 12 Anton Testino
33%
AR 32 Aparna Dhinakaran
33%
Bachelor CA 2 April Borgnetta
33%
Bachelor CA 2 April Brockman
33%
BB10 April Dowling
33%
AR 30 April Gould
33%
Surf Girls April Grover
33%
Apprentice UK 11 April jackson
33%
Bachelor 9 April Jacobs
33%
BB6 April Lewis
33%
Ultimatum 1 April Marie
33%
Bachelor CA 3 April Phan
33%
ANTM 2 April Wilkner
33%
CBB 1 Ariadna Gutierrez
33%
CvS 3 Arian Foster
33%
AR 3 Arianne Udell
33%
HK 6, 18 Ariel Contreras-Fox
33%
Bachelor 27 Ariel Frenkel
33%
HK 15 Ariel Malone
33%
Bachelorette 8; Bachelor 22 Arie Luyendyk Jr.
33%
AR 10 Arti Patel
33%
Survivor 25 Artis Sylvester
33%
AR 33 Arun Kumar
33%
BB6 Ashlea Evans
33%
AR 29 Ashton Theiss
33%
Bachelor 3 Audree
33%
AYTO 6 Audrey Diaz
33%
Apprentice 3 Audrey Evans
33%
Challenge AUS; LI AUS 3 | LI AUS 3; Challenge AUS Audrey Kanongara
33%
BB17 Audrey Middleton
33%
AR CAN 2 Audrey Tousignant-Maurice
33%
Survivor 38 Aurora McCreery
33%
NZS 1 Avi Duckor-Jones
33%
AR 6 Avi Schneier
33%
BB 23; Challenge USA 1 | Challenge USA 1; BB 23 Azah Awasum
33%
AR 12 Azaria Azene
33%
AUS 8 Baden Cooke
33%
AUS 6 Baden Gilbert
33%
LI USA 3 Bailey Marshall
33%
HK 10, 17 Barbie Marshall
33%
Shipwrecked BOI 3 Barrie Ridley
33%
AR 9 Barry Lazarus
33%
AUS 3 Barry Lea
33%
AR 22 Bates Battaglia
33%
BB20, 22; Challenge 35 | Challenge 35; BB 20 Bayleigh Dayton
33%
EOTB UK 9 Bayley Jenkins
33%
Survivor 29 Baylor Wilson
33%
BBUK 10 Bea Hamill
33%
EOTB UK 8 Bea Tetteh
33%
BB6 Beau Beasley
33%
Geordie Shore 19-22 Beau Brennan
33%
MC AUS 4 Beau Cook
33%
Shipwrecked BOI 3 Beau Devonish-Inua
33%
THTH 3 Beaux Raymond
33%
Bachelor NZ 3 Bel Clarke
33%
BBUK 9 Belinda Harris-Reid
33%
MAFS AUS 8 Belinda Vickers
33%
LI USA 4 Bella Barbaro
33%
Utopia 1 Bella Chartrand
33%
MAFS AUS 3 Bella Frizza
33%
BB 21 Bella Wang
33%
Bachelor AUS 1 Belle
33%
LI UK 5 Belle Hassan
33%
MCJR 6 Beni Cwiakala
33%
AUS 5 Benji Wilson
33%
LI USA 2 Bennie Bivens
33%
AUS 8 Benny Burdo
33%
AR 26 Bergen Olsen
33%
Challenge 37; Survivor Turkey 8 Berna Canbeldek
33%
MCJR 2 Berry Nakash
33%
Floribama Shore Bethaney Goodloe
33%
Geordie Shore 19-22; All Star Shore 1 Bethan Kershaw
33%
AR 25 Bethany Hamilton
33%
ANTM 2 Bethany Harrison
33%
LI UK 1 Bethany Rogers
33%
Apprentice MS Bethenny Frankel
33%
Survivor 19 Betsy Bolan
33%
BBCAN 10 Betty Yirsaw
33%
HK 12 Bev Lazo-Gonzalez
33%
AUS 3 Bianca Anderson
33%
Bachelor AUS 1 Bianca Martin
33%
Apprentice UK 10 Bianca Miller
33%
AR 7 Bianca Smith
33%
Bachelor CA 1 Bianka Kamber
33%
LI AUS 2 Biannca Furchtman
33%
BBUK 15 Biannca Lake
33%
AR 15, 18, 25 Big Easy Lofton
33%
AR 9 BJ Averell
33%
Bachelorette 4 Blaine Twilley
33%
AR 28 Blair Fowler
33%
Challenge 6; RR 10 | RR 10; Challenge 6 Blair Herter
33%
MAFS AUS 5 Blair Rachael
33%
AR 26 Blair Townsend
33%
Survivor 10, 11 Bobby Jon Drinkard
33%
AR 6 Bolo Dar'tainian
33%
AR 20 Bopper Minton
33%
BB11 Braden Bacha
33%
CBB 1; CA 7 Brandi Glanville
33%
MC 7, 12 Brandi Mudd
33%
Bachelor UK 5 Brandy Brewer
33%
Apprentice 7 Brandy Kuentzel
33%
AR 16 Brandy Snow
33%
Fboy Island 2 Braydon Elgar
33%
AR 1 Brennan Frisbee
33%
Apprentice 5 Brent Buckman
33%
BB 23 Brent Champagne
33%
LI AUS 3 Brent Crapp
33%
MC AUS 13 Brent Draper
33%
AR 16 Brent Horne
33%
LLBC Brent Marks
33%
MC AUS 6 Brent Owens
33%
MC AUS 1 Brent Parker-Jones
33%
Bachelorette 8 Brent Richter
33%
AR 21 Brent Ridge
33%
AR CAN 3 Brent Sweeney
33%
MAFS AUS 9 Brent Vitiello
33%
BBCAN 9 Breydon White
33%
UKS 2 Bridget Griffiths
33%
BB 18 Bridgette Dunning
33%
Bachelor AUS 2 Bridgette-Rose Taylor
33%
MC NZ 5 Brigitte Kriehn
33%
THTH 4 Brittan Byrd
33%
Bachelor 15 Britt Billmaier
33%
Bachelor 9 Britt Newton
33%
Bachelor 19; Bachelorette 11 | Bachelorette 11; Bachelor 19 Britt Nilsson
33%
AR 8 Brock Rogers
33%
BB 18 Bronte D'Acquisto
33%
Bachelorette 5 Bryce Harlow
33%
THTH 1; EOTB 5 Bryce Hirschberg
33%
Bachelorette 13 Bryce Powers
33%
Glee Project 1 Bryce Ross-Johnson
33%
BB2 Bunky Miller
33%
Survivor 7 Burton Roberts
33%
Survivor 6 Butch Lockley
33%
BIP 6; Bachelor 23 | Bachelor 23; BIP 6 Caitlin Clemmens
33%
MC 8 Caitlin Jones
33%
AR 21 Caitlin King
33%
Bachelor 14 Caitlyn McCabe
33%
Challenge 20-25, 27-30; CvP1 | CvP 1, CvS 2; Challenge SB; Challenge 20-25; 27-30 Camila Nakagawa
33%
Apprentice UK 14 Camilla Ainsworth
33%
The Royal World Camilla Beresford
33%
LI UK 3 Camilla Thurlow
33%
Bachelor 2 Camille Langfield
33%
ANTM 2 Camille McDonald
33%
AYTO 4 Camille Satterwhite
33%
AR 15 Canaan Smith
33%
Survivor 13 Cao Boi Bui
33%
RW 11 Cara Kahn
33%
CvP 1; Challenge 19-25; 27-34 Cara Maria Sorbello
33%
Challenge 7, 11, 14; RR 12 | RR 12; Challenge 7, 11, 14 Cara Zavaleta
33%
AR 8 Carissa Gaghan
33%
Bachelor 9 Carissa Ilburg
33%
Challenge 19 Carley Johnson
33%
MAFS AUS 5 Carly Bowyer
33%
THTH 2 Carly Lawrence
33%
Shipwrecked BOI 3 Carly Stratton
33%
BIP 2, 3; Bachelor 19 Carly Waddell
33%
Bachelor 19; BIP 2, 3 Carly Wadell
33%
HK 1 Carolann Valentino
33%
MAFS UK 2 Caroline
33%
Joe Millionaire 2022 Caroline Campbell
33%
AR 22, 25 Caroline Cutbirth
33%
BIP 5; Bachelor 22 | Bachelor 22; BIP 5; BIP AUS 2 Caroline Lunny
33%
BBUK 1 Caroline O'Shea
33%
BBUK 13 Caroline Wharram
33%
Challenge 12, 13, 15, 18; All Stars 2 | Challenge All Stars 2; Challenge 12, 13, 15, 18 Casey Cooper
33%
Shipwrecked BOI 5 Casey Gore
33%
AUS 6 Casey Hawkins
33%
EOTB UK 8 | Fboy Island 1, 2 Casey Johnson
33%
Bachelor 16 Casey Shteamer
33%
Temptation Island 5 Casey Starchark
33%
BB11 Casey Turner
33%
BIP 8; Bachelorette 18 | Bachelorette 18; BIP 8 Casey Woods
33%
AR CAN 8 Cassie Day
33%
LI AUS 2 Cassie Lansdell
33%
MC 7 Cassie Peterson
33%
Bachelor 23 Cassie Randolph
33%
Survivor 13 Cecilia Mansilla
33%
MC AUS 6, 8 | MC AUS 8 Cecilia Vuong
33%
Survivor 42 Chanelle Howell
33%
BBUK 18; EOTB UK 6 | EOTB UK 6; BB UK 18 Chanelle McCleary
33%
Bachelor 27 Charity Lawson
33%
AR 5, 11 Charla Faddoul
33%
Apprentice UK 13 Charles Burns
33%
EOTB 1 Charles Davis
33%
Bachelor NZ 3 Charlotte Bullock
33%
EOTB UK 2, 5; Geordie Shore 1-BB; CBB UK 12; IAC AUS 6; Celebrity Circle 1 Charlotte Crosby
33%
EOTB UK 5; Celebs on a Farm 1 Charlotte Dawson
33%
Bachelor UK 6 Charlotte Edwards
33%
UKS 1 Charlotte Hoborough
33%
EOTB UK 8 Charlotte Hughes
33%
BBUK 18 Charlotte Keys
33%
Geordie Shore 1-BB; CBB UK 12; IAC AUS 6; Celebrity Circle 1; EOTB UK 2 Charlotte-Letitia Crosby
33%
Bachelor UK 6 Charlotte Tyler
33%
AR 32 Chee Lee
33%
BB9 Chelsia Hart
33%
MAFS AUS 4 Cheryl Maitland
33%
AR 23 Chester Pitts II
33%
LI UK 8 Cheyanne Kerr
33%
Bachelor LTYH Cheyenne Arnell
33%
AYTO 3; Challenge 28 | Challenge 28; AYTO 3 Cheyenne Floyd
33%
HK 21 Cheyenne Nichols
33%
EOTB 2; Fire Island 1 Cheyenne Parker
33%
BB3 Chiara Berti
33%
Survivor 15 Chicken Morris
33%
BB11 Chima Simone
33%
BB 19, 22 Christmas Abbott
33%
AR 7 Chuck Horton
33%
CBB 1 Chuck Liddell
33%
AR 22 Chuck McCall
33%
AYTO 3; Challenge 32 | Challenge 32; AYTO 3 Chuck Mowery
33%
AR 4 Chuck Shankles
33%
Apprentice MS Chuck Soldano
33%
Fboy Island 1 CJ Franco
33%
AR 26 CJ Harries
33%
Challenge 19, 23; RW 22 | RW 22; Challenge 19, 23 CJ Koegel
33%
Survivor 3 Clarence Black
33%
Moolah Beach Clark Harrison
33%
MAFS UK 2 Clark Sherwood
33%
Bachelor NZ 2 Claudia Conaglen
33%
Bachelor 9 Claudia Gismondi
33%
Bachelor NZ 3 Claudia Hoskins
33%
MC 6 Claudia Sandoval
33%
Bachelor UK 6 Claudia Sowaha
33%
Mole 5 Clay Cauley
33%
BIP 6; Bachelorette 14 | Bachelorette 14; BIP 6 Clay Harbor
33%
BB17 Clay Honeycutt
33%
Survivor 5 Clay Jordan
33%
Apprentice 4 Clay Lee
33%
Bachelorette 18; Bachelor 26 Clayton Echard
33%
BB 21 Cliff Hogg III
33%
Survivor 28 Cliff Robinson
33%
HK 5 Coi Burruss
33%
Survivor 24, 27 Colton Cumbie
33%
BIP 5; Bachelorette 14; Bachelor 23 | Bachelor 23; Bachelorette 14; BIP 5 | Bachelorette 14; Bachelor 23; BIP 5 Colton Underwood
33%
AUS 3 Conner Berthune
33%
MAFS AUS 7 Connie Crayden
33%
AR 33 Connie Greiner
33%
EOTB UK 3 Connie Wiltshire
33%
BIP 7; Bachelorette 17 | Bachelorette 17; BIP 7 Connor Brennan
33%
Challenge AUS; MC AUS 13 Connor Curran
33%
AR 17 Connor Diemand-Yauman
33%
LI UK 6 Connor Durman
33%
Endurance 5 Connor Finnegan
33%
EOTB UK 2 Connor Hunter
33%
Bachelorette 15 Connor Jenkins
33%
Endurance 6 Connor Konz
33%
AR CAN 8 Connor McDougall
33%
BIP 5; Bachelorette 14 | Bachelorette 14; BIP 5; BIP AUS 2 Connor Obrochta
33%
AR 22, 25 Connor O'Leary
33%
BIP 6; Bachelorette 15 | Bachelorette 15; BIP 6 Connor Saeli
33%
AYTO 3 Connor Smith
33%
LI USA 2 Connor Trott
33%
Bachelorette 17 Conor Costello
33%
MC AUS 13 Conor Curran
33%
AR 30 Conor Daley
33%
Apprentice UK 16 Conor Gilsenan
33%
BBUK 13 Conor McIntyre
33%
MC AUS 8 Con Vailas
33%
AR 16, 18, 25 Cord McCoy
33%
BBUK 11 Corin Forshaw
33%
AR 31; Survivor 17 | Survivor 17, 26; AR 31 Corinne Kaplan
33%
BIP 4; Bachelor 21 | Bachelor 21; BIP 4 Corinne Olympios
33%
BBOTT Cornbread Ligon
33%
EOTB 1; RW 29; Challenge 27-33, 35, 36, 37 Cory Wharton
33%
AUS 9 Croc Crocker
33%
AYTO 2 Curtis Hadzicki
33%
BB1 Curtis Kin
33%
LI UK 5 Curtis Pritchard
33%
CBB 3 Cynthia Bailey
33%
AR CAN 3 Cynthia Boyd
33%
AR AUS 6 Cynthia Cameron-Turland
33%
Challenge 1, 9; All Stars 3; RW 5 | Challenge All Stars 3; RW 5; Challenge 1, 9 | RW 5; Challenge 1, 9; Challenge AS 3 Cynthia Roberts
33%
LI AUS 2 Cynthia Taylu
33%
HK 21 Dafne Mejia
33%
AUS 8 Daini Tuiqere
33%
Shipwrecked BOI 5 Daisy Bowles
33%
LI UK 1 Daisy Muller
33%
AUS 6, 7 Daisy Richardson
33%
EOTB UK 9 Daisy Robins
33%
Endurance 5 Dakota Fisher
33%
BBCAN 4, 5 Dallas Cormier
33%
AR 13 Dallas Imbimbo
33%
BBCAN 7 Damien Ketlo
33%
AUS 5 Damien Thomlinson
33%
LI UK 8 Dami Hope
33%
AR AUS 2 Dane Corowa
33%
BBCAN 7 Dane Rupert
33%
MC 6 Darah Carattini
33%
BBUK 9 Darnell Earl Swallow
33%
Survivor 32 Darnell Hamilton
33%
Survivor 7 Darrah Johnson
33%
Survivor 37 Davie Rickenbacker
33%
MAFS 2 Davis Kullar
33%
Challenge 14, 17, 21; RW 18 | RW 18; Challenge 14, 17, 21 Davis Mallory
33%
BB17, 18, 22; Challenge 32, 33; EOTB 5 | EOTB 5; BB 17, 18, 22; Challenge 32, 33 Da'Vonne Rogers
33%
BBUK 18 Deborah Agboola
33%
MAFS AUS 4 Deborah Brosnan
33%
AUS 1 Deborah Peart
33%
Bachelor AUS 1 Debra
33%
Apprentice UK 5 Debra Barr
33%
AR 4 Debra Carmody
33%
MC AUS 4 Debra Sederlan
33%
AR 2 Deidre Washington
33%
Circle 2 DeLeesa Agather
33%
Shipwrecked BOI 4 Della Thilamay
33%
Made in Staten Island Dennie Augustine
33%
AR CAN 8 Dennis Ashe
33%
AR 5 Dennis Frentsos
33%
AR 25 Dennis Hour
33%
AR 3 Dennis Hyde
33%
BBUK 9 Dennis McHugh
33%
Mole 4; CBB UK 4; CA 2, 6 Dennis Rodman
33%
AR 8 Denny Rogers
33%
Survivor 41 Deshawn Radden
33%
BB8, 13 Dick Donato
33%
MAFS AUS 6 Dino Harris
33%
MC 8 Dino Luciano
33%
Survivor 9 Dolly Neely
33%
Challenge USA 1; Survivor 36 Domenick Abatte
33%
BB13 Dominic Briones
33%
MC AUS 2 Dominic Corrigan
33%
HK 4 Dominic DiFrancesco
33%
RW2 Dominic Griffin
33%
12 Dates 1 Dominic Whelton
33%
BIP 4; Bachelor 21 | Bachelor 21; BIP 4 Dominique Alexis
33%
Bachelor 13 Dominique Carta
33%
BB 19 Dominique Cooper
33%
THTH 4 Dominique Defoe
33%
Bachelor CA 2 Dominique Kost
33%
Claim to Fame 1 Dominique Sharpton
33%
Survivor 36 Donathan Hurley
33%
AR 5 Donny Patrick
33%
BB16 Donny Thomson
33%
Bachelorette 8 Doug Clerget
33%
Shipwrecked BOI 4 Doug Hogg
33%
AR 2 Doyin Richards
33%
Apprentice UK 8 Duane Bryan
33%
AR 10 Duke Marcoccio
33%
BB8 Dustin Erikstrup
33%
Bachelorette 15 Dustin Kendrick
33%
AR 10, 11 Dustin Seltzer
33%
Challenge 22, 23, 25, 26; RW 25 | RW 25; Challenge 22, 23, 25, 26 Dustin Zito
33%
AR 33 Dusty Harris
33%
Temptation Island 7 Edgar De Santiago
33%
Survivor 14 Edgardo Rivera
33%
Apprentice UK 7 Edna Agbarha
33%
Survivor 23 Edna Ma
33%
AR 27 E-Knock Phillips
33%
Bachelor NZ 3 Elaina
33%
Survivor 39 Elaine Stott
33%
BB 19, EOTB 3 | EOTB 3; BB19 Elena Davies
33%
MC AUS 8 Elena Duggan
33%
Bachelorette 2 Eliot
33%
MC NZ 4 Eliott Brookes
33%
HK 19 Eliott Sanchez
33%
THTH 2 Elle Monae
33%
Challenge 6; RR 10 | RR 10; Challenge 6 Ellen Cho
33%
Bachelor 9 Ellen DeMaio
33%
Apprentice UK 11 Elle Stevenson
33%
DSAL 1 Elle Wilson
33%
EOTB UK 11; LI UK 4 | LI UK 4; EOTB UK 11 Ellie Brown
33%
LI UK 4 Ellie Jones
33%
MC AUS 3 Ellie Paxton-Hall
33%
AYTO 2 Ellie Puckett
33%
Apprentice UK 7 Ellie Reed
33%
BBUK 18 Ellie Young
33%
Apprentice UK 13 Elliot Van Emden
33%
AR 20 Elliot Weber
33%
LI USA 3 Elly Steffen
33%
Bachelor 23 Elyse Dehlborm
33%
Bachelor 9 Elyse Hammer
33%
Bachelor 16 Elyse Myers
33%
Survivor 23 Elyse Umemoto
33%
Challenge 37; Survivor Romania 1 Emanuel Neagu
33%
AR CAN 4; BBCAN 1 | BBCAN 1; AR CAN 4 Emmett Blois
33%
AUS 8 Emmett Pugh
33%
Challenge 38; Beauty and the Nerd 2 Emmy Russ
33%
BB12, 22; Challenge USA 1 | Challenge USA 1; BB 12, 22 Enzo Palumbo
33%
AR 23 Ephraim Salaam
33%
AR 19 Ernie Halvorsen
33%
AR 10 Erwin Cho
33%
AR 32 Eswar Dhinakaran
33%
BIP 3; Bachelorette 12 | Bachelorette 12; BIP 3 Evan Bass
33%
MCJR 6 Evan Estrada
33%
AUS 3 Evan Jones
33%
AR 30 Evan Lynyak
33%
MCJR 5 Evan Robinson
33%
Temptation Island 4 Evan Smith
33%
Challenge 12, 13, 15, 17, 18, 21 Evan Starkman
33%
MC 10 Evan Tesiny
33%
Survivor 41 Evvie Jagoda
33%
Survivor 21 Fabio Birza
33%
Apprentice UK 7 Felicity Jackson
33%
Apprentice 4 Felisha Mason
33%
AUS 5 Fenella McGowan
33%
BB20; Challenge 35-38 | Challenge 35-38; BB 20 Fessy Shafaat
33%
AUS 3, 7 Flick Egginton
33%
AR AUS 6 Flick Mifsud
33%
AUS 8, 10 Flick Palmateer
33%
AR 15, 18, 25 Flight Time Lang
33%
LI USA 3 Flo Mueller
33%
AR 3 Flo Pesenti
33%
Challenge 5; RW 5 | RW 5; Challenge 5 Flora Alekseyeun
33%
Shipwrecked The Island Flora Bradley-Watson
33%
Endurance 4 Franke Sisto
33%
RW 14 Frankie Abernathy
33%
LI UK 4 Frankie Foster
33%
AR CAN 4 Frankie Gassler
33%
BB16 Frankie Grande
33%
EOTB UK 6 Frankie Isabella
33%
Bachelor UK 6 Frankie Maddin
33%
EOTB UK 1 Frankie Thorpe
33%
AR AUS 6 Frankie Vaaua
33%
NZS 2 Franky March
33%
MAFS UK 6 Franky Spencer
33%
AUS 10 Fraser Lack
33%
MC 10, 12 Fred Chang
33%
BBUK 10 Freddie Fisher
33%
AR 6 Freddy Holiday
33%
MCJR 8 Freddy Taylor
33%
Bachelorette 4 Fred Greif
33%
BIP 4; Bachelorette 13 | Bachelorette 13; BIP 4 Fred Johnson
33%
BB 23 Frenchie French
33%
Survivor 15 Frosti Zernow
33%
Bachelor LTYH Gabe Baker
33%
HK 2 Gabe Gagliardi
33%
LI USA 3 Gabe Sadowsky
33%
MAFS AUS 5 Gabrielle Bartlett
33%
Bachelor NZ 2 Gabrielle Davenport
33%
Bachelor CA 1 Gabrielle Dipersico
33%
Apprentice UK 8 Gabrielle Omar
33%
Bachelor UK 6 Gabrielle Pisani
33%
Apprentice 7 Gene Folkes
33%
Bachelor 27 Genevie Mayo
33%
BIP 8; Bachelor 26 | Bachelor 26; BIP 8 Genevieve Parisi
33%
LI USA 3 Genevieve Shawcross
33%
Survivor 41 Genie Chen
33%
BBUK 7 George Askew
33%
BB1, 7 George Boswell
33%
LI UK 6 George Day
33%
American Grit 2 George Foreman IV
33%
LI USA 1 George Johnson
33%
EOTB UK 9 George Keys
33%
AUS 8, 10 George Mladenov
33%
LI UK 5 George Rains
33%
LI UK 8 George Tasker
33%
AR AUS 6 Georgia Baildon
33%
MC AUS 7 Georgia Barnes
33%
NZS 1 Georgia Bergerson
33%
EOTB UK 7 Georgia Crone
33%
MAFS AUS 8 Georgia Fairweather
33%
Challenge 33, 34; LI UK 3 | EOTB UK 11; LI UK 3; Challenge 33, 34 | LI UK 3; Challenge 33, 34; EOTB UK 11 Georgia Harrison
33%
THTH 3 Georgia Hassarati
33%
MC AUS 6 Georgia Hughes
33%
AUS 8 Georgia Ray
33%
EOTB 4; LIUK 4 | LI UK 4; EOTB 4; COTR Georgia Steel
33%
LI UK 7 Georgia Townend
33%
AUS 8 Gerald Youles
33%
AR 3 Gerard Duphiney
33%
LI AUS 2 Gerard Majda
33%
Survivor 1, 27 Gervase Peterson
33%
Survivor 5 Ghandia Johnson
33%
BP 1, 2; Bachelor 14 | Bachelor 14; BP 1, 2 Gia Allemand
33%
HK 16 Gia Young
33%
American Grit 2 Gigi Gustin
33%
MAFS 13 Gil Cuero
33%
BB15 GinaMarie Zimmerman
33%
MC NZ 6 Glenda Clark
33%
AR 34 Glenda Roberts
33%
RW2 Glen Naessens
33%
BB 18 Glenn Garcia
33%
BBUK 7 Glyn Wise
33%
AR 10 Godwin Cho
33%
MC 5 Gordon Houston
33%
Challenge AUS; LI AUS 1 | LI AUS 1; Challenge AUS Grant Crapp
33%
Bachelorette 15 Grant Eckel
33%
Bachelorette 13 Grant Hubsher
33%
BIP 3; Bachelorette 12 | Bachelorette 12; BIP 3; BIP AUS 1 Grant Kemp
33%
Survivor 22 Grant Mattos
33%
Geordie Shore 17 Grant Molloy
33%
Bachelorette 14 Grant Vandevanter
33%
Survivor 1 Gretchen Cordy
33%
AR 7 Gretchen Smith
33%
CvP 1 Gus Kenworthy
33%
AR 6 Gus McLeod
33%
Challenge 33; Floribama Shore | Floribama Shore; Challenge 33 Gus Smyrnios
33%
AUS 2 Guy Leech
33%
HK 10 Guy Vaknin
33%
BBCAN 10 Haleena Gill
33%
BB2 Hardy Ames-Hill
33%
LI UK 5 Harley Brash
33%
LI UK 3 Harley Judge
33%
AR 26 Harley Rodriguez
33%
Bachelor NZ 2 Harmony Moki
33%
BBUK 16 Harry Amelia Martin
33%
BBUK 12 Harry Blake
33%
MC AUS 8, 12 Harry Foster
33%
Shipwrecked BOI 5 Harry Goodwins
33%
AUS 6, 7 Harry Hills
33%
THTH 3 Harry Johnson
33%
THTH 1 Harry Jowsey
33%
Apprentice UK 16 Harry Mahmood
33%
MC AUS 14 Harry Tomlinson
33%
LI UK 7 Harry Young
33%
AR 6 Hayden Kristianson
33%
BIP 8; Bachelorette 19 | Bachelorette 19; BIP 8 Hayden Markowitz
33%
BB12; Survivor 27 | Survivor 27; BB 12 Hayden Moss
33%
MC AUS 3, 12 Hayden Quinn
33%
BB16 Hayden Voss
33%
AYTO 5 Hayden Weaver
33%
AR 12 Hendekea Azene
33%
AR 6 Hera McLeod
33%
Girls of Hedsor Hall Hillary Diaz
33%
Bachelor 11 Hillary Reisinger
33%
AR 2 Hillary Washington
33%
AR 23 Hoskote Venkatesh
33%
Apprentice UK 5 Howard Ebison
33%
BB15 Howard Overby
33%
MC 4 Howard Simpson
33%
BB6, 7 Howie Gordon
33%
Apprentice MS Howie Greenspan
33%
BBUK 17; Challenge 37 | Challenge 37; BB UK 17 Hughie Maughan
33%
LI AUS 3 Hugh Yates
33%
AR 32 Hung Nguyen
33%
Survivor 10 Ibrehem Rahman
33%
BBCAN 2, 5 Ika Wong
33%
HK 21 Ileana D'Silva
33%
AUS 2 Imogen Bailey
33%
THTH 4 Imogen Ewan
33%
BBUK 7 Imogen Thomas
33%
BB 24 Indy Santos
33%
LI USA 3 Isabel Johnson
33%
BBUK 19 Isabella Farnese
33%
MCJR 2 Isabella Velez
33%
AR 25 Isabelle Du
33%
LI AUS 2 Isabelle Green
33%
BBUK 18 Issabelle Warburton
33%
BB6 Ivette Corredero
33%
American Grit 1 Ivette Saucedo
33%
MCJR 7 Ivy Angst
33%
MCJR 8 Ivy Childs
33%
MAFS 2 Jaclyn Methuen
33%
Survivor 29 Jaclyn Schultz
33%
MAFS 6 Jaclyn Schwartzberg
33%
BIP 2; Bachelor 16; BP 3 | BP 3; Bachelor 16; BIP 2 | Bachelor 16; BP 3; BIP 2 Jaclyn Swartz
33%
Bachelor CA 2 Jacqueline Metcalfe
33%
Bachelor 22; BIP 5 Jacqueline Trumball
33%
BIP 5; Bachelor 22 Jacqueline Trumbull
33%
Endurance 2 Jacquelynn Pointer
33%
LI UK 8 Jacques O'Neill
33%
LI UK 6 Jade Affleck
33%
LI AUS 3 Jade Ashelford
33%
Bachelor 11 Jade Beazley
33%
Apprentice UK 13 Jade English
33%
Bachelor 24 Jade Gilliland
33%
BBUK 3; CBB UK 5; BBPanto Jade Goody
33%
BBUK 16 Jade-Martina Lynch
33%
Apprentice UK 8 Jade Nash
33%
Shipwrecked BOI 5 Jaden Richards
33%
BIP 2; Bachelor 19 | Bachelor 19; BIP 2 Jade Roper
33%
Survivor 19 Jaison Robinson
33%
BB8 Jameka Cameron
33%
Challenge 14, 15; RW 17 | Challenge All Stars 2; RW 17; Challenge 14, 15 | RW 17; Challenge 14, 15; Challenge AS 2 Janelle Casanave
33%
AUS 8 Janelle Durso
33%
AR 31; BB 6, 7, 14, 22 | BB6, 7, 14, 22; AR 31 Janelle Pierzina
33%
HK 11 Ja'Nel Witt
33%
Survivor 10 Janu Tornell
33%
HK 15, 17 Jared Bobkin
33%
BIP 2, 3; Bachelorette 11 | Bachelorette 11; BIP 2, 3; BIP AUS 1 Jared Haibon
33%
LI USA 4 Jared hassim
33%
BBCAN 4 Jared Kesler
33%
Fboy Island 1 Jared Motley
33%
Fboy Island 2 Jared Seay
33%
LI USA 1 Jared Youngblood
33%
AR 4 Jaree Poteet
33%
AR AUS 3 Jarrod Jende
33%
MC AUS 7 Jarrod Trigg
33%
HK 20 Jayaun Smith
33%
MCJR 7 Jayden Ingalls
33%
EOTB UK 3 Jayden Robins
33%
Apprentice UK 9 Jaz Ampaw-Farr
33%
THTH 3 Jaz Holloway
33%
BB20 JC Mounduix
33%
BB4 Jee Choe
33%
Bachelorette 4 Jeffrey Harris
33%
AR 26 Jelani Roy
33%
AUS 3 Jennah-Louise Salkeid
33%
Floribama Shore Jeremiah Buoni
33%
Challenge 37; LI 2 | LI USA 2; Challenge 37 Jeremiah White
33%
Survivor 28 Jeremiah Wood
33%
AUS 4, 7 Jericho Malabonga
33%
Bachelorette 6; BP 1 Jesse Beck
33%
AR CAN 1, 7 Jet Black
33%
AR 16, 18, 25 Jet McCoy
33%
AUS 4 Joan Caballero
33%
LI UK 5 Joanna Chimonides
33%
HK 3 Joanna Dunn
33%
Apprentice UK 13 Joanna Jarjue
33%
AR CAN 7 Joanna Lavoie
33%
AR CAN 1 Joanna McLeod
33%
Apprentice UK 6 Joanna Riley
33%
Survivor 6 JoAnna Ward
33%
MAFS AUS 5 Joanne McPharlin
33%
MAFS AUS 8 Joanne Todd
33%
MC AUS 2 Joanne Zalm
33%
Survivor 30 Joaquin Souberbielle
33%
BB16 Jocasta Odom
33%
AR AUS 6 Jodie Playford
33%
BB14 Jodi Rollins
33%
Challenge 10, 11, 13; RR 13 | Challenge All Stars 2; RR 13; Challenge 10,11,13 | RR 13; Challenge 10, 11, 13; Challenge 2 Jodi Weatherton
33%
AR 14 Jodi Wincheski
33%
Bachelor AUS 1 Jody Heidke
33%
AR 16 Jody Kelly
33%
AR CAN 1 Jody Mitic
33%
AR 3, 11 John Vito Pietanza
33%
Bachelor 20; Bachelorette 12 | Bachelorette 12; Bachelor 20 JoJo Fletcher
33%
BB14 JoJo Spatafora
33%
Survivor 10 Jolanda Jones
33%
Survivor 24 Jonas Otsuji
33%
AR 9 Joni Glaze
33%
MAFS AUS 2 Jono Pitman
33%
AR AUS 3; MAFS NZ Jono Trenberth
33%
AUS 9, 10 Jordie Hansen
33%
HK 20 Josie Clemens
33%
BBUK 11; UBB UK Josie Gibson
33%
AR 28 Joslyn Davis
33%
AR 5 Joyce Nicolo
33%
AR 7, 11 Joyce Robinson Agu
33%
BB 18; EOTB 2; Challenge 32; CvS 3 | Challenge 32; BB 18; EOTB 2; CvS 3 | CvS 3; Challenge 32; BB 18; EOTB 2 | EOTB 2; BB 18; Challenge 32; CvS 3 Jozea Flores
33%
HK 13 JR Robinson
33%
BB15 Judd Daugherty
33%
Survivor 11 Judd Sergeant
33%
RW3 Judd Winick
33%
AR AUS 5 Jude Richards
33%
Temptation Island 6 Julian Allen
33%
Bachelorette 5 Julien Hug
33%
MC 9 Juni Cuevas
33%
Temptation Island 4 Kaci Campbell
33%
Bachelor 16, 17 Kacie Bogueskie
33%
Ultimate Surfer 1 Kai Barger
33%
Claim to Fame 1 Kai English
33%
Circle 3 Kai Ghost
33%
BB8 Kail Harbick
33%
BB15 Kaitlin Barnaby
33%
Bachelor 19; Bachelorette 11; DWTS 29 | Bachelorette 11; Bachelor 19; DWTS 29 Kaitlyn Bristowe
33%
BB20 Kaitlyn Herman
33%
LI USA 2 Kaitlynn Anderson
33%
MCJR 4 Kaitlyn Tomeny
33%
AYTO 8 Kai Wes
33%
BB13 Kalia Booker
33%
Shipwrecked BOI 5 Kalia Lai
33%
Challenge 2; RR 4 | RR 4; Chalenge 2 Kalle Dedolph
33%
AR 5 Kami French
33%
BIP 5; Bachelorette 14 | Bachelorette 14; BIP 5 Kamil Nicalek
33%
Bachelor NZ 3 Karina Grant
33%
Made in Staten Island Karina Seabrook
33%
Survivor 39 Karishma Patel
33%
MC AUS 9 Karlie Verkerk
33%
AR 5 Karli French
33%
BBUK 10 Karly Ashworth
33%
AR 10 Karlyn Harris
33%
MC NZ 5 Kasey Bird
33%
BP 2; Bachelorette 6 | Bachelorette 6; BP 2 Kasey Kahl
33%
Bachelorette 9 Kasey Stewart
33%
Challenge 19, 21; RW 21 | RW 21; Challenge 19, 21 Katelynn Cusanelli
33%
MC NZ 2 Kathleen Te Raki
33%
MC AUS 13 Katina Dunnett
33%
MAFS 14 Katina Goode
33%
Bachelor 24 Katrina Badowski
33%
Bachelor AUS 2 Katrina Burgoyne
33%
Apprentice 1 Katrina Campins
33%
LI USA 1 Katrina Dimaranan
33%
MC 6 Katrina Kozar
33%
Survivor 35 Katrina Radke
33%
RW 32 Katrina Stack
33%
Bachelor UK 5 Katrina Voulgari
33%
BB20; Challenge 35-38 | Challenge 35-38; BB 20 Kaycee Clark
33%
AR 19 Kaylani Pallotta
33%
Bachelor CA 2 Kaylynn Taylor
33%
AR 32 Kaylynn Williams
33%
BB6, 7, 22 Kaysar Ridha
33%
LI USA 3 K-Ci Maultsby
33%
BB10, 22 Keesha Smith
33%
BBCAN 4 Kelsey Faith
33%
AR 27 Kelsey Gerckens
33%
LI USA 1 Kelsey Jurewics
33%
MC 11 Kelsey Murphy
33%
Bachelor CA 2 Kelsey Palmer
33%
Bachelor 19 Kelsey Poew
33%
Endurance 5 Kelsey Schultz
33%
BIP 7; Bachelor 24 | Bachelor 24; BIP 7 Kelsey Weier
33%
Tough As Nails 3 Kelsy Reynolds
33%
LI UK 3 Kem Cetinay
33%
BB 21 Kemi Fakunle
33%
AR 6 Kendra Bentley
33%
Apprentice 3 Kendra Todd
33%
BB2 Kent Blackwelder
33%
AUS 4 Kent Nelson
33%
CBB 1; Splash USA; Mole 4; CA 7; | Mole 4; CA 7; CBB 1; Splash Keshia Knight Pulliam
33%
AUS 8 Kez McGee
33%
MC AUS 7 Kha Nguyen
33%
MC AUS 10, 12; AUS 9 Khanh Ong
33%
Bachelor 14 Kirsten Pittman
33%
AR 14, 18 Kisha Hoffman
33%
RR 1 Kit Hoover
33%
Bachelor 25 Kit Keenan
33%
AUS 9 KJ Austin
33%
HK 16 Koop Wynkoop
33%
THTH 1 Kori Sampson
33%
AR 28 Kurt Gibson
33%
EOTB UK 8 Kurtis Hartman
33%
AR 26 Kurt Jordan Belcher
33%
Joe Millionaire 2022 Kurt Sowers
33%
Apprentice UK 9 Kurt Wilson
33%
Bachelor 2 Kyla Dickerson
33%
Fboy Island 2 Kyland Hewett-Newbill
33%
BB 23; Challenge USA 1 | Challenge USA 1; BB 23 Kyland Young
33%
Bachelor 27 Kylee Russell
33%
AUS 3 Kylie Evans
33%
Bachelor 18 Kylie Lewis
33%
MC AUS 4 Kylie Millar
33%
Bachelor 24 Kylie Ramos
33%
AYTO 8 Kylie Smith
33%
AR 12, 18 Kynt Cothron
33%
BIP 3, 8; Bachelor 20 | Bachelor 20; BIP 3, 8 Lace Morris
33%
Challenge 23; RW 16 | RW 16; Challenge 23 Lacey Buehler
33%
HK 5 Lacey D'Angelo
33%
LI UK 8 Lacey Edwards
33%
EOTB UK 4 Lacey Fuller
33%
Bachelor 15 Lacey Garbelman
33%
Bachelor 17 Lacey Latka
33%
BIP 4; Bachelor 21 | Bachelor 21; BIP 4 Lacey Mark
33%
BIP 1; Bachelor 18 | Bachelor 18; BIP 1 Lacy Faddoul
33%
AR 9 Lake Garner
33%
AR 33 Lala Gonzalez
33%
AUS 1 Lance Brooks
33%
AR 5 Lance Hudes
33%
AR 15 Lance Layne
33%
BB12 Lane Elenburg
33%
Bachelorette 9 Larry Burchett
33%
HK 2 Larry Sik
33%
AR 19 Laurence Sunderland
33%
AR 32 LaVonne Idlette
33%
BB13 Lawon Exum
33%
Bachelor 20; BIP 3 Leah Block
33%
RW 13; Challenge 8; Challenge AS 2 Leah Gilingwater
33%
Challenge 8; All Stars 2; RW 13 | Challenge All Stars 2; RW 13; Challenge 8 Leah Gillingwater
33%
Shipwrecked BOI 1 Leah Hibbert
33%
Shipwrecked BOI 5 Leah Hollie
33%
MC AUS 11 Leah Milburn-Clark
33%
Apprentice UK 9 Leah Tottan
33%
MC AUS 9 Lee Behan
33%
Apprentice 5 Lee Bienstock
33%
UKS 2 Lee Capon
33%
AUS 3, 7 Lee Caseldine
33%
BBUK 3 Lee Davey
33%
Apprentice AUS 1 Lee Davies
33%
NZS 1 Lee Den Haan
33%
Bachelorette 13 Lee Garrett
33%
MC 1 Lee Knaz
33%
Tough As Nails 1 Lee Marshall
33%
Apprentice UK 4 Lee McQueen
33%
EOTB UK 7 Lee Morgan
33%
Circle 2 Lee Swift
33%
Hunted 1 Lee Wilson
33%
Survivor 24 Leif Manson
33%
AR 6 Lena Jensen
33%
AR 1 Lenny Hudson
33%
Apprentice 5 Lenny Veltman
33%
Bachelor 4 Leona
33%
Apprentice UK 7 Leon Doyle
33%
AR 21 Lexi Beerman
33%
Bachelor 24 Lexi Buchanan
33%
EOTB 3; Instafamous Lexi Kaplan
33%
EOTB 1 Lexi Marsalla
33%
EOTB UK 12 Lexi Taylor
33%
MC 11 Lexy Rogers
33%
LI AUS 3 Lexy Thornberry
33%
Tough As Nails 3 Lia Mort
33%
LI UK 2 Liana Isadora Van Riel
33%
Survivor 41 Liana Wallace
33%
BB10 Libra Thompson
33%
MCJR 5 Lila Deluca
33%
MC AUS 5 Liliana Battle
33%
Survivor 14 Lilliana Gomez
33%
AR 34 Linton Atkinson
33%
Survivor 14 Lisi Linares
33%
AUS 4, 7 Locky Gillbert
33%
CBB 2; CvS 1; Challenge 36 | Challenge 36; CvS 1; CBB 2 | CvP 1; Challenge 36; CBB 2 Lolo Jones
33%
AR 29 London Kaye
33%
EOTB UK 11 Lorena Medina
33%
AR 12 Lorena Segura
33%
Challenge 6; RW 10 Lori Trespicio
33%
Fboy Island 2 Louise Barnard
33%
Claim to Fame 1 Louise Biles
33%
BBUK 12 Louise Cliffe
33%
CvP 1; CvS 3 Louise Hazel
33%
Bachelor AUS 2 Louise Pillidge
33%
Bachelor NZ 3 Lucia Tabaillou
33%
LI UK 1 Luis Morrison
33%
AR 14, 18, 25 Luke Adams
33%
BBUK 13 Luke Anderson
33%
MAFS 8 Luke Cuccurullo
33%
Ultimate Surfer 1 Luke Davis
33%
MAFS UK 6 Luke Dawson
33%
AR AUS 1 Luke Downes
33%
MAFS AUS 7 Luke Eglin
33%
EOTB UK 2 Luke Goodfellow
33%
Bachelorette 4 Luke Hamilton
33%
LI UK 6 Luke Mabbott
33%
BBUK 9 Luke Marsden
33%
LI AUS 2 Luke Packham
33%
Bachelorette 15 Luke Parker
33%
Bachelorette 12; BWG Luke Pell
33%
BBUK 13 Luke Scrase
33%
BIP 6; Bachelorette 15 | Bachelorette 15; BIP 6 Luke Stone
33%
AUS 4, 6 Luke Toki
33%
LI UK 6 Luke Trotman
33%
Temptation Island 7 Luke Wechselberger
33%
Challenge 19 Luke Wolfe
33%
Karma 1 Luke Youssef
33%
AR 33 Lulu Gonzalez
33%
AR 34 Lumumba Roberts
33%
AR 26 Lyda Grawn
33%
MC 4 Lynn Chyi
33%
AR 7 Lynn Warren
33%
AR 10 Lyn Turk
33%
Survivor 37 Lyrsa Torres
33%
LI AUS 1 Mac Mackney
33%
AR 17, 18, 25 Mallory Ervin
33%
LI USA 1 Mallory Santic
33%
Bachelor 11 Mallory Simons
33%
Challenge 8; RW 13 | RW 13; Challenge 8 Mallory Snyder
33%
Love Is Blind 2 Mallory Zapata
33%
Survivor 2 Maralyn Hershey
33%
BB3, 7 Marcellas Reynolds
33%
LI UK 3 Marcel Somerville
33%
EOTB UK 8 Marcel Stevens
33%
Mole 5 Marcie Ciscel
33%
AR 15 Marcy Maloy
33%
Survivor 11 Margaret Bobonich
33%
AR 1 Margaretta Groark
33%
AR 1 Margarita Mesa
33%
LI AUS 2 Margarita Smith
33%
AR 14, 18, 25 Margie O'Donnell
33%
Girls of Hedsor Hall Margie Stubbs
33%
Bachelor LTYH Mariana Jasel
33%
Bachelor NZ 3 Mariana Morrison
33%
AR 12 Marianna Ruiz
33%
AR 19 Marie Canavan
33%
AR 23 Marie Mazzocchi
33%
Challenge 23, 29, 30-32; RW 27; EOTB 3 | EOTB 3; RW 27; Challenge 23, 30-32 | RW 27; Challenge 23, 29-32; EOTB 3 Marie Roda
33%
AR CAN 7 Marie Wright
33%
Glee Project 2 Mario Bonds
33%
BBUK 9 Mario Marconi
33%
MC AUS 4 Mario Mohorko
33%
MC AUS 7 Mario Montecuollo
33%
BBUK 11 Mario Mugan
33%
MC AUS 2 Marion Grasby
33%
AR 8 Marion Paolo
33%
American Grit 1 Mario Robinson
33%
Bachelorette 19 Mario Vassall
33%
AR 13 Marisa Axelrod
33%
Survivor 19 Marisa Calihan
33%
Apprentice 6 Marisa DeMato
33%
EOTB UK 11 Marissa Jake
33%
CBB 1 Marissa Jaret Winokur
33%
Bachelor UK 5 Marissa Jiang
33%
DSAL 1, 2 Marissa Lucchese
33%
Bachelor 15 Marissa May
33%
Survivor 27 Marissa Peterson
33%
Glee Project 1 Marissa von Bleicken
33%
AR 5 Marshall Hudes
33%
AR 5 Marsha McCoy
33%
MAFS AUS 6 Martha Kalifatdis
33%
Bachelor CA 2 Martha Reyes Islas
33%
Apprentice 6 Martin Clarke
33%
Bachelorette 18 Martin Gelbspan
33%
AR 28 Marty Cobb
33%
BBCAN 10 Marty Frenette
33%
Bachelorette 17 Marty Hargrove
33%
EOTB UK 3, 7; Geordie Shore 12-15 | Geordie Shore 12-15; EOTB UK 3, 7 Marty McKenna
33%
Survivor 21 Marty Piombo
33%
THTH 2 Marvin Anthony
33%
LI UK 5 Marvin Brooks
33%
BB5 Marvin Latimer
33%
Shipwrecked BOI 3 Marvyn Williams
33%
AR 6 Mary Jean St. Claire
33%
Ultimate Surfer 1 Mason Barnes
33%
BB 24 Matthew Turner
33%
EOTB UK 9 Matty B
33%
Survivor 17 Matty Whitmore
33%
BIP 7; Bachelor 24 | Bachelor 24; BIP 7 Maurissa Gunn
33%
BB15 McCrae Olson
33%
UKS 2 Meeta Bose
33%
HK 12 Melanie Finch
33%
BBUK 1 Melanie Hill
33%
American Grit 2 Melanie Mahanna
33%
MC AUS 14 Melanie Persson
33%
RW 15 Melanie Silcott
33%
MC NZ 5 Melanie Sim
33%
AYTO 3 Melanie Velez
33%
Challenge All Stars 2; RW 16; Challenge 12,15,20,23 Melinda Collins
33%
Survivor 12 Melinda Hyder
33%
HK 6 Melinda Meaney
33%
THTH 2 Melinda Melrose
33%
Challenge 12, 15, 20, 23; RW 16; All Stars 2, 3 | RW 16; Challenge 12, 15, 20, 23; Challenge All Stars 2, 3 Melinda Stolp
33%
BB10, 22 Memphis Garrett
33%
LI USA 2 Mercades Schell
33%
Fboy Island 2 Mercedes Knox
33%
Bachelor 27 Mercedes Northup
33%
ANTM 2 Mercedes Scelba-Shorte
33%
Bachelor 4; Bachelorette 2 Meredith
33%
Bachelorette 2; Bachelor 4 Meredith Phillips
33%
AR 7 Meredith Smith
33%
AR 6 Meredith Tufaro
33%
Survivor 33, 34; Challenge 37 Michaela Bradshaw
33%
MAFS 13 Michaela Clark
33%
LI AUS 3 Michela Louis
33%
UKS 1 Mick Easton
33%
MAFS AUS 6 Mick Gould
33%
Survivor 19 Mick Trimming
33%
CBB 3 Miesha Tate
33%
Bachelor CA 3 Mikaela Wightman
33%
Survivor 43 Mike Gabler
33%
BBUK 7 Mikey Dalton
33%
MCJR 6 Mikey Di'Tomasso
33%
MAFS AUS 7 Mikey Pembroke
33%
EOTB UK 8 Mikey Speakman
33%
BIP 2; Bachelorette 9 | Bachelorette 9; BIP 2 Mikey Tenerelli
33%
HK 7 Mikey Termini
33%
MC AUS 8 Mimi Baines
33%
AUS 10 Mimi Tan
33%
HK 21 Mindy Livengood
33%
Bachelor CA 1 Mindy Olson
33%
MAFS 10 Mindy Shiben
33%
MC AUS 4, 14 Mindy Woods
33%
CBB 3 Mirai Nagasu
33%
Circle 1 Miranda Bissonnette
33%
Apprentice UK 1 Miranda Rose
33%
AR 5, 11 Mirna Hindoyan
33%
AR 20 Misa Tanaka
33%
Circle 2 Mitchell Eason
33%
Survivor 2 Mitchell Olsen
33%
MCJR 2 Mitchell Vasquez
33%
MAFS AUS 9 Mitch Eynaud
33%
LI AUS 3 Mitch Hibberd
33%
BBCAN 4 Mitch Moffit
33%
Challenge 27 Mitch Reid
33%
AUS 8 Mitch Shaw
33%
MAFS 15 Mitch Silverstein
33%
Challenge 11, 15, 17; All Stars 2,3; RW 15 | Challenge All Stars 2; RW 15; Challenge 11, 15, 17 | RW 15; Challenge 11, 15, 17; Challenge AS 2, 3 MJ Garrett
33%
AR AUS 5 MJ Rajcic
33%
Bachelor 25 MJ Snyder
33%
AUS 5, 7 Moana Hope
33%
AR 22 Mona Hinman-Egender
33%
Apprentice UK 5 Mona Lewis
33%
MAFS 1 Monet Bell
33%
BB12 Monet Stunson
33%
HK 14 Monique Booker
33%
AR 16 Monique Pryor
33%
Bachelor NZ 3 Monique Thomas-Long
33%
BBOTT; EOTB 2 | EOTB 2; BBOTT Monte Massongill
33%
BB 24 Monte Taylor
33%
MC 3 Monti Carlo
33%
Survivor 14 Mookie Lee
33%
AR AUS 6 Mori Perez
33%
Survivor 43 Morriah Young
33%
Mole 2 Myra Brown
33%
AR 23 Naina Venkatesh
33%
Challenge 36-38; UBM 1 Nam Vo
33%
AR CAN 6 Nancy Csabay
33%
Moolah Beach Nancy Diaz
33%
AR 1 Nancy Lundren Hoyt
33%
EOTB UK 4 Nancy-May Turner
33%
Challenge 23-28; 33-37; RW 25 | RW 25; Challenge 23-28, 33-38 Nany Gonzalez
33%
LI UK 1 Naomi Ball
33%
Bachelor 13 Naomi Crespo
33%
Challenge 22, 24; RW 25 | RW 25; Challenge 22, 24 Naomi Defensor
33%
EOTB UK 4 Naomi Hedman
33%
AUS 1 Naomi Knight
33%
Apprentice UK 3 Naomi Lay
33%
Shipwrecked BOI 2 Naomi Millbank-Smith
33%
Survivor 21 NaOnka Mixon
33%
AR 20 Nary Ebeid
33%
Survivor 41 Naseer Muttalif
33%
LI UK 6 Nas Majeed
33%
Bachelor LTYH Natascha Bessez
33%
LI AUS 1 Natasha Cherie
33%
MC 4 Natasha Crnjac
33%
Bachelor NZ 1 Natasha Fairley
33%
Bachelor UK 6 Natasha Mazaheri
33%
BIP 7; Bachelor 24 | Bachelor 24; BIP 7 Natasha Parker
33%
Apprentice UK 7 Natasha Scribbins
33%
MAFS AUS 7 Natasha Spencer
33%
BBOTT Neeley Jackson
33%
MAFS 3 Neil Bowlus
33%
Apprentice UK 9 Neil Clough
33%
RW4; Challenge 2 Neil Forrester
33%
AR CAN 3 Neil Lumsden
33%
Survivor 4 Neleh Dennis
33%
BBUK 1 Nichola Holt
33%
Apprentice UK 4 Nicholas de Lacy-Brown
33%
LI AUS 3 Nicholas Love
33%
Bachelor 16 Nicki Sterling
33%
MC AUS 5 Nicky Agahari
33%
AR 23 Nicky Getz
33%
Bachelor 19 Nikki Delventhal
33%
HK 19 Nikki Hanna
33%
BP 1; Bachelor 13 Nikki Kaapke
33%
Bachelor AUS 1 Nikki Quinlan
33%
Bachelor NZ 1 Nikki Sim
33%
HK 7 Nilka Hendricks
33%
Survivor 43 Nneka Ejere
33%
BIP 7; Bachelorette 16 | Bachelorette 16; BIP 7 Noah Erb
33%
LI AUS 3 Noah Hura
33%
LI USA 2 Noah Purvis
33%
Challenge 2; RR 5 | RR 4; Challenge 2 Noah Rickun
33%
MC 10 Noah Sims
33%
Challenge 5, 7; RW 1; RWHC 1 | RW1; Challenge 5, 7 Norman Korpi
33%
AR 2 Norm Davis
33%
Survivor 39 Noura Salman
33%
AYTO 8 Nour Fraij
33%
AUS 6 Nova Peris
33%
AUS 4 Odette Blacklock
33%
LI UK 3 Olivia Attwood
33%
MCJR 6 Olivia Bond
33%
LI UK 2 Olivia Buckland
33%
Bachelor 21 Olivia Burnette
33%
Bachelor 20 Olivia Caridi
33%
MAFS 11 Olivia Cornu
33%
MC 6 Olivia Crouppen
33%
MAFS AUS 9 Olivia Frazer
33%
BIP 5; Bachelor 22 | Bachelor 22; BIP 5 Olivia Goethals
33%
Challenge 38; LI USA 3 | LI USA 3; Challenge 38 Olivia Kaiser
33%
Snowflake Mountain 1 Olivia Lagaly
33%
Bachelor 27 Olivia Lewis
33%
Bachelor 27 Olivia Miller
33%
BBCAN 6 Olivia Riemer
33%
MC AUS 8 Olivia Robinson
33%
EOTB UK 4, 5 Olivia Walsh
33%
LI UK 6 Ollie Williams
33%
CBB 1; Apprentice 1; CA 1, 6 Omarosa Manigault
33%
Apprentice 1 Omarosa Manigault-Stallworth
33%
RR 4 Oscar Hernandez
33%
HK 21 O'Shay Lolley
33%
AR 2, 11 Oswald Mendez
33%
LI UK 5 Ovie Soko
33%
BB 21 Ovi Kabir
33%
Bachelorette 16 Page Pressley
33%
MAFS 12 Paige Banks
33%
AYTO 1 Paige Brendel
33%
AYTO 8 Paige Cole
33%
BBCAN 4 Paige Distranski
33%
AUS 10 Paige Donald
33%
MC 8 Paige Jimenez
33%
AUS 5 Paige Kerin
33%
AR 2 Paige Mycoskie
33%
LI UK 8 Paige Thorne
33%
LI UK 6 Paige Turley
33%
BP 3 | Bachelor 17; BP 3 Paige Vigil
33%
BB 24 Paloma Aguilar
33%
Survivor 17 Paloma Soto-Castillo
33%
Apprentice UK 6 Paloma Vivanco
33%
AR 22 Pam Chien
33%
Apprentice 2 Pamela Day
33%
Apprentice UK 15 Pamela Laird
33%
Apprentice UK 10 Pamela Uddin
33%
RW3 Pam Ling
33%
Girls of Hedsor Hall Paola Perales
33%
BB16 Paola Shea
33%
Circle 4 Parker Abbott
33%
MCJR 3 Parker LaRocco
33%
Buckhead Shore 1 Parker Lipman
33%
BB9 Parker Somerville
33%
Survivor 4 Paschal Engligh
33%
HK 20 Payton Cooper
33%
AR 2 Peach Krebs
33%
AR 2 Peggy Kuhn
33%
Survivor 15, 31 Peih-Gee Law
33%
AUS 8 Phil Ferguson
33%
Apprentice UK 5 Philip Taylor
33%
MC AUS 2 Philip Vakos
33%
Bachelorette 6 Phil Kayden
33%
Survivor 22, 26 Phillip Sheppard
33%
Endurance 2 Phil Morelli
33%
BBCAN 4 Phil Paquette
33%
AR CAN 6 Phil Seo
33%
LI USA 4 Phoebe Siegel
33%
LI AUS 2 Phoebe Thompson
33%
AUS 3, 7 Phoebe Timmins
33%
MC AUS 9 Pia Gava
33%
AUS 6 Pia Miranda
33%
BBUK 3 PJ Ellis
33%
Bachelorette 18 PJ Henderson
33%
HK 2 Polly Holladay
33%
BB 24 Pooch Pucciarelli
33%
BB13 Porsche Briggs
33%
AR 14 Preston McCamy
33%
Challenge 23-25; RW 24 | RW 24; Challenge 23-25 Preston Roberson-Charles
33%
Apprentice UK 4 Raef Bjayou
33%
Survivor 11 Rafe Judkins
33%
BB12 Ragan Fox
33%
Apprentice 2 Raj Bhakta
33%
HK 8 Raj Brandston
33%
Apprentice UK 1 Raj Dhonota
33%
Survivor 1 Ramona Gray
33%
BB 19 Ramses Soto
33%
BBCAN 4 Ramsey Aburaneh
33%
RR 11 Raquel Duran
33%
Bachelor 13 Raquel Medeiros
33%
AR 33 Raquel Moore
33%
BIP 4; Bachelor 21 | Bachelor 21; BIP 4 Raven Gates
33%
BB 19 Raven Walton
33%
AR 8 Reggie Black
33%
AR 4 Reichen Lehmkuhl
33%
MC AUS 6 Renae Smith
33%
AR AUS 1 Renae Wauhop
33%
Bachelor UK 5 Renay Louise
33%
Bachelor CA 2 Renee-Anne Montpellier
33%
NZS 2 Renee Clarke
33%
Bachelor 15 Renee Halpin
33%
Bachelor 18 Renee Oteri
33%
MC 10 Renee Rice
33%
AR 8 Renee Rogers
33%
Bachelor 13 Renee Simlak
33%
Bachelor 9 Renee Snell
33%
BB10 Renny Martyn
33%
AR 34 Rex Ashley Ryan
33%
AR CAN 2 Rex Harrington
33%
BBUK 9 Rex Newmark
33%
EOTB UK 1; Geordie Shore 2-5, BB; CBB UK 14 | Geordie Shore 2-5, BB; CBB UK 14; EOTB UK 1 Ricci Guarnaccio
33%
Bachelorette 14 Rickey Jasper
33%
Shipwrecked BOI 3 Ricky Andrews
33%
Apprentice UK 8 Ricky Martin
33%
EOTB 5; Double Shot at Love Ricky Rogers
33%
CBB 2; CA 8 Ricky Williams
33%
AR 25 Robbie E Strauss
33%
RW 32 Robbie Padovano
33%
AUS 5 Robbie Skibicki
33%
Bachelorette 5 Robby Descant
33%
BIP 4, 5; Bachelorette 12 | Bachelorette 12; BIP 4, 5 Robby Hayes
33%
Bachelorette 16 Robby Stahl
33%
BB20 Rockstar Lantry
33%
BB3 Roddy Mancuso
33%
AUS 10 Rogue Rubin
33%
BBCAN 9 Rohan Kapoor
33%
AUS 3 Rohan MacLaren
33%
AR 8 Rolly Weaver
33%
MAFS AUS 1 Roni Azzopardi
33%
Challenge 2, 7; All Stars 3; RR 5 | RR 5; Challenge 2; 7; Challenge AS 3 Roni Martin
33%
Survivor 39 Ronnie Bardah
33%
Jersey Shore Ronnie Ortiz-Magro
33%
BB11 Ronnie Talbott
33%
LI AUS 3 Ronni Krongold
33%
AUS 6 Ross Clarke-Jones
33%
Apprentice UK 13 Ross Fretten
33%
CBB 1 Ross Mathews
33%
AR AUS 2 Ross Thornton
33%
EOTB UK 1, 6 Ross Worswick
33%
Shipwrecked BOI 3 Rowan Bailey
33%
AR 23 Rowan Joseph
33%
LI USA 3 Roxy Ahman
33%
Survivor 25 Roxy Morris
33%
Bachelorette 10 Rudie Dane
33%
Bachelor LTYH Rudi Gutierrez
33%
EOTB UK 12 Rudi Hewitt
33%
Survivor 1, 8 Rudy Boesch
33%
Apprentice UK 2 Ruth Badger
33%
Survivor 12 Ruth-Marie Milliman
33%
Apprentice UK 11 Ruth Whiteley
33%
HK 13 Sade Dancy
33%
AR 10 Sa'eed Rudolph
33%
BIP 8; Bachelor 26 | Bachelor 26 Salley Carson
33%
BBUK 14 Sallie Axl
33%
BBUK 16 Sally Broadbent
33%
Survivor 12 Sally Schumann
33%
AR AUS 3 Sally Yamamoto
33%
MCJR 6 Sammy Vieder
33%
Survivor 18 Sandy Burgin
33%
BBUK 3 Sandy Cumming
33%
Bachelor CA 1 Sandy Denham
33%
AR 19 Sandy Draghi
33%
Apprentice 2 Sandy Ferreira
33%
Challenge 19 Sandy Kang
33%
BB 23 Sarah Beth Steagall
33%
Survivor 41 Sara Wilson
33%
Survivor 22 Sarita White
33%
LI UK 4 Savanna Darnell
33%
EOTB UK 7 Savannah Kemplay
33%
Bachelor LTYH Savannah McKinley
33%
Bachelor 24 Savannah Mullins
33%
Buckhead Shore 1 Savannah Nicole Gabriel
33%
BBUK 18 Savannah O'Reilly
33%
Circle 2 Savannah Palacio
33%
MC 4 Savannah Sturges
33%
Apprentice UK 15 Scarlett Allen-Horton
33%
American Grit 2 Scarlett Angelina
33%
MAFS AUS 4 Scarlett Cooper
33%
EOTB UK 9 Scarlett Harrison
33%
AUS 1 Sciona Browne
33%
HK 18 Scotley Innis
33%
BB20 Scottie Salton
33%
Survivor 9 Scout Cloud Lee
33%
Circle 1 Seaburn Williams
33%
MC AUS 3 Seamus Ashley
33%
Survivor 13 Sekou Bunch
33%
Survivor 23 Semhar Tadesse
33%
HK 5 Seth Levine
33%
AR 29 Seth Tyler
33%
HK 16 Shaina Hayden
33%
Love Is Blind 2 Shaina Hurley
33%
Survivor 26 Shamar Thomas
33%
AR 12 Shana Wall
33%
Glee Project 2 Shanna Henderson
33%
CBB 3 Shanna Moakler
33%
AR 34 Sharik Atkinson
33%
MC 10 Shari Mukherjee
33%
AUS 5, 7 Sharn Coombes
33%
AUS 10 Sharni Vinson
33%
Survivor 6 Shawna Mitchell
33%
HK 4 Shayna Raichilson-Zadok
33%
AR 21 Sheila Castle
33%
MAFS 5 Sheila Downs
33%
BB9 Sheila Kennedy
33%
Bachelor 14 Sheila Lidner
33%
Bachelor 13 Shelby
33%
LI AUS 1 Shelby Bilby
33%
EOTB UK 1 Shelby Billingham
33%
BBOTT Shelby Stockton
33%
AYTO 2 Shelby Yardley
33%
AR 25 Shelley Porter
33%
MC NZ 5 Shelley Robinson
33%
BB17 Shelli Poole
33%
BBUK 5 Shell Jubin
33%
Bachelor 4 Shelly
33%
MC 6, 12 Shelly Flash
33%
BB13 Shelly Moore
33%
RR 1 Shelly Spottedhorse
33%
Survivor 15 Sherea Lloyd
33%
AR 4 Sheree Buchanan
33%
BB2 Sheryl Braxton
33%
AR 27 Shevonne Sullivan
33%
Bachelor 24 Shiann Lewis
33%
Survivor 5, 8 Shii-Ann Huang
33%
Survivor 30, 31 Shirin Oskooi
33%
AR 2 Shola Richards
33%
AUS 5, 7, 10 Shonee Fairfax
33%
MC 9 Sid Hoeltzell
33%
AR AUS 4 Sid Pierucci
33%
Survivor 3 Silas Gaither
33%
EOTB 1 Skyler Mikkelson
33%
Endurance 1 Skyler Russell
33%
12 Dates 1 Skyler Sheron
33%
EOTB UK 8 Sofia Filipe
33%
MCJR 1 Sofia Hublitz
33%
EOTB UK 12 Sofie Karlstad
33%
MAFS 4 Sonia Granados
33%
Bachelor CA 2 Sonia Hoshowsky
33%
Bachelor 27 Sonia Sharma
33%
Survivor 1 Sonja Christopher
33%
BBUK 10 Sophia Brown
33%
Apprentice UK 9 Sophia Lau
33%
Circle 3 Sophia Layne
33%
Challenge 9; All Stars 2; RR 10 | Challenge All Stars 2; RR 10; Challenge 9 | RR 10; Challenge 9; Challenge AS 2 Sophia Pasquis
33%
Bachelor UK 5 Sophia Port
33%
Bachelor NZ 3 Sophia Russo
33%
MCJR 6 Sophia Stark
33%
THTH 4 Sophia Stonehouse
33%
Shipwrecked BOI 2 Sophia Wardman
33%
AUS 9 Sophie Cachia
33%
Survivor 23, 40 Sophie Clark
33%
LI UK 2 Sophie Gradon
33%
Apprentice UK 3 Sophie Kain
33%
EOTB UK 11; Geordie Shore 1-7, BB-19 | Geordie Shore 1-7, BB-19; EOTB UK 11 Sophie Kasaei
33%
BBUK 14 Sophie Lawrence
33%
Bachelor CA 1 Sophie LeBlanc
33%
LI UK 6 Sophie Piper
33%
BBUK 3 Sophie Pritchard
33%
BBUK 10 Sophie Reade
33%
Apprentice UK 16 Sophie Wilding
33%
AUS 1 Sophie Woods
33%
AR 12 Staella Gianakkos
33%
AR AUS 5 Stan Turek
33%
AR 13 Starr Spangler
33%
Apprentice UK 6 Stella English
33%
HK 13 Sterling Wright
33%
Challenge AUS Sugar Johnson
33%
Survivor 33 Sunday Burquest
33%
Survivor 13 Sundra Oakley
33%
Bachelor 21 Susannah Milan
33%
UKS 2 Susannah Moffatt
33%
MAFS AUS 6 Susie Bradley
33%
Bachelor 26 Susie Evans
33%
AUS 6 Susie Maroney
33%
Challenge 4, 11, 14, 18; RR 6 | RR 6, 14; Challenge 4, 11, 14, 18 Susie Meister
33%
Survivor 17 Susie Smith
33%
BBUK 7 Susie Verrico
33%
Bachelor 5 Suzie Williams
33%
MC 2 Suzy Singh
33%
BB20; Challenge 35 | Challenge 35; BB 20 Swaggy C Williams
33%
Survivor 42 Swati Goel
33%
BBUK 9 Sylvia Barrie
33%
Challenge 29, 31, 32; All Stars 3; RW 30 | RW 30; Challenge 29, 31, 32; Challenge All Stars 3 Sylvia Elsrode
33%
Challenge All Stars 3; RW 30; Challenge 29, 31, 32 Sylvia Elstrode
33%
Survivor 14 Sylvia Kwan
33%
AR 3 Sylvia Pitts
33%
Challenge 37; BB Nigeria 4 Tacha Akide
33%
AR 3 Talicia Raggs
33%
MC 3 Tali Clavijo
33%
MCJR 7 Tal Schulmiller
33%
Challenge 38 Tamara Alfaro
33%
MAFS AUS 9 Tamara Djordjevic
33%
MC AUS 9 Tamara Graffen
33%
MAFS AUS 6 Tamara Joy
33%
Bachelor 12 Tamara Sketz
33%
BBUK 15 Tamara Stewart-Wood
33%
CBB 2 Tamar Braxton
33%
MC NZ 5 Tanisha Kemp
33%
Survivor 24 Tarzan Smith
33%
Challenge USA 1; Survivor 28, 31 | Survivor 28, 31; Challenge USA 1 Tasha Fox
33%
LI UK 8 Tasha Ghouri
33%
UKS 2 Tayfun Kadioglu
33%
CBB 3 Teddi Mellencamp
33%
BIP 8; Bachelor 26 | Bachelor 26; BIP 8 Teddi Wright
33%
LI AUS 1 Teddy Briggs
33%
LI UK 7 Teddy Soares
33%
MCJR 8 Tegan Bahm
33%
AUS 5 Tegan Gasior
33%
AUS 3 Tegan Haining
33%
AR 25 Te Jay McGrath
33%
HK 6 Tek Moore
33%
BBCAN 9 Tera Gillen-Petrozzi
33%
AR 13 Terence Gerchberg
33%
Circle 2 Terilisha Godwin-Pierce
33%
BB 24 Terrance Higgins
33%
MC AUS 11, 12 Tessa Boersma
33%
ANTM 1 Tessa Carlson
33%
Bachelor 10 Tessa Horst
33%
AUS 4 Tessa O'Halloran
33%
Bachelor 26 Tessa Tookes
33%
NZS 2 Tess Fahey
33%
Challenge 33, 34; LI UK 3 | EOTB UK 12; LI UK 3; Challenge 33, 34 | LI UK 3; Challenge 33, 34; EOTB UK 12 Theo Campbell
33%
Challenge 6, 7; RW 11 Theo Gantt
33%
RW 11; Challenge 6, 7 Theo Gantt III
33%
Challenge 29; RW 32 | RW 32; Challenge 29 Theo King-Bradley
33%
RR 9; Challenge 5, 7, 9, 12 Theo Vonkurnatowski
33%
Challenge 5, 7, 9, 12; RR 9 Theo von Kurnatowski
33%
CvP 1 | Ultimate Surfer 1 Tia Blanco
33%
BIP 5, 7; Bachelor 22 | Bachelor 22; BIP 5, 7 Tia Booth
33%
Bachelor CA 1 Tia Borden
33%
AR 4 Tian Wilynn Kitchen
33%
Survivor 7 Tijuana Bradley
33%
AR 12 TK Erwin
33%
MC AUS 4 TK Nguyen
33%
LI UK 7 Toby Aromolaran
33%
Bachelorette 2 Todd
33%
CBB 3 Todd Bridges
33%
LI AUS 2 Todd Elton
33%
Apprentice 3 Todd Everett
33%
AR AUS 3 Todd Grant
33%
Survivor 15 Todd Herzog
33%
AR CAN 6 Todd Kirk
33%
EOTB 4 Todd Mauer
33%
CBB 3 Todrick Hall
33%
Challenge 6, 7, 9, 10, 12, 14, 16, 18; RW 11 | RW 11; Challenge 6, 7, 9, 10, 12, 14, 16, 18 Tonya Cooley
33%
BB3 Tonya Paoni
33%
AR 3 Tramel Raggs
33%
MC AUS 9 Trent Devincenzo
33%
MC AUS 8 Trent Harvey
33%
Bachelorette 14 Trent Jespersen
33%
EOTB 4 Trenton Clark
33%
HK 20 Trenton Garvey
33%
MC AUS 13 Trent Vu
33%
Challenge 23, 24; RW 27 Trey Weatherholtz
33%
RW 27; Challenge 23, 24 Trey Weatherholtz III
33%
AR 21 Trey Wier
33%
AR 8 Tricia Godlewksi
33%
Survivor 7 Trish Dunn
33%
Challenge 7, 8, 23, 24, All Stars 1; RW 12 | Challenge All Stars 1; RW 12; Challenge 7,8,23,24 | RW 12; Challenge 7, 8, 23, 24; Challenge AS 1 Trishelle Cannatella
33%
Survivor 28 Trish Hegarty
33%
AR CAN 7 Trish Omeri
33%
Bachelor 5 Trish Schneider
33%
Shipwrecked The Island Tristan Tate
33%
MAFS 7 Tristan Thompson
33%
Bachelor 1; Bachelorette 1 | Bachelorette 1; Bachelor 1 Trista Rehn
33%
Shipwrecked BOI 5 Troy Cooke
33%
Challenge AUS; AUS NW 4 Troy Cullen
33%
MAFS AUS 5 Troy Delmege
33%
LI UK 2 Troy Frith
33%
MCJR 1 Troy Glass
33%
Apprentice 1 Troy McClain
33%
Hunted 1 Troy Pfost
33%
Survivor 24, 34 Troyzan Robertson
33%
Survivor 9 Twila Tanner
33%
Survivor 21 Tyrone Davis
33%
Challenge USA 1; Survivor 18, 20, 27, 40 | Survivor 18, 20, 27, 40; Challenge USA 1 Tyson Apostol
33%
The Block NZ 1 Tyson Hill
33%
12 Dates 1 Tyson Pettitt
33%
AR AUS 3 Tyson Smith
33%
AR 7, 11 Uchenna Agu
33%
AYTO 6 Uche Nwosu
33%
UKS 1 Uzma Bashir
33%
Apprentice UK 9 Uzma Yakoob
33%
Bachelor 22 Valerie Biles
33%
Bachelor 18 Valerie Eredia
33%
Survivor 4 Vecepia Towery
33%
MC 6 Veronica Cili
33%
BBCAN 6 Veronica Doherty
33%
Challenge 3, 5-10, 18, 30-32, 38; All Stars 3; RR 8; CvP 1 | Challenge All Stars 3; RR 8, 14; Challenge 3, 5-10, 18, 30-32, 38; CvP | CvP 1; Challenge 3, 5-10, 18, 30-32, 38; All Stars 3; RR 8 | RR 8, 14; Challenge 3, 5-10, 18, 30-32, 38; Challenge AS 3; CvP 1 Veronica Portillo
33%
AR CAN 8 Veronica Skye
33%
AR 17 Vicki Casciola
33%
Shipwrecked BOI 3 Vicky Boast
33%
Geordie Shore 1-9; IAC UK 15; IAC AUS 4; EOTB UK 1, 3 Vicky Pattison
33%
HK 3 Vinnie Fama
33%
HK 8 Vinny Accardi
33%
AR 10 Vipul Patel
33%
AR AUS 4 Viv Dinh
33%
HK 21 Vlad Briantsev
33%
Survivor 27, 31 Vytas Baskauskas
33%
AR 12, 18 Vyxsin Fiala
33%
AUS 8 Wai Chim
33%
LI UK 6 Wallace Wilson
33%
AR 8 Wally Bransen
33%
Bachelor 19 Whitney Bischoff
33%
MC 5 Whitney Bray
33%
AR 25; Survivor 23 | Survivor 23, AR 25 Whitney Duncan
33%
BIP 6; Bachelor 21 | Bachelor 21; BIP 6 Whitney Fransway
33%
BBOTT Whitney Hogg
33%
Bachelor CA 1 Whitney Lee
33%
MC 1 Whitney Miller
33%
BB 23 Whitney Williams
33%
Joe Millionaire 2022 Whitney Young
33%
Survivor 10 Willard Smith
33%
Endurance 3 Willa Zhou
33%
BB14 Willie Hantz
33%
RW 15 Willie Hernandez
33%
MC 5, 12 Willie Mike
33%
AR 22 Winnie Sung
33%
BB20; LI USA 1 | LI USA 1; BB 20 Winston Hines
33%
BBUK 15 Winston Showan
33%
12 Dates 2 Winston Thompson
33%
MC AUS 13 Wynona Davies
33%
AR 22 Wynona McCall
33%
RW 33 Yasmin Almokhamad
33%
Survivor 19 Yasmin Giles
33%
Survivor 14, 16 Yau-Man Chan
33%
Challenge 3, 5, 6, All Stars 1, 3; RR 8 | Challenge All Stars 1, 3; RR 8; Challenge 3, 5, 6 | RR 8; Challenge 3, 5, 6; Challenge AS 1, 3 Yes Duffy
33%
AR 9 Yolanda Brown-Moore
33%
Tough As Nails 1 Young An
33%
Circle 4 Yu Ling Wu
33%
Survivor 13, 40 Yul Kwon
33%
AR CAN 4 Yvette Yakibonge
33%
12 Dates 1 Zachary Goff
33%
Fboy Island 2 Zachary Wambold
33%
BIP 1; Bachelorette 9 Zack Kalter
33%
BB 18 Zakiyah Everette
33%
HK 21 Zeus Gordiany
33%
Tough As Nails 2 Zeus Ontai III
33%
AR 15, 18 Zev Glassenberg
33%
BBUK 8 Ziggy Lichman
33%
AUS 4 Ziggy Zagame
33%
MC AUS 13 Aaaron Sanders
0%
Hunted 1 Aarif Mirza
0%
AR CAN 7 Aarthy Ketheeswaran
0%
AYTO 8 Aasha Wells
0%
BIP 7; Bachelor 25 | Bachelor 25; BIP 7 Abigail Heringer
0%
LI UK 7 Abigail Rawlings
0%
MCJR 8 Abir Bhatia
0%
Glee Project 2 Abraham Lim
0%
Challenge 7-10, 14, 16, 20, 22, 27; RR 12 | RR 12, 14; Challenge 7, 8, 9, 10, 14, 16, 20, 22, 27 Abram Boise
0%
MCJR 2 Adaiah Stevens
0%
Buckhead Shore 1 Adamo Giraldo
0%
MCJR 8 A'Dan Lisaula
0%
MCJR 4 Addison Osta Smith
0%
MC AUS 10 Adele Elliott
0%
MC AUS 2 Adele Fragnitio
0%
Apprentice UK 1 Adele Lock
0%
BBCAN 2 Adel Elseri
0%
BBUK 3 Adele Roberts
0%
Shipwrecked BOI 3 Adelina Ekechukwu
0%
Apprentice UK 1 Adenike Ogundoyin
0%
BBUK 12 Aden Theobald
0%
EOTB 4; RPDR 6 Adore Delano
0%
Karma 1 Adren Gilmore
0%
MC 4 Adriana Guillen
0%
ANTM 1 Adrianne Curry
0%
LI UK 8 Afia Tonkmor
0%
Mole 1 Afi Ekulona
0%
MCJR 5 Afnan Ahmad
0%
Bachelor 9 Agnese Polliza
0%
BBUK 5 Ahmed Aghil
0%
MC 5 Ahran Cho
0%
Shipwrecked BOI 5 Ailish Shaw
0%
MC 6 Ailsa von Dobeneck
0%
AR CAN 7 Aisha Bentham
0%
LI AUS 3 Aisha Campbell
0%
Apprentice UK 11 Aisha Kasim
0%
Bachelor UK 5 Aisha Uka
0%
BBUK 7 Aisleyne Horgan-Wallace
0%
LI USA 1 Aissata Diallo
0%
AR CAN 6 Akash Sidhu
0%
Apprentice UK 16 Akeem Bundu-Kamara
0%
BBUK 19 Akeem Griffiths
0%
Rock the Cradle A'Keiba Burrell-Hammar
0%
DSAL 3 Akielia Rucker
0%
Apprentice UK 16 Akshay Thakrar
0%
Shipwrecked BOI 1 Alara Gee
0%
D&R 1 Alara Taneri
0%
BIP 7; Bachelor 24 | Bachelor 24; BIP 7 Alayah Benavidez
0%
MC AUS 10, 14 Aldo Ortado
0%
MC 2 Alejandra Schrader
0%
MAFS AUS 4 Alene Khatcherian
0%
Bachelorette 8 Alessandro Goulart
0%
Love Is Blind 3 Alexa Alfia
0%
Tough As Nails 3 Alfie Rivera
0%
EOTB UK 6 Alice Downer
0%
The Block NZ 2 Alice Pearson
0%
MC AUS 4 Alice Zaslavsky
0%
Apprentice 4 Alla Wartenberg
0%
DSAL 1 Alli Adam
0%
Bachelor 18 Alli Restko
0%
BP 2; Bachelor 15 | Bachelor 15; BP 2 Alli Travis
0%
SWAMD Alonzo Gordon
0%
Challenge 7, 11, 14, 23, All Stars 1; RW 12 | Challenge All Stars 1, RW 12; Challenge 7,11,14 | RW 12; Challenge 7, 11, 14, 23; Challenge AS 1 Alton Williams
0%
MC AUS 2, 14 Alvin Quah
0%
MC 2 Alvin Schultz
0%
Claim to Fame 1 Amara Skye Dean
0%
MCJR 4 Amaya Baez
0%
Challenge 3, 6; RW 8 | RW 8; Challenge 3, 6 Amaya Brecher
0%
MAFS 11 Amelia Fatsi
0%
Endurance 4 Amelia Land
0%
Geordie Shore 21,22 Amelia Lily
0%
LI UK 3 Amelia Peters
0%
LI AUS 1 Amelia Plummer
0%
BP 2; Bachelorette 7 | Bachelorette 7; BP 2 Ames Brown
0%
MC AUS 4, 12 Amina Elshafei
0%
MC AUS 13 Amir Manoly
0%
BBUK 2 Amma Antwi-Agyei
0%
Challenge 30; RW 31 | RW 31; Challenge 30 Ammo Hall
0%
BBUK 19 Anamelia Silva
0%
Mole 4 Ananda Lewis
0%
Apprentice 7 Anand Vasudev
0%
Temptation Island 1 Andy Lukei
0%
BBCAN 1 Aneal Ramkissoon
0%
Bachelor 1 Angelique Madrid
0%
Bachelor 23 Angelique Sherman
0%
BBCAN 2 Anick Gervais
0%
Challenge 29, RW 32 | RW 32; Challenge 29 Anika Rashaun
0%
Bachelor 2 Anindita Dutta
0%
Bachelor UK 6 Annabelle Lawrence
0%
MCJR 4 Annabelle Nolan
0%
MC 11 Annai Gonzalez
0%
Shipwrecked BOI 1 Annalisa Addison
0%
Bachelor 5 Anne-Catherine Labbe
0%
AR AUS 1 Anne-Marie Brown
0%
Bachelor 3 Anne-Michelle
0%
BBUK 4 Anouska Golebiewski
0%
Apprentice UK 2 Ansell Henry
0%
Bachelorette 2 Anselm Clinard
0%
LI UK 8 Antigoni Buxton
0%
Challenge 6; RR 3 | RR 3; Challenge 6 Antoine de Bouverie
0%
AR CAN 4 Antoine Tetreault
0%
Bachelor 4 Antoinette
0%
MAFS 5 Antoiny D'Amico
0%
Circle 1 Antonio DePina
0%
Endurance 3 Antonio Iannicelli
0%
DSAL 2 Antonio Locke
0%
HK 20 Antonio Ruiz
0%
AR AUS 5 Anurag Sobti
0%
MC AUS 11 Anushka Zargaryan
0%
EOTB UK 12 Anya Carter
0%
LI UK 5 Arabella Chi
0%
RW 33 Arely Avitua
0%
MC AUS 3 AreNa Dunn
0%
MCJR 6 Ariana Feygin
0%
EOTB 3 Ariana Nova
0%
Karma 1 Ariana Pettit
0%
CvS 2 Ariane Andrew
0%
RW 29 Arielle Scott
0%
EOTB 5; Strut Arisce Wanzer
0%
Challenge 9, All Stars 1; RW 12 | Challenge All Stars 1; RW 12; Challenge 9 | RW 12; Challenge 9; Challenge AS 1 Arissa Hill
0%
LLBC Aristotle Polites
0%
BBCAN 2 Arlie Shaban
0%
MC AUS 9 Arum Nixon
0%
AYTO 4; Challenge 35; Worst Cooks 12 | Challenge 35; AYTO 4; Worst Cooks 12 Asaf Goren
0%
Fboy Island 2 Asante Tait
0%
BIP 1; Bachelor 17 AshLee Frazier
0%
AYTO 7 Asia Woodley
0%
AR AUS 3 Aston Garratt
0%
MC 5 Astrid Lavenia
0%
BIP 5; Bachelor 21 | Bachelor 21; BIP 5 Astrid Loch
0%
MC AUS 4 Audra Morrice
0%
MCJR 5 Avai Shah
0%
Bachelorette 19 Aven Jones
0%
Challenge 26, 28; RW 28 | RW 28; Challenge 26, 28 Averey Tressler
0%
LI USA 4 Avery Grooms
0%
MCJR 4 Avery Kyle
0%
MCJR 6 Avery Meadows
0%
MC 1 Avis White
0%
Challenge 12 Aviv Bruno
0%
Bachelor 24 Avonlea Elkins
0%
Karma 1 Avon Stoutamire
0%
Bachelorette 3 AW
0%
EOTB UK 12 A'Whora
0%
Challenge 4, 6, 9; All Stars 2; RR 8 | Challenge All Stars 2; RR 8; Challenge 4, 6, 9 | RR 8; Challenge 4, 6, 9; Challenge AS 2 Ayanna Mackins
0%
EOTB UK 11 Ayesha Reid
0%
Challenge 20; RW 22 | RW 22; Challenge 20 Ayiiia Elizarraras
0%
MCJR 3 Ayla Destiny
0%
Glee Project 2 Aylin Bayramoglu
0%
Apprentice UK 8 Azhar Siddique
0%
HK 16 Aziza Young
0%
Bachelor 27 Bailey Brown
0%
MAFS 13 Bao Huong Hoang
0%
HK 11 Barret Beyer
0%
Love Is Blind 3 Bartise Bowden
0%
AYTO 8 Basit Shittu
0%
RW 21 Baya Voce
0%
AR 29; 31 Becca Droz
0%
EOTB UK 6 Becca Edwards
0%
BIP 7; Bachelor 22; Bachelorette 14 | Bachelor 22; Bachelorette 14; BIP 7 | Bachelorette 14; Bachelor 22 Becca Kufrin
0%
Bachelor 27 Becca Serrano
0%
Bachelor 19, 20 Becca Tilley
0%
All Star Shore 1; Geordie Shore Behan Kershaw
0%
BBUK 10 Beinazir Lasharie
0%
Bachelor 22 Bekah Martinez
0%
Bachelor LTYH Bekah Purifoy
0%
Challenge 5; RR 3 | RR 3; Challenge 5 Belou Den Tex
0%
BBUK 13 Benedict Garrett
0%
Fboy Island 2 Benedict Polizzi
0%
Shipwrecked BOI 4 Benedita Enweremadu
0%
MC AUS 9 Benita Orwell
0%
Bachelorette 16 Bennett Jordan
0%
MAFS 11 Bennett Kirschner
0%
LI USA 2 Bennett Sipes
0%
BIP 5; Bachelorette CA; BWG Benoit Beausejour-Savard
0%
Bachelorette 7 Bentley Williams
0%
AR CAN 5 Bert Richards
0%
Buckhead Shore 1 Bethania Locke
0%
MC 4 Bethy Rossos
0%
Bachelor 11 Bettina Bell
0%
Challenge 37; Paradise Hotel Sweden 8 Bettina Buchanan
0%
AR CAN 8 Beverly Cheng
0%
Bachelor 10 Bevin Nicole Powers
0%
BIP 5, 6; Bachelor 22; BWG | Bachelor 22, BIP 6, BWG Bibiana Julian
0%
EOTB UK 8 Bibi Machin
0%
DSAL 3 Bidisa Chandra
0%
LI UK 6 Biggs Chris
0%
Shipwrecked BOI 5; Challenge 34-37 Big T Fazakerley
0%
Temptation Island 1 Billy Cleary
0%
Apprentice UK 8 Bilyana Apostolova
0%
MC 4 Bime Cruz
0%
MAFS 15 Binh Trinh
0%
HK 19 Birttani Ratcliff
0%
Endurance 3 Bjorn Leum
0%
BP 3; Bachelor 16 | Bachelor 16; BP 3 Blakeley Jones
0%
Bachelor 10 Blakeney Rowe
0%
DSAL 1, 2 Blashes Schwartz
0%
Made in Staten Island Bones James
0%
MAFS AUS 8 Booka Nile
0%
HK 8 Boris Poleschuk
0%
MC 9, 12 Bowen Li
0%
Apprentice 1 Bowie Hogg
0%
Apprentice 2 Bradford Cohren
0%
Fboy Island 2 Brant Weiss
0%
Bachelor 20 Breanne Rice
0%
Love Is Blind 3 Brennon Lemieux
0%
MC NZ 3 Brenton Thornton
0%
Mole 2 Bribs Bribiesca
0%
MCJR 7 Brielle Jones
0%
Bachelor NZ 1 Brigette Dickson
0%
Shipwrecked The Island Brimes Gill
0%
AR 28 Brodie Smith
0%
RW 22 Bronne Bruzgo
0%
MAFS AUS 6 Bronson Norrish
0%
MC NZ 5 Bronwyn Bijl
0%
Joe Millionaire 2022 Brookell B
0%
Bachelor 27 Brooklyn Willie
0%
BIP 1; Bachelorette 9 | Bachelorette 9; BIP 1 Brooks Forester
0%
Ultimate Surfer 1 Bruna Zaun
0%
Challenge 29, RW 30 | RW 30; Challenge 29 Bruno Bettencourt
0%
BBCAN 3, 5 Bruno Ielo
0%
BB10 Bryan Ollie
0%
Bachelorette 9 Bryden Vukasin
0%
RW 12 Brynn Smith
0%
BBUK 2 Bubble Ferguson
0%
AR 28 Burnie Burns
0%
Apprentice UK 13 Bushra Shaikh
0%
MC AUS 6 Byron Finnerty
0%
Bachelor 6 Byron Velvick
0%
MCJR 6 Cade Ortego
0%
BIP 6; Bachelor 23 | Bachelor 23; BIP 6 Caelynn Miller-Keyes
0%
Bachelor 20; BIP 3 Caila Quinn
0%
BBUK 10 Cairon Austin-Hill
0%
AYTO 7 Cali Trepp
0%
MC AUS 9 Callan Smith
0%
Endurance 2 Calley Payne
0%
Tough As Nails 1 Callie Cattell
0%
Endurance 4 Callie Simpkins
0%
RW 23 Callie Walker
0%
MC AUS 2, 12 Callum Hann
0%
EOTB 4; Ibiza Weekender Callum Izzard
0%
LI UK 6 Callum Jones
0%
BBUK 14 Callum Knell
0%
LI UK 5 Callum Macleod
0%
LI UK 1 Cally Jane Beech
0%
EOTB UK 11; CLI UK 2; CBB UK 15, 19 Calum Best
0%
LI USA 2 Calvin Cobb
0%
Circle 3 Calvin Kiing Crooks
0%
EOTB UK 3; CBB UK 15 Cami-Li
0%
MCJR 6 Camson Alevy
0%
BBUK 11 Caoimhe Guilfoyle
0%
Apprentice UK 15 Carina Lepore
0%
EOTB 4; Temptation Island Carlos Chavez
0%
PH 3 Carlos Garcia
0%
Fboy Island 2 Carlos Lopez
0%
Love Is Blind 1 Carlton Morton
0%
LI USA 2 Carrington Rodriguez
0%
Bachelor 12 Carri Perrier
0%
Bachelor NZ 1 Carrisa Mcdonald
0%
LI AUS 2 Cartier Surjan
0%
Challenge USA 1; Love Island 3 | LI USA 3; Challenge USA 1 Cashay Proudfoot
0%
Challenge USA 1; LI USA 1 | LI USA 1; Challenge USA 1 Cashel Barnett
0%
CvS 3 Casper Smart
0%
BB13 Cassi Colvin
0%
Bachelor 25 Catalina Morales
0%
Bachelor 23 Catherine Agro
0%
MC NZ 5 Catherine Chen
0%
Temptation Island 2 Catherine Chiarelli
0%
Bachelor 17 Catherine Giudici
0%
Apprentice AUS 1 Catherine Livingstone
0%
Bachelor NZ 2 Catherine Lum
0%
Bachelor 10 Catherine Warren
0%
AR CAN 8 Catherine Wreford
0%
Endurance 5 Cealey Godwin
0%
AR 30 Cedric Ceballos
0%
AR CAN 8 Cedric Newman
0%
RW 31 CeeJai' Jenkins
0%
Bachelor 5 Celeste Creel
0%
Tough As Nails 2 Celi Garcia
0%
AR CAN 1 Celina Mxiray
0%
Challenge USA 1; LI USA 2 | LI USA 2; Challenge USA 1 Cely Vazquez
0%
Bachelor NZ 2 Ceri McVinnie
0%
MC 9 Cesar Cano
0%
D&R 1 Ceylan Taneri
0%
Challenge 5; RR 6 | RR 6; Challenge 5 Chadwick Pelletier
0%
Challenge 12 Chanda Sneed
0%
Bachelorette 4 Chandler Fulton
0%
Bachelor 14 Channy Choch
0%
LI USA 4 Chanse Corbi
0%
Bachelor AUS 2 Chantal Hrynieweski
0%
Bachelor 15 Chantal O'Brien
0%
Bachelor 18 Chantel Forrest
0%
Geordia Shore 12-13 Chantelle Connelly
0%
Bachelor CA 1 Chantelle Harink
0%
MC NZ 3 Chantelle O'Brien
0%
Apprentice UK 11 Charleine Wain
0%
MC NZ 3 Charlene McGeghan
0%
MAFS AUS 5 Charlene Perera
0%
HK 21 Charlene Sherman
0%
Apprentice 5 Charmaine Hunt
0%
Moolah Beach Chasati Allen
0%
Bachelorette 15 Chasen Coscia
0%
BIP 7; Bachelorette 16 | Bachelorette 16; BIP 7 Chasen Nick
0%
Challenge 38 Chauncey Palmer
0%
LI USA 4 Chazz Bryant
0%
LI UK 6 Ched Uzor
0%
Hunted 1 Chele Pfost
0%
EOTB 1 Chelsko Thompson
0%
AR CAN 6 Chewy Liddle
0%
Apprentice UK 10 Chiles Cartwright
0%
HK 9 Chino Chang
0%
Shipwrecked BOI 1 Chrarlie Murray
0%
HK 18 Chris Motto
0%
HK 14 Chrissa Schmerler
0%
Apprentice UK 6 Christopher Farrell
0%
BBUK 15 Christopher Hall
0%
MC 6 Christopher Lu
0%
LI UK 7 Chuggs Wallis
0%
LI UK 3; Ibiza Weekender Chyna Ellis
0%
LI UK 8 Chyna Mills
0%
BBUK 19 Cian Carrigan
0%
Challenge AUS; AUS Bachelorette 4 Ciarran Scott
0%
Challenge USA 1; Love Island 3 Cinco Holland Jr.
0%
LI USA 3; Challenge USA 1 Cinco Holland Jr
0%
MAFS 12 Clara Berghaus
0%
Bachelor CA 1 Clarice Ching
0%
MC AUS 5 Clarissa Dodawec
0%
LI UK 7 Clarisse Juliette
0%
DSAL 3 Claudelia Zarate
0%
HK 10 Clemenza Caserta
0%
MC AUS 3 Cleo Kerameas
0%
Bachelorette 11 Clint Arlis
0%
AYTO 6 Clinton Moxam
0%
Apprentice 7 Clint Robertson
0%
RW 33 Clint Wright
0%
CvP 1 CM Punk
0%
LI UK 8 Coco Lodge
0%
MAFS AUS 8 Coco Stedman
0%
MCJR 2 Coco Welch
0%
Challenge 16, 18, 25, 27; All Stars 2; RW 19 | Challenge All Stars 2; RW 19; Challenge 16, 18, 25, 27 | RW 19; Challenge 16, 18, 25, 27; Challenge AS 2 Cohutta Grindstaff
0%
Love Is Blind 3 Cole Barnett
0%
Bachelorette 12 Coley Knust
0%
AYTO 1 Coleysia Chestnut
0%
Challenge 14, 16; RW 18 | RW 18; Challenge 14, 16 Colie Edison
0%
Love Is Blind 3 Colleen Reed
0%
MC NZ 5 Collette Lochore
0%
Bachelorette 3 Collin
0%
LI UK 6 Connagh Howard
0%
EOTB UK 5 Conor Scurlock
0%
Bachelorette 7 Constantine Tzortzis
0%
Challenge 5, 7-9, 12, 15; RW 10 | RW 10; Challenge 5, 7-9, 12, 15 Coral Smith
0%
Mole 3,4 Corbin Bernsen
0%
MC NZ 4 Corinna Jewanski
0%
AR CAN 2 Cormac Foster
0%
LI USA 1 Cormac Murphy
0%
Bachelor 14 Corrie Adamson
0%
D&R 1 Corrina Roppo
0%
Bachelor 25 Corrinne Jones
0%
Bachelor 9 Cosetta Blanca
0%
Made in Staten Island CP Patterson
0%
Shipwrecked BOI 1 Crawford Anderson
0%
THTH 4 Creed McKinnon
0%
Survivor 13 Crisitina Coria
0%
Circle 4 Crissa Jackson
0%
Rock the Cradle Crosby Loggins
0%
MCJR 8 Cruz ramirez
0%
MC 5 Cutter Brewer
0%
Challenge AUS; MFS AUS 4 | MAFS AUS 6; Challenge AUS Cyrell Paule
0%
BBUK 14 Daley Ojuederie
0%
MC AUS 4 Dalvinder Dhami
0%
Glee Project 1 Damian McGinty
0%
Love Is Blind 1 Damian Powers
0%
Bachelorette 2 Damon Bowers
0%
AR 3 Damon Wafer
0%
MC 7 D'Andre Balaoing
0%
LI UK 8 Danica Taylor
0%
Bachelor 1 Daniela
0%
Endurance 4 Daniela Bustamente
0%
BIP 1; Bachelor 17 | Bachelor 17; BIP 1 Daniella McBride
0%
MC 12 | MCJR 1; MC 12 Dara Yu
0%
Endurance 5 Darci Miller
0%
EOTB 2 Darian Vandermark
0%
Bachelor 26 Daria Rose
0%
AYTO 2; Challenge 27-30 | Challenge 27-30; AYTO 2 Dario Medrano
0%
AR 28 Darius Benson
0%
Bachelorette 14 Darius Feaster
0%
Bachelor 4 Darla
0%
Bachelorette 15 Daron Blaylock
0%
Challenge 7, 8, 10, 12, 18, 29, 30, 36, 38 All Stars 1-3; RR 11; CvP 1 | Challenge All Stars 1-3; RR 11; Challenge 7,8,10,12,18,19,29,30,36,38 | CvP 1; Challenge 7,8,10,12,18,19,29,30,36,38; RR 8; Challenge AS 1-3 | RR 11; Challenge 7, 8, 10, 12, 18, 19, 29, 30, 36, 38; Challenge AS 1-3; CvP 1 Darrell Taylor
0%
BBUK 1 Darren Ramsey
0%
AR CAN 1 Darren Trapp
0%
Snowflake Mountain 1 Darriea Clark
0%
Mole 2 Darwin Conner
0%
LI UK 4 Darylle Sargeant
0%
Bachelor 27 Davia Bunch
0%
LI UK 8 Davide Sanclimenti
0%
Apprentice MS Dawna Stone
0%
Snowflake Mountain 1 Deandra Joseph
0%
BIP 7; Bachelor 24 | Bachelor 24; BIP 7 Deandra Kanu
0%
LI USA 2 De'Andre Heath
0%
AR 32 DeAngelo Williams
0%
Bachelor 11; Bachelorette 4 | Bachelorette 4; Bachelor 11 DeAnna Pappas
0%
EOTB UK 12 Declan Doyle
0%
HK 19 Declan Horgan
0%
Utopia 1 Dedeker Winston
0%
MC AUS 6 Deepali Behar
0%
Love Is Blind 2 Deepti Vempati
0%
PH 3 Deiondra Sanders
0%
LI UK 8 Deji Adeniyi
0%
BIP 4; Bachelorette 13 | Bachelorette 13 DeMario Jackson
0%
BIP 7; Bachelorette 16 | Bachelorette 16; BIP 7 Demar Jackson
0%
BBCAN 5 Demetres Giannitsos
0%
Endurance 3 Demian Martinez
0%
BIP 6, 7; Bachelor 23 | Bachelor 23; BIP 6, 7 Demi Burnett
0%
LI UK 6 Demi Jones
0%
HK 13 Denine Giordano
0%
LI UK 5 Dennon Lewis
0%
MAFS 9 Deonna McNeil
0%
MC AUS 13 Depinder Chhibber
0%
MC 2 Derrick Prince
0%
EOTB 5; Double Shot at Love Derryn Paige
0%
DSAL 1 Derynn Paige
0%
DSAL 1 Deseree Flores
0%
Bachelor 5 DeShaun Warner
0%
Fboy Island 2 Dewayne Rogers
0%
BBUK 14 Dexter Koh
0%
D&R 1 Deyon Miller
0%
MC 7 Diamond Alexander
0%
Love Is Blind 1 Diamond Jack
0%
AYTO 6; EOTB 2 | EOTB 2; AYTO 6 Diandra Delgado
0%
Challenge 12, 13, 15, 17, 18, 22, 24, 26 Diem Brown
0%
BIP 4, 5; Bachelorette 13 | Bachelorette 13; BIP 4, 5 Diggy Moreland
0%
AYTO 1 Dillan Ostrom
0%
BBCAN 5 Dillon Carman
0%
Apprentice UK 12 Dillon St. Paaul
0%
The Royal World Dimitri MacLaurin
0%
AYTO 6 Dimitri Valentin
0%
Bachelorette 9 Diogo Custodio
0%
RW 31 Dione Mariani
0%
MAFS AUS 9 Dion Giannerelli
0%
Shipwrecked BOI 3 Diva Morthor
0%
Fboy Island 1 Divij Vaswani
0%
AR AUS 5 Dolor Edosomwan
0%
Bachelor 5 Dolores Farburg
0%
MAFS AUS 9 Domenica Calarco
0%
EOTB UK 9 Dominika Wrobel
0%
Bachelorette 4 Donato Capodanno
0%
RW 33 Dondre Randolph
0%
RR 12 Donell Langham
0%
MC NZ 5 Donna-Marie Sullivan
0%
AR AUS 2 Donna Verney
0%
BP 3 Donna Zitelli
0%
MCJR 5 Donovan Millstein
0%
HK 10 Don Savage
0%
MC 10 Dorian Hunter
0%
Joe Millionaire 2022 Doris Cano
0%
Mole 2 Dorothy Hui
0%
CvS 3; Splash USA Drake Bell
0%
Bachelorette 1 Duane
0%
AR CAN 3 Dujean Williams
0%
MC AUS 14 Dulan Hapuarachchi
0%
Challenge 16-18, 20, 22, 24; RW 19 | RW 19; Challenge 16-20, 22, 24 Dunbar Merrill
0%
AR CAN 8 Durrell Borden
0%
AR AUS 5 Dwes Wigann-Dann
0%
BIP 6; Bachelorette 15 | Bachelorette 15 Dylan Barbour
0%
NZS 2 Dylan Conrad
0%
LI USA 1 Dylan Curry
0%
AR CAN 6 Dylan Elias
0%
RW 31 Dylan Moore
0%
BIP 1; Bachelorette 10 | Bachelorette 10; BIP 1 Dylan Petitt
0%
D&R 1 Dyman Miller
0%
Bachelorette 16 Eazy Nwachukwu
0%
AR CAN 5; CTM 3 Ebonie Finley-Roberge
0%
MC 8 Eboni Henry
0%
The Assistant Ebony Costain
0%
ANTM 1 Ebony Haith
0%
LI AUS 1 Eden Dally
0%
Temptation Island 2 Edmundo Cruz
0%
RR 2 Effie Perez
0%
BBUK 16 Eileen Daly
0%
SWAMD Eilish Rodriguez
0%
LI UK 8 Ekin-Su Culculoglu
0%
Mole 2 Elavia Bello
0%
Geordie Shore 14, 15 Elettra Lamborghini
0%
LI AUS 1 Elias Chigros
0%
AR CAN 3 Elias Theodorou
0%
Fboy Island 2 Elijah Connolly
0%
Karma 1 Elijah Mack
0%
Challenge 5, 7; RW 6 | RW 6; Challenge 5, 7 Elka Walker
0%
EOTB UK 12; TOWIE Ella Rae Wise
0%
LI UK 3 Ellisha-Jade White
0%
BBUK 19 Ellis Hillon
0%
Glee Project 1 Ellis Wylie
0%
LI UK 5 Elma Pazar
0%
MC AUS 9 Eloise Praino
0%
HK 1 Elsie Ramos
0%
AUS 2 Elton Flatley
0%
MC 11 Elyce Wooten
0%
Bachelor 25 Emani Curl
0%
EOTB 4 E'Mari Stevenson
0%
MC AUS 6, 12 Emelia Jackson
0%
EOTB UK 12; The Circle UK 2 Emelle Smith
0%
AR AUS 2 Emilia Pelosi
0%
BIP 8; Bachelor 26 | Bachelor 26; BIP 8 Ency Abedin
0%
Hunted 1 English King
0%
LI AUS 2 Eoghan Murphy
0%
Temptation Island 3 Erik Hebert
0%
Utopia 1 Ernesto Santana
0%
Temptation Island 5 Esonica Veira
0%
BBCAN 7 Estefania Hoyos
0%
Bachelor 4 Estella Gardinier
0%
Challenge 37; BB Nigeria 4 Esther Agunbiade
0%
Challenge 34 Esther Falana
0%
MC 2 EstHer Kang
0%
BBUK 6 Eugene Sully
0%
Bachelor 24 Eunice Cho
0%
BBUK 17 Evelyn Ellis
0%
Challenge 12, 14-16, 18, 19, 21 Evelyn Smith
0%
Circle 4 Eversen Bevelle
0%
MCJR 7 Evie
0%
LI UK 4; COTR Eyal Booker
0%
Tough As Nails 2 Eyebrows Guerriro
0%
HK 19 Fabiola Fuentes
0%
Bachelorette 3 Fabrice Le Parc
0%
12 Dates 1 Faith Fernandez
0%
Geordie Shore 18 Faith Mullen
0%
Shipwrecked BOI 3 Faith Oyegun
0%
Challenge 32; EOTB 1 | EOTB 1; Challenge 31, 34; Vanderpump Faith Stowers
0%
LI USA 2 Faith Tyrell
0%
MC AUS 5 Faiza Rehman
0%
EOTB UK 1 Farah Gillard
0%
Bachelor UK 6 Faran Cooper
0%
MC 9 Farhan Momin
0%
EOTB 2; Teen Mom Farrah Abraham
0%
MC 1 Faruq Jenkins
0%
Bachelor 2 Fatima Rivas
0%
EOTB UK 7 Fatima Rull
0%
Bachelor CA 1 Fawn F.
0%
EOTB UK 12 Faye Mill
0%
BBUK 12 Faye Palmer
0%
LI UK 7 Faye Winter
0%
BBUK 4 Federico Martone
0%
Apprentice UK 10 Felipe Alviar-Baquero
0%
LI USA 4 Felipe Gomes
0%
MC 3 Felix Fang
0%
AR AUS 4 Femi Ogunsiji
0%
HK 13 Fernando Cruz
0%
Fboy Island 1 Fernando Titus
0%
MC AUS 4 Filippo Silvestro
0%
LI UK 6 Finn Tapp
0%
MC AUS 7 Fiona Grindlay
0%
AUS 2 Fiona Horne
0%
MC AUS 2 Fiona Inglis
0%
MC NZ 5 Fiona Marris
0%
Shipwrecked BOI 2 Fiona Merry
0%
Bachelor NZ 1 Fiona Niles
0%
MC NZ 2 Fiona Reed
0%
THTH 4 Flavia Laos Urbnina
0%
Bachelor NZ 2 Fleur Verhoeven
0%
Shipwrecked BOI 2 Fliss Jaine
0%
AR AUS 6 Fliss Naughton
0%
LI USA 3 Florita Diaz
0%
AR 29; 31 Floyd Pierce
0%
AR CAN 8 Franca Brodett
0%
Bachelor 5 Francine Jones
0%
MC 5 Francis Biondi
0%
MC 5 Francis Legge
0%
LI AUS 1 Francoise Draschler
0%
THTH 1 Franesca Farago
0%
Shipwrecked BOI 4 Franki Wilson
0%
Mole 3 Frederique van der Wal
0%
Tough As Nails 2 Freight Train Hargan
0%
Shipwrecked BOI 5 Freja Budd
0%
Bachelor NZ 2 Freya Jones
0%
Challenge 37; Warsaw Shore 12 Gabo Szabo
0%
HK 8 Gail Novenario
0%
Shipwrecked BOI 1 Gareth Saunders
0%
Bachelorette 16 Garin Flowers
0%
AYTO 2 Garland Brown
0%
EOTB UK 2, 5; Geordie Shore 1-15; HK AUS 1 | Geordie Shore 1-15; HK AUS 1; EOTB UK 2 Gaz Beadle
0%
AYTO 6; EOTB 3 | EOTB 3; AYTO 6 Geles Rodriguez
0%
LI UK 8 Gemma Owen
0%
EOTB UK 12 Gemma Pell
0%
MC NZ 6 Gemma Wynne-Lewis
0%
HK 16 Genaro Delilli
0%
Challenge 6, 9; RW 6 | RW 6; Challenge 6, 9 Genesis Moss
0%
Temptation Island 2 Genevieve Deittrick
0%
MC AUS 1 Geni Papacostas
0%
Bachelor UK 6 Georgie Leahy
0%
BBUK 17 Georgina Cantwell
0%
MC 9 Gerron Hurt
0%
Apprentice UK 3 Ghazal Asif
0%
HK 2 Giacomo Alfieri
0%
AYTO 5 Gianna Hammer
0%
All Star Shore 1; Love Is Blind 1 | Love Is Blind 1; All Star Shore 1 Giannina Gibelli
0%
MC NZ 6 Gideon Marisa
0%
AR CAN 7 Gilles Miron
0%
Shipwrecked BOI 4 Gimli Jones
0%
LI USA 2 GiNiele Reitzell
0%
Bachelor 3 Ginny
0%
The Block NZ 1 Ginny Death
0%
EOTB UK 8 Gino Antonio
0%
BBCAN 10 Gino Giannopoulos
0%
AR CAN 3 Gino Montani
0%
HK 5, 17 Giovanni Filippone
0%
AYTO 4 Giovanni Rivera
0%
ANTM 1 Giselle Samson
0%
MC 2 Giuseppe Morisco
0%
HK 18 Gizzy Barton
0%
Challege 6; RR 7 | RR 7; Challenge 6 Gladys Sanabria
0%
AR AUS 6 Glennon Babui
0%
Apprentice UK 7 Glenn Ward
0%
MC NZ 5 Glynn Rudolph
0%
BBCAN 3 Godfrey Mangwiza
0%
American Grit 1 Goldie Chandler
0%
MCJR 5 Gonzalo Ingram
0%
BBUK 4 Gos Gosal
0%
BBUK 11 Govan Hinds
0%
BBUK 7 Grace Adams-Short
0%
AR AUS 2 Grace Caristo
0%
LI UK 4 Grace Wardle
0%
MCJR 6 Gracie Howard
0%
BIP 1; Bachelorette 4; BP 2 | BP 2; Bachelorette 4; BIP 1 | Bachelorette 4; BP 2; BIP 1 Graham Bunn
0%
EOTB UK 3 Graham Griffiths
0%
Apprentice UK 12 Grainne McCoy
0%
MCJR 6 Grayson Boudreaux
0%
MCJR 8 Grayson Price
0%
Bachelor 27 Greer Blitzer
0%
MAFS 9 Gregory Okotie
0%
BP 1; Bachelor 2 | Bachelor 2; BP 1 Gwen Gioia
0%
AR 28 Hagan Parkman
0%
AR CAN 3 Hamilton Elliott
0%
BBCAN 6 Hamza Hatoum
0%
Temptation Island 7 Hania Stocker
0%
Bachelor 24 Hannah Ann Sluss
0%
PH 3 Hans Wiener
0%
AR CAN 6 Happy LaVerdiere
0%
Bachelorette 2 Harold Hersh
0%
Apprentice UK 16 Harpreet Kaur
0%
MAFS UK 3 Harriet
0%
BBUK 16 Harriet Jackson
0%
EOTB UK 6 Harriette Harper
0%
Apprentice UK 13 Harrison Jones
0%
HK 15 Hassan Musselmani
0%
American Grit 1 Haze Hazlett
0%
BBUK 14 Hazel O'Sullivan
0%
BBUK 12 Heaven Afrika
0%
Bachelor 2 Helene Eksterowicz
0%
Apprentice UK 4 Helene Speight
0%
CvS 3 Hennessy Carolina
0%
AR AUS 3 Hereni Fulton
0%
American Grit 2 Herman Brar
0%
Shipwrecked BOI 4 Hermione Russell
0%
BBCAN 10 Hermon Nizghi
0%
MC 6 Hetal Vasavada
0%
Utopia 1 Hex Vanisles
0%
Hunted 1 Hilmar Skagfield
0%
12 Dates 2 Hina Sabitine
0%
BBCAN 8 Hira Deol
0%
BBUK 10 Hira Habibshah
0%
MC AUS 10 Hoda Kobeissi
0%
Bachelor 27 Holland Parsons
0%
DSAL 3 Honey Nguyen
0%
Challenge 38; Exatlon Estados Unidos 5 Horacio Gutierrez
0%
Karma 1 Huck Flanagan
0%
MC AUS 11 Huda Al-Sultan
0%
LI UK 7 Hugo Hammond
0%
BBUK 19 Hussain Ahmed
0%
Apprentice UK 15 Iasha Masood
0%
Challenge 9, 11, 18; RR 13 | RR 13; Challenge 9, 11, 18 Ibis Nieves
0%
Bachelor 21 Ida Marie DeLosSantos
0%
AR 22 Idries Abdur-Rahman
0%
Challenge 34; LIUK 4 | LI UK 4; Challenge 34 Idris Virgo
0%
BBUK 11 Ife Kuku
0%
Apprentice UK 3 Ifti Chaudhri
0%
BIP 4; Bachelorette 13 | Bachelorette 13; BIP 4 Iggy Rodriguez
0%
Endurance 5 Ike Moody
0%
LI UK 8 Ikenna Ekwonna
0%
Bachelor 25 Illeana Penetto
0%
Karma 1 Illya Mehrzai
0%
Fboy Island 2 Ilon Hao
0%
Hunted 1 Immad Ahmed
0%
BBUK 18 Imran Javeed
0%
LI UK 5 India reynolds
0%
LI UK 8 Indiyah Polack
0%
MAFS AUS 6 Ines Basic
0%
AR AUS 3 Inga Lederhaus
0%
Tough As Nails 2 Iraida Mujica
0%
Bachelor UK 5 Iraida Neira
0%
RW2 Irene Berrera-Kearns
0%
RW 7 Irene McGee
0%
AR CAN 7 Irina Terehova
0%
MAFS 9 Iris Caldwell
0%
Temptation Island 7 Iris Jardiel
0%
Challenge 7; RW 12 | RW 12; Challenge 7 Irulan Wilson
0%
Endurance 4 Isaac Hainley
0%
BBUK 19 Isaac Jagroop
0%
BBUK 10; RW 19; Challenge 17, 25 | Challenge 17, 25; RW 19 | RW 19; Challenge 17, 25 Isaac Stout
0%
Shipwrecked BOI 1 Ishta Nyakoojo
0%
Fboy Island 1 Israel Dimri
0%
EOTB UK 11 Itay Ohayon
0%
AR CAN 5 Ivana Krunic
0%
Apprentice 2 Ivana Ma
0%
Bachelor 26 Ivana Noble
0%
BIP 7; Bachelorette 16 | Bachelorette 16; BIP 7 Ivan Hall
0%
MAFS AUS 7 Ivan Sarakula
0%
RR 14 Ivory Martinez
0%
Love Is Blind 2 Iyanna McNeely
0%
MCJR 7 Jaala Smith
0%
Fboy Island 2 JaBriane Ross
0%
BBCAN 10 Jacey-Lynne Graham
0%
RW4 Jacinda Barrett
0%
RW 14; Challenge 9 Jacquese Smith
0%
AYTO 1 Jacy Rodriquez
0%
AYTO 6 Jada Allen
0%
Apprentice UK 3 Jadine Johnson
0%
MCJR 4 Jaeclyn Clark
0%
AR CAN 8 Jahmeek Murray
0%
MC 5 Jaimee Vitolo
0%
BBUK 15 Jale Karaturp
0%
LI USA 2 Jalen Noble
0%
BBCAN 8; EOTB 5 | EOTB 5; BB CAN 8 Jamar Lee
0%
12 Dates 1 Jameel Erving
0%
AR 22 Jamil Abdur-Rahman
0%
BIP 3; Bachelor 20 | Bachelor 20; BIP 3 Jami Letain
0%
Bachelor 9 Jami Matzke
0%
AR AUS 6 Jamus Maoate
0%
MC NZ 5 Janaina Mendes
0%
HK 13 Janai Simpson
0%
American Grit 2 Janessa Morgan
0%
Fboy Island 1 Jarred Evans
0%
Love Is Blind 2 Jarrette Jones
0%
AR AUS 5 Jaskirat Dhingra
0%
MAFS 14 Jasmina Outar
0%
AR AUS 4 Jasmin Onus
0%
Temptation Island 4 Javen Butler
0%
LI UK 2 Javi Shephard
0%
Challenge USA 1; LI USA 3 | LI USA 3; Challenge USA 1 Javonny Vega
0%
THTH 4 Jawahir Khalifa
0%
LI AUS 1 Jaxon Human
0%
AYTO 5 Jaylan Adlam
0%
Bachelor 10 Jeanette Alvarez
0%
Bachelor 9 Jeanette Pawula
0%
Bachelor 5 Jean-Marie Callahan
0%
12 Dates 2 Jean Paul Acocella
0%
Bachelorette 8 Jean-Paul LaCount
0%
Bachelorette 13 Jedidiah Ballard
0%
HK 1 Jeffery Dewberry
0%
Bachelorette 8 Jef Holm
0%
Apprentice UK 15 Jemelin Artigas
0%
MC NZ 6 Jemima Cruickshank
0%
BBUK 14 Jemima Slade
0%
Apprentice UK 10 Jemma Bird
0%
EOTB UK 3; CBB UK 20 Jemma Lucy
0%
BBUK 12 Jemma Palmer
0%
Challenge 23-26, 30-32, All Stars 1, 3; EOTB 4; RW 24 | Challenge All Stars 1, 3; RW 24; Challenge 23-26, 30-32 | EOTB 4; RW 24; Challenge 23-26, 30-32 | RW 24; Challenge 23-26, 30-32; Challenge AS 1, 3; EOTB 4 Jemmye Carroll
0%
ANTM 2 Jenascia Chakos
0%
Bachelor UK 5 Jeneva Leonard-Kutler
0%
MC NZ 4 Jennis Hayes
0%
MAFS 6 Jephte Pierre
0%
AR AUS 4 Jerome Cubillo
0%
Tough As Nails 3 Jerome Kupuka'a
0%
BIP 7, 8; Bachelor 25 | Bachelor 25; BIP 7, 8 Jessenia Cruz
0%
Bachelor CA 2 Jewel Brady
0%
MCJR 1 Jewels Gold
0%
MCJR 3 Jianna Garcia
0%
AR CAN 2 Jinder Atwal
0%
AR 27 Jin Lao Greer
0%
Challenge 5, 6, 11, All Stars 1; RR 10 | Challenge All Stars 1; RR 10; Challenge 5,6,11 | RR 10; Challenge 5, 6, 11; Challenge AS 1 Jisela Delgado
0%
AR AUS 5 Jobelle Collier
0%
Bachelor AUS 1 Joelene Booth
0%
EOTB 5 Joelle Pinero
0%
Challenge 12, 15, 16, 18; RW 16 | RW 16; Challenge 12, 15, 16, 18 Johanna Botta
0%
Temptation Island 2 John Dolan
0%
LI AUS 1 John James Parton
0%
Bachelorette 3 John Paul Merritt
0%
Fboy Island 1 Jomar Perez Adorno
0%
Bachelorette 18 JoMarri Gable
0%
HK 9 Jonathon Plumley
0%
MAFS AUS 7 Jonethen Musulin
0%
LLBC Jonitta Wallace
0%
Challenge 21, 23-26, All Stars 1-3; RW 22; Endurance 1 | Challenge All Stars 1-3; Endurance 1; RW 22; Challenge 21, 23-26 | Endurance 1; Challenge 21, 23-26; RW 22; Challenge All Stars 1-3 | RW 22; Challenge 21, 23-26; Endurance 1; Challenge AS 1-3 Jonna Mannion
0%
Shipwrecked BOI 2 Jonno Burden
0%
BBUK 8 Jonty Stern
0%
Bachelor 21 Josephine Tutman
0%
Bachelorette 13; BWG Josiah Graham
0%
EOTB UK 9 Josiah Miller
0%
Challenge 31, 32, 34; EOTBUK 1, 5 | EOTB UK 1, 5; Challenge 31, 32, 34 Joss Mooney
0%
LI UK 5 Jourdan Riane Hammond
0%
DSAL 3 Jovanna Del Plato
0%
BP 1; Bachelorette 5 | Bachelorette 5; BP 1 Juan Barbieri
0%
Bachelor 18; Bachelorette 9 | Bachelorette 9; Bachelor 18 Juan Pablo Galavis
0%
BIP 3, 5; Bachelor 20 | Bachelor 20; BIP 3, 5 Jubilee Sharpe
0%
AR AUS 4 Judy Bowe
0%
Bachelor AUS 1 Judy Kuo
0%
MCJR 6 Juelz Bugg
0%
Buckhead Shore 1 JuJu Barney
0%
MC AUS 5 Jules Allen
0%
MC AUS 4 Jules Pike
0%
MAFS AUS 6 Jules Robinson
0%
LLBC Jules Wilson
0%
Bachelor 11 Juli Gilliam
0%
Ultimate Surfer 1 Juli Hernandez
0%
AR CAN 8 Jully Black
0%
CvS 2 Justina Valentine
0%
MCJR 5 Justise Mayberry
0%
MCJR 4 Kade Dugas
0%
LI UK 2 Kady McDermott
0%
RW 8 Kaia Beck
0%
Challenge 29-32, 35, 38; All Stars 3; RW 31; LLBC; CvS 3 | Challenge All Stars 3; RW 31; Challenge 29-32, 35, 38; CvS 3; LLBC | CvS 3; Challenge 29-32, 35, 38; All Stars 3; RW 31; LLBC | +2 others Kailah Casillas
0%
LI UK 7 Kaila Troy
0%
Bachelor 25 Kaili Anderson
0%
BBCAN 7 Kailyn Archer
0%
HK 13 Kalen Morgenstern
0%
Tough As Nails 3 Kalimba Edwards
0%
Bachelorette 8; BP 3; BIP 1 Kalon McHahon
0%
BIP 1; Bachelorette 8; BP 3 | BP 3; Bachelorette 8; BIP 1 Kalon McMahon
0%
Challenge 4; RW 6 | RW 6; Challenge 4 Kameelah Phillips
0%
CvP 1 Kamerion Wimbley
0%
MCJR 4 Kamilly Serrano
0%
HK 18 Kanae Houston
0%
CBB 2 Kandi Burruss
0%
Challenge 10; RW 15 | RW 15; Challenge 10 Karamo Brown
0%
AYTO 6 Kareem Fathalla
0%
Endurance 3 Kareem Nugent
0%
EOTB 2 Kareem Peterson
0%
MC NZ 5 Karena Bird
0%
All Star Shore 1; Acapulco Shore Karime Pindter
0%
MC AUS 8 Karmen Lu
0%
Apprentice UK 12 Karthik Nagesan
0%
HK 12 Kashia Zollicoffer
0%
RW 32 Kassius Bass
0%
AR AUS 5 Katherine Dann
0%
Bachelor 27 Katherine Izzo
0%
Bachelor AUS 1 Katherine Schmidhofer
0%
BBUK 9 Kathreya Kasisopa
0%
Apprentice UK 16 Kathryn Louise Burn
0%
RR 9 Kathryn Omeg
0%
AYTO 5 Kathryn Palmer
0%
Mole 1 Kathryn Price
0%
Bachelor 14 Kathryn Sherlock
0%
CBB 2 Kato Kaelin
0%
Temptation Island 1 Kaya Wittenburg
0%
BBUK 18; Challenge 31,32,34; EOTB UK 2,5 Kayleigh Morrie
0%
Challenge 31, 32, 34; EOTBUK 2 | EOTB UK 2, 5; BB UK 18; Challenge 31, 32, 34 Kayleigh Morris
0%
MCJR 1 Kaylen Alfred
0%
AYTO 4 Kaylen Zahara
0%
Apprentice UK 14 Kayode Damali
0%
NZS 2 Kaysha Whakarau
0%
D&R 1 Kaz Bishop
0%
EOTB UK 12; LI UK 4 Kaz Crossley
0%
LI UK 4; EOTB UK 12 Kazimir Crossley
0%
LI UK 7 Kaz Kamwi
0%
EOTB UK 12 | MAFS AUS 7; EOTB UK 12 KC Osborne
0%
HK 20 Keanu Hogan
0%
BBUK 11 Keeley Johnson
0%
Endurance 2 Keetin Marchi
0%
Challenge 2; RR 6 Kefla Hare
0%
Temptation Island 2 Kelley Sutphin
0%
Challenge 16, 18, 27, 28, All Stars 1, 3; RW 19 | Challenge All Stars 1, 3; RW 19; Challenge 16, 18, 27, 28 | RW 19; Challenge 16, 18, 27, 28; Challenge AS 1, 3 KellyAnne Judd
0%
Bachelor 4 Kelly Jo
0%
Bachelor 15 Keltie Busch
0%
Challenge 37; THTH 1 | THTH 1; Challenge 37 Kelz Dyke
0%
BBUK 6 Kemal Shahin
0%
BBUK 19 Kenaley Amos-Sissons
0%
Temptation Island 6 Kendal Kirkland
0%
BIP 5, 7; Bachelor 22 | Bachelor 22; BIP 5, 7 Kendall Long
0%
PH 3 Kendall Marie
0%
LI UK 4 Kendall Rae-Knight
0%
Challenge 8, All Stars 1-3; RR 11 | Challenge All Stars 1-3; RR 11; Challenge 8 | RR 11; Challenge 8; Challenge AS 1-3 Kendal Sheppard
0%
Apprentice UK 15 Kenna Ngoma
0%
AYTO 7; EOTB 3 | EOTB 3; AYTO 7 Kenya Scott
0%
Bachelor 17 Keriann Miranda
0%
Shipwrecked BOI 3 Keris Hopkins
0%
ANTM 1 Kesse Wallace
0%
MC 10 Keturah King
0%
AYTO 6 Keyana Land
0%
MC AUS 14 Keyma Vasquez Montero
0%
Apprentice UK 14 Khadija Kalifa
0%
Bachelor 25 Khaylah Epps
0%
DSAL 3 Kiana Khoshaba
0%
Fboy Island 2 Kian Lewis
0%
Bachelor 24 Kiarra Norman
0%
BBCAN 9 Kiefer Collison
0%
D&R 1 Kieran Bishop
0%
BBUK 18 | EOTB UK 4; BB UK 18 Kieran Lee
0%
BBUK 16 Kieran McLeod
0%
LI UK 4 Kieran Nicholls
0%
BBCAN 7 Kiera Wallace
0%
LI USA 2 Kierstan Saulter
0%
AYTO 3 Kiki Cooper
0%
Challenge AUS, AUSBachelor 4 Kiki Morris
0%
HK 16 Kimberly-Ann Ryan
0%
Challenge 9, 11, 13; RR 13 | RR 13, 14; Challenge 9, 11, 13 Kina Dean
0%
BBUK 6 Kinga Karolczak
0%
BP 1; Bachelorette 5 | Bachelorette 5; BP 1 Kiptyn Locke
0%
Bachelor 26; BIP 8 Kira Mengistu
0%
MC 5 Kira Novak
0%
MC AUS 6 Kira Westwick
0%
BIP 8; Bachelor 26 Kirda Mengistu
0%
Bachelor 3 Kirestin
0%
Bachelorette 19 Kirk Bryant
0%
BIP 2; Bachelorette 6; BP 2 | BP 2; Bachelorette 6 | Bachelorette 6; BP 2; BIP 2 Kirk DeWindt
0%
Floribama Shore Kirk Medas
0%
EOTB UK 3; CBB UK 9; OWIE 1-3, 7-8 Kirk Norcross
0%
Bachelor 23 Kirpa Sudick
0%
MC NZ 1 Kirsty Cardy
0%
Apprentice AUS 1 Kirsty Parkhill
0%
MC AUS 13 Kishwar Chowdhury
0%
Shipwrecked The Island Kitten Dafoe
0%
BBUK 5 Kitten Pinder
0%
HK 20 Kiya Willhelm
0%
American Grit 1 KJoy Lipson
0%
Tough As Nails 2 Knuckles Nichols
0%
The Block NZ 2 Koan Vette
0%
Ultimate Surfer 1 Koa Smith
0%
Challenge AUS; Bachelorette AUS 7 Konrad Bien-Stephen
0%
HK 19 Kori Sutton
0%
BP 1; Bachelor 7 | Bachelor 7 Krisily Kennedy
0%
Temptation Island 3 Kristin Cobb
0%
HK 9 Krupa Patel
0%
Surf Girls Kula Barbieto
0%
MC AUS 3 Kumar Pereira
0%
Bachelorette 11 Kupah James
0%
Apprentice UK 14 Kurran Pooni
0%
Shipwrecked BOI 5 Kush Khanna
0%
Apprentice 1 Kwame Jackson
0%
AR CAN 6 Kwame Osei
0%
AYTO 7 Kwasi Opoku
0%
MCJR 4 Kya Lau
0%
MCJR 3 Kyler Bock
0%
Endurance 4 Kylie Glessman
0%
MCJR 4 Kyndall Katson
0%
DSAL 3 Kyra Carey
0%
Challenge USA 1; Love Island 1; EOTB 5 | EOTB 5; LI 1; Challenge USA 1 | LI USA 1; Challenge USA 1; EOTB 5 Kyra Green
0%
LI USA 3 Kyra Lizama
0%
BBCAN 7 Kyra Shenker
0%
MAFS AUS 1 Lachlan McAleer
0%
EOTB 4; Glam Masters La Demi Martinez
0%
LI USA 2 Lakeyn Call
0%
Tough As Nails 3 Lamar Edwin Hanger
0%
CBB 3 Lamar Odom
0%
RR 14 LaMonte Ponder
0%
Bachelor 4 Lanah
0%
Endurance 1 Lana Neiman
0%
Rock the Cradle Landon Brown
0%
Bachelorette 17 Landon Goesling
0%
Challenge 10, 11, 17, 19, RW 15 | RW 15; Challenge 10, 11, 17, 19 Landon Lueck
0%
Bachelor 1 LaNease Adams
0%
Bachelorette 2 Lanny Lawrence
0%
Bachelor CA 3 Lara Campbell
0%
Bachelor NZ 2 Lara Christie
0%
Shipwrecked BOI 3 Lara Goodison
0%
Rock the Cradle Lara Johnston
0%
Challenge 27 Larissa Nakagawa
0%
MC AUS 11 Larissa Takchi
0%
THTH 2 Larissa Trownson
0%
Claim to Fame 1 Lark Skov
0%
RW4 Lars Schlichting
0%
Temptation Island 7 Lascelles Lagares
0%
HK 13 La Tasha McCutchen
0%
Challenge 4, 6, 7, All Stars 1-3; RR 9 | Challenge All Stars 1-3; RR 9; Challenge 4,6,7 | RR 9; Challenge 4, 6, 7; Challenge AS 1-3 Laterrian Wallace
0%
BBUK 17 | EOTB UK 11; BB UK 17; The Valleys 1-3 Lateysha Grace
0%
BBCAN 9 Latoya Anderson
0%
Challenge 25, 29, 30; RW 27 | RW 27; 25, 29, 30 LaToya Jackson
0%
Bachelor AUS 2 Laurina Fleure
0%
LI UK 5 Lavena Back
0%
Endurance 1 Layla Brisco
0%
AYTO 2 Layton Jones
0%
Bachelor 20 LB Barr
0%
Claim to Fame 1 LC Palmer
0%
LI UK 6 Leanne Amaning
0%
DSAL 3 Leanzy Peterson
0%
AR CAN 3 Leilani Ross
0%
LI USA 3 Lei-Ren Rapp
0%
Bachelor 27 Lekha Ravi
0%
EOTB UK 7 Leonie McSorley
0%
Bachelorette 8 Lerone Anu
0%
Bachelorette 18 Leroy Arthur
0%
Challenge 21, 22, 24-28, 30, 31, 33, 34, 36; RW 25 | RW 25; Challenge 21, 22, 24-28, 30, 31, 33, 34, 36 Leroy Garrett
0%
MCJR 2 Levi Eirinberg
0%
HK 8 Lewis Curtis
0%
Snowflake Mountain 1 Liam Brown
0%
Shipwrecked BOI 4 Liam Byrne
0%
MAFS AUS 8 Liam Cooper
0%
NZS 2 Liam Hose
0%
EOTB UK 1, 5 Liam Lewis
0%
LI UK 8 Liam Llewellyn
0%
BBUK 8 Liam McGough
0%
LI UK 7 Liam Reardon
0%
Bachelor 2 Liangy Fernandez
0%
Shipwrecked BOI 2 Lianne Dauban
0%
LI UK 7 Liberty Poole
0%
AR AUS 1 Liberty Wilson
0%
Rock the Cradle Lil B Sure!
0%
Girls of Hedsor Hall Lillian Justice
0%
MAFS 4 Lillian Vilchez
0%
LI UK 7 Lillie Haynes
0%
EOTB UK 5 Lillie Lexie Gregg
0%
AR AUS 6 Lilli Robbo
0%
Endurance 5 Lilly Brown
0%
Bachelor UK 6 Lilly Douse
0%
CvS 3 Lil Mama
0%
D&R 1 Lily Bajor
0%
MC NZ 6 Lily Brown
0%
Glee Project 2 Lily Mae Harrington
0%
Bachelor NZ 3 Lily McManus-Semchyshyn
0%
Bachelorette 14 Lincoln Adim
0%
Apprentice UK 4 Lindi Mngaza
0%
Endurance 3 Lindi Oest
0%
MAFS 15 Lindy Elloway
0%
Challenge 12 Linette Gallo
0%
Tough As Nails 1 Linnett Key
0%
Shipwrecked BOI 4 Liran Nathan
0%
MC 7 Lisa-Ann Marchesi
0%
Challenge 36; Shipwrecked Liv Jawando
0%
Shipwrecked BOI 5; Challenge 36 Liv Lelaini
0%
Apprentice 7 Liza Mucheru-Wisner
0%
BBCAN 1 Liza Stinton
0%
EOTB UK 12; TOWIE Lockie Lock
0%
Apprentice UK 3 Lohit Kalburgi
0%
MC AUS 10 Loki Madireddi
0%
Bachelor 9 Lorenzo Borghese
0%
Shipwrecked BOI 2 Lorenzo Preecha
0%
EOTB UK 8 Lorna Boswell
0%
Apprentice UK 5 Lorraine Tighe
0%
Challenge 3; RR 1 | RR 1; Challenge 3 Los Jackson
0%
BBUK 18 | EOTB UK 11; BB UK 18 Lotan Carter
0%
Shipwrecked BOI 5 Lottie Day
0%
Apprentice UK 15 Lottie Lion
0%
Shipwrecked BOI 3 Lottie Moore
0%
HK 4 Louross Edralin
0%
BBCAN 4 Loveita Adams
0%
HK 6 Lovely Jackson
0%
AR CAN 4 Lowell Taylor
0%
The Block NZ 2 Loz Heaphy
0%
Bachelorette 18 LT Murray IV
0%
Apprentice UK 15 Lubna Farhan
0%
LI UK 8 Luca Bish
0%
MC 4 Luca Manfe
0%
AR 30 Lucas Bocanegra
0%
Bachelorette 7 Lucas Daniels
0%
MC AUS 1 Lucas Parsons
0%
Bachelorette 13 Lucas Yancey
0%
AUS 1 Lucinda Allen-Rhodes
0%
Apprentice UK 4 Lucinda Ledgerwood
0%
LI UK 7 Lucinda Strafford
0%
Apprentice UK 9 Luisa Zissman
0%
Fboy Island 2 Lukasz Yoder
0%
BBUK 3 Lynne Moncrieff
0%
MC AUS 5, 12 Lynton Tapp
0%
BIP 2; Bachelor 19 | Bachelor 19; BIP 2 Mackenzie Deonigi
0%
LI USA 2 | LI USA 4 Mackenzie Dipman
0%
Shipwrecked BOI 4 Mackenzie Hunkin
0%
MCJR 6 Mackenzie Patten
0%
MCJR 8 Maclain Rockett
0%
Bachelor CA 3 Madelaine Gione
0%
BBCAN 8 Madeline Di Nunzio
0%
EOTB 2 Madeline Sullivan
0%
Ultimatum 1 Madlyn Ballatori
0%
EOTB 4 Magdalena Ruiz
0%
Apprentice 7 Mahsa Saeidi-Azcuy
0%
EOTB UK 6 Maisie Gillespie
0%
BBUK 12 Maisy James
0%
MC AUS 13 Maja Velt
0%
Apprentice UK 5 Majid Nagra
0%
SWAMD Makani Paul
0%
BBCAN 7 Maki Moto
0%
BBUK 6; UBB UK Makosi Musanbasi
0%
AR AUS 5 Malaan Ajang
0%
LI UK 2 Malia Arkian
0%
MCJR 7 Malia Brauer
0%
Ultimate Surfer 1 Malia Ward
0%
RW 10 Malik Cooper
0%
LI UK 2 Malin Andersson
0%
HK 15, 17 Manda Palomino
0%
Bachelor 20 Mandi Kremer
0%
Challenge 19-22 Mandi Moyer
0%
Bachelor 5 Mandy Clemens
0%
MC AUS 11 Mandy Hall
0%
Bachelor 5 Mandy Jaye Jeffreys
0%
Temptation Island 1 Mandy Lauderdale
0%
BBUK 18 Mandy Longworth
0%
Apprentice UK 2 Mani Sandher
0%
MC 7 Manny Washington
0%
Mole 1 Manuel Herrera
0%
Bachelor 22 Maquel Cooper
0%
Apprentice MS Marcela Valladolid
0%
EOTB UK 1 Marco Alexandre
0%
EOTB 1 Marco Delvecchio
0%
BBUK 17 Marco Pierre White Jr.
0%
BBUK 5 Marco Sabba
0%
PH 3 Marianelena
0%
HK 2 Maribel Miller
0%
AR CAN 8 Marika Sila
0%
Bachelor 22 Marikh Mathias
0%
MAFS UK 6 Marilyse Corrigan
0%
All Star Shore 1; Circle Brazil Marina Gregory
0%
LI UK 3 Marino Katsouris
0%
Temptation Island 2 Mark Detrio
0%
12 Dates 2 Markelle Smith
0%
Bachelor 26 Marlena Wesh
0%
Challenge AUS; BB AUS 13 Marley Biyendolo
0%
LI USA 1 Marli Tydall
0%
BBUK 15 Marlon Wallen
0%
Challenge 24; RW 28; EOTB 4 | EOTB 4; RW 28; Challenge 24 | RW 28; Challenge 24; EOTB 4 Marlon Williams
0%
EOTB UK 8; Geordie Shore 7-16; CBB UK 18 | Geordie Shore 7-16; CBB UK 18; EOTB UK 8 Marnie Simpson
0%
BIP 1; Bachelorette 10 | Bachelorette 10; BIP 1 Marquel Martin
0%
Bachelor 12 Marshana Ritchie
0%
Apprentice 4 Marshawn Evans
0%
AR CAN 6 Martina Seo
0%
RR 12 Mary Beth Decker
0%
Endurance 2 Maryelle DeVitto
0%
HK 1 Mary Ellen Daniels
0%
MC 11 Mary Jayne Buckingham
0%
HK 19 Mary Lou Davis
0%
Bachelor 25 Marylynn Sienna
0%
MCJR 5 Mashu Nishi
0%
MC AUS 3 Mat Beyer
0%
MCJR 7 Mateo
0%
MC 6 Mateo McConnell
0%
Glee Project 1 Matheus Fernandes
0%
Bachelorette 5 Mathue Johnson
0%
Bachelor NZ 1 Matilda Rice
0%
Love Is Blind 3 Matt Bolton
0%
Bachelorette 15 Matteo Valles
0%
MAFS AUS 9 Matt Ridley
0%
LI UK 5 Maura Higgins
0%
LI AUS 2 Maurice Salib
0%
Glee Project 2 Maxfield Camp
0%
Claim to Fame 1 Maxwell Norris
0%
BBUK 6 Maxwell Ward
0%
BBUK 9 Maysoon Shaladi
0%
Shipwrecked BOI 4 Maz Cunningham
0%
Bachelor 11 McCarten Delaney
0%
Challenge 23; RW 24 | RW 24; Challenge 23 McKenzie Coburn
0%
Glee Project 1 McKynleigh Abraham
0%
AR CAN 2 Meaghan Mikkelson
0%
Challenge 36; EOTB 3 | EOTB 3; Challenge 36 Mechie Harris
0%
LI UK 7 Medhy Malanda
0%
Apprentice AUS 1 Meena Chhagan
0%
HK 15 Meese Davis
0%
MAFS 10 Meka Jones
0%
Circle 4 Mel B
0%
BBCAN 10 Melina Mansing
0%
Bachelor 26 Melina Nasab
0%
Temptation Island 3 Melissa Huggins
0%
MC AUS 7 Melita Tough
0%
Apprentice UK 7 Melody Hossaini
0%
Apprentice UK 11 Mergim Butaja
0%
Bachelor 9 Meri Barr
0%
MC NZ 6 Merran Kenworthy
0%
Bachelor 2 Merrilee Donohue
0%
BBCAN 6 Merron Haile
0%
Tough As Nails 2 Merryl Tengesdal
0%
EOTB UK 11 Metisha Schaefer
0%
CBB 1 Metta World Peace
0%
MC AUS 10 Metter Chin
0%
Bachelor NZ 2 Metz Komiti-Faalavaau
0%
Bachelorette 9 Micah Heisler
0%
MCJR 3 Micah Sanders
0%
MC 10 Micah Yaroch
0%
AR CAN 3 Michaelia Drever
0%
Temptation Island 3 Michael Pulice
0%
AR CAN 2 Mickey Henry
0%
Bachelorette 7 Mickey McLean
0%
HK 14 Mieka Houser Harris
0%
MCJR 7 Miguel Jaramillo
0%
MAFS 15 Miguel Santiago
0%
MC 11 Miles Gateff
0%
EOTB UK 11 Miles Nazaire
0%
MC AUS 8 Miles Pritchett
0%
Hunted 1 Miles Svoboda
0%
MAFS 11 Miles Williams
0%
Bachelorette 13 Milton LaCroix
0%
BBCAN 8; EOTB 5 | EOTB 5; BBCAN 8 Minh-Ly Nguyen-Cao
0%
MC AUS 13, 14 Minoli De Silva
0%
Apprentice UK 1 Miriam Staley
0%
MAFS AUS 7 Mishel Meshes
0%
DSAL 1 Mish Gao
0%
BBUK 9 Mohamed Mohamed
0%
RW3 Mohammed Bilal
0%
Bachelorette 13 Mohit Sehgal
0%
LI USA 2 Moira Tumas
0%
Bachelorette 18 Mollique Johnson
0%
Endurance 3 Monroe Gierl
0%
LI UK 3; COTF 3 Montana Brown
0%
MC AUS 14 Montana Hughes
0%
Challenge 2, 7, 11; RW 6 | RW 6; Challenge 2, 7, 11 Montana McGlynn
0%
Bachelorette 16 Montel Hill
0%
HK 9 Monterray Keys
0%
BBCAN 10 Moose Bendago
0%
MAFS UK 6 Morag Crichton
0%
HK 20 Morgana Vesey
0%
AR AUS 1 Mos Haroun
0%
RR 9 Msaada Nia
0%
Apprentice UK 12 Mukai Noiri
0%
Apprentice 6 Muna Heaven
0%
Tough As Nails 1 Murph Murphy
0%
AR AUS 3 Murray Roeske
0%
EOTB 2; WHATA Murray Swanby
0%
The Assistant Mykell Wilson
0%
BIP 7; Bachelor 24 | Bachelor 24; BIP 7 Mykenna Dorn
0%
Apprentice UK 9 Myles Mordaunt
0%
Tough As Nails 1 Myles Polk
0%
MAFS 13 Myrla Feria
0%
AR CAN 2 Nabeela Barday
0%
LI UK 5 Nabila Badda
0%
Shipwrecked BOI 4 Nadejah Williams
0%
LI USA 4 Nadjha Day
0%
BBCAN 3 Naeha Sareen
0%
Fboy Island 1 Nakia Renee
0%
Love Is Blind 3 Nancy Rodriguez
0%
Apprentice UK 2 Nargis Ara
0%
BBUK 2 Narinder Kaur
0%
MCJR 2 Nasir Lomax
0%
MAFS AUS 5 Nasser Sultan
0%
MC AUS 8 Nathaniel Milevskiy
0%
Apprentice UK 16 Navid Sole
0%
MCJR 7 Nayeli Mendoza
0%
Bachelor NZ 2 Naz Khanjani
0%
BBCAN 2, 5 Neda Kalantar
0%
HK 11 Nedra Harris
0%
MC AUS 5 Neha Sen
0%
Challenge 13, 15, 17, 21, All Stars 1-3; RW 16 | Challenge All Stars 1,2; RW 16; Challenge 13, 15, 17, 21 | RW 16; Challenge 13, 15, 17, 21; Challenge AS 1-3 Nehemiah Clark
0%
AR CAN 8 Nella Brodett
0%
Glee Project 2 Nellie Veitenheimer
0%
AYTO 3; Challenge 28-32, 35-38; EOTB 2 | Challenge 28-32, 35-38; AYTO 3; EOTB 2 | EOTB 2; AYTO 3; Challenge 28-32, 35-38 Nelson Thomas
0%
Surf Girls Neva Massey
0%
EOTB 4; LIUK 4 | LI UK 4 Niall Aslam
0%
Challenge 25, 26; All Stars 3; RW 28 | Challenge All Stars 3; RW 28; Challenge 25,26 | RW 28; Challenge 25, 26; Challenge AS 3 Nia Moore
0%
LI USA 4 Nic Birchall
0%
MC AUS 1 Nic Ciampa
0%
AR CAN 3 Nic La Monaca
0%
MC AUS 8 Nicolette Stathopoulos
0%
MC AUS 8 Nidhi Mahajan
0%
Shipwrecked BOI 1 Niff Faulks
0%
MC NZ 1 Nigel Anderson
0%
THTH 4 Nigel Jones
0%
The Assistant Nikeda Stanback
0%
MAFS UK 6 Nikita Jasmine
0%
Temptation Island 2 Nikkole Palmatier
0%
Fboy Island 2 Nikolay Pranchenko
0%
Floribama Shore Nilsa Prowant
0%
MAFS AUS 6 Ning Surasiang
0%
The Royal World Niyi Obafemi Olopade
0%
Fboy Island 2 Noam Atzil
0%
MC AUS 5 Noelene Marchwiki
0%
MAFS 14 Noi Phommasak
0%
BBUK 10 Noirin Kelly
0%
HK 8 Nona Sivley
0%
Challenge 19 Noor Jehangir
0%
Apprentice UK 5 Noorul Choudhury
0%
Apprentice UK 10 Nurun Ahmed
0%
AYTO 6; EOTB 2; Challenge 38 | Challenge 38; AYTO 6; EOTB 6 | EOTB 2; AYTO 6; Challenge 38 Nurys Mateo
0%
BBUK 4 Nush Nowak
0%
AYTO 7 Nutsa Sikharulidze
0%
BIP 5; Bachelor 22 | Bachelor 22; BIP 5 Nysha Norris
0%
THTH 3 Obi Nnadi
0%
MAFS 14 Olajuwon Dickerson
0%
THTH 3 Olga Bednarska
0%
AR 29 Olive Beauregard
0%
LI UK 2 Oliver Maxwell Fernandez
0%
Apprentice UK 12 Oliver Nohl-Oser
0%
BIP 8; Bachelorette 18 | Bachelorette 18; BIP 8 Olu Onajide
0%
MC 9 Olusola Ogbomo
0%
BIP 6; Bachelor 23 | Bachelor 23; BIP 6 Onyeka Ehie
0%
MCJR 2 Oona Yaffe
0%
AR CAN 3 Ope Fagbongbe
0%
BBUK 6 Orlaith McAllister
0%
RW 32 Orlana Russell
0%
AYTO 5 Osvaldo Romero
0%
AR AUS 6 Pako Komira
0%
LLBC Panos Spntzos
0%
BBCAN 6 Paras Atashnak
0%
Bachelorette 18 Pardeep Singh
0%
RW 19 Parisa Montazaran
0%
EOTB 4 Paris Decaro
0%
AYTO 2 Paris Eike
0%
RR 3 Patrice Bouedibela
0%
BBUK 15 Pauline Bennett
0%
BBUK 15 Pav Paul
0%
RR 8 Pawel Litwinski
0%
Bachelor 24 Payton Moran
0%
DSAL 3 Peachy Piccinonno
0%
RW3 Pedro Zamora
0%
Apprentice 5 Pepi Diaz
0%
Claim to Fame 1 Pepper Martin
0%
EOTB 2 Perez Carothers
0%
MCJR 5 Peyton Copeland
0%
DSAL 3 Peyton Freestone
0%
BP 1; Bachelor 10 | Bachelor 10; BP 1 Peyton Wright
0%
MCJR 3 Philly Vazzana
0%
BIP 7; Bachelor 25 | Bachelor 25; BIP 7 Pieper James
0%
MCJR 6 Pierce Cleaveland
0%
AR CAN 1 Pierre Cadieux
0%
AR CAN 2 Pierre Forget
0%
Challenge 3, 5; RR 6 | RR 6; Challenge 3, 5 Piggy Thomas
0%
BBCAN 3 Pilar Nemer
0%
12 Dates 2 Pinij NaLampoon
0%
MC AUS 5 Pip Sumbak
0%
MC AUS 1, 12 Poh Ling Yeow
0%
Apprentice 7 Poppy Carlig
0%
LI UK 1 Poppy Farnan
0%
MAFS AUS 7 Poppy Jennings
0%
Bachelor NZ 1 Poppy Salter
0%
All Star Shore 1; Acapulco Shore Potro Caballero
0%
Shipwrecked BOI 5 Precious John
0%
Karma 1 Presley Alexander
0%
Bachelor CA 3 Pricilla Mudaliar
0%
Challenge 37; LI UK 6 | LI UK 6; Challenge 37 Priscilla Anyabu
0%
Challenge 22; RW 26 | RW 26; Challenge 22 Priscilla Mendez
0%
LI UK 7 Priya Gopaldas
0%
AYTO 4 Prosper Muna
0%
RR 8 Pua Medeiros
0%
Challenge 6; RW 3 | RW3; Challenge 6 Puck Rainey
0%
MCJR 6 Quani Fields
0%
Tough As Nails 3 Quincey Walker
0%
Bachelorette 19 Quincey Williams
0%
MCJR 3 Quincy Jamieson
0%
BBCAN 2 Rachelle Diamond
0%
MC NZ 4 Raheel Kerr
0%
Apprentice UK 6 Raleigh Addington
0%
Ultimatum 1 Randall Griffen
0%
Apprentice 4 Randal Pinkett
0%
AR AUS 5 Rani Alegre
0%
EOTB 5 Ranin Karim
0%
BBUK 18 Raph Korine
0%
Challenge 27 Raphy Medrano
0%
MC AUS 9 Rashedul Hasan
0%
AYTO 3 Rashida Beach
0%
LI USA 3 Raul Frias
0%
BBCAN 4 Raul Manriquez
0%
Love Is Blind 3 Raven Ross
0%
Challenge 38 Ravyn Rochelle
0%
Bachelor UK 6 Reanne Brown
0%
MC 8 Reba Billingsley
0%
BBUK 18 Rebecca Jane
0%
AR 29 Redmond Ramos
0%
Utopia 1 Red Vanwinkle
0%
Endurance 3 Reece Bors
0%
LI UK 8 Reece Ford
0%
MC AUS 10, 12 Reece Hignell
0%
Bachelor 19 Reegan Cornwell
0%
Bachelor 11 Regina Doringa
0%
LI UK 8 Remi Lambert
0%
MCJR 6 Remy Bond
0%
AYTO 8 Remy Duran
0%
Challenge 37; EOTB DD 4 Renan Hellemans
0%
BIP 6; Bachelor 23 | Bachelor 23; BIP 6 Revian Chang
0%
MCJR 7 Rhashad Lawery
0%
EOTB UK 9 Rhianne Saxby
0%
Utopia 1 Rhonda Deniston
0%
THTH 1 Rhonda Paul
0%
Bachelor 1 Rhonda Rittenhouse
0%
The Block NZ 1 Rhys Wineera
0%
Bachelor 26 Rianna Hockaday
0%
Challenge 27 Rianna Polin
0%
All Star Shore 1; Rio Shore Ricardo Salusse
0%
CvS 2 Riff Raff
0%
BBCAN 3 Risha Denner
0%
MC AUS 5 Rishi Desai
0%
Bachelor CA 2 Ritiuska Leon
0%
AR CAN 5 Riya Malik
0%
Apprentice UK 15 Riyonn Farsad
0%
BBUK 6 Roberto Conte
0%
Bachelorette 6 Roberto Martinez
0%
Bachelorette 19 Roby Sobieski
0%
HK 12 Rochelle Bergman
0%
Bachelor AUS 1 Rochelle Emmanuel-Smith
0%
AR 26 Rochelle Nevedal
0%
BBUK 10 Rodrigo Lopes
0%
HK 13 Roe Dileo
0%
MCJR 1 Roen Guerin
0%
Challenge 31, 34, 35; EOTBUK 2, 3 | EOTB UK 2, 3; Challenge 31, 34, 35 Rogan O'Connor
0%
Apprentice UK 10 Roisin Hogan
0%
Bachelorette 4 Ronald Mayer
0%
Challenge All Stars 3; RR 5; Challenge 2, 7 Roni Chance
0%
PH 3 Rosanna Cecconi
0%
HK 4 Rosann Fama
0%
MC AUS 7, 12 Rose Adam
0%
Bachelor 9 Rosella Fratto
0%
HK 10 Roshni Gurnani
0%
Bachelor NZ 1 Rosie Kininmonth
0%
Shipwrecked BOI 4 Rosie Meek
0%
LI UK 4 Rosie Williams
0%
Bachelor NZ 3 Rosie Wood
0%
AR AUS 4 Rowah Hassan
0%
Apprentice 5 Roxanne Wilson
0%
HK 10 Royce Wagner
0%
BBCAN 6 Rozina Yaqub
0%
Bachelor 14 Rozlyn Papa
0%
LI AUS 3 Ruby Ennor
0%
Bachelor LTYH Ruby Jane Smith
0%
Circle 3 Ruksana Carroll
0%
Challenge 6, 9, 11, 17, All Stars 1; RW 8 | Challenge All Stars 1; RW 8; Challenge 6,9,11,17 | RW 8; Challenge 6, 9, 11, 17; Challenge AS 1 Ruthie Alcaide
0%
MCJR 3 Ryan Kate Bradenburg
0%
Apprentice UK 15 Ryan-Mark Parsons
0%
LI UK 2 Rykard Jenkins
0%
AR AUS 1 Ryot Wilson
0%
MC AUS 13 Sabina Newton
0%
Bachelor CA 2 Sachelle Violette
0%
BBUK 1 Sada Walkington
0%
LI AUS 3 Sadee Sub Luban
0%
Bachelor 9 Sadie Murray
0%
MCJR 7 Sadie Suskind
0%
BBUK 10 Saffia Corden
0%
RW 24 Sahar Dika
0%
Apprentice UK 13 Sajan Shah
0%
HK 21 Sakari Smithwick
0%
NZS 1 Sala Tiatia
0%
Shipwrecked The Island Salema Radford
0%
LI UK 7 Salma Naran
0%
Love Is Blind 2 Salvador Perez
0%
HK 7 Salvatore Coppola
0%
MC AUS 10 Samira Damirova
0%
MC AUS 5 Samira El Khafir
0%
LI UK 4 Samira Mighty
0%
MC AUS 11 Sandeep Pandit
0%
Apprentice UK 6 Sandeesh Samra
0%
Bachelor 25 Saneh Ste. Claire
0%
Apprentice UK 10 Sanjay Sood-Smith
0%
Apprentice UK 4 Sara Dhada
0%
BBUK 9 Sara Folino
0%
AR 29 Sara Fowler
0%
Apprentice UK 14 Sarah Ann Magson
0%
Apprentice UK 13 Sarah-Jayne Clark
0%
Shipwrecked BOI 3 Sarahmae Davison
0%
Shipwrecked BOI 5 Sara Murphy
0%
MC AUS 7 Sara Oteri
0%
ANTM 2 Sara Racey-Tabrizi
0%
Joe Millionaire 2022 Sara Rose
0%
LLBC Sara Tariq
0%
MC 6 Sara Zacek
0%
MC 4 Sasha Foxx
0%
Bachelorette 5 Sasha Petrovic
0%
Shipwrecked BOI 4 Sasha Risner
0%
MC AUS 10, 14 Sashi Cheliah
0%
BBUK 6 Saskia Howard-Clarke
0%
MAFS AUS 5 Savina Rankin
0%
BBUK 6 Science Harvey
0%
Endurance 2 Scooter Magruder
0%
Geordie Shore 4-15, 18-19; CBB UK 17; EOTB 4 Scott Timlin
0%
EOTB UK 4; Geordie Shore 4-15, 18-19; CBB UK 17 Scotty T
0%
BBUK 8 Seany O'Kane
0%
AR AUS 5 Sefa Palu
0%
Bachelor 22 Seinne Fleming
0%
MAFS AUS 9 Selina Chhaur
0%
Apprentice UK 11 Selina Waterman-Smith
0%
MAFS AUS 9 Selin Mengu
0%
CvS 3; CA 9 Selita Ebanks
0%
Bachelor 17 Selma Alameri
0%
Hunted 1 Sentra Tran
0%
BIP 7; Bachelor 25 | Bachelor 25; BIP 7 Serena Chew
0%
MC NZ 4 Serena Edwards
0%
BIP 7; Bachelor 25 | Bachelor 25; BIP 7 Serena Pitt
0%
BIP 8; Bachelor 26 | Bachelor 26; BIP 8 Serene Russell
0%
LI USA 4 Sereniti Springs
0%
BBUK 7 Sezer Yurtseven
0%
AR CAN 5 Shabbir Dhalla
0%
BBUK 11 Shabby Katchadourian
0%
BBUK 8 Shabnam Paryani
0%
BBUK 7 Shahbaz Chauhdry
0%
Apprentice UK 15 Shahin Hassan
0%
AR CAN 2 Shahla Kara
0%
Love Is Blind 2 Shake Chatterjee
0%
Bachelor CA 3; Challenge 33 | Challenge 33; Bachelor CA 3 Shaleen Sutherland
0%
AR 29 Shamir Arzeno
0%
AYTO 6 Shamoy Persad
0%
BIP 8; Bachelor 26 | Bachelor 26; BIP 8 Shanae Ankney
0%
Bachelor AUS 2 Shana Leggett
0%
ANTM 2 Shandi Sullivan
0%
BBUK 8 Shanessa Reilly
0%
MC 9, 12 Shanika Patterson
0%
Ultimatum 1 Shanique Imari
0%
AYTO 1; EOTB 1 | EOTB 1; AYTO 1 Shanley McIntee
0%
Temptation Island 1 Shannon Roghair
0%
Temptation Island 2 Shannon Rutledge
0%
Bachelor CA 3 Shanti Singh
0%
MAFS UK 5 Shareen
0%
Bachelor 18 Sharleen Joynt
0%
MC AUS 2 Sharnee Rawson
0%
AR CAN 3 Sharnjit Gill
0%
MC 1 Sharone Hakman
0%
LI UK 6 Shaughna Phillips
0%
Challenge 17, 18, 20; RW 19 | RW 19; Challenge 17, 18, 20 Shauvon Torres
0%
Challenge 10; RW 15 | RW 15, Challenge 10 Shavonda Billingslea
0%
MAFS 6 Shawniece Jackson
0%
Bachelor 15; 16 Shawntel Newton
0%
MC 12 Shayne Wells
0%
Apprentice UK 4 Shazia Wahab
0%
Bachelor 4 Shea
0%
Endurance 4 Shea Thomas
0%
Bachelor 11 Sheena Stewart
0%
MC 1 Sheena Zadeh
0%
MC 1 Sheetal Bhagat
0%
BBCAN 8 Sheldon Jean
0%
Endurance 2 Shep Allen
0%
Bachelor LTYH Sheridan Reed
0%
LI UK 5 Sherif Lanre
0%
HK 15 Sherkenna Buggs
0%
American Grit 2 Shermon Braithwaite
0%
Apprentice UK 6 Shibby Robati
0%
BBUK 13 Shievonne Robinson
0%
Bachelor 16 Shira Astrof
0%
DSAL 1 Shira Tran
0%
Bachelor NZ 1 Shivani Bhula
0%
Circle 1 Shubham Goel
0%
BIP 3, 5; Bachelor 20 | Bachelor 20; BIP 3, 5 Shushanna Mkrtychyan
0%
Apprentice UK 14 Sian Gabbidon
0%
BBUK 19 Sian Hamshaw
0%
LI UK 6 Siannise Fudge
0%
BBUK 10 Siavash Sabbaghpour
0%
Karma 1 Sienna Coward
0%
The Royal World Sienna Rose Myson
0%
Shipwrecked BOI 4 Silkie Carlo
0%
AR CAN 3 Simi Fagbongbe
0%
HK 7 Siobhan Allgood
0%
Apprentice UK 13 Siobhan Smith
0%
BBUK 4 Sissy Rooney
0%
MC 9 SJ Yun
0%
Love Is Blind 3 SK Alagbada
0%
AR AUS 5 Skye-Blue Henderson
0%
MC AUS 2 Skye Craig
0%
Karma 1 Skyla Sousa
0%
Karma 1 Skylie Thompson
0%
LI USA 3 Slade Parker
0%
MC 1 Slim Huynh
0%
Jersey Shore Snooki Polizzi
0%
Apprentice UK 12 Sofiane Khelfa
0%
Bachelor 11 Solisa Shoop
0%
Apprentice UK 10 Solomon Akhtar
0%
Snowflake Mountain 1 Solomon Patterson
0%
MCJR 5 Solomon Yero
0%
HK 21 Sommer Sellers
0%
Shipwrecked BOI 4 Sonny Henty
0%
Shipwrecked BOI 4 Soodi Asefi
0%
Apprentice UK 15 Souleyman Bah
0%
Bachelorette 4 Spero Stamboulis
0%
BBUK 7 Spiral Coroner
0%
BBUK 10 Sree Dasari
0%
MAFS AUS 7 Stacey Hampton
0%
MAFS 15 Stacia Karcher
0%
Bachelor 13 Stacia Mann
0%
MCJR 8 Starla Chapman
0%
AR CAN 4 Stephane Tetreault
0%
Temptation Island 3 Stephanie Cantu
0%
MC 5 Stephani Syfax-Shepherd
0%
Bachelor 11 Stephy Leon
0%
Apprentice 7 Steuart Martens
0%
Bachelorette 8 Stevie Alberino
0%
LI UK 5 Stevie Bradley
0%
EOTB UK 7 Stevie Coiley
0%
Shipwrecked BOI 2 Stevie Thomas
0%
AR AUS 2 Sticky Stick
0%
Bachelor NZ 2 Storm Halkett
0%
Bachelorette 3 Stu
0%
Apprentice UK 6 Stuart Baggs
0%
BBUK 2 Stuart Hosking
0%
Shipwrecked BOI 2 Stuart Mann
0%
AR AUS 6 Stuart McGrath
0%
BBUK 9 Stuart Pilkington
0%
BBUK 5 Stuart Wilson
0%
AR AUS 6 Stu Moorhouse
0%
MC NZ 2 Stu Todd
0%
MC 10 Subha Ramiah
0%
AR CAN 2 Sukhi Atwal
0%
BBUK 18 Sukhvinder Javeed
0%
BBUK 3 Sunita Sharma
0%
Snowflake Mountain 1 Sunny Malik
0%
BBUK 11 Sunshine Martyn
0%
Apprentice 6 Surya Yalamanchili
0%
BBCAN 8 Susanne Fuda
0%
MC NZ 4 Susanne Huber
0%
MC NZ 4 Sushil Ravikumar
0%
MC 11 Suu Khin
0%
Bachelor 2 Suzanne Freeman
0%
HK 6 Suzanne Schlicht
0%
BBCAN 1 Suzette Amaya
0%
Joe Millionaire 2022 Suzette James
0%
Challenge 13; RW 17 | RW 17; Challenge 13 Svetlana Shusterman
0%
Tough As Nails 2 Swifty Sanders
0%
HK 19 Syann Williams
0%
Apprentice UK 2 Syed Ahmed
0%
AUS 1 Sylvan Dorney
0%
Challenge 4, 6, 8, 11, 18, All Stars 1,3; RW 6 | Challenge All Stars 1, 3; RW 6; Challenge 4,6,8,11,18 | RW 6; Challenge 4, 6, 8, 11, 18; Challenge AS 1, 3 Syrus Yarbrough
0%
Bachelor UK 5 Tabby Richards
0%
THTH 2 Tabitha Cliftt
0%
MCJR 4 Tae-Ho Ahn
0%
Temptation Island 1 Taheed Watson
0%
Geordie Shore 19-20 Tahlia Chung
0%
Bachelor AUS 2 Tahnee Lee
0%
BIP 6, 7; Bachelor 23 | Bachelor 23; BIP 6, 7 Tahzjuan Hawkins
0%
Tough As Nails 3 Tak Tanabe
0%
LI AUS 3 Taku Chimwaza
0%
EOTB UK 1 Talitha Minnis
0%
BBCAN 1 Talla Rejaei
0%
MCJR 7 Talulah
0%
Fboy Island 2 Tamaris Sepulveda
0%
Apprentice 3 Tana Goertz
0%
Bachelor 19 Tandra Steiner
0%
BBUK 4 Tania do Nascimento
0%
The Assistant Tanika Kennedy
0%
Bachelorette 5 Tanner Fanello
0%
AR 27 Tanner Kloven
0%
Bachelorette 5 Tanner Pope
0%
BIP 2; Bachelorette 11 | Bachelorette 11; BIP 2 Tanner Tolbert
0%
MC 7 Tanorria Askew
0%
Apprentice 5 Tarek Saab
0%
Fboy Island 1 Tariq Johnson
0%
AR AUS 2 Tarryn Thornton
0%
Glee Project 2 Taryn Douglas
0%
Bachelor 17 Taryn Renee Daniels
0%
BBUK 12 Tashie Jackson
0%
BIP 1; Bachelorette 10 | Bachelorette 10; BIP 1 Tasos Hernandez
0%
MC AUS 11 Tati Carlin
0%
PH 3 Tatum Smith
0%
Bachelor 11 Tauni Nessler
0%
HK 10 Tavon Hubbard
0%
MAFS UK 6 Tayah McCreith
0%
LI AUS 1 Tayla Damir
0%
LI AUS 3 Tayla Mellington
0%
BIP 6; Bachelor 23; Bachelorette 16 | Bachelor 23; Bachelorette 16; BIP 6 | Bachelorette 16; Bachelor 23; BIP 6 Tayshia Adams
0%
LI AUS 2 Tea Frazer
0%
Challenge 3, All Stars 1,2; RW 8 | Challenge All Stars 1,2; RW 8; Challenge 3 | RW 8; Challenge 3; Challenge AS 1, 2 Teck Holmes
0%
MAFS AUS 5 Telvin Williams
0%
BIP 2; Bachelor 14; BP 1 | BP 1; Bachelor 14 | Bachelor 14; BP 1; BIP 2 Tenley Molzahn
0%
AR CAN 1 Tennille Dorrington
0%
HK 6 Tennille Middleton
0%
Bachelorette 19 Termayne Harper
0%
CvS 2; CA 7; DWTS 25 Terrell Owens
0%
AYTO 7; EOTB 3 | EOTB 3; AYTO 7 Tevin Grant
0%
Apprentice 5 Theresa Boutross
0%
MC AUS 8 Theresa Visintin
0%
MC AUS 13 Therese Lum
0%
AR AUS 4 Therese Mills
0%
MC NZ 5 Thiago de Almeida Schalch
0%
AR CAN 7 Thinesh Kumarakulasingam
0%
Temptation Island 2 Thomas McGuan
0%
Hunted 1 Thu Tran
0%
Bachelor 14 Tiana Kruzel
0%
BIP 3; Bachelor 20 | Bachelor 20; BIP 3 Tiara Soleim
0%
Bachelor AUS 2 Tiarnar Tavita
0%
Bachelor 17 Tierra LiCausi
0%
LI USA 4 Tigerlily Colley
0%
AR AUS 3 Tiharna McGregor
0%
Challenge 5, 8, 11, 14; RR 2 | RR 2; Challenge 5, 8, 11, 14 Timmy Beggy
0%
LI USA 4 Timmy Pandolfi
0%
Bachelorette 19 Tino Franco
0%
BBUK 19 Tomasz Wania
0%
Bachelor UK 6 Tonique Campbell
0%
Temptation Island 2 Tony Schmitt
0%
BBCAN 1 Topaz Brady
0%
Apprentice 4 Toral Mehta
0%
MC AUS 5 Totem Douangmala
0%
AR AUS 6 Tottie O'Brienn
0%
RW 33 Tovah Marz
0%
BBUK 15 Toya Washington
0%
Bachelor 13 Treasure Morgan
0%
AR CAN 1 Treena Ley
0%
MC AUS 4 Tregan Borg
0%
MAFS 3 Tres Russell
0%
All Star Shore 1; LI USA 3 | LI USA 3; All Star Shore 1 Trina Njoroge
0%
Bachelor 19 Trina Scherenberg
0%
RW 19 Trisha Cummings
0%
Bachelor CA 2 Trisha Vergo
0%
Apprentice UK 12 Trishna Thakrar
0%
MC NZ 5 Trudie Robinson
0%
THTH 3 Truth DuVaun
0%
Apprentice UK 2 Tuan Le
0%
Challenge 34-37; Shipwrecked Tula "Big T" Fazakerley
0%
Challenge 33, 34, 38; Survivor Turkey 8 Turbo Camkiran
0%
Apprentice 7 Tyana Alvarado
0%
RW 32 Tyara Hooks
0%
AR CAN 8; BB CAN 9 | BBCAN 9; AR AUS 8 Tychon Carter-Newman
0%
LI UK 3 Tyla Carr
0%
LI UK 3 Tyne-Lexy Clarson
0%
BBCAN 10 Tynesha White
0%
AYTO 5; EOTB 4 | EOTB 4; AYTO 5 Tyranny Todd
0%
Challenge 14-16, 21, 22, 24; RW 18 | RW 18; Challenge 14-16, 21, 22, 24 Tyrie Ballard
0%
Temptation Island 1 Valerie Penso
0%
Bachelor 14 Valishia Savage
0%
Apprentice UK 11 Vana Koutsomitis
0%
AR 29 Vanck Zhu
0%
Endurance 3 Vanetta Smith
0%
MAFS 1 Vaughn Copeland
0%
MC NZ 5 Verena Doolabh
0%
MAFS UK 4 Verity
0%
Apprentice 3 Verna Felton
0%
MC AUS 5 Vern Fitzgerald
0%
Bachelor NZ 3 Viarni Bright
0%
EOTB UK 1, 3; Geordie Shore 1-9; IAC UK 15; IAC AUS 4 Vicky Pattison
0%
BP 2; Bachelor 14 | Bachelor 14; BP 2 Vienna Girardi
0%
Bachelor 27 Viktoria Eichner
0%
Challenge 19, 20, 22 Vinny Foti
0%
Jersey Shore Vinny Guadagnino
0%
BIP 3, 4; Bachelorette 12 | Bachelorette 12; BIP 3, 4 Vinny Ventiera
0%
AR AUS 5 Violeta Mugica
0%
RW 30 Violetta Milerman
0%
MAFS 12 Virginia Coombs
0%
HK 2 Virginia Dalbeck
0%
Surf Girls Vivian Cordero
0%
MCJR 4 Vivian Stich
0%
MC AUS 4 Wade Drummond
0%
Apprentice 7 Wade Hanson
0%
MC AUS 11 Walleed Rasheed
0%
Bachelorette 1 | MAFS UK 3 Wayne
0%
AUS 2 Wayne Gardner
0%
AR AUS 5 Wayne Marino
0%
Endurance 2 Wayne Williams
0%
Fboy Island 1 Welcome Tjelmeland
0%
BIP 3; Bachelorette 12; Worst Cooks 19 | Bachelorette 12; BIP 3; Worst Cooks 19 Wells Adams
0%
12 Dates 1 Wells Childress
0%
Bachelorette 7 West Lee
0%
LI USA 1 Weston Richey
0%
BBCAN 3 Willow MacDonald
0%
BIP 5, 6; Bachelorette 14 | Bachelorette 14; BIP 5, 6 Wills Reid
0%
BBUK 14 Wolfy Millington
0%
MAFS 11 Woody Randall
0%
MC 10 Wuta Onda
0%
Shipwrecked BOI 4 Xanthi Toupoyannis
0%
ANTM 2 Xiomara Frans
0%
MC 8 Yachecia Holston
0%
LI USA 1 Yamen Sanders
0%
Apprentice UK 5 Yasmina Siadatan
0%
LI UK 5 Yewande Biala
0%
ANTM 2 Yoanna House
0%
Bachelorette 16 Yosef Aborad
0%
MC AUS 11 Yossra Abouelfadl
0%
EOTB UK 4 Youssef Hassane
0%
MC AUS 13 YoYo Yang
0%
Temptation Island 1 Ytossie Patterson
0%
Bachelorette 16 Zac Clark
0%
Bachelor NZ 3 Zac Franich
0%
LI USA 1 Zac Mirabelli
0%
Challenge 33, 34; EOTBUK 6 | EOTB UK 6; Geordie Shore 14; Challenge 33, 34 | Geordie Shore 14; Challenge 33, 34; EOTB 6 Zahida Allen
0%
AR CAN 6 Zainab Ansari
0%
AYTO 7 Zak Jones
0%
Bachelorette 9 Zak Waddell
0%
Love Is Blind 3 Zanab Jaffrey
0%
Shipwrecked BOI 1 Zara Brocklesby
0%
LI UK 2 Zara Holland
0%
EOTB UK 6 ZaraLena Jackson
0%
LI UK 4 Zara McDermott
0%
The Royal World Zara Zoffany Farida Sassoon-Munns
0%
Ultimatum 1 Zay Wilson
0%
AR CAN 5 Zed Dhalla
0%
Apprentice UK 9 Zeeshaan Shah
0%
MC NZ 3 Zee Tana
0%
LI USA 4 Zeta Morrison
0%
MCJR 6 Zia Nelson
0%
DSAL 1 Zuljeily Andino
0%
No matching quizzes found
Score Distribution
Percent of People with Each Score
Percentile by Number Answered
Your Score History
You have not taken this quiz